{"text_format":"3","workbook":"xlsx","n_sheets":6,"sheets":["PPGR1","PPGR2","PPGR3","PPGR4","PPGR5","PPGR8"],"not_rendered":{"images":3,"external_links":2,"defined_names":1},"read":"whole","date_system":"1900"}

{"sheet":"PPGR1","index":0,"n_rows":681,"n_cols":21,"rows_kept":681}
[]
[null,null,"Dirección de Planificacion y Desarrollo"]
[null,null,"Consolidación de matrices de POA 2018"]
[null,null,"Nivel Central del SNS y Servicios Regionales de Salud"]
[null,null,"PPGR1 - Identificación de Productos/Resultados"]
[]
[]
[null,"ID_Dependendencia","POA","SRS","AREA","TIPO","Línea estratégica","Cod_LE","Objetivo","Cod_Obj","Resultado esperado","Productos","Indicador","Unidad de medida","Meta","1er. Trimestre","2do. Trimestre","3er. Trimestre","4to. Trimestre","Supuestos","Dependencia responsable"]
[null,"2018.R4.Unidad.Odontología",2018,"R1","Unidad","Odontología","Le.4 - Mejora de la provisión de los programas y acciones de salud colectiva, con enfoque en prevención y control de enfermedades evitables","Le.4","Obj4.1 -Fortalecer y garantizar la provisión de servicios de los programas de salud colectiva que se brindan en los diferentes niveles de atención","Obj4.1","Desarrollada e implementada las intervenciones con carácter preventivo, de promoción y asistencia de las enfermedades crónicas no transmisibles","Promover estilos de vida saludables mediante la intervención integral en los diferentes escenarios (establecimiento de salud, hogar, escuelas, etc.) con enfoque a la salud bucal ","NUMERO DE CEAS QUE HAN IMPLEMENTADO ESTATEGIAS DE PROMOCION, PREVENCION, CONTROL Y EDUCACION EN LOS SERVICIOS DE SALUD BUCAL","CPNA",60,10,10,20,20,"PRESUPUESTO DISPONIBLE PARA LA EJECUCION DE LA ACTIVIDAD. CUMPLIMIENTO DEL COMPROMISO DE AMBAS PARTES","Gerencias de Areas y establecimientos de Salud."]
[null,"2018.R1.Departamento.Asistencial",2018,"R1","Departamento","Asistencial","Le.1 - Fortalecer las capacidades gestoras institucionales del SNS a través de la implementación del Modelo de Gestión, del desarrollo de su organización funcional y de las capacidades e instrumentos necesarios en cada ámbito de gestión","Le.1","Disponer de una red de establecimientos que cumpla los criterios de habilitación establecidos por el MSP","Obj1.8","Aumentados los establecimientos de salud que cumplen con los criterios de habilitación definidos por el MSP","Apoyar a las GAS en el proceso de cumplimiento de los criterios para su habilitación en los establecimientos de salud de su Red","NUMERO DE ESTABLECIMIENTOS QUE GARANTICEN EL CUMPLIMIENO DE LOS CRITERIOS DEFINIDOS POR LA DIRECCION DE HABILITACION ","Numero de EESS",6,1,1,2,2,"ESTA ACTIVIDAD SOLO SE PODRA LLEVAR A CABO CON EL APOYO DE LOS COORDINADORES DE ODONTOLOGIA Y ACOMPAÑAMIENTO EN LOS ESTABLECIMIENTOS DE SALUD DE SU GERENCIA.","Gerencias de Areas y establecimientos de Salud."]
[null,"2018.R1.Departamento.Estratégico",2018,"R1","Departamento","Estratégico","Le.1 - Fortalecer las capacidades gestoras institucionales del SNS a través de la implementación del Modelo de Gestión, del desarrollo de su organización funcional y de las capacidades e instrumentos necesarios en cada ámbito de gestión","Le.1","Definir e implementar el modelo de articulación externa con los agentes relevantes del sector salud y otros sectores, que coadyuven con el logro de los objetivos estratégicos de la institución ","Obj1.5","Fortalecida las relaciones del Nivel Central del SNS y otros agentes del sector Salud","Elaborar y firmar acuerdos y convenios de Gestión entre las diferentes instancias de la Red. ","No CEAS  con convenios de gestion firmados","CEAS",16,4,4,4,4,"LA DISPONIBILIDAD DEL CUMPLIMIENTO DE ESTE INDICADOR DEPENDERA DEL INTERES QUE TENGAN LOS HOSPITALES PARA LA MEJORA DE LA GESTION DE LOS MISMOS.","Gerente Asistencial, Estrategico y Gerentes de Areas"]
[null,"2018.R1.Departamento.Estratégico",2018,"R1","Departamento","Estratégico","Le.1 - Fortalecer las capacidades gestoras institucionales del SNS a través de la implementación del Modelo de Gestión, del desarrollo de su organización funcional y de las capacidades e instrumentos necesarios en cada ámbito de gestión","Le.1","Definir e implementar el modelo de articulación externa con los agentes relevantes del sector salud y otros sectores, que coadyuven con el logro de los objetivos estratégicos de la institución ","Obj1.5","Fortalecida las relaciones del Nivel Central del SNS y otros agentes del sector Salud","Elaborar y firmar acuerdos y convenios de Gestión entre las diferentes instancias de la Red. ","No GAS  con convenios de gestion firmados","GAS",2,0,0,1,1,"ESTABLECER CONVENIOS CON OTRAS DEPENDENCIAS DEL ESTADO PARA LA MEJORA DE LA GESTION DE LAS GERENCIAS DE AREA.","Gerente Asistencial, Estrategico y Gerentes de Areas"]
[null,"2018.R1.Departamento.Gestión Humana",2018,"R1","Departamento","Gestión Humana","Le.2 - Desarrollar un modelo de gestión y planificación de los recursos humanos que garantice la disponibilidad de técnicos y profesionales competentes y que fomente un alto rendimiento alineado a los objetivos institucionales","Le.2","Obj2.2 - Formular una Política Salarial y de Recursos Humanos competitiva que permita captar y retener personal competente para apuntalar la gestión estratégica del SNS","Obj2.2","Aumentado el desarrollo institucional a través del fortalecimiento de las competencias de los colaboradores, enfocados a la consecución de los objetivos estratégicos del SNS","Definir un programa de formación continua enfocado a la gestión por competencias. ","Porcentaje del plan de capacitacion ejecutado","Plan",80,20,20,20,20,"Recursos suficientes para la implementacion del plan","Gestion Humana"]
[null,"2018.R1.Departamento.URGM",2018,"R1","Departamento","URGM","Le.3 - Desarrollo de la red asistencial del SNS en coherencia con las políticas de Estado en materia de salud y el Modelo de Atención","Le.3","Obj3.1 - Implementar el Modelo de Atención en todos los niveles de la red de servicios de salud","Obj3.1","Red de Atención Primaria articulada, coordinada y fortalecida\nAtención Materno Infantil de calidad y estructurada\nAtención a la urgencia y emergencia cumpliendo criterios de calidad y coordinación \nFortalecido el modelo de referencia y contrareferencia \nAcceso universal a medicamentos en la Red de Primer Nivel de atención \nDisponibilidad oportuna de sangre en condiciones de calidad\nGobernanza fortalecida","Impulsar el desarrollo del Modelo de Atención en la Red de Servicios: Abastecimiento de Medicamentos","Numero de profesionales de salud capacitados\n","Numero",150,50,50,50,0,null,"Gerencia Asistencial, URGM"]
[null,"2018.R1.Departamento.Tecnología de la Información",2018,"R1","Departamento","Tecnología de la Información","Le.3 - Desarrollo de la red asistencial del SNS en coherencia con las políticas de Estado en materia de salud y el Modelo de Atención","Le.3","Obj3.1 - Implementar el Modelo de Atención en todos los niveles de la red de servicios de salud","Obj3.1","Red de Atención Primaria articulada, coordinada y fortalecida\nAtención Materno Infantil de calidad y estructurada\nAtención a la urgencia y emergencia cumpliendo criterios de calidad y coordinación \nFortalecido el modelo de referencia y contrareferencia \nAcceso universal a medicamentos en la Red de Primer Nivel de atención \nDisponibilidad oportuna de sangre en condiciones de calidad\nGobernanza fortalecida","Impulsar el desarrollo del Modelo de Atención en la Red de Servicios: Acceso a sangre segura. ","Numero de CEAS con Clubes de donantes de Sangre.","CEAS",16,4,4,4,4,"suministros de los recursos para realizar las actividades","Gerente Asistencial,Coordinadora de Diagnostico, Director del Hospital,Encargada del laboratorio,encargada del baco de sangre"]
[null,"2018.R1.Departamento.Tecnología de la Información",2018,"R1","Departamento","Tecnología de la Información","Le.3 - Desarrollo de la red asistencial del SNS en coherencia con las políticas de Estado en materia de salud y el Modelo de Atención","Le.3","Obj3.1 - Implementar el Modelo de Atención en todos los niveles de la red de servicios de salud","Obj3.1","Red de Atención Primaria articulada, coordinada y fortalecida\nAtención Materno Infantil de calidad y estructurada\nAtención a la urgencia y emergencia cumpliendo criterios de calidad y coordinación \nFortalecido el modelo de referencia y contrareferencia \nAcceso universal a medicamentos en la Red de Primer Nivel de atención \nDisponibilidad oportuna de sangre en condiciones de calidad\nGobernanza fortalecida","Impulsar el desarrollo del Modelo de Atención en la Red de Servicios: Coordinación clínica y asistencial (referencias y contrareferencia)","Red de toma de muestras en el  Servicio Regional.","Numero",1,0,0,0,1,"sumunistros de los recursos para realizar las actividades","Gerente Asistencial,Coordinadora de Diagnostico, Gerentes de Areas,Coordinadores de zonas "]
[null,"2018.R1.Departamento.Asistencial",2018,"R1","Departamento","Asistencial","Le.4 - Mejora de la provisión de los programas y acciones de salud colectiva, con enfoque en prevención y control de enfermedades evitables","Le.4","Obj4.1 - Fortalecer y garantizar la provisión de servicios de los programas de salud colectiva que se brindan en los diferentes niveles de atención","Obj4.1","Mejorada la cobertura y calidad en materia de salud sexual-reproductiva en todos los niveles de atención con énfasis en la atención materno-perinatal, infantil y adolescente","Aumentar la provisión y cobertura de los servicios de salud sexual-reproductiva en todos los niveles de atención con énfasis en la atención materno- perinatal, infantil y adolescente","Incrementaremos en un 20% las mujeres en edad fértil con una toma de muestra de Papanicolaou en el úlltimo año según protocolo de manejo en los centros de primer nivel","CPN",60,15,15,15,15,"Abastecimiento de los recursos necesarios para la implementación de los programas","Gerente Asistencial, Encargada de SSR Regional, Gerentes de Area, Involucrados: coordinadores de zona, proovedores de salud del CPN, promotores."]
[null,"2018.R1.Departamento.Tecnología de la Información",2018,"R1","Departamento","Tecnología de la Información","Le.4 - Mejora de la provisión de los programas y acciones de salud colectiva, con enfoque en prevención y control de enfermedades evitables","Le.4","Obj4.1 - Fortalecer y garantizar la provisión de servicios de los programas de salud colectiva que se brindan en los diferentes niveles de atención","Obj4.1","Mejorada la cobertura y calidad en materia de salud sexual-reproductiva en todos los niveles de atención con énfasis en la atención materno-perinatal, infantil y adolescente","Aumentar la provisión y cobertura de los servicios de salud sexual-reproductiva en todos los niveles de atención con énfasis en la atención materno- perinatal, infantil y adolescente","Aumentar en un 20% el número de centros de salud realizando examen de mamas y orientando a las usuarias sobre el autoexamen de mama","CPN",60,15,15,15,15,"Abastecimiento de los recursos necesarios para la implementación de los programas","Gerente Asistencial, Encargada de SSR Regional, Gerentes de Area, Involucrados: coordinadores de zona, proovedores de salud del CPN, promotores."]
[null,"2018.R1.Departamento.Tecnología de la Información",2018,"R1","Departamento","Tecnología de la Información","Le.4 - Mejora de la provisión de los programas y acciones de salud colectiva, con enfoque en prevención y control de enfermedades evitables","Le.4","Obj4.1 - Fortalecer y garantizar la provisión de servicios de los programas de salud colectiva que se brindan en los diferentes niveles de atención","Obj4.1","Mejorada la cobertura y calidad en materia de salud sexual-reproductiva en todos los niveles de atención con énfasis en la atención materno-perinatal, infantil y adolescente","Aumentar la provisión y cobertura de los servicios de salud sexual-reproductiva en todos los niveles de atención con énfasis en la atención materno- perinatal, infantil y adolescente"," Aumentar en un 20% el número de centros de salud realizando examen de mamas y orientando a las usuarias sobre el autoexamen de mama","CPN",60,15,15,15,15,"Abastecimiento de los recursos necesarios para la implementación de los programas","Gerente Asistencial, Encargada de SSR Regional, Gerentes de Area, Involucrados: coordinadores de zona, proovedores de salud del CPN, promotores."]
[null,"2018.R1.Departamento.Tecnología de la Información",2018,"R1","Departamento","Tecnología de la Información","Le.4 - Mejora de la provisión de los programas y acciones de salud colectiva, con enfoque en prevención y control de enfermedades evitables","Le.4","Obj4.1 - Fortalecer y garantizar la provisión de servicios de los programas de salud colectiva que se brindan en los diferentes niveles de atención","Obj4.1","Mejorada la cobertura y calidad en materia de salud sexual-reproductiva en todos los niveles de atención con énfasis en la atención materno-perinatal, infantil y adolescente","Aumentar la provisión y cobertura de los servicios de salud sexual-reproductiva en todos los niveles de atención con énfasis en la atención materno- perinatal, infantil y adolescente","Al finalizar el año 2018 el 60% de los medicos y enfermeras de los CEAS y Nivel de atención primaria seran capacitados en tecnología anticonceptiva","Porcentaje",60,15,15,15,15,"Suministro de Métodos anticonceptivos por parte de la DPS, mientras pasan al SUGEMI","Gerente Asistencial, Encargada de SSR Regional, Gerentes de Area, Involucrados: coordinadores de zona, proovedores de salud del CPN, promotores."]
[null,"2018.R1.Departamento.Monitoreo",2018,"R1","Departamento","Monitoreo","Le.1 - Fortalecer las capacidades gestoras institucionales del SNS a través de la implementación del Modelo de Gestión, del desarrollo de su organización funcional y de las capacidades e instrumentos necesarios en cada ámbito de gestión","Le.1","Obj1.10 - Fortalecer el sistema de monitoreo y evaluación, para la toma de decisiones basado en información de calidad y acorde a los objetivos propuestos.","Obj1.10","Monitoreados los objetivos propuestos y definidos los alcances de cumplimiento.","Supervisar de manera continua el cumplimiento de los objetivos propuestos.","% de cumplimiento de POA","Porcentaje",90,10,20,30,20,"EL CUMPLIMIENTO DEL MISMO DEPENDERA DEL CUMPLIMIETNO DEL MISMO POR TODAS LA DEPENDENCIAS DEL SERVICIO REGIONAL","Gerencia Estrategica"]
[null,"2018.R1.Departamento.Financiero",2018,"R1","Departamento","Financiero","Le.1 - Fortalecer las capacidades gestoras institucionales del SNS a través de la implementación del Modelo de Gestión, del desarrollo de su organización funcional y de las capacidades e instrumentos necesarios en cada ámbito de gestión","Le.1","Obj1.3 - Desarrollar e implementar un modelo económico y financiero que garantice la sostenibilidad de la Red de servicios incluyendo los Hospitales Autogestionados","Obj1.3","Racionalizado el uso de los recursos financieros y económicos (inventario, bienes y equipos)","Implementar las NOBACI y sus Normas Complementarias en el segundo y tercer nivel de la red","No. de CEAS con implementación del plan de acción de las NOBACI.","Numero",16,4,4,4,4,"Implementada la nueva estructura de los CEAS","\nDirección SRS\nAdministrativo y Financiero SRS\nEquipo administrativo Hospitales Autogestionados"]
[null,"2018.R1.Departamento.Financiero",2018,"R1","Departamento","Financiero","Le.1 - Fortalecer las capacidades gestoras institucionales del SNS a través de la implementación del Modelo de Gestión, del desarrollo de su organización funcional y de las capacidades e instrumentos necesarios en cada ámbito de gestión","Le.1","Obj1.6 - Fortalecer los sistemas de información existentes en todos los niveles del SNS para apoyar la gestión para resultados","Obj1.6","Estandarizados los instrumentos de recolección de datos de los establecimientos de salud y de las entidades administrativas de la red, que minimice la duplicidad de reportes e informes que emanen de los diferentes niveles","Definir y desarrollar los instrumentos de recolección de datos y reportes de Gestión/Productividad de la Red","% de instrumentos existentes evaluados","Instrumentos ",100,0,50,50,0,"TIC desarrolla las herramientas en el tiempo estipulado.                                                    Levantamiento y cuantificación de las cantidades y modelos de informes existentes","Dirección, administrativo y financiero  del srs\nGestión de la Información \nDirección de TI \nDirección de los CEAS \n"]
[null,"2018.R1.Departamento.Financiero",2018,"R1","Departamento","Financiero","Le.1 - Fortalecer las capacidades gestoras institucionales del SNS a través de la implementación del Modelo de Gestión, del desarrollo de su organización funcional y de las capacidades e instrumentos necesarios en cada ámbito de gestión","Le.1","Obj1.6 - Fortalecer los sistemas de información existentes en todos los niveles del SNS para apoyar la gestión para resultados","Obj1.6","Sistemas de información digitales estandarizados, que permita el flujo de información entre niveles y facilite la toma de decisiones desarrollados e implementados","Desarrollar e implementar los Sistemas de Información que faciliten el flujo de información entre los niveles para la toma de decisión y la gestión por resultados","Nivel de desarrollo de los Sistemas de Información  digitales","Porcentaje",85,0,0,0,85,"Levantamiento y cuantificación de las cantidades y modelos de informes existentes","Director de TI\nDirector CEAS \nMonitoreo & Evaluación\n"]
[null,"2018.R1.Departamento.Financiero",2018,"R1","Departamento","Financiero","Le.1 - Fortalecer las capacidades gestoras institucionales del SNS a través de la implementación del Modelo de Gestión, del desarrollo de su organización funcional y de las capacidades e instrumentos necesarios en cada ámbito de gestión","Le.1","Obj1.6 - Fortalecer los sistemas de información existentes en todos los niveles del SNS para apoyar la gestión para resultados","Obj1.6","Adecuada infraestructura tecnología para dar respuestas a las demandas de los usuarios del nivel central del SNS","Dotar de infraestructura tecnológica para el desarrollo de la tecnología de la información y comunicaciones (TIC) en el Nivel central","% de requerimientos y reportes cerrados satisfactoriamente","Porcentaje",55,0,0,0,55,"No se  cuentan con los recursos necesarios para la compra de equipos","Dirección Ejecutiva del SNS\nDirección  CEAS\nDirección administrativa y financiera SRS"]
[null,"2018.R1.Departamento.Financiero",2018,"R1","Departamento","Financiero","Le.1 - Fortalecer las capacidades gestoras institucionales del SNS a través de la implementación del Modelo de Gestión, del desarrollo de su organización funcional y de las capacidades e instrumentos necesarios en cada ámbito de gestión","Le.1","Obj1.6 - Fortalecer los sistemas de información existentes en todos los niveles del SNS para apoyar la gestión para resultados","Obj1.6","Régimen de auditoria de calidad de la información implementado","Implementar un Régimen de auditoria de calidad de la información ","% de Datos auditado y validados","Portentaje",80,10,30,20,20,"Sistemas de Información desarrollado e implementado","Gestión de la Información"]
[null,"2018.R1.Departamento.Estratégico",2018,"R1","Departamento","Estratégico","Le.1 - Fortalecer las capacidades gestoras institucionales del SNS a través de la implementación del Modelo de Gestión, del desarrollo de su organización funcional y de las capacidades e instrumentos necesarios en cada ámbito de gestión","Le.1","Obj1.6 - Fortalecer los sistemas de información existentes en todos los niveles del SNS para apoyar la gestión para resultados","Obj1.6","Sistemas de información digitales estandarizados, que permita el flujo de información entre niveles y facilite la toma de decisiones desarrollados e implementados","Implementar los Sistemas de Información que faciliten el flujo de información entre los niveles para la toma de decisión y la gestión para resultados ","Numero de centros de primer nivel con sistema de gestion clinica operando.","Numero",145,35,40,40,20,"Cursos Tecnicos gestionados por el infotep para al manejo adecuado del equipo informatico.","Director Regional, Gerente Estrategico.Apoyo al Sistema de Informacion y Monitoreo y Evaluacion"]
[null,"2018.R1.Departamento.Estratégico",2018,"R1","Departamento","Estratégico","Le.3 - Desarrollo de la red asistencial del SNS en coherencia con las políticas de Estado en materia de salud y el Modelo de Atención","Le.3","Obj3.1 - Implementar el Modelo de Atención en todos los niveles de la red de servicios de salud","Obj3.1","Red de Atención Primaria articulada, coordinada y fortalecida\nAtención Materno Infantil de calidad y estructurada\nAtención a la urgencia y emergencia cumpliendo criterios de calidad y coordinación \nFortalecido el modelo de referencia y contrareferencia \nAcceso universal a medicamentos en la Red de Primer Nivel de atención \nDisponibilidad oportuna de sangre en condiciones de calidad\nGobernanza fortalecida","Impulsar el desarrollo del Modelo de Atención en la Red de Servicios: Fortalecimiento de la atención al usuario","Numero de cenros de Zona con servicio de atencios al usuario conformado.","Centros de Zona",3,0,1,1,1,"Dependera de la disponobilidad del recurso humano capacitado.","Director Regional,Gerente Estrategico, Gerente Asislencial, Recursos Humanos. "]
[null,"2018.R1.Departamento.Estratégico",2018,"R1","Departamento","Estratégico","Le.3 - Desarrollo de la red asistencial del SNS en coherencia con las políticas de Estado en materia de salud y el Modelo de Atención","Le.3","Obj3.1 - Implementar el Modelo de Atención en todos los niveles de la red de servicios de salud","Obj3.1","Red de Atención Primaria articulada, coordinada y fortalecida\nAtención Materno Infantil de calidad y estructurada\nAtención a la urgencia y emergencia cumpliendo criterios de calidad y coordinación \nFortalecido el modelo de referencia y contrareferencia \nAcceso universal a medicamentos en la Red de Primer Nivel de atención \nDisponibilidad oportuna de sangre en condiciones de calidad\nGobernanza fortalecida","Impulsar el desarrollo del Modelo de Atención en la Red de Servicios: Fortalecimiento de la atención al usuario","Nummero de CEAS con servicio de atencion al usuario operando.","CEAS",15,5,5,5,0,"Dependera de la disponobilidad del recurso humano capacitado.","Director Regional,Gerente Estrategico, Gerente Asislencial, Recursos Humanos. "]
[null,"2018.R1.Departamento.Estratégico",2018,"R1","Departamento","Estratégico","Le.3 - Desarrollo de la red asistencial del SNS en coherencia con las políticas de Estado en materia de salud y el Modelo de Atención","Le.3","Obj3.1 - Direccionar los recursos para apoyar la implementación del Modelo de Atención en la red de servicios","Obj3.2","Flujos financieros a los SRS y a los niveles de atención coherentes con el Modelo y con la prioridad de fortalecer la Atención Primaria y el resto de áreas criticas ","Elaborar el Presupuesto, plan de inversiones y financiación de la red e implementarlo de acuerdo al dimensionamiento definido para la implementación del Modelo de Atención y garantizar el flujo de los recursos financieros y de otra índole de forma coherente con los objetivos del Modelo de Atención","Plan operativo Annual, Presupuesto y Plan de Compra elaborado.","Planes",3,0,0,3,0,null,"Director Regional, Gerente Estrategico, gerente asistencial.. Equipo tecnico Regional."]
[null,"2018.R1.Departamento.Estratégico",2018,"R1","Departamento","Estratégico","Le.3 - Desarrollo de la red asistencial del SNS en coherencia con las políticas de Estado en materia de salud y el Modelo de Atención","Le.3","Obj3.1 - Implementar el Modelo de Atención en todos los niveles de la red de servicios de salud","Obj3.1","Red de Atención Primaria articulada, coordinada y fortalecida\nAtención Materno Infantil de calidad y estructurada\nAtención a la urgencia y emergencia cumpliendo criterios de calidad y coordinación \nFortalecido el modelo de referencia y contrareferencia \nAcceso universal a medicamentos en la Red de Primer Nivel de atención \nDisponibilidad oportuna de sangre en condiciones de calidad\nGobernanza fortalecida","Impulsar el desarrollo del Modelo de Atención en la Red de Servicios: Coordinación clínica y asistencial (referencias y contrareferencia)","Numero de Centros de Apoyo Diagnostico para el Primer Nivel de AtencIon operando según el modelo de red.","Centros de Apoyo Diagnostico.",2,0,1,1,0,"Dependera de la aprobacion del SNS  , la disposición de la OISOE y de la disponibilidad de infraestructura y el recurso humano.","Director Regional,Gerente Estrategico, Gerente Asislencial, . "]
[null,"2018.R1.Departamento.Estratégico",2018,"R1","Departamento","Estratégico","Le.3 - Desarrollo de la red asistencial del SNS en coherencia con las políticas de Estado en materia de salud y el Modelo de Atención","Le.3","Obj3.1 - Implementar el Modelo de Atención en todos los niveles de la red de servicios de salud","Obj3.1","Red de Atención Primaria articulada, coordinada y fortalecida\nAtención Materno Infantil de calidad y estructurada\nAtención a la urgencia y emergencia cumpliendo criterios de calidad y coordinación \nFortalecido el modelo de referencia y contrareferencia \nAcceso universal a medicamentos en la Red de Primer Nivel de atención \nDisponibilidad oportuna de sangre en condiciones de calidad\nGobernanza fortalecida","Impulsar el desarrollo del Modelo de Atención en la Red de Servicios: Fortalecimiento de la atención primaria","numero de centros de primer nivel con croquis elaborados de manera eficiente..","CPN",145,35,40,40,30,"Informacion obtenida por la Oficina Naciona de Estadistica y Capacitacion ddel recurso humano respecto al manejo de los elemntos tecnicos que tiene que vel con cartografia y elaboracion de mapas.","Director Regional, Gerente Estrategico, gerente asistencial.. Equipo de ingenieria y cartografia"]
[null,"2018.R1.Departamento.Estratégico",2018,"R1","Departamento","Estratégico","Le.3 - Desarrollo de la red asistencial del SNS en coherencia con las políticas de Estado en materia de salud y el Modelo de Atención","Le.3","Obj3.1 - Implementar el Modelo de Atención en todos los niveles de la red de servicios de salud","Obj3.1","Red de Atención Primaria articulada, coordinada y fortalecida\nAtención Materno Infantil de calidad y estructurada\nAtención a la urgencia y emergencia cumpliendo criterios de calidad y coordinación \nFortalecido el modelo de referencia y contrareferencia \nAcceso universal a medicamentos en la Red de Primer Nivel de atención \nDisponibilidad oportuna de sangre en condiciones de calidad\nGobernanza fortalecida","Impulsar el desarrollo del Modelo de Atención en la Red de Servicios: Gobernanza","numero de centros de zona creados en cada gerencia de area.","Centros  de Zona",6,2,2,1,1,"Depende de la aprobacion del SNS y de la disponibilidad de estructura, o planta fisica equipos y personal.","Director Regional, Gerebte Estrategico y gerente asistencia."]
[null,"2018.R1.Departamento.Estratégico",2018,"R1","Departamento","Estratégico","Le.3 - Desarrollo de la red asistencial del SNS en coherencia con las políticas de Estado en materia de salud y el Modelo de Atención","Le.3","Obj3.1 - Implementar el Modelo de Atención en todos los niveles de la red de servicios de salud","Obj3.1","Red de Atención Primaria articulada, coordinada y fortalecida\nAtención Materno Infantil de calidad y estructurada\nAtención a la urgencia y emergencia cumpliendo criterios de calidad y coordinación \nFortalecido el modelo de referencia y contrareferencia \nAcceso universal a medicamentos en la Red de Primer Nivel de atención \nDisponibilidad oportuna de sangre en condiciones de calidad\nGobernanza fortalecida","Impulsar el desarrollo del Modelo de Atención en la Red de Servicios: Gobernanza","numero de gerenciasas de area creadas, para motivar el cierre de brecha.","Gerencias de area",1,1,0,0,0,"Depende de la aprobacion del SNS  y de ladisponibilidad de estructura o planta fisica, equipos y personal.","Director Regional, Gerebte Estrategico y gerente asistencia."]
[null,"2018.R1.Departamento.Estratégico",2018,"R1","Departamento","Estratégico","Le.3 - Desarrollo de la red asistencial del SNS en coherencia con las políticas de Estado en materia de salud y el Modelo de Atención","Le.3","Obj3.1 - Implementar el Modelo de Atención en todos los niveles de la red de servicios de salud","Obj3.1","Red de Atención Primaria articulada, coordinada y fortalecida\nAtención Materno Infantil de calidad y estructurada\nAtención a la urgencia y emergencia cumpliendo criterios de calidad y coordinación \nFortalecido el modelo de referencia y contrareferencia \nAcceso universal a medicamentos en la Red de Primer Nivel de atención \nDisponibilidad oportuna de sangre en condiciones de calidad\nGobernanza fortalecida","Impulsar el desarrollo del Modelo de Atención en la Red de Servicios: Coordinación clínica y asistencial (referencias y contrareferencia)","Numero de Centros de Primer Nivel Realizando el proceso de Referencia.de Manera eficiente.","Centros de Primer nivel",145,35,40,40,30,"Depende del seguimiento y el compromiso del primer nivel a este proceso.","Director Regional, Gerebte Estrategico y Gerente Asistencial."]
[null,"2018.R1.Departamento.Estratégico",2018,"R1","Departamento","Estratégico","Le.3 - Desarrollo de la red asistencial del SNS en coherencia con las políticas de Estado en materia de salud y el Modelo de Atención","Le.3","Obj3.1 - Implementar el Modelo de Atención en todos los niveles de la red de servicios de salud","Obj3.1","Red de Atención Primaria articulada, coordinada y fortalecida\nAtención Materno Infantil de calidad y estructurada\nAtención a la urgencia y emergencia cumpliendo criterios de calidad y coordinación \nFortalecido el modelo de referencia y contrareferencia \nAcceso universal a medicamentos en la Red de Primer Nivel de atención \nDisponibilidad oportuna de sangre en condiciones de calidad\nGobernanza fortalecida","Impulsar el desarrollo del Modelo de Atención en la Red de Servicios: Coordinación clínica y asistencial (referencias y contrareferencia)","Numero de Centros del Nivel Especializado Realizando el proceso de Referencia y Contrareferencia de manera eficiente.","Centros del Nivel Especializado.",15,4,4,4,3,"Depende del seguimiento y el compromiso del nivel especializado a este proceso.","Director Regional, Gerebte Estrategico y Gerente Asistencial."]
[null,"2018.R1.Departamento.Asistencial",2018,"R1","Departamento","Asistencial","Le.1 - Fortalecer las capacidades gestoras institucionales del SNS a través de la implementación del Modelo de Gestión, del desarrollo de su organización funcional y de las capacidades e instrumentos necesarios en cada ámbito de gestión","Le.1","Obj1.8 - Disponer de una red de establecimientos que cumpla los criterios de habilitación establecidos por el MSP","Obj1.8","Aumentados los establecimientos de salud que cumplen con los criterios de habilitación definidos por el MSP","Implementar un plan de acompañamiento a las gerencias de area en el proceso de habilitacion de los CEAS y Centros de Primer nivel.","% de solicitudes de habilitacion depositadas.  ","porcentaje",25,0,0,0,0]
[null,"2018.R1.Departamento.Asistencial",2018,"R1","Departamento","Asistencial","Le.3 - Desarrollo de la red asistencial del SNS en coherencia con las políticas de Estado en materia de salud y el Modelo de Atención","Le.3","Obj3.3 - Desarrollar una cartera de servicios estandarizada y de acuerdo al modelo de atención en los centros de salud, con igual capacidad resolutiva","Obj3.3","Fortalecido el acceso a la atención, mediante una cartera de servicios que responda a las necesidades de salud de la población, priorizando los grupos más vulnerables","Actualizacion de la cartera de servicios de los centros de salud de la red según nivel de complejidad.","Centros de salud con Cartera de servicios actualizadas","centros de salud",20,0,0,0,0]
[null,"2018.R1.Departamento.Asistencial",2018,"R1","Departamento","Asistencial","Le.4 - Mejora de la provisión de los programas y acciones de salud colectiva, con enfoque en prevención y control de enfermedades evitables","Le.4","Obj4.1 - Fortalecer y garantizar la provisión de servicios de los programas de salud colectiva que se brindan en los diferentes niveles de atención","Obj4.1","Mejorada la prestación de servicios a la población con TB mediante un abordaje integral y basado en la estrategia mundial “Fin de la Tuberculosis”, intensificando las intervenciones focalizadas en poblaciones clave y grupos de riesgo","Mejorada la prestación de servicios a la población con TB mediante un abordaje integral y basado en la estrategia mundial “Fin de la Tuberculosis”, intensificando las intervenciones focalizadas en poblaciones clave y grupos de riesgo"," Al final del año el Personal de salud de los programas de tuberculosis de los Centros de Primer Nivel. habra recibido capacitacion sobre las tecnicas para captacion de los sintomaticos respiratorios.","Numero de personal capacitado",164,41,41,41,41,null,"servicio regional de salud, programa de TB,  centros de atencion de primer y segundo nivel, personal de los centros de atencion."]
[null,"2018.R1.Departamento.Asistencial",2018,"R1","Departamento","Asistencial","Le.4 - Mejora de la provisión de los programas y acciones de salud colectiva, con enfoque en prevención y control de enfermedades evitables","Le.4","Obj4.1 - Fortalecer y garantizar la provisión de servicios de los programas de salud colectiva que se brindan en los diferentes niveles de atención","Obj4.1","Mejorada la prestación de servicios a la población con TB mediante un abordaje integral y basado en la estrategia mundial “Fin de la Tuberculosis”, intensificando las intervenciones focalizadas en poblaciones clave y grupos de riesgo","Mejorada la prestación de servicios a la población con TB mediante un abordaje integral y basado en la estrategia mundial “Fin de la Tuberculosis”, intensificando las intervenciones focalizadas en poblaciones clave y grupos de riesgo","Porcentaje de Centros de Primer Nivel con personal de salud capacitado en el Program de Tuberculosis.","Porcentaje",100,0,0,0,100,null,"servicio regional de salud, programa de TB,  centros de atencion de primer y segundo nivel, personal de los centros de atencion."]
[null,"2018.R1.Departamento.Asistencial",2018,"R1","Departamento","Asistencial","Le.3 - Desarrollo de la red asistencial del SNS en coherencia con las políticas de Estado en materia de salud y el Modelo de Atención","Le.3","Obj3.1 - Implementar el Modelo de Atención en todos los niveles de la red de servicios de salud","Obj3.1","Red de Atención Primaria articulada, coordinada y fortalecida\nAtención Materno Infantil de calidad y estructurada\nAtención a la urgencia y emergencia cumpliendo criterios de calidad y coordinación \nFortalecido el modelo de referencia y contrareferencia \nAcceso universal a medicamentos en la Red de Primer Nivel de atención \nDisponibilidad oportuna de sangre en condiciones de calidad\nGobernanza fortalecida","Impulsar el desarrollo del Modelo de Atención en la Red de Servicios: Atención materno-infantil","Incrementar en un 80  %  el numero  de Establecimientos de Primer  Nivel con pacientes Embarazadas que son captadas por el PNA y cumplen con el cronograma de visitas prenatales de acuerdo a las normas de las Guias y Protocolos de atencion.","CPN",20,5,5,5,5,"Abastecimiento de los recursos necesarios, para la implementacion del Programa.","Ggerente del SRS Gerente Asistencial, Encargada Materno Infantil del SRS, Gerente s de Areas, Apoyo al Servicio de las GAS."]
[null,"2018.R1.Departamento.Asistencial",2018,"R1","Departamento","Asistencial","Le.4 - Mejora de la provisión de los programas y acciones de salud colectiva, con enfoque en prevención y control de enfermedades evitables","Le.4","Obj4.1 - Fortalecer y garantizar la provisión de servicios de los programas de salud colectiva que se brindan en los diferentes niveles de atención","Obj4.1","Mejorada la cobertura y calidad en materia de salud sexual-reproductiva en todos los niveles de atención con énfasis en la atención materno-perinatal, infantil y adolescente","Aumentar la provisión y cobertura de los servicios de salud sexual-reproductiva en todos los niveles de atención con énfasis en la atención materno- perinatal, infantil y adolescente","%  de Centros de Primer Nivel que tienen  Embarazadas con aaplicacion del formulario de riesgo antes de las 15 semanas de edad cestacional","Porcentaje",80,20,20,20,20,"Abastecimiento de los recursos necesarios, para la implementacion del programa.","Gerente del SRS Gerente Asistencial, Encargada Materno Infantil del SRS Gerentes de Areas, Apoyo al Servicio de las GAS, Y Coordinadores de Zonas."]
[null,"2018.R1.Departamento.Asistencial",2018,"R1","Departamento","Asistencial","Le.4 - Mejora de la provisión de los programas y acciones de salud colectiva, con enfoque en prevención y control de enfermedades evitables","Le.4","Obj4.1 - Fortalecer y garantizar la provisión de servicios de los programas de salud colectiva que se brindan en los diferentes niveles de atención","Obj4.1","Mejorada la cobertura y calidad en materia de salud sexual-reproductiva en todos los niveles de atención con énfasis en la atención materno-perinatal, infantil y adolescente","Aumentar la provisión y cobertura de los servicios de salud sexual-reproductiva en todos los niveles de atención con énfasis en la atención materno- perinatal, infantil y adolescente","Fortalecer la aplicación de las normas contenidas en los protocolos del manejo del parto en un 30 % de los  los CEAS del SRS Valdesia.","CEAS",30,5,5,10,10,"Abastecimiento de los recursos necesarios, para la implementacion del programa.","Gerente de SRS, Gerente Asistencial, Encargada Materno Infantil del SRS, Gerentes de Areas, Apoyo al Servicio, Coordinadores de Zonas, Encargados de los Departamento de Obstetricia de los CEAS del SRS ."]
[null,"2018.R1.Departamento.Asistencial",2018,"R1","Departamento","Asistencial","Le.3 - Desarrollo de la red asistencial del SNS en coherencia con las políticas de Estado en materia de salud y el Modelo de Atención","Le.3","Obj3.1 - Implementar el Modelo de Atención en todos los niveles de la red de servicios de salud","Obj3.1","Red de Atención Primaria articulada, coordinada y fortalecida\nAtención Materno Infantil de calidad y estructurada\nAtención a la urgencia y emergencia cumpliendo criterios de calidad y coordinación \nFortalecido el modelo de referencia y contrareferencia \nAcceso universal a medicamentos en la Red de Primer Nivel de atención \nDisponibilidad oportuna de sangre en condiciones de calidad\nGobernanza fortalecida","Impulsar el desarrollo del Modelo de Atención en la Red de Servicios: Atención materno-infantil","Incrementar  en un 20 % la Captacion Temprana y seguimiento  de las puerperas  según normas y protocolos de atencion en el PNA","CPN",20,5,5,5,5,"Abastecimiento de los recursos necesarios, para la implementacion del Programa.","Gerente del SRS, Gerente Asistencial, Encargada Materno Infantil del SRS, Gerentes de Areas, Apoyo al Servicio dela GAS, Coordinadores de Zonas, Proveedores de Salud, y Promotores de Salud del PNA."]
[null,"2018.R1.Departamento.Asistencial",2018,"R1","Departamento","Asistencial","Le.3 - Desarrollo de la red asistencial del SNS en coherencia con las políticas de Estado en materia de salud y el Modelo de Atención","Le.3","Obj3.1 - Implementar el Modelo de Atención en todos los niveles de la red de servicios de salud","Obj3.1","Red de Atención Primaria articulada, coordinada y fortalecida\nAtención Materno Infantil de calidad y estructurada\nAtención a la urgencia y emergencia cumpliendo criterios de calidad y coordinación \nFortalecido el modelo de referencia y contrareferencia \nAcceso universal a medicamentos en la Red de Primer Nivel de atención \nDisponibilidad oportuna de sangre en condiciones de calidad\nGobernanza fortalecida","Impulsar el desarrollo del Modelo de Atención en la Red de Servicios: Atención materno-infantil","% de Recien nacidos y niños menores de 5 años captados por el Prugrama de Crecimiento y Desarrollo en el PNA.","Porcentaje",40,5,10,15,10,"Suministro de los Insumos necesarios, para la implementacion del Programa.","Gerente del SRS, Gerente Asistencual, Encargada Materno Infantil del SRS, Gerentes de Areas, Apoyo a los Servicios de las GAS, Coordinadores de Zonas, Proveedores de Salud, Enfermeras, y Promotores de Salud del PNA."]
[null,"2018.R1.Departamento.Asistencial",2018,"R1","Departamento","Asistencial","Le.4 - Mejora de la provisión de los programas y acciones de salud colectiva, con enfoque en prevención y control de enfermedades evitables","Le.4","Obj4.1 - Fortalecer y garantizar la provisión de servicios de los programas de salud colectiva que se brindan en los diferentes niveles de atención","Obj4.1","Garantizado el continuo de la atención para aumentar las expectativas de vida en personas que viven con VIH-SIDA mediante la correcta aplicación de las normas, guías y protocolos nacionales","Fortalecer la aplicación de las normas a programas de salud para aumentar las expectativas de vida y calidad de la atención en personas que viven con VIH-SIDA ","% del personal de salud capacitados de los SAI para la aplicación de las guías, normas y protocolos.","Porcentaje",100,0,0,0,100,null,"Gerencia Asistencial"]
[null,"2018.R1.Departamento.Asistencial",2018,"R1","Departamento","Asistencial","Le.4 - Mejora de la provisión de los programas y acciones de salud colectiva, con enfoque en prevención y control de enfermedades evitables","Le.4","Obj4.1 - Fortalecer y garantizar la provisión de servicios de los programas de salud colectiva que se brindan en los diferentes niveles de atención","Obj4.1","Garantizado el continuo de la atención para aumentar las expectativas de vida en personas que viven con VIH-SIDA mediante la correcta aplicación de las normas, guías y protocolos nacionales","Fortalecer la aplicación de las normas a programas de salud para aumentar las expectativas de vida y calidad de la atención en personas que viven con VIH-SIDA ","Número del personal de las SAI  capacitado sobre alimentacion y estilo de vida saludable en pacientes VIH-SIDA","Porcentaje",100,0,0,0,100,null,"Gerencia Asistencial"]
[null,"2018.R1.Departamento.Administrativo",2018,"R1","Departamento","Administrativo","Le.1 - Fortalecer las capacidades gestoras institucionales del SNS a través de la implementación del Modelo de Gestión, del desarrollo de su organización funcional y de las capacidades e instrumentos necesarios en cada ámbito de gestión","Le.1","Obj1.3 - Desarrollar e implementar un modelo económico y financiero que garantice la sostenibilidad de la Red de servicios incluyendo los Hospitales Autogestionados","Obj1.3","Racionalizado el uso de los recursos financieros y económicos (inventario, bienes y equipos)","Implementar las NOBACI y sus Normas Complementarias en el Nivel Central del SNS y en todos los niveles de la Red ","Numeros de establecimientos con requerimientos","Numero de EESS",174,174,0,0,0,null,"Gestion Humana"]
[null,"2018.R1.Departamento.Administrativo",2018,"R1","Departamento","Administrativo","Le.1 - Fortalecer las capacidades gestoras institucionales del SNS a través de la implementación del Modelo de Gestión, del desarrollo de su organización funcional y de las capacidades e instrumentos necesarios en cada ámbito de gestión","Le.1","Obj1.3 - Desarrollar e implementar un modelo económico y financiero que garantice la sostenibilidad de la Red de servicios incluyendo los Hospitales Autogestionados","Obj1.3","Racionalizado el uso de los recursos financieros y económicos (inventario, bienes y equipos)","Implementar las NOBACI y sus Normas Complementarias en el Nivel Central del SNS y en todos los niveles de la Red ","Numeros de establecimientos con control de bienes","Numero de EESS",174,0,0,0,0,null,"Gestion Humana"]
[null,"2017.R1.Departamento.Gestión Humana",2017,"R1","Departamento","Gestión Humana","Le.2 - Desarrollar un modelo de gestión y planificación de los recursos humanos que garantice la disponibilidad de técnicos y profesionales competentes y que fomente un alto rendimiento alineado a los objetivos institucionales","Le.2","Obj2.1 - Participar con el MSP, MAP y otras instituciones en la definición e implementación de los reglamentos complementarios de la Ley de Carrera Sanitaria (395-14)","Obj2.1","Diseñado e implementado el protocolo de selección y contratación de los gestores y directivos de la Red","Implementar un protocolo de selección y contratación de los gestores y directivos de la Red","% de CEAS  con modelo implementado y defino para la remision de la Guardias Presenciales ","Porcentaje",100,100,0,0,0,"Seguimiento y Validación en la eleboración a URHH  ","Gestion Humana"]
[null,"2017.R1.Departamento.Gestión Humana",2017,"R1","Departamento","Gestión Humana","Le.1 - Fortalecer las capacidades gestoras institucionales del SNS a través de la implementación del Modelo de Gestión, del desarrollo de su organización funcional y de las capacidades e instrumentos necesarios en cada ámbito de gestión","Le.1","Obj1.6 - Fortalecer los sistemas de información existentes en todos los niveles del SNS para apoyar la gestión para resultados","Obj1.6","Sistemas de información digitales estandarizados, que permita el flujo de información entre niveles y facilite la toma de decisiones desarrollados e implementados","Definir y desarrollar los instrumentos de recolección de datos y reportes de Gestión/Productividad de la Red ","Numero de Establecimietos de Salud   con modelo implementado y defino para la tramitacion  de las Licencias Medicas en el SRS y sus Dependencias  ","SRS",1,25,25,25,25,"Seguimiento y Validación en la eleboración a URHH  ","Gestion Humana"]
[null,"2017.R1.Departamento.Gestión Humana",2017,"R1","Departamento","Gestión Humana","Le.2 - Desarrollar un modelo de gestión y planificación de los recursos humanos que garantice la disponibilidad de técnicos y profesionales competentes y que fomente un alto rendimiento alineado a los objetivos institucionales","Le.2","Obj2.1 - Participar con el MSP, MAP y otras instituciones en la definición e implementación de los reglamentos complementarios de la Ley de Carrera Sanitaria (395-14)","Obj2.1","Diseñado e implementado el protocolo de selección y contratación de los gestores y directivos de la Red","Implementar un protocolo de selección y contratación de los gestores y directivos de la Red","Numero de establecimietos de Salud   con modelo implementado y defino de Registro y Control de los Recursos Humanos  en el SRS y sus Dependencias  ","SRS",1,25,25,25,25,"Seguimiento y Validación en la eleboración a URHH  ","Gestion Humana"]
[null,"2017.R1.Departamento.Gestión Humana",2017,"R1","Departamento","Gestión Humana","Le.2 - Desarrollar un modelo de gestión y planificación de los recursos humanos que garantice la disponibilidad de técnicos y profesionales competentes y que fomente un alto rendimiento alineado a los objetivos institucionales","Le.2","Obj2.1 - Participar con el MSP, MAP y otras instituciones en la definición e implementación de los reglamentos complementarios de la Ley de Carrera Sanitaria (395-14)","Obj2.1","Aumentado el desarrollo institucional a través del fortalecimiento de las competencias de los colaboradores, enfocados a la consecución de los objetivos estratégicos del SNS ","Definir un programa de formación continua enfocado a la gestión por competencias ","Programa diseñado e implementado","Porcentaje",100,25,25,25,25,"Programación de las  Capacitaciones","Gestion Humana"]
[null,"","","","","",null,"",null,""]
[null,"2018.R1.Departamento.Financiero",2018,"R1","Departamento","Financiero","Le.1 - Fortalecer las capacidades gestoras institucionales del SNS a través de la implementación del Modelo de Gestión, del desarrollo de su organización funcional y de las capacidades e instrumentos necesarios en cada ámbito de gestión","Le.1","Obj1.5 - Definir e implementar el modelo de articulación externa con los agentes relevantes del sector salud y otros sectores, que coadyuven con el logro de los objetivos estratégicos de la institución","Obj1.5","\nFortalecida las relaciones del Nivel Central del SNS y otros agentes del sector Salud","Elaborar y firmar Acuerdos y Convenios intrasectoriales e intersectoriales, incluyendo ONG ́s que tengan capacidad para proveer servicios de salud","% de CEAS que tienen acceso a la plataforma SIMO","Porcentaje",100,0,0,0,100,null,"Financiero"]
[null,"","","","","",null,"",null,""]
[null,"","","","","",null,"",null,""]
[null,"","","","","",null,"",null,""]
[null,"","","","","",null,"",null,""]
[null,"","","","","",null,"",null,""]
[null,"","","","","",null,"",null,""]
[null,"","","","","",null,"",null,""]
[null,"","","","","",null,"",null,""]
[null,"","","","","",null,"",null,""]
[null,"","","","","",null,"",null,""]
[null,"","","","","",null,"",null,""]
[null,"","","","","",null,"",null,""]
[null,"","","","","",null,"",null,""]
[null,"","","","","",null,"",null,""]
[null,"","","","","",null,""]
[null,"","","","","",null,""]
[null,"","","","","",null,""]
[null,"","","","","",null,""]
[null,"","","","","",null,""]
[null,"","","","","",null,""]
[null,"","","","","",null,""]
[null,"","","","","",null,""]
[null,"","","","","",null,""]
[null,"","","","","",null,""]
[null,"","","","","",null,""]
[null,"","","","","",null,""]
[null,"","","","","",null,""]
[null,"","","","","",null,""]
[null,"","","","","",null,""]
[null,"","","","","",null,""]
[null,"","","","","",null,""]
[null,"","","","","",null,""]
[null,"","","","","",null,""]
[null,"","","","","",null,""]
[null,"","","","","",null,""]
[null,"","","","","",null,""]
[null,"","","","","",null,""]
[null,"","","","","",null,""]
[null,"","","","","",null,""]
[null,"","","","","",null,""]
[null,"","","","","",null,""]
[null,"","","","","",null,""]
[null,"","","","","",null,""]
[null,"","","","","",null,""]
[null,"","","","","",null,""]
[null,"","","","","",null,""]
[null,"","","","","",null,""]
[null,"","","","","",null,""]
[null,"","","","","",null,""]
[null,"","","","","",null,""]
[null,"","","","","",null,""]
[null,"","","","","",null,""]
[null,"","","","","",null,""]
[null,"","","","","",null,""]
[null,"","","","","",null,""]
[null,"","","","","",null,""]
[null,"","","","","",null,""]
[null,"","","","","",null,""]
[null,"","","","","",null,""]
[null,"","","","","",null,""]
[null,"","","","","",null,""]
[null,"","","","","",null,""]
[null,"","","","","",null,""]
[null,"","","","","",null,""]
[null,"","","","","",null,""]
[null,"","","","","",null,""]
[null,"","","","","",null,""]
[null,"","","","","",null,""]
[null,"","","","","",null,""]
[null,"","","","","",null,""]
[null,"","","","","",null,""]
[null,"","","","","",null,""]
[null,"","","","","",null,""]
[null,"","","","","",null,""]
[null,"","","","","",null,""]
[null,"","","","","",null,""]
[null,"","","","","",null,""]
[null,"","","","","",null,""]
[null,"","","","","",null,""]
[null,"","","","","",null,""]
[null,"","","","","",null,""]
[null,"","","","","",null,""]
[null,"","","","","",null,""]
[null,"","","","","",null,""]
[null,"","","","","",null,""]
[null,"","","","","",null,""]
[null,"","","","","",null,""]
[null,"","","","","",null,""]
[null,"","","","","",null,""]
[null,"","","","","",null,""]
[null,"","","","","",null,""]
[null,"","","","","",null,""]
[null,"","","","","",null,""]
[null,"","","","","",null,""]
[null,"","","","","",null,""]
[null,"","","","","",null,""]
[null,"","","","","",null,""]
[null,"","","","","",null,""]
[null,"","","","","",null,""]
[null,"","","","","",null,""]
[null,"","","","","",null,""]
[null,"","","","","",null,""]
[null,"","","","","",null,""]
[null,"","","","","",null,""]
[null,"","","","","",null,""]
[null,"","","","","",null,""]
[null,"","","","","",null,""]
[null,"","","","","",null,""]
[null,"","","","","",null,""]
[null,"","","","","",null,""]
[null,"","","","","",null,""]
[null,"","","","","",null,""]
[null,"","","","","",null,""]
[null,"","","","","",null,""]
[null,"","","","","",null,""]
[null,"","","","","",null,""]
[null,"","","","","",null,""]
[null,"","","","","",null,""]
[null,"","","","","",null,""]
[null,"","","","","",null,""]
[null,"","","","","",null,""]
[null,"","","","","",null,""]
[null,"","","","","",null,""]
[null,"","","","","",null,""]
[null,"","","","","",null,""]
[null,"","","","","",null,""]
[null,"","","","","",null,""]
[null,"","","","","",null,""]
[null,"","","","","",null,""]
[null,"","","","","",null,""]
[null,"","","","","",null,""]
[null,"","","","","",null,""]
[null,"","","","","",null,""]
[null,"","","","","",null,""]
[null,"","","","","",null,""]
[null,"","","","","",null,""]
[null,"","","","","",null,""]
[null,"","","","","",null,""]
[null,"","","","","",null,""]
[null,"","","","","",null,""]
[null,"","","","","",null,""]
[null,"","","","","",null,""]
[null,"","","","","",null,""]
[null,"","","","","",null,""]
[null,"","","","","",null,""]
[null,"","","","","",null,""]
[null,"","","","","",null,""]
[null,"","","","","",null,""]
[null,"","","","","",null,""]
[null,"","","","","",null,""]
[null,"","","","","",null,""]
[null,"","","","","",null,""]
[null,"","","","","",null,""]
[null,"","","","","",null,""]
[null,"","","","","",null,""]
[null,"","","","","",null,""]
[null,"","","","","",null,""]
[null,"","","","","",null,""]
[null,"","","","","",null,""]
[null,"","","","","",null,""]
[null,"","","","","",null,""]
[null,"","","","","",null,""]
[null,"","","","","",null,""]
[null,"","","","","",null,""]
[null,"","","","","",null,""]
[null,"","","","","",null,""]
[null,"","","","","",null,""]
[null,"","","","","",null,""]
[null,"","","","","",null,""]
[null,"","","","","",null,""]
[null,"","","","","",null,""]
[null,"","","","","",null,""]
[null,"","","","","",null,""]
[null,"","","","","",null,""]
[null,"","","","","",null,""]
[null,"","","","","",null,""]
[null,"","","","","",null,""]
[null,"","","","","",null,""]
[null,"","","","","",null,""]
[null,"","","","","",null,""]
[null,"","","","","",null,""]
[null,"","","","","",null,""]
[null,"","","","","",null,""]
[null,"","","","","",null,""]
[null,"","","","","",null,""]
[null,"","","","","",null,""]
[null,"","","","","",null,""]
[null,"","","","","",null,""]
[null,"","","","","",null,""]
[null,"","","","","",null,""]
[null,"","","","","",null,""]
[null,"","","","","",null,""]
[null,"","","","","",null,""]
[null,"","","","","",null,""]
[null,"","","","","",null,""]
[null,"","","","","",null,""]
[null,"","","","","",null,""]
[null,"","","","","",null,""]
[null,"","","","","",null,""]
[null,"","","","","",null,""]
[null,"","","","","",null,""]
[null,"","","","","",null,""]
[null,"","","","","",null,""]
[null,"","","","","",null,""]
[null,"","","","","",null,""]
[null,"","","","","",null,""]
[null,"","","","","",null,""]
[null,"","","","","",null,""]
[null,"","","","","",null,""]
[null,"","","","","",null,""]
[null,"","","","","",null,""]
[null,"","","","","",null,""]
[null,"","","","","",null,""]
[null,"","","","","",null,""]
[null,"","","","","",null,""]
[null,"","","","","",null,""]
[null,"","","","","",null,""]
[null,"","","","","",null,""]
[null,"","","","","",null,""]
[null,"","","","","",null,""]
[null,"","","","","",null,""]
[null,"","","","","",null,""]
[null,"","","","","",null,""]
[null,"","","","","",null,""]
[null,"","","","","",null,""]
[null,"","","","","",null,""]
[null,"","","","","",null,""]
[null,"","","","","",null,""]
[null,"","","","","",null,""]
[null,"","","","","",null,""]
[null,"","","","","",null,""]
[null,"","","","","",null,""]
[null,"","","","","",null,""]
[null,"","","","","",null,""]
[null,"","","","","",null,""]
[null,"","","","","",null,""]
[null,"","","","","",null,""]
[null,"","","","","",null,""]
[null,"","","","","",null,""]
[null,"","","","","",null,""]
[null,"","","","","",null,""]
[null,"","","","","",null,""]
[null,"","","","","",null,""]
[null,"","","","","",null,""]
[null,"","","","","",null,""]
[null,"","","","","",null,""]
[null,"","","","","",null,""]
[null,"","","","","",null,""]
[null,"","","","","",null,""]
[null,"","","","","",null,""]
[null,"","","","","",null,""]
[null,"","","","","",null,""]
[null,"","","","","",null,""]
[null,"","","","","",null,""]
[null,"","","","","",null,""]
[null,"","","","","",null,""]
[null,"","","","","",null,""]
[null,"","","","","",null,""]
[null,"","","","","",null,""]
[null,"","","","","",null,""]
[null,"","","","","",null,""]
[null,"","","","","",null,""]
[null,"","","","","",null,""]
[null,"","","","","",null,""]
[null,"","","","","",null,""]
[null,"","","","","",null,""]
[null,"","","","","",null,""]
[null,"","","","","",null,""]
[null,"","","","","",null,""]
[null,"","","","","",null,""]
[null,"","","","","",null,""]
[null,"","","","","",null,""]
[null,"","","","","",null,""]
[null,"","","","","",null,""]
[null,"","","","","",null,""]
[null,"","","","","",null,""]
[null,"","","","","",null,""]
[null,"","","","","",null,""]
[null,"","","","","",null,""]
[null,"","","","","",null,""]
[null,"","","","","",null,""]
[null,"","","","","",null,""]
[null,"","","","","",null,""]
[null,"","","","","",null,""]
[null,"","","","","",null,""]
[null,"","","","","",null,""]
[null,"","","","","",null,""]
[null,"","","","","",null,""]
[null,"","","","","",null,""]
[null,"","","","","",null,""]
[null,"","","","","",null,""]
[null,"","","","","",null,""]
[null,"","","","","",null,""]
[null,"","","","","",null,""]
[null,"","","","","",null,""]
[null,"","","","","",null,""]
[null,"","","","","",null,""]
[null,"","","","","",null,""]
[null,"","","","","",null,""]
[null,"","","","","",null,""]
[null,"","","","","",null,"",null,""]
[null,"","","","","",null,"",null,""]
[null,"","","","","",null,"",null,""]
[null,"","","","","",null,"",null,""]
[null,"","","","","",null,"",null,""]
[null,"","","","","",null,"",null,""]
[null,"","","","","",null,"",null,""]
[null,"","","","","",null,"",null,""]
[null,"","","","","",null,"",null,""]
[null,"","","","","",null,"",null,""]
[null,"","","","","",null,"",null,""]
[null,"","","","","",null,"",null,""]
[null,"","","","","",null,"",null,""]
[null,"","","","","",null,"",null,""]
[null,"","","","","",null,"",null,""]
[null,"","","","","",null,"",null,""]
[null,"","","","","",null,"",null,""]
[null,"","","","","",null,"",null,""]
[null,"","","","","",null,"",null,""]
[null,"","","","","",null,"",null,""]
[null,"","","","","",null,"",null,""]
[null,"","","","","",null,"",null,""]
[null,"","","","","",null,"",null,""]
[null,"","","","","",null,"",null,""]
[null,"","","","","",null,"",null,""]
[null,"","","","","",null,"",null,""]
[null,"","","","","",null,"",null,""]
[null,"","","","","",null,"",null,""]
[null,"","","","","",null,"",null,""]
[null,"","","","","",null,"",null,""]
[null,"","","","","",null,"",null,""]
[null,"","","","","",null,"",null,""]
[null,"","","","","",null,"",null,""]
[null,"","","","","",null,"",null,""]
[null,"","","","","",null,"",null,""]
[null,"","","","","",null,"",null,""]
[null,"","","","","",null,"",null,""]
[null,"","","","","",null,"",null,""]
[null,"","","","","",null,"",null,""]
[null,"","","","","",null,"",null,""]
[null,"","","","","",null,"",null,""]
[null,"","","","","",null,"",null,""]
[null,"","","","","",null,"",null,""]
[null,"","","","","",null,"",null,""]
[null,"","","","","",null,"",null,""]
[null,"","","","","",null,"",null,""]
[null,"","","","","",null,"",null,""]
[null,"","","","","",null,"",null,""]
[null,"","","","","",null,"",null,""]
[null,"","","","","",null,"",null,""]
[null,"","","","","",null,"",null,""]
[null,"","","","","",null,"",null,""]
[null,"","","","","",null,"",null,""]
[null,"","","","","",null,"",null,""]
[null,"","","","","",null,"",null,""]
[null,"","","","","",null,"",null,""]
[null,"","","","","",null,"",null,""]
[null,"","","","","",null,"",null,""]
[null,"","","","","",null,"",null,""]
[null,"","","","","",null,"",null,""]
[null,"","","","","",null,"",null,""]
[null,"","","","","",null,"",null,""]
[null,"","","","","",null,"",null,""]
[null,"","","","","",null,"",null,""]
[null,"","","","","",null,"",null,""]
[null,"","","","","",null,"",null,""]
[null,"","","","","",null,"",null,""]
[null,"","","","","",null,"",null,""]
[null,"","","","","",null,"",null,""]
[null,"","","","","",null,"",null,""]
[null,"","","","","",null,"",null,""]
[null,"","","","","",null,"",null,""]
[null,"","","","","",null,"",null,""]
[null,"","","","","",null,"",null,""]
[null,"","","","","",null,"",null,""]
[null,"","","","","",null,"",null,""]
[null,"","","","","",null,"",null,""]
[null,"","","","","",null,"",null,""]
[null,"","","","","",null,"",null,""]
[null,"","","","","",null,"",null,""]
[null,"","","","","",null,"",null,""]
[null,"","","","","",null,"",null,""]
[null,"","","","","",null,"",null,""]
[null,"","","","","",null,"",null,""]
[null,"","","","","",null,"",null,""]
[null,"","","","","",null,"",null,""]
[null,"","","","","",null,"",null,""]
[null,"","","","","",null,"","Obj1.2 - Actualizar e implementar el Modelo de Gestión del SNS en todos sus niveles y el Modelo de Red de los SRS","Obj1.2"]
[null,"","","","","",null,"",null,""]
[null,"","","","","",null,"",null,""]
[null,"","","","","",null,"",null,""]
[null,"","","","","",null,"",null,""]
[null,"","","","","",null,"",null,""]
[null,"","","","","",null,"",null,""]
[null,"","","","","",null,"",null,""]
[null,"","","","","",null,"",null,""]
[null,"","","","","",null,"",null,""]
[null,"","","","","",null,"",null,""]
[null,"","","","","",null,"",null,""]
[null,"","","","","",null,"",null,""]
[null,"","","","","",null,"",null,""]
[null,"","","","","",null,"",null,""]
[null,"","","","","",null,"",null,""]
[null,"","","","","",null,"",null,""]
[null,"","","","","",null,"",null,""]
[null,"","","","","",null,"",null,""]
[null,"","","","","",null,"",null,""]
[null,"","","","","",null,"",null,""]
[null,"","","","","",null,"",null,""]
[null,"","","","","",null,"",null,""]
[null,"","","","","",null,"",null,""]
[null,"","","","","",null,"",null,""]
[null,"","","","","",null,"",null,""]
[null,"","","","","",null,"","Obj4.1 - Fortalecer y garantizar la provisión de servicios de los programas de salud colectiva que se brindan en los diferentes niveles de atención","Obj4.1","Mejorada la cobertura y calidad en materia de salud sexual-reproductiva en todos los niveles de atención con énfasis en la atención materno-perinatal, infantil y adolescente","Fortalecido e Incrementado el numero de EmbarazadasVIH positivas, que recibem ARV atraves del Programa de ETMI de VIH y Sifilis Congenita","Incrementar en un 2  %  el numero  de Embarazadas VIH Positivas que recibem ARV atraves del Programa de ETMI de VIH y Sifilis Congenita","Numero de Embarazadas VIH Positivas que reciben ARV atraves del Programa de ETMI del VIH y Sifilis Congenita.",0.02,0,1,0,1,"Suministro de los Insumos necesarios, para la implementacion del Programa.","Gerente del SRS, Gerente Asistencual, Encargada Materno Infantil del SRS, Gerentes de Areas, Apoyo a los Servicios de las GAS, Encargada de los SAIde los CEASEncargados del PETMI del VIH y Sifilis de los CEAS, Encargado del Deparatamento de Obstatricia del los CEAS."]
[null,"","","","","",null,"",null,""]
[null,"","","","","",null,"",null,""]
[null,"","","","","",null,"",null,""]
[null,"","","","","",null,"",null,""]
[null,"","","","","",null,"",null,""]
[null,"","","","","",null,"",null,""]
[null,"","","","","",null,"",null,""]
[null,"","","","","",null,"",null,""]
[null,"","","","","",null,"",null,""]
[null,"","","","","",null,"",null,""]
[null,"","","","","",null,"",null,""]
[null,"","","","","",null,"",null,""]
[null,"","","","","",null,"",null,""]
[null,"","","","","",null,"",null,""]
[null,"","","","","",null,"",null,""]
[null,"","","","","",null,"",null,""]
[null,"","","","","",null,"",null,""]
[null,"","","","","",null,"",null,""]
[null,"","","","","",null,"",null,""]
[null,"","","","","",null,"",null,""]
[null,"","","","","",null,"",null,""]
[null,"","","","","",null,"",null,""]
[null,"","","","","",null,"",null,""]
[null,"","","","","",null,"",null,""]
[null,"","","","","",null,"",null,""]
[null,"","","","","",null,"",null,""]
[null,"","","","","",null,"",null,""]
[null,"","","","","",null,"",null,""]
[null,"","","","","",null,"",null,""]
[null,"","","","","",null,"",null,""]
[null,"","","","","",null,"",null,""]
[null,"","","","","",null,"",null,""]
[null,"","","","","",null,"",null,""]
[null,"","","","","",null,"",null,""]
[null,"","","","","",null,"",null,""]
[null,"","","","","",null,"",null,""]
[null,"","","","","",null,"",null,""]
[null,"","","","","",null,"",null,""]
[null,"","","","","",null,"",null,""]
[null,"","","","","",null,"",null,""]
[null,"","","","","",null,"",null,""]
[null,"","","","","",null,"",null,""]
[null,"","","","","",null,"",null,""]
[null,"","","","","",null,"",null,""]
[null,"","","","","",null,"",null,""]
[null,"","","","","",null,"",null,""]
[null,"","","","","",null,"",null,""]
[null,"","","","","",null,"",null,""]
[null,"","","","","",null,"",null,""]
[null,"","","","","",null,"",null,""]
[null,"","","","","",null,"",null,""]
[null,"","","","","",null,"",null,""]
[null,"","","","","",null,"",null,""]
[null,"","","","","",null,"",null,""]
[null,"","","","","",null,"",null,""]
[null,"","","","","",null,"",null,""]
[null,"","","","","",null,"",null,""]
[null,"","","","","",null,"",null,""]
[null,"","","","","",null,"",null,""]
[null,"","","","","",null,"",null,""]
[null,"","","","","",null,"",null,""]
[null,"","","","","",null,"",null,""]
[null,"","","","","",null,"",null,""]
[null,"","","","","",null,"",null,""]
[null,"","","","","",null,"",null,""]
[null,"","","","","",null,"",null,""]
[null,"","","","","",null,"",null,""]
[null,"","","","","",null,"",null,""]
[null,"","","","","",null,"",null,""]
[null,"","","","","",null,"",null,""]
[null,"","","","","",null,"",null,""]
[null,"","","","","",null,"",null,""]
[null,"","","","","",null,"",null,""]
[null,"","","","","",null,"",null,""]
[null,"","","","","",null,"",null,""]
[null,"","","","","",null,"",null,""]
[null,"","","","","",null,"",null,""]
[null,"","","","","",null,"",null,""]
[null,"","","","","",null,"",null,""]
[null,"","","","","",null,"",null,""]
[null,"","","","","",null,"",null,""]
[null,"","","","","",null,"",null,""]
[null,"","","","","",null,"",null,""]
[null,"","","","","",null,"",null,""]
[null,"","","","","",null,"",null,""]
[null,"","","","","",null,"",null,""]
[null,"","","","","",null,"",null,""]
[null,"","","","","",null,"",null,""]
[null,"","","","","",null,"",null,""]
[null,"","","","","",null,"",null,""]
[null,"","","","","",null,"",null,""]
[null,"","","","","",null,"",null,""]
[null,"","","","","",null,"",null,""]
[null,"","","","","",null,"",null,""]
[null,"","","","","",null,"",null,""]
[null,"","","","","",null,"",null,""]
[null,"","","","","",null,"",null,""]
[null,"","","","","",null,"",null,""]
[null,"","","","","",null,"",null,""]
[null,"","","","","",null,"",null,""]
[null,"","","","","",null,"",null,""]
[null,"","","","","",null,"",null,""]
[null,"","","","","",null,"",null,""]
[null,"","","","","",null,"",null,""]
[null,"","","","","",null,"",null,""]
[null,"","","","","",null,"",null,""]
[null,"","","","","",null,"",null,""]
[null,"","","","","",null,"",null,""]
[null,"","","","","",null,"",null,""]
[null,"","","","","",null,"",null,""]
[null,"","","","","",null,"",null,""]
[null,"","","","","",null,"",null,""]
[null,"","","","","",null,"",null,""]
[null,"","","","","",null,"",null,""]
[null,"","","","","",null,"",null,""]
[null,"","","","","",null,"",null,""]
[null,"","","","","",null,"",null,""]
[null,"","","","","",null,"",null,""]
[null,"","","","","",null,"",null,""]
[null,"","","","","",null,"",null,""]
[null,"","","","","",null,"",null,""]
[null,"","","","","",null,"",null,""]
[null,"","","","","",null,"",null,""]
[null,"","","","","",null,"",null,""]
[null,"","","","","",null,"",null,""]
[null,"","","","","",null,"",null,""]
[null,"","","","","",null,"",null,""]
[null,"","","","","",null,"",null,""]
[null,"","","","","",null,"",null,""]
[null,"","","","","",null,"",null,""]
[null,"","","","","",null,"",null,""]
[null,"","","","","",null,"",null,""]
[null,"","","","","",null,"",null,""]
[null,"","","","","",null,"",null,""]
[null,"","","","","",null,"",null,""]
[null,"","","","","",null,"",null,""]
[null,"","","","","",null,"",null,""]
[null,"","","","","",null,"",null,""]
[null,"","","","","",null,"",null,""]
[null,"","","","","",null,"",null,""]
[null,"","","","","",null,"",null,""]
[null,"","","","","",null,"",null,""]
[null,"","","","","",null,"",null,""]
[null,"","","","","",null,"",null,""]
[null,"","","","","",null,"",null,""]
[null,"","","","","",null,"",null,""]
[null,"","","","","",null,"",null,""]
[null,"","","","","",null,"",null,""]
[null,"","","","","",null,"",null,""]
[null,"","","","","",null,"",null,""]
[null,"","","","","",null,"",null,""]
[null,"","","","","",null,"",null,""]
[null,"","","","","",null,"",null,""]
[null,"","","","","",null,"",null,""]
[null,"","","","","",null,"",null,""]
[null,"","","","","",null,"",null,""]
[null,"","","","","",null,"",null,""]
[null,"","","","","",null,"",null,""]
[null,"","","","","",null,"",null,""]
[null,"","","","","",null,"",null,""]
[null,"","","","","",null,"",null,""]
[null,"","","","","",null,""]
[null,"","","","","",null,""]
[null,"","","","","",null,""]
[null,"","","","","",null,""]
[null,"","","","","",null,""]
[null,"","","","","",null,""]
[null,"","","","","",null,""]
[null,"","","","","",null,""]
[null,"","","","","",null,""]
[null,"","","","","",null,""]
[null,"","","","","",null,""]
[null,"","","","","",null,""]
[null,"","","","","",null,""]
[null,"","","","","",null,""]
[null,"","","","","",null,""]
[null,"","","","","",null,""]
[null,"","","","","",null,""]
[null,"","","","","",null,""]
[null,"","","","","",null,""]
[null,"","","","","",null,""]
[null,"","","","","",null,"",null,""]
[null,"","","","","",null,"",null,""]
[null,"","","","","",null,"",null,""]
[null,"","","","","",null,"",null,""]
[null,"","","","","",null,"",null,""]
[null,"","","","","",null,"",null,""]
[null,"","","","","",null,"",null,""]
[null,"","","","","",null,"",null,""]
[null,"","","","","",null,"",null,""]
[null,"","","","","",null,"",null,""]
[null,"","","","","",null,"",null,""]
[null,"","","","","",null,"",null,""]
[null,"","","","","",null,"",null,""]
[null,"","","","","",null,"",null,""]
[null,"","","","","",null,"",null,""]
[null,"","","","","",null,"",null,""]
[null,"","","","","",null,"",null,""]
[null,"","","","","",null,"",null,""]
[null,"","","","","",null,"",null,""]
[null,"","","","","",null,"",null,""]
[null,"","","","","",null,"",null,""]
[null,"","","","","",null,"",null,""]
[null,"","","","","",null,"",null,""]
[null,"","","","","",null,"",null,""]
[null,"","","","","",null,"",null,""]
[null,"","","","","",null,"",null,""]
[null,"","","","","",null,"",null,""]
[null,"","","","","",null,"",null,""]
[null,"","","","","",null,"",null,""]
[null,"","","","","",null,"",null,""]
[null,"","","","","",null,"",null,""]

{"sheet":"PPGR2","index":1,"n_rows":626,"n_cols":28,"rows_kept":626}
[]
[null,null,"Dirección de Planificacion y Desarrollo"]
[null,null,"Consolidación de matrices de POA 2018"]
[null,null,"Nivel Central del SNS y Servicios Regionales de Salud"]
[null,null,"PPGR2 - Identificación de Actividades"]
[]
[]
[null,"ID_Dependendencia","POA","SRS","AREA","TIPO","Productos ","Código","Actividades Programables Presupuestables","Ene","Feb","Mar","Abr","May","Jun","Jul","Ago","Sep","Oct","Nov","Dic","Total de Acciones ","Medio de Verificación 1","Medio de Verificación 2","Medio de Verificación 3","Observaciones","Responsable "]
[null,"2018.R1.Gerencia.Gestión de Servicios",2018,"R1","Gerencia","Gestión de Servicios","Promover estilos de vida saludables mediante la intervención integral en los diferentes escenarios (establecimiento de salud, hogar, escuelas, etc.) con enfoque a la salud bucal ","SRS1OD4.1.1.01"," CAPACITAR LAS GERENCIAS DE AREA EN EDUCACION AL PACIENTE EN HIGIENE ORAL",0,0,2,0,0,2,0,0,2,0,0,0,6,"Informe","Listado de participación","Registro Digital","ESTA ACTIVIDAD SOLO SERA POSIBLE CON LA COLABORACION DE LA INTERVENCION DE LAS GERENCIAS DE SALUD DEL SRSM","ENCARGADO REGIONAL DEL AREA DE ODONTOLOGIA."]
[null,"2018.R1.Gerencia.Gestión de Servicios",2018,"R1","Gerencia","Gestión de Servicios","Promover estilos de vida saludables mediante la intervención integral en los diferentes escenarios (establecimiento de salud, hogar, escuelas, etc.) con enfoque a la salud bucal ","SRS1OD4.1.1.02","MESA DE TRABAJO CON LA GERENCIA DE AREA PARA LA SUPERVICION DE LA AMPLIACION DE LA CARTERA DE SERVICIOS ODONTOLOGICOS EN LOS PROGRAMAS DE ATENCION PRIMARIA",1,1,1,1,1,1,1,1,1,1,1,1,12,"Hoja de supervisión","Reporte",null,"ESTA ACTIVIDAD SOLO SERA POSIBLE CON LA COLABORACION DE LA INTERVENCION DE LAS GERENCIAS DE SALUD DEL SRSM","ENCARGADO REGIONAL DEL AREA DE ODONTOLOGIA."]
[null,"2018.R1.Gerencia.Gestión de Servicios",2018,"R1","Gerencia","Gestión de Servicios","Promover estilos de vida saludables mediante la intervención integral en los diferentes escenarios (establecimiento de salud, hogar, escuelas, etc.) con enfoque a la salud bucal ","SRS1OD4.1.1.03","MESA TRABAJO CON LA GERENCIA DE AREA PARA LA ORGANIZACIÓN DE LA JORNADA DE PREVENCION DE SALUD BUCODENTAL",1,1,1,1,1,1,1,1,1,1,1,1,12,"Registro Digital","Otros",null,"ESTA ACTIVIDAD DEPENDERA DE LA ENTREGA DEL DISEÑO DE MANERA OPORTUNA POR PARTE DEL SNS Y DE LA DISPONIBILIDAD DE RECURSOS ECONOMICOS POR PARTE DEL SRSM","ENCARGADO REGIONAL DEL AREA DE ODONTOLOGIA."]
[null,"2018.R1.Gerencia.Gestión de Servicios",2018,"R1","Gerencia","Gestión de Servicios","Promover estilos de vida saludables mediante la intervención integral en los diferentes escenarios (establecimiento de salud, hogar, escuelas, etc.) con enfoque a la salud bucal ","SRS1OD4.1.1.04","PARTICIPACION REGIONAL DE LA CELEBRACION DEL DIA DEL CEPILLADO NACIONAL",0,0,0,0,0,0,0,0,1,0,0,0,0,"Fotos","Informe","Registro Digital","ESTA ACTIVIDAD DEPENDE DE LA DISPONIBILIDAD FINANCIERA DE LAS INSTITUCIONES INVOLUCRADAS","ENCARGADO REGIONAL DEL AREA DE ODONTOLOGIA."]
[null,"2018.R1.Gerencia.Gestión de Servicios",2018,"R1","Gerencia","Gestión de Servicios","Promover estilos de vida saludables mediante la intervención integral en los diferentes escenarios (establecimiento de salud, hogar, escuelas, etc.) con enfoque a la salud bucal ","SRS1OD4.1.1.05","JORNADAS DE SALUD BUCODENTAL EN ZONAS VULNERABLES DE LA REGION VALDESIA",0,0,2,0,0,2,0,0,2,0,0,2,8,"Informe","Listado de participación","Registro Digital","ESTA ACTIVIDAD DEPENDERA DE LA DISPONIBILIDAD DE RECURSOS ECONOMICOS POR PARTE DEL SRSM.","ENCARGADO REGIONAL DEL AREA DE ODONTOLOGIA."]
[null,"2018.R1.Gerencia.Gestión de Servicios",2018,"R1","Gerencia","Gestión de Servicios","Promover estilos de vida saludables mediante la intervención integral en los diferentes escenarios (establecimiento de salud, hogar, escuelas, etc.) con enfoque a la salud bucal ","SRS1OD4.1.1.06","ORGANIZACIÓN REGIONAL DE CAPACITACION EN ATENCION PRIMARIA",0,0,0,0,0,0,0,0,0,1,0,0,1,"Registro Digital","Listado de participación",null,"ESTA ACTIVIDAD DEPENDERA DE LA DISPONIBILIDAD DE RECURSOS ECONOMICOS POR PARTE DEL SRSM Y HOSPITALES.","ENCARGADO REGIONAL DEL AREA DE ODONTOLOGIA."]
[null,"2018.R1.Gerencia.Gestión de Servicios",2018,"R1","Gerencia","Gestión de Servicios","Apoyar a las GAS en el proceso de cumplimiento de los criterios para su habilitación en los establecimientos de salud de su Red","SRS1OD1.8.1.01","SUPERVISAR LAS GERENCIAS DE AREA EN EL PROCESO DE CUMPLIMIENTO DE CRITERIOS PARA LA HABILITACION EN LOS ESTABLECIMIENTOS DE SALUD DE SU RED",1,1,1,1,1,1,1,1,1,1,1,1,12,"Informe",null,null,"ESTA ACTIVIDAD DEPENDERA DE LA DISPONIBILIDAD DE RECURSOS ECONOMICOS POR PARTE DEL SRSM Y HOSPITALES.","ENCARGADO REGIONAL DEL AREA DE ODONTOLOGIA."]
[null,"2018.R1.Gerencia.Gestión de Servicios",2018,"R1","Gerencia","Gestión de Servicios","Promover estilos de vida saludables mediante la intervención integral en los diferentes escenarios (establecimiento de salud, hogar, escuelas, etc.) con enfoque a la salud bucal ","SRS1OD4.1.1.07","CAPACITACION A LOS RRHH PARA PREVENCION DE CANCEL ORAL",0,0,1,0,0,1,0,0,1,0,0,1,4,"Listado de participación","Informe","Registro Digital","ESTA ACTIVIDAD DEPENDERA DE LA DISPONIBILIDAD DE RECURSOS DEL SRSM Y DE DICTANTES ","ENCARGADO REGIONAL DEL AREA DE ODONTOLOGIA."]
[null,"2018.R1.Gerencia.Gestión de Servicios",2018,"R1","Gerencia","Gestión de Servicios","Promover estilos de vida saludables mediante la intervención integral en los diferentes escenarios (establecimiento de salud, hogar, escuelas, etc.) con enfoque a la salud bucal ","SRS1OD4.1.1.08","TALLERES DE CAPACITACION CON LOS ODONTOLOGOS Y ASISTENTE DENTALES",0,0,0,0,0,1,0,0,1,0,0,0,2,"Listado de participación","Informe","Registro Digital","ESTA ACTIVIDAD DEPENDERA DE LA DISPONIBILIDAD DE RECURSOS DEL SRSM Y DE DICTANTES ","ENCARGADO REGIONAL DEL AREA DE ODONTOLOGIA."]
[null,"2018.R1.Gerencia.Gestión de Servicios",2018,"R1","Gerencia","Gestión de Servicios","Promover estilos de vida saludables mediante la intervención integral en los diferentes escenarios (establecimiento de salud, hogar, escuelas, etc.) con enfoque a la salud bucal ","SRS1OD4.1.1.09","SUPERVISION DEL USO DEL UNIFORME EN LOS CEAS",1,1,1,1,1,1,1,1,1,1,1,1,12,"Informe",null,null,"ESTA ACTIVIDAD DEPENDERA DE LA DISPONIBILIDAD DE RECURSOS DEL SRSM Y DE LOS CEAS PARA ADQUISICION DE LOS MISMOS","ENCARGADO REGIONAL DEL AREA DE ODONTOLOGIA."]
[null,"2018.R1.Gerencia.Gestión de Servicios",2018,"R1","Gerencia","Gestión de Servicios","Promover estilos de vida saludables mediante la intervención integral en los diferentes escenarios (establecimiento de salud, hogar, escuelas, etc.) con enfoque a la salud bucal ","SRS1OD4.1.1.10","SUPERVISAR EL EQUIPAMIENTO Y VELAR POR EL BUEN FUNCIONAMIENTO DE LOS CONSULTORIOS ODONTOLOGICOS DEL SRSM",1,1,1,1,1,1,1,1,1,1,1,1,12,"Informe","Reporte","Registro Digital","ESTA ACTIVIDAD DEPENDERA DE LA DISPONIBILIDAD DE RECURSOS DEL SRSM Y DE LOS CEAS PARA ADQUISICION Y MANTENIMINETO DE LOS MISMOS","ENCARGADO REGIONAL DEL AREA DE ODONTOLOGIA."]
[null,"2018.R1.Gerencia.Gestión de Servicios",2018,"R1","Gerencia","Gestión de Servicios","Promover estilos de vida saludables mediante la intervención integral en los diferentes escenarios (establecimiento de salud, hogar, escuelas, etc.) con enfoque a la salud bucal ","SRS1OD4.1.1.11","SUPERVISAR LA UTILIZACION DE LAS NORMAS DEL DEPARTAMENTO DE ODONTOLOGIA ESTABLECIDAS EN LOS CPNA",1,1,1,1,1,1,1,1,1,1,1,1,12,"Hoja de supervisión",null,null,"ESTA ACTIVIDAD DEPENDERA DE LA DISPONIBILIDAD DE RECURSOS DEL SRSM Y DE LOS CEAS PARA LA UTILIZACION DE LOS MISMOS","ENCARGADO REGIONAL DEL AREA DE ODONTOLOGIA."]
[null,"2018.R1.Gerencia.Gestión de Servicios",2018,"R1","Gerencia","Gestión de Servicios","Implementar un Régimen de auditoria de calidad de la información ","SRS1OD1.6.1.01","MEDICION DE CALIDAD DE LOS SERVICIOS ODONTOLOGICOS",1,0,1,0,1,0,1,0,1,0,1,0,6,"Hoja de supervisión","Reporte","Reporte",null,"ENCARGADO REGIONAL DEL AREA DE ODONTOLOGIA."]
[null,"2018.R1.Gerencia.Gestión de Servicios",2018,"R1","Gerencia","Gestión de Servicios","Impulsar el desarrollo del Modelo de Atención en la Red de Servicios: Fortalecimiento de la atención primaria","SRS1OD3.1.1.01","IDENTIFICAR NECESIDAD DE RRHH EN LOS CPNA DE LAS GERENCIAS.",1,0,0,1,0,0,1,0,0,0,0,0,3,null,"Reporte",null,null,"GERENTE ASISTENCIAL"]
[null,"2018.R1.Gerencia.Gestión de Servicios",2018,"R1","Gerencia","Gestión de Servicios","Promover estilos de vida saludables mediante la intervención integral en los diferentes escenarios (establecimiento de salud, hogar, escuelas, etc.) con enfoque a la salud bucal ","SRS1OD4.1.1.12","REALIZAR OPERATIVOS DE PROFILAXIS",3,0,3,0,3,0,0,0,3,0,0,0,12,"Reporte","Reporte","REGISTRO DIGITAL.",null,"ENCARGADO REGIONAL DEL AREA DE ODONTOLOGIA."]
[null,"2018.R1.Gerencia.Gestión de Servicios",2018,"R1","Gerencia","Gestión de Servicios","Impulsar el desarrollo del Modelo de Atención en la Red de Servicios: Abastecimiento de Medicamentos","SRS1URGM4.1.1.01","Talleres de Mejora para el Uso del SUGEMI. ",0,0,1,0,0,1,1,0,0,0,0,0,3,"Listado de Asistencia","Reporte",null,null,"URGM"]
[null,"2018.R1.Gerencia.Gestión de Servicios",2018,"R1","Gerencia","Gestión de Servicios","Impulsar el desarrollo del Modelo de Atención en la Red de Servicios: Abastecimiento de Medicamentos","SRS1URGM4.1.1.02","Talleres de Actualización de SUGEMI DE TUBERCULOSIS. ",0,0,1,0,0,1,0,0,1,0,0,0,3,"Listado de Asistencia","Reporte",null,null,"URGM"]
[null,"2018.R1.Gerencia.Gestión de Servicios",2018,"R1","Gerencia","Gestión de Servicios","Impulsar el desarrollo del Modelo de Atención en la Red de Servicios: Abastecimiento de Medicamentos","SRS1URGM4.1.1.03","Talleres de Actualización de SUGEMI de VIH-SIDA. ",0,0,0,1,0,0,0,0,0,0,0,0,2,"Listado de Asistencia","Reporte",null,null,"URGM"]
[null,"2018.R1.Gerencia.Gestión de Servicios",2018,"R1","Gerencia","Gestión de Servicios","Impulsar el desarrollo del Modelo de Atención en la Red de Servicios: Abastecimiento de Medicamentos","SRS1URGM4.1.1.04","Taller para la presentación de los formularios de requisicion SUGEMI 2, reportes SUGEMI I.",0,0,0,1,0,0,0,0,1,0,0,0,2,"Listado de Asistencia","Reporte",null,null,"URGM"]
[null,"2018.R1.Gerencia.Gestión de Servicios",2018,"R1","Gerencia","Gestión de Servicios","Impulsar el desarrollo del Modelo de Atención en la Red de Servicios: Abastecimiento de Medicamentos","SRS1URGM4.1.1.05","Supervicio a los CPN, UNAP. Y CEAS en cuanto a medicamentos, insumos y medicamentos de programa ",1,0,1,0,0,1,0,0,0,0,1,0,null,"Listado de Asistencia","Reporte"]
[null,"2018.R1.Gerencia.Gestión de Servicios",2018,"R1","Gerencia","Gestión de Servicios","Impulsar el desarrollo del Modelo de Atención en la Red de Servicios: Acceso a sangre segura. ","SRS1GS.3.1.1.01","Reunión con la gerente asistencial, los gerentes áreas,apoyo a los servicios de las gerencias, de áreas   la coordinadora de diagnóstico ,director del hospital,gerente de labortorio,encargada del banco de sangre  para la conformación de  clubes de donates voluntarios.",0,0,0,100,0,0,0,80,0,0,75,0,255,"Informe","Inventario",null,null,"URGM"]
[null,"2018.R1.Gerencia.Gestión de Servicios",2018,"R1","Gerencia","Gestión de Servicios","Impulsar el desarrollo del Modelo de Atención en la Red de Servicios: Coordinación clínica y asistencial (referencias y contrareferencia)","SRS1GS.3.1.1.02","Reunión con la gerente asistencial, los gerentes de áreas  , la coordinadora de diagnóstico,los coordinadores de zonas, para el fortalecimiento de la red de toma de muestra de laboratorio",1,0,0,0,0,0,1,0,0,0,0,0,2,"Listado de participación","Minuta",null,null,"Asistencial"]
[null,"2018.R1.Gerencia.Gestión de Servicios",2018,"R1","Gerencia","Gestión de Servicios","Aumentar la provisión y cobertura de los servicios de salud sexual-reproductiva en todos los niveles de atención con énfasis en la atención materno- perinatal, infantil y adolescente","SRS1MI.4.1.2.01","Taller de capacitación sobre la importancia de la toma periodica de PaP en la prevención y detección precoz del Ca de Cervix y Ca de Mama",0,0,1,0,0,1,0,0,0,1,0,0,3,"Listado de participación","Informe","Agenda","Garantía de los recursos necesarios para desarrollar el programa","Asistencial"]
[null,"2018.R1.Gerencia.Gestión de Servicios",2018,"R1","Gerencia","Gestión de Servicios","Aumentar la provisión y cobertura de los servicios de salud sexual-reproductiva en todos los niveles de atención con énfasis en la atención materno- perinatal, infantil y adolescente","SRS1MI.4.1.2.02","Reunión de coordinación con los Gerentes",1,0,0,0,0,0,0,0,0,0,0,0,1,"Listado de participación","Informe","Fotos",null,"Asistencial"]
[null,"2018.R1.Gerencia.Gestión de Servicios",2018,"R1","Gerencia","Gestión de Servicios","Aumentar la provisión y cobertura de los servicios de salud sexual-reproductiva en todos los niveles de atención con énfasis en la atención materno- perinatal, infantil y adolescente","SRS1MI.4.1.2.03","Reunión de seguimiento con los gerentes de area y los coordinadores de zona",0,0,1,0,0,1,0,0,1,0,1,0,4,"Listado de participación","Informe","Fotos",null,"Asistencial"]
[null,"2018.R1.Gerencia.Gestión de Servicios",2018,"R1","Gerencia","Gestión de Servicios","Aumentar la provisión y cobertura de los servicios de salud sexual-reproductiva en todos los niveles de atención con énfasis en la atención materno- perinatal, infantil y adolescente","SRS1MI.4.1.2.04","Visitas de supervisión a Centros de Atención",1,1,1,1,1,1,1,1,1,1,1,1,12,"Listado de participación","Informe","Hoja de supervisión",null,"Asistencial"]
[null,"2018.R1.Gerencia.Gestión de Servicios",2018,"R1","Gerencia","Gestión de Servicios","Aumentar la provisión y cobertura de los servicios de salud sexual-reproductiva en todos los niveles de atención con énfasis en la atención materno- perinatal, infantil y adolescente","SRS1MI.4.1.2.05","Visitas de supervisión a Centros de Atención",1,1,1,1,1,1,1,1,1,1,1,1,12,"Listado de participación","Informe","Hoja de supervisión",null,"Asistencial"]
[null,"2018.R1.Gerencia.Gestión de Servicios",2018,"R1","Gerencia","Gestión de Servicios","Aumentar la provisión y cobertura de los servicios de salud sexual-reproductiva en todos los niveles de atención con énfasis en la atención materno- perinatal, infantil y adolescente","SRS1MI.4.1.2.06","Taller de capacitación a los proveedores de salud, prevención embarazos no deseados, mediante el uso de anticonceptivos",0,1,0,0,0,1,0,0,0,1,0,0,3,"Listado de participación","Informe","Agenda",null,"Asistencial"]
[null,"2018.R1.Departamento.Monitoreo",2018,"R1","Departamento","Monitoreo","Supervisar de manera continua el cumplimiento de los objetivos propuestos.","SRS1DME1.10.1.1","Monitoreo POA gerencias de áreas.",0,4,0,0,4,0,0,4,0,0,4,0,16,"Listado de participación","Informe",null,null,"Monitoreo"]
[null,"2018.R1.Departamento.Monitoreo",2018,"R1","Departamento","Monitoreo","Supervisar de manera continua el cumplimiento de los objetivos propuestos.","SRS1DME1.10.1.2","Elaboración de Informes POA 2017 del SRS",1,0,0,0,0,0,0,0,0,0,0,0,1,"Registro Digital",{"$nulls":3},"Monitoreo"]
[null,"2018.R1.Departamento.Monitoreo",2018,"R1","Departamento","Monitoreo","Supervisar de manera continua el cumplimiento de los objetivos propuestos.","SRS1DME1.10.1.3","Evaluación POA del SRS",0,0,0,1,0,0,1,0,0,1,0,0,3,"Registro Digital",{"$nulls":3},"Monitoreo"]
[null,"2018.R1.Departamento.Monitoreo",2018,"R1","Departamento","Monitoreo","Supervisar de manera continua el cumplimiento de los objetivos propuestos.","SRS1DME1.10.1.4","Visitas de monitoreo a las gerencias de áreas para dar segumiento a la gestión en atención primaria.",0,0,2,0,0,2,0,0,2,0,2,0,8,"Listado de participación","Informe",null,null,"Monitoreo"]
[null,"2018.R1.Departamento.Monitoreo",2018,"R1","Departamento","Monitoreo","Supervisar de manera continua el cumplimiento de los objetivos propuestos.","SRS1DME1.10.1.5","Reunión de socialización con las gerencias de áreas para el monitoreo a los planes y programas De los CEAS.",0,1,0,0,1,0,0,1,0,0,1,0,4,"Listado de participación","Informe",null,null,"Monitoreo"]
[null,"2018.R1.Departamento.Monitoreo",2018,"R1","Departamento","Monitoreo","Supervisar de manera continua el cumplimiento de los objetivos propuestos.","SRS1DME1.10.1.6","Reunión de trabajo con las gerencias de áreas, para el monitoreo y evaluación a los planes y programas de las UNAPS.",1,0,0,1,0,0,1,0,0,1,0,0,4,"Listado de participación","Informe",null,null,"Monitoreo"]
[null,"2018.R1.Departamento.Monitoreo",2018,"R1","Departamento","Monitoreo","Supervisar de manera continua el cumplimiento de los objetivos propuestos.","SRS1DME1.10.1.7","Reunión de trabajo para el monitoreo y evaluación de los planes, programas y proyectos del SRS.",0,0,1,0,0,1,0,0,1,0,0,0,3,"Minuta","Listado de participación",null,null,"Monitoreo"]
[null,"2018.R1.Departamento.Financiero",2018,"R1","Departamento","Financiero","Implementar las NOBACI y sus Normas Complementarias en el Nivel Central del SNS y en todos los niveles de la Red","SRS1GF1.3.2.1","Mesa de trabajo provinciales  para socializar los  instrumentos de  rendición de cuentas mediante los reportes  de  ejecución financiera de la Red",1,1,1,1,1,1,1,1,1,1,1,1,12,"Agenda","Informe","Listado de participación"]
[null,"2018.R1.Departamento.Financiero",2018,"R1","Departamento","Financiero","Implementar las NOBACI y sus Normas Complementarias en el Nivel Central del SNS y en todos los niveles de la Red","SRS1GF1.3.2.2","Mesa de trabajo para el diseño de las guías  de fiscalización y control ",1,1,0,0,0,0,0,0,0,0,0,0,2,"Listado de participación","Agenda","Manual",null,"GERENCIA ADMINISTRATIVA"]
[null,"2018.R1.Departamento.Financiero",2018,"R1","Departamento","Financiero","Implementar las NOBACI y sus Normas Complementarias en el Nivel Central del SNS y en todos los niveles de la Red","SRS1GF1.3.2.3","Taller de socialización  con los CEAS de las guías  de fiscalización de los gastos de la Red",0,1,0,0,0,1,0,0,0,0,0,0,2,"Listado de participación","Agenda",null,null,"GERENCIA ADMINISTRATIVA"]
[null,"2018.R1.Departamento.Financiero",2018,"R1","Departamento","Financiero","Implementar las NOBACI y sus Normas Complementarias en el Nivel Central del SNS y en todos los niveles de la Red","SRS1GF1.3.2.4","Visita de supervisión al cumplimiento de las NOBACI",0,0,1,0,0,0,0,0,1,0,0,0,2,null,"Informe",null,null,"GERENCIA ADMINISTRATIVA"]
[null,"2018.R1.Departamento.Financiero",2018,"R1","Departamento","Financiero","Implementar las NOBACI y sus Normas Complementarias en el Nivel Central del SNS y en todos los niveles de la Red","SRS1GF1.3.2.5","Auditoría y fiscalización de la ejecución financiera de la Red  y saneamiento de las nóminas.",2,2,2,2,2,2,2,2,2,2,0,0,20,"Informe",{"$nulls":3},"GERENCIA ADMINISTRATIVA"]
[null,"2018.R1.Departamento.Financiero",2018,"R1","Departamento","Financiero","Definir y desarrollar los instrumentos de recolección de datos y reportes de Gestión/Productividad de la Red","SRS1GF1.6.1.1"," Capacitación a los CEAS en el manejo del instrumento para el  Observatorio de Supervición de la Producción de Servicios de Salud ",0,1,0,2,0,1,0,2,0,0,0,0,6,"Listado de participación","Agenda",null,null,"GERENCIA ADMINISTRATIVA"]
[null,"2018.R1.Departamento.Estratégico",2018,"R1","Departamento","Estratégico","Implementar los Sistemas de Información que faciliten el flujo de información entre los niveles para la toma de decisión y la gestión para resultados ","SRS1GES1.6.2.01","Taller sobre el manejo del sistema de gestión clínica. ",0,1,0,1,0,0,1,0,0,1,0,0,4,"Listado de participación","Agenda","Fotos",null,"Estratégico"]
[null,"2018.R1.Departamento.Estratégico",2018,"R1","Departamento","Estratégico","Implementar los Sistemas de Información que faciliten el flujo de información entre los niveles para la toma de decisión y la gestión para resultados ","SRS1GES1.6.2.02","Visitas de acompañamiento a las Gerencias de Area relacionadas al buen manejo del Sistema de gestión clínica.",0,2,0,2,0,2,0,0,1,0,1,0,8,"Informe","Fotos","Minuta",null,"Estratégico"]
[null,"2018.R1.Departamento.Estratégico",2018,"R1","Departamento","Estratégico","Implementar la Conformacion del Servicio de Atencion al Usuario en los Centros de Zona de Salud.","SRS1GES3.1.1.01","Reunion de Coordinacion para la creacion del Servicio de Atencion al Usuario en los Centros de Zona.",1,0,1,0,1,0,2,0,0,0,0,0,5,"Listado de participación","Agenda","Plan",null,"Atencion a los Usuarios"]
[null,"2018.R1.Departamento.Estratégico",2018,"R1","Departamento","Estratégico","Impulsar el desarrollo del Modelo de Atención en la Red de Servicios: Fortalecimiento de la atención al usuario","SRS1GES3.1.1.02","Reunión de Coordinación para la creación del Servicio de Atención al Usuario en los Centros de Salud Especializados.",1,1,1,0,0,0,0,0,0,0,0,0,3,"Listado de participación","Agenda","Plan","Dependera de la disponibilidad de los diretores de los CEAS.","Atencion a los Usuarios"]
[null,"2018.R1.Departamento.Estratégico",2018,"R1","Departamento","Estratégico","Impulsar el desarrollo del Modelo de Atención en la Red de Servicios: Fortalecimiento de la atención al usuario","SRS1GES3.1.1.03","Visitas de acompañamiento a los CEAS para observar el buen desempeño de los Servicios de Atención a los Ususarios.",0,2,0,2,0,6,0,0,4,0,2,0,16,"Informe","Fotos",null,null,"Atencion a los Usuarios"]
[null,"2018.R1.Departamento.Estratégico",2018,"R1","Departamento","Estratégico","Elaborar el Presupuesto, plan de inversiones y financiación de la red e implementarlo de acuerdo al dimensionamiento definido para la implementación del Modelo de Atención y garantizar el flujo de los recursos financieros y de otra índole de forma coherente con los objetivos del Modelo de Atención","SRS1GES3.2.1.01","Mesa de trabajo para la eleboración del Plan Operativo Anual del Servicio Regional.",0,0,0,0,0,0,6,0,0,0,0,0,6,"Listado de participación","Agenda","Plan",null,"Estratégico"]
[null,"2018.R1.Departamento.Estratégico",2018,"R1","Departamento","Estratégico","Impulsar el desarrollo del Modelo de Atención en la Red de Servicios: Fortalecimiento de la atención primaria","SRS1GES3.1.1.04","Reunión de coordinación para la promoción de la creación de los centros de Apoyo a Diagnostico del Primel Nivel de Atención.",1,0,1,0,1,0,1,0,0,0,0,0,4,"Listado de participación","Agenda","Fotos",null,"Estratégico"]
[null,"2018.R1.Departamento.Estratégico",2018,"R1","Departamento","Estratégico","Impulsar el desarrollo del Modelo de Atención en la Red de Servicios: Fortalecimiento de la atención primaria","SRS1GES3.1.1.05","Mesas de trabajo para la coordinación en la elaboración correcta de croquis en el servicio regional.",1,0,1,0,0,0,0,0,0,0,0,0,2,"Listado de participación","Agenda","Fotos",null,"Estratégico"]
[null,"2018.R1.Departamento.Estratégico",2018,"R1","Departamento","Estratégico","Impulsar el desarrollo del Modelo de Atención en la Red de Servicios: Gobernanza","SRS1GES3.1.1.06","Reunión de coordinación para la creación de los centros de Zona en las Gerencias de Area.",1,1,1,1,0,0,0,0,0,0,0,0,4,"Listado de participación","Agenda","Plan",null,"Estratégico"]
[null,"2018.R1.Departamento.Estratégico",2018,"R1","Departamento","Estratégico","Impulsar el desarrollo del Modelo de Atención en la Red de Servicios: Fortalecimiento de la atención primaria","SRS1GES3.1.1.07","Reunión de coordinación para la creación de centros de primer nivel.",1,0,1,0,1,0,1,0,0,1,0,0,5,"Listado de participación","Fotos","Agenda",null,"Estratégico"]
[null,"2018.R1.Departamento.Estratégico",2018,"R1","Departamento","Estratégico","Impulsar el desarrollo del Modelo de Atención en la Red de Servicios: Gobernanza","SRS1GES3.1.1.08","Reunión de coordinación para la creación de una nueva Gerencia deArea.",0,1,0,1,0,1,0,1,0,0,0,0,4,"Listado de participación","Agenda","Fotos",null,"Estratégico"]
[null,"2018.R1.Departamento.Estratégico",2018,"R1","Departamento","Estratégico","Impulsar el desarrollo del Modelo de Atención en la Red de Servicios: Fortalecimiento de la atención primaria","SRS1GES3.1.1.09","Talleres sobre el adecuado llenado de la ficha familiar",0,0,1,0,1,0,1,0,0,1,0,0,4,"Agenda","Listado de participación","Informe",null,"Estratégico"]
[null,"2018.R1.Departamento.Estratégico",2018,"R1","Departamento","Estratégico","Impulsar el desarrollo del Modelo de Atención en la Red de Servicios: Fortalecimiento de la atención primaria","SRS1GES3.1.1.10","Visistas de seguimiento referentes a llenado de la ficha familiar.",1,0,1,0,1,0,1,0,1,0,1,0,6,"Informe","Fotos","Hoja de supervisión",null,"Estratégico"]
[null,"2018.R1.Departamento.Estratégico",2018,"R1","Departamento","Estratégico","Impulsar el desarrollo del Modelo de Atención en la Red de Servicios: Coordinación clínica y asistencial (referencias y contrareferencia)","SRS1GES3.1.1.11","Talleres sobre la optimización del proceso de referencia  en los  centros del primer nivel.",1,0,1,0,1,0,1,0,1,0,1,0,6,"Agenda","Listado de participación","Minuta",null,"Estratégico"]
[null,"2018.R1.Departamento.Estratégico",2018,"R1","Departamento","Estratégico","Impulsar el desarrollo del Modelo de Atención en la Red de Servicios: Coordinación clínica y asistencial (referencias y contrareferencia)","SRS1GES3.1.1.12","Visitas de seguimiento al proceso de referencia en los centros de primer nivel.",1,0,1,0,1,0,1,0,1,0,1,0,6,"Informe","Fotos","Hoja de supervisión",null,"Estratégico"]
[null,"2018.R1.Departamento.Estratégico",2018,"R1","Departamento","Estratégico","Impulsar el desarrollo del Modelo de Atención en la Red de Servicios: Coordinación clínica y asistencial (referencias y contrareferencia)","SRS1GES3.1.1.13","Talleres sobre la optimización del proceso de referencia  en los  centros del nivel especializado.",0,0,1,0,1,0,1,0,0,0,0,0,3,"Agenda","Listado de participación","Minuta",null,"Estratégico"]
[null,"2018.R1.Departamento.Estratégico",2018,"R1","Departamento","Estratégico","Impulsar el desarrollo del Modelo de Atención en la Red de Servicios: Coordinación clínica y asistencial (referencias y contrareferencia)","SRS1GES3.1.1.14","Visita de seguimiento al proceso de referencia y contra referencia en los centros del nivel especializado.",0,0,1,0,1,0,1,0,0,0,0,0,3,"Informe","Fotos","Hoja de supervisión",null,"Estratégico"]
[null,"2018.R1.Departamento.Asistencial",2018,"R1","Departamento","Asistencial","Impulsar el desarrollo del Modelo de Atención en la Red de Servicios: Gobernanza","SRS1GES3.1.1.15","Reuniones para formular las pautas a seguir para implementar el modelo de atención.",2,0,0,0,0,0,0,0,0,0,0,0,2,"Informe",{"$nulls":3},"ASISTENCIAL"]
[null,"2018.R1.Departamento.Asistencial",2018,"R1","Departamento","Asistencial","Implementar un plan de acompañamiento a las gerencias de area en el proceso de habilitacion de los CEAS y Centros de Primer nivel.","SRS1GA 1.8.1.1","Reunión de coordinación con equipo técnico regional y gerentes de área para definir metodologia a utilizar para lograr la habilitación de los centros de salud de la región.",1,0,0,0,0,0,0,0,0,0,0,0,1,"INFORME ","AGENDA","Listado de participación",null,"ASISTENCIAL Y ESTRATEGICO"]
[null,"2018.R1.Departamento.Asistencial",2018,"R1","Departamento","Asistencial","Implementar un plan de acompañamiento a las gerencias de area en el proceso de habilitacion de los CEAS y Centros de Primer nivel.","SRS1GA 1.8.1.2","Sesión de trabajo con directores de los CEAS y Coordinadores de Zona para socializar la metodologia de trabajo y presentar herramientas con los requisitos minimos para lograr la habilitación.",1,0,0,0,0,0,0,0,0,0,0,0,1,"INFORME","AGENDA","Listado de participación",null,"ASISTENCIAL Y ESTRATEGICO"]
[null,"2018.R1.Departamento.Asistencial",2018,"R1","Departamento","Asistencial","Implementar un plan de acompañamiento a las gerencias de area en el proceso de habilitacion de los CEAS y Centros de Primer nivel.","SRS1GA 1.8.1.3","Mesa de trabajo con directores de los CEAS, gerentes de área y coordinadores de zona para la elaboración de plan de mejora con miras a la habilitación.",0,1,0,0,0,0,0,0,0,0,0,0,1,"Minuta","Listado de participación",null,null,"Asistencial"]
[null,"2018.R1.Departamento.Asistencial",2018,"R1","Departamento","Asistencial","Implementar un plan de acompañamiento a las gerencias de area en el proceso de habilitacion de los CEAS y Centros de Primer nivel.","SRS1GA 1.8.1.4","Visitas de seguimiento a los CEAS y Centros de primer nivel para verificar avances en el plan de mejora.",0,0,1,1,1,1,1,1,1,1,1,1,10,"Informe","Hoja de supervisión",null,null,"Asistencial"]
[null,"2018.R1.Departamento.Asistencial",2018,"R1","Departamento","Asistencial","Impulsar el desarrollo del Modelo de Atención en la Red de Servicios: Gobernanza","SRS1GES3.1.1.16","Sesión de trabajo para la sensibilización y actualización sobre el modelo de atención",1,0,0,0,0,0,0,0,0,0,0,0,1,"Informe","Listado de participación",null,null,"Asistencial"]
[null,"2018.R1.Departamento.Asistencial",2018,"R1","Departamento","Asistencial","Impulsar el desarrollo del Modelo de Atención en la Red de Servicios: Gobernanza","SRS1GES3.1.1.17","Mesa  de trabajo del equipo de la gerencia asistencial,   gerentes de área, asistenciales de las gerencias y coordinadores de zona para establecer estrategias a fin de lograr la aplicacion  de las Guías y Manuales de APS para el desarrollo del primer nivel de atención",0,1,0,0,0,0,0,0,0,0,0,0,1,"Minuta","Listado de participación",null,null,"Asistencial"]
[null,"2018.R1.Departamento.Asistencial",2018,"R1","Departamento","Asistencial","Impulsar el desarrollo del Modelo de Atención en la Red de Servicios: Gobernanza","SRS1GES3.1.1.18","Visitas de seguimiento a las gerencias de área  y Centros de primer nivel para verificar aplicación de las guías y manuales de APS.",0,0,0,1,0,0,1,0,0,1,0,1,4,"Informe","Hoja de supervisión",null,null,"Asistencial"]
[null,"2018.R1.Departamento.Asistencial",2018,"R1","Departamento","Asistencial","Actualizacion de la cartera de servicios de los centros de salud de la red según nivel de complejidad.","SRS1GA3.1.2.1.01 ","Sesión de trabajo con los gerentes de área y directores de los CEAS para la actualización de la cartera de servicios en los centros de salud de acuerdo al modelo de atención.",0,0,1,0,0,0,0,0,0,0,0,0,1,"Informe","Listado de participación",null,null,"Asistencial"]
[null,"2018.R1.Departamento.Asistencial",2018,"R1","Departamento","Asistencial","Mejorada la prestación de servicios a la población con TB mediante un abordaje integral y basado en la estrategia mundial “Fin de la Tuberculosis”, intensificando las intervenciones focalizadas en poblaciones clave y grupos de riesgo","SRS1GA4.1.3.01","capacitación al personal de salud sobre el llenado de fichas de seguimiento a casos y al estudio de conctato",1,1,1,1,1,1,1,1,1,1,1,1,12,"listado de participantes","informe",null,null,"ASISTENCIAL"]
[null,"2018.R1.Departamento.Asistencial",2018,"R1","Departamento","Asistencial","Mejorada la prestación de servicios a la población con TB mediante un abordaje integral y basado en la estrategia mundial “Fin de la Tuberculosis”, intensificando las intervenciones focalizadas en poblaciones clave y grupos de riesgo","SRS1GA4.1.3.02","capacitación al personal de salud sobre el llenado de fichas de seguimiento a casos.",1,1,1,1,1,1,1,1,1,1,1,1,12,"listadode participante.",{"$nulls":3},"ASISTENCIAL"]
[null,"2018.R1.Departamento.Asistencial",2018,"R1","Departamento","Asistencial","Mejorada la prestación de servicios a la población con TB mediante un abordaje integral y basado en la estrategia mundial “Fin de la Tuberculosis”, intensificando las intervenciones focalizadas en poblaciones clave y grupos de riesgo","SRS1GA4.1.3.03","capacitación al personal de los centros de atención  para el  estudio de contacto.",1,1,1,1,1,1,1,1,1,1,1,1,12,"listado de participante ","informe",null,null,"ASISTENCIAL"]
[null,"2018.R1.Departamento.Asistencial",2018,"R1","Departamento","Asistencial","Impulsar el desarrollo del Modelo de Atención en la Red de Servicios: Atención materno-infantil","SRS1GAS3.1.1.19","Taller capacitación gerentes de área y coordinadores de zona sobre el manejo de los insumos del PAI.",0,1,0,0,0,1,0,0,0,0,0,0,2,"Listado de participación","Agenda","Informe","Socializar con gerentes y el equipo las actividades programadas.","Asistencial"]
[null,"2018.R1.Departamento.Asistencial",2018,"R1","Departamento","Asistencial","Impulsar el desarrollo del Modelo de Atención en la Red de Servicios: Abastecimiento de Medicamentos","SRS1URGM4.1.1.06","Taller capacitación gerentes de área y coordinadores de zona sobre el manejo de la cadena de frio",0,0,1,0,0,0,1,0,0,0,0,0,2,"Listado de participación","Agenda","Informe","Socializar con gerentes y el equipo las actividades programadas manejo de cadena de frio.","Asistencial"]
[null,"2018.R1.Departamento.Asistencial",2018,"R1","Departamento","Asistencial","Promover estilos de vida saludables mediante la intervención integral en los diferentes escenarios (establecimiento de salud, hogar, escuelas, etc.) ","SRS1GA4.1.1.01","Taller capacitación para lsa gerentes de enfermeria de los CEAS, C.D Y Enfermeras de los UAP.",0,1,0,1,1,0,0,0,1,0,0,0,4,"Listado de participación","Agenda","Informe","Socializar con gerentes y su equipo, gerentes de enfermeria de los CEAS,CD y las enfermeras de las UNAP  las actividades programadas","Asistencial"]
[null,"2018.R1.Departamento.Asistencial",2018,"R1","Departamento","Asistencial","Impulsar el desarrollo del Modelo de Atención en la Red de Servicios: Atención materno-infantil","SRS1GES3.1.1.20"," Reunión de Coordinación Trimestral con los Gerentes de Areas y Apoyo a Sericios de las GAS, para la socialización de las actividades de Supervisión y Capacitación a los Proveedores de salud y centros de atención bajo su dependencia",1,0,null,1,0,0,1,0,0,1,0,null,"4 Reuniones","Agenda","Listado de Participantes","Informe de la Reunion","La reunion de Coordinacionm se realizara, con la finalidad de socializar con los Gerentes de Areas,  sobre las actividades de Capacitacion y Supervision Capacitante, que al inicio de  cada trimestre realizaremos, lo cual permitira el reforzamiento de los conocimientos y habilidades  de los proveedores de salud e implementar  estrategias de reforzameinto, que nos permitan incrementar el  numero de usuarias embarazadas captadas antes der las 15 semanas de edad gestacional.","Asistencial"]
[null,"2018.R1.Departamento.Asistencial",2018,"R1","Departamento","Asistencial","Impulsar el desarrollo del Modelo de Atención en la Red de Servicios: Atención materno-infantil","SRS1GES3.1.1.21","Taller de Capacitación, dirigido a los Gerentes de Areas, Coordinadores de zonas y Proveedores de salud, para reforzar sus conocimientos y Habilidades sobre las norms contenidas en las guías de atención a la mujer, durante el Embarazo, el parto y el puerperio",0,1,0,0,1,0,0,1,0,0,1,null,4,{"$nulls":3},"El taller estara dirigido a los Gerentes de areas, Apoyo a servicio, Coordinadores de zonas y Proveedores de salud del PNA, con la finalidad de Reforzar sus conocimientos y habilidades sobre las normas contenidas en las Guias y Protocolos de Manejo a la Mujer, durante el Embarazo, el Parto Inminente y el Puerperio.","Asistencial"]
[null,"2018.R1.Departamento.Asistencial",2018,"R1","Departamento","Asistencial","Impulsar el desarrollo del Modelo de Atención en la Red de Servicios: Atención materno-infantil","SRS1GES3.1.1.22","Reunión de Coordinación Trimestral con los Gerentes de Areas y Apoyo a los Servicios, para socializar sobre las  actividades de Supervisión y Capacitación a los Proveedores de salud de los Centros de Atención bajo su dependencia",1,0,0,1,0,0,1,0,0,1,0,0,4,{"$nulls":3},"La reunion de Coordinacionm se realizara, con la finalidad de socializar con los Gerentes de Areas,  sobre las actividades de Capacitacion y Supervision Capacitante, que al inicio de  cada trimestre realizaremos, lo cual permitira el reforzamiento de los conocimientos y habilidades  de los proveedores de salud e implementar  estrategias de reforzameinto, que nos permitan incrementar el  numero de usuarias embarazadas con Morbilidad agregada captadas antes der las 15 semanas de edad gestacional.","Asistencial"]
[null,"2018.R1.Departamento.Asistencial",2018,"R1","Departamento","Asistencial","Impulsar el desarrollo del Modelo de Atención en la Red de Servicios: Atención materno-infantil","SRS1GES3.1.1.23","Reunión de socialización con los Encargados de los Departamentos de Obstetricias de los CEAS, sobre la aplicación de estrategias de mejora en  lo referente a la Referencia, respuesta y el retorno de las usuarias con riesgo sobreagregado .",1,{"$nulls":3},1,null,null,1,null,null,1,null,4,{"$nulls":3},"Socializacion con los Encargados de los Departamentos de Obstetricias de los CEAS, sobre la aplicación de estrategias de mejora en  lo referente a la Referencia, respuesta y el retorno de las usuarias con riesgo sobreagregado ..","Asistencial"]
[null,"2018.R1.Departamento.Asistencial",2018,"R1","Departamento","Asistencial","Impulsar el desarrollo del Modelo de Atención en la Red de Servicios: Atención materno-infantil","SRS1GES3.1.1.24","Taller de Capacitacion dirigido a los Gerentes de Areas ,Coordinadores de zona y Proveedores de salud acerca de la importancia de la captacion temprana y la aplicación del formulario de Clasificacion de riesgo a toda Embarazada captada",null,1,null,null,1,null,1,null,null,1,null,null,4,{"$nulls":3},"Taller de Capacitacion dirigido a los Gerentes de Areas ,Coordinadores de zona y Proveedores de salud acerca de la importancia de la captacion temprana y la aplicación del formulario de Clasificacion de riesgo a toda Embarazada captada","Asistencial"]
[null,"2018.R1.Departamento.Asistencial",2018,"R1","Departamento","Asistencial","Aumentar la provisión y cobertura de los servicios de salud sexual-reproductiva en todos los niveles de atención con énfasis en la atención materno- perinatal, infantil y adolescente","SRS1GES4.1.2.01","Reunión de socialización con los Encargados de los Departamentos de Obstetricias de los CEAS, sobre la aplicación de estrategias de mejora en  lo referente a la aplicación de los Protocolos de manejo en la Atención al parto.",null,1,{"$nulls":3},1,null,null,1,{"$nulls":3},3,{"$nulls":3},"Socializacion con los Encargados de los Departamentos de Obstetricias de los CEAS, sobre la aplicación de estrategias de mejora en  lo referente a la aplicación de los Protocolos de manejo en la Atencion al parto.","Asistencial"]
[null,"2018.R1.Departamento.Asistencial",2018,"R1","Departamento","Asistencial","Impulsar el desarrollo del Modelo de Atención en la Red de Servicios: Atención materno-infantil","SRS1GES3.1.1.25","Taller de Capacitación, dirigido a los Gerentes de Areas, Coordinadores de zonas y Proveedores de salud, para reforzar sus conocimientos y Habilidades sobre la importancia de la Captación temprana y el seguimiento de las Puérperas basado en las norms contenidas en las guías de atención.",null,null,1,null,null,1,null,null,1,{"$nulls":3},3,{"$nulls":3},"Taller de Capacitacion, dirigido a los Gerentes de Areas, Coordinadores de zonas y Proveedores de salud, para reforzar sus conocimientos y Habilidades sobre la importancia de la Captacion temprana y el seguimiento de las Puerperas basado en las norms contenidas en las guias de atencion.","Asistencial"]
[null,"2018.R1.Departamento.Asistencial",2018,"R1","Departamento","Asistencial","Impulsar el desarrollo del Modelo de Atención en la Red de Servicios: Atención materno-infantil","SRS1GES3.1.1.26","Reunión de socialización con los Encargados de los Departamentos de Obstetricia de los CEAS sobre la importancia de la Contrareferncia de las puérperas al PNA desde el momento de la alta .",null,1,{"$nulls":3},1,{"$nulls":3},1,null,null,3,{"$nulls":3},"Socializacion con los Encargados de los Departamentos de Obstetricia de los CEAS sobre la importancia de la Contrareferncia de las puerperas al PNA desde el momento de la alta .","Asistencial"]
[null,"2018.R1.Departamento.Asistencial",2018,"R1","Departamento","Asistencial","Impulsar el desarrollo del Modelo de Atención en la Red de Servicios: Atención materno-infantil","SRS1GES3.1.1.27","Reunión de Coordinación y socialización con los Gerentes de áreas y Apoya a los servicios y los Coordinadores de zonas, sobre las actividades de supervisión y capacitación sobre la importancia de la captación de los Recién nacidos antes de las 48 horas de nacidos y el seguimiento de los Recién nacidos y niños menoress de 5 años en el programa de Desarrllo y Creciemiento en los de atención bajo su dependencia.",1,null,null,1,null,null,1,null,null,1,null,null,4,{"$nulls":3},"Reunion de Coordinacion y socializacion con los Gerentes de areas y Apoya a los servicios y los Coordinadores de zonas, sobre las actividades de supervision y capacitacion sobre la importancia de la captacion de los Recien nacidos antes de las 48 horas de nacidos y el seguimiento de los Recien nacidos y niños menoress de 5 años en el programa de Desarrllo y Creciemiento en los de atencion bajo su dependencia.","Asistencial"]
[null,"2018.R1.Departamento.Asistencial",2018,"R1","Departamento","Asistencial","Impulsar el desarrollo del Modelo de Atención en la Red de Servicios: Atención materno-infantil","SRS1GES3.1.1.28","Reunión de trabajo con los Encaragados de los Departamentos de Perinatologia y Pediatria de los CEAS de la Región, con la finalidad de dar seguimiento a las estrategias de mejoras en la atención de los recién nacidos y niños menores de 5 años hijos de madres con condiciones especiales como son VIH, Sifilis Congenitas, niños conSindrome congenito asocoadoa al virus Zika, niñis con malformaciones congenitas.",1,{"$nulls":3},1,null,null,1,null,null,1,null,4,{"$nulls":3},"Socializar con  los Encaragados de los Departamentos de Perinatologia y Pediatria de los CEAS de la Region, con la finalidad de dar seguimiento a las estrategias de mejoras en la atencion de los recien nacidos y niños menores de 5 años hijos de madres con condiciones especiales como son VIH, Sifilis Congenitas, niños conSindrome congenito asocoadoa al virus Zika, niñis con malformaciones congenitas.","Asistencial"]
[null,"2018.R1.Departamento.Asistencial",2018,"R1","Departamento","Asistencial","Fortalecer la aplicación de las normas a programas de salud para aumentar las expectativas de vida y calidad de la atención en personas que viven con VIH-SIDA ","SRS1GAM4.1.3.01","Taller de capacitación a proveedores de salud  sobre la importancia de realizar la pruebas  de tamizaje  para VIH  y sifilis congenitas, con la finalidad de captar a dichas usurias de manera oportuna e instalar los ARV y reducir asi la TMI de el VIH y Sífilis Congenita.",null,1,null,null,1,null,1,null,null,1,null,null,4,"Informe","Listado de participación","Agenda","Capacitacitar a proveedores de salud  sobre la importancia de realizar la pruebas  de tamizaje  para VIH  y sifilis congenitas, con la finalidad de captar a dichas usurias de manera oportuna e instalar los ARV y reducir asi la TMI de el VIH y Sifilis Congenita.","Asistencial"]
[null,"2018.R1.Departamento.Asistencial",2018,"R1","Departamento","Asistencial","Fortalecer la aplicación de las normas a programas de salud para aumentar las expectativas de vida y calidad de la atención en personas que viven con VIH-SIDA ","SRS1GAM4.1.3.02","Reunión de Socialización sobre la importancia de la Captación Temprana de las Embarazadas VIH positivas y la aplicación de las ENETMI del VIH y la Sifilis Congenita con los Departamentos de el Prgrama de ETMI del VIH y Sifilis, SAI, y los Departamentos de Obstetricia de los CEAS.",null,null,1,null,null,1,null,null,1,null,null,1,null,4,"Agenda","Listado de participación","Informe",null,"Asistencial"]
[null,"2018.R1.Departamento.Asistencial",2018,"R1","Departamento","Asistencial","Fortalecer la aplicación de las normas a programas de salud para aumentar las expectativas de vida y calidad de la atención en personas que viven con VIH-SIDA ","SRS1GAM4.1.3.03","Taller de capacitación sobre el adecuado uso de las normas, guías y protocolos en las SAI.",null,1,null,null,1,null,null,1,null,null,1,null,null,4,"Agenda","Listado de participación","Informe",null,"Asistencial"]
[null,"2018.R1.Departamento.Asistencial",2018,"R1","Departamento","Asistencial","Fortalecer la aplicación de las normas a programas de salud para aumentar las expectativas de vida y calidad de la atención en personas que viven con VIH-SIDA ","SRS1GAM4.1.3.04","Reuniones de trabajo con el personal de los  SAI para seguimiento al cumplimiento de las normas, guias y protocolos en las SAI."]
[null,"2018.R1.Departamento.Asistencial",2018,"R1","Departamento","Asistencial","Fortalecer la aplicación de las normas a programas de salud para aumentar las expectativas de vida y calidad de la atención en personas que viven con VIH-SIDA ","SRS1GAM4.1.3.05","Taller de capacitacion sobre alimentacion en pacientes con VIH-SIDA y estilo de vida saludable.",{"$nulls":3},1,null,null,1,{"$nulls":6},2,"Informe","Listado de participación",null,null,"Asistencial"]
[null,"2018.R1.Departamento.Administrativo",2018,"R1","Departamento","Administrativo","Elaborar y firmar acuerdos y convenios de Gestión entre las diferentes instancias de la Red. ","SRS1ADM1.4.1.01","Reunion de socializacion para la elaboracion de los acuerdos y convenios entre el SRS y las areas administrativas de los CEAS",1,{"$nulls":13},"Informe",null,null,"ADMINISTRATIVO"]
[null,"2018.R1.Departamento.Administrativo",2018,"R1","Departamento","Administrativo","Implementar las NOBACI y sus Normas Complementarias en el Nivel Central del SNS y en todos los niveles de la Red ","SRS1ADM1.3.2.01","Reunion con Administradores y Gerentes para la identificacion de las necesidades de sus establecimientos de salud.",{"$nulls":14},"Informe",null,null,"ADMINISTRATIVO"]
[null,"2018.R1.Departamento.Administrativo",2018,"R1","Departamento","Administrativo","Implementar las NOBACI y sus Normas Complementarias en el Nivel Central del SNS y en todos los niveles de la Red ","SRS1ADM1.3.2.02","Reunion con Administradores y Gerentes para la identificacion de los bienes y equipos existentes (Inventarios), en sus establecimientos de salud.",1,{"$nulls":13},"Informe",null,null,"ADMINISTRATIVO"]
[null,"2018.R1.Departamento.Administrativo",2018,"R1","Departamento","Administrativo","Elaborar el Presupuesto, plan de inversiones y financiación de la red e implementarlo de acuerdo al dimensionamiento definido para la implementación del Modelo de Atención y garantizar el flujo de los recursos financieros y de otra índole de forma coherente con los objetivos del Modelo de Atención","SRS1ADM3.2.1.01","Mesa redonda para socializar  con los gerentes de áreas el plan de inversion con el Fin de fortalecer el PNA.",1,{"$nulls":13},"Informe",null,null,"RECURSOS HUMANOS"]
[null,"2018.R1.Departamento.Gestión Humana",2018,"R1","Departamento","Gestión Humana","Definir un programa de formación continua enfocado a la gestión por competencias ","SRS1GRRHH 2.2.3.02","Capacitación de los Encargados de RRHH Gerencias de Areas y CEAS ",null,1,1,{"$nulls":9},2,"Agenda","Listado de participación","Fotos",null,"Gestión Humana"]
[null,"2018.R1.Departamento.Gestión Humana",2018,"R1","Departamento","Gestión Humana","Implementar un protocolo de selección y contratación de los gestores y directivos de la Red","SRS1GRRHH 2.2.7","Realizar auditoría en las Gerencias de Areas y CEAS",1,{"$nulls":11},1,"Agenda","Listado de participación","Fotos",null,"Gestión Humana"]
[null,"2018.R1.Departamento.Gestión Humana",2018,"R1","Departamento","Gestión Humana","Definir un programa de formación continua enfocado a la gestión por competencias ","SRS1GRRHH 2.2.3.02","Desarrollar plan de capacitación",1,{"$nulls":11},1,"Instrumentos/Herramientas","Base de datos","Base de datos",null,"Gestión Humana"]
[null,"2018.R1.Departamento.Asistencial",2018,"R1","Departamento","Asistencial","Impulsar el desarrollo del Modelo de Atención en la Red de Servicios: Fortalecimiento de la atención al usuario","SRS1GA3.1.1.28","Taller de capacitación a los encargados de Atención al Usuario de los EESS sobre el uso de la encuesta de satisfacción",1,0,1,0,1,0,1,0,0,0,0,1,5,"Listado de participación","Agenda","Informe",null," GERENTE ESTRATEGICO Y ENCARGADO DE ATENCION A USUARIOS DEL SERVICIO REGIONAL."]
[null,"2018.R1.Departamento.Asistencial",2018,"R1","Departamento","Asistencial","Impulsar el desarrollo del Modelo de Atención en la Red de Servicios: Fortalecimiento de la atención al usuario","SRS1GA3.1.1.29","Mesa técnica para la consolidación y análisis de los resultados de la encuesta de satisfacción",1,0,0,0,1,0,0,0,0,1,0,1,3,"Listado de participación","INFORME",null,null," GERENTE ESTRATEGICO Y ENCARGADO DE ATENCION A USUARIOS DEL SERVICIO REGIONAL."]
[null,"2018.R1.Departamento.Administrativo",2018,"R1","Departamento","Administrativo","Apoyar a las GAS en el proceso de cumplimiento de los criterios para su habilitación en los establecimientos de salud de su Red","SRS1GA1.8.1.01","Visitas de supervisión a los EESS en via de construcción y remodelación",0,1,0,0,0,1,0,0,1,0,0,0,3,"INFORME",{"$nulls":3},"DEPARTAMENTO DE INGENIERIA."]
[null,"2018.R1.Departamento.Administrativo",2018,"R1","Departamento","Administrativo","Apoyar a las GAS en el proceso de cumplimiento de los criterios para su habilitación en los establecimientos de salud de su Red","SRS1GA1.8.1.02","Levantamiento de necesidades de equipamientos en los EESS de la Red",1,0,0,0,0,0,1,0,0,0,1,0,3,"REPORTE DEL LEVANTAMIENTO",{"$nulls":3},"DEPARTAMENTO DE INGENIERIA."]
[null,"2018.R1.Departamento.Asistencial",2018,"R1","Departamento","Asistencial","Aumentar la provisión y cobertura de los servicios de salud sexual-reproductiva en todos los niveles de atención con énfasis en la atención materno- perinatal, infantil y adolescente","SRS1.GA4.1.2.11","Visita de supervision a los CEAS que forman parte de la IHAB ",4,0,0,4,0,4,0,4,0,0,0,0,16,"INFORME",{"$nulls":3},"ASISTENCIAL Y MATERNO INFANTIL."]
[null,"2018.R1.Departamento.Asistencial",2018,"R1","Departamento","Asistencial","Aumentar la provisión y cobertura de los servicios de salud sexual-reproductiva en todos los niveles de atención con énfasis en la atención materno- perinatal, infantil y adolescente","SRS1.GA4.1.2.12","Apoyar los CEAS en la elaboración de los planes de mejora IHAB",4,0,0,4,0,0,4,4,0,0,0,0,16,"INFORMES DE PLANES DE TRABAJO Y SEGUIMIENTO.",{"$nulls":3},"ASISTENCIAL Y MATERNO INFANTIL."]
[null,"2018.R1.Departamento.Administrativo",2018,"R1","Departamento","Administrativo","Elaborar el Presupuesto, plan de inversiones y financiación de la red e implementarlo de acuerdo al dimensionamiento definido para la implementación del Modelo de Atención y garantizar el flujo de los recursos financieros y de otra índole de forma coherente con los objetivos del Modelo de Atención","SRS1GA.3.2.01.01","Mesa de trabajo para la elaboracion del Plan de Compra",2,0,0,0,2,0,0,0,0,0,0,0,4,"INFORME ","AGENDA","Listado de participación",null,"DEPARTAMENTOS ADMINISTRATIVOS Y FINANCIEROS"]
[null,"2018.R1.Departamento.Financiero",2018,"R1","Departamento","Financiero","Elaborar y firmar Acuerdos y Convenios intrasectoriales e intersectoriales, incluyendo ONG ́s que tengan capacidad para proveer servicios de salud","SRS1SRSGF1.5.1.01","Reuniones con el personal Adminsitrativo Financiero de los EESS para apoyar en los procesos de negociacion con las ARS privada",0,1,0,0,0,1,0,1,0,0,0,1,4,"INFORME ","AGENDA","Listado de participación",null,"DEPARTAMENTOS ADMINISTRATIVOS Y FINANCIEROS"]
[null,"2018.R1.Departamento.Financiero",2018,"R1","Departamento","Financiero","Elaborar y firmar Acuerdos y Convenios intrasectoriales e intersectoriales, incluyendo ONG ́s que tengan capacidad para proveer servicios de salud","SRS1SRSGF1.5.1.02","Apoyar los CEAS en la creacion de los usuario de la plataforma SIMO de la SISALRIL",1,0,0,0,1,0,0,0,0,0,0,1,3,"INFORMES DE MESA DE TRABAJO","AGENDA","Listado de participación",null,"GERENCIA ESTRATEGICA Y GERENCIA ASISTENCIAL."]
[null,"",2018,"R1","Departamento","Administrativo","Elaborar y firmar acuerdos y convenios de Gestión entre las diferentes instancias de la Red. ","SRS1ADM1.4.1.02","Acto de Firma de Acuerdo de Convenios de Gestion con los CEAS",0,0,1,0,0,0,1,0,0,0,1,0,3,"INFORMES DE MESA DE TRABAJO","AGENDA","Listado de participación","ESTA ACTIVIDAD DEPENDERA DE LA RESPONSABILIDAD Y EL INTERES QUE MUESTREN LOS CEAS PARA QUE LA MISMA SE LLEVE A CABO.","GERENCIA ESTRATEGICA Y GERENCIA ASISTENCIAL."]
[null,"",2018,"R1","Departamento","Administrativo","Elaborar y firmar acuerdos y convenios de Gestión entre las diferentes instancias de la Red. ","SRS1ADM1.4.1.03","Acto de Firma de Acuerdo de Convenios de Gestion con las GAS",0,0,0,0,1,0,0,0,1,1,1,0,4,"INFORMES DE MESA DE TRABAJO","AGENDA","Listado de participación",null,"GERENCIA ESTRATEGICA Y GERENCIA ASISTENCIAL."]
[null,"","","","","",{"$nulls":15},""]
[null,"","","","","",{"$nulls":15},""]
[null,"","","","","",{"$nulls":15},""]
[null,"","","","","",{"$nulls":15},""]
[null,"","","","","",{"$nulls":15},""]
[null,"","","","","",{"$nulls":15},""]
[null,"","","","","",{"$nulls":15},""]
[null,"","","","","",{"$nulls":15},""]
[null,"","","","","",{"$nulls":15},""]
[null,"","","","","",{"$nulls":15},""]
[null,"","","","","",{"$nulls":15},""]
[null,"","","","","",{"$nulls":15},""]
[null,"","","","","",{"$nulls":15},""]
[null,"","","","","",{"$nulls":15},""]
[null,"","","","","",{"$nulls":15},""]
[null,"","","","","",{"$nulls":15},""]
[null,"","","","","",{"$nulls":15},""]
[null,"","","","","",{"$nulls":15},""]
[null,"","","","","",{"$nulls":15},""]
[null,"","","","","",{"$nulls":15},""]
[null,"","","","","",{"$nulls":15},""]
[null,"","","","","",{"$nulls":15},""]
[null,"","","","","",{"$nulls":15},""]
[null,"","","","","",{"$nulls":15},""]
[null,"","","","","",{"$nulls":15},""]
[null,"","","","","",{"$nulls":15},""]
[null,"","","","","",{"$nulls":15},""]
[null,"","","","","",{"$nulls":15},""]
[null,"","","","","",{"$nulls":15},""]
[null,"","","","","",{"$nulls":15},""]
[null,"","","","","",{"$nulls":15},""]
[null,"","","","","",{"$nulls":15},""]
[null,"","","","","",{"$nulls":15},""]
[null,"","","","","",{"$nulls":15},""]
[null,"","","","","",{"$nulls":15},""]
[null,"","","","","",{"$nulls":15},""]
[null,"","","","","",{"$nulls":15},""]
[null,"","","","","",{"$nulls":15},""]
[null,"","","","","",{"$nulls":15},""]
[null,"","","","","",{"$nulls":15},""]
[null,"","","","","",{"$nulls":15},""]
[null,"","","","","",{"$nulls":15},""]
[null,"","","","","",{"$nulls":15},""]
[null,"","","","","",{"$nulls":15},""]
[null,"","","","","",{"$nulls":15},""]
[null,"","","","","",{"$nulls":15},""]
[null,"","","","","",{"$nulls":15},""]
[null,"","","","","",{"$nulls":15},""]
[null,"","","","","",{"$nulls":15},""]
[null,"","","","","",{"$nulls":15},""]
[null,"","","","","",{"$nulls":15},""]
[null,"","","","","",{"$nulls":15},""]
[null,"","","","","",{"$nulls":15},""]
[null,"","","","","",{"$nulls":15},""]
[null,"","","","","",{"$nulls":15},""]
[null,"","","","","",{"$nulls":15},""]
[null,"","","","","",{"$nulls":15},""]
[null,"","","","","",{"$nulls":15},""]
[null,"","","","","",{"$nulls":15},""]
[null,"","","","","",{"$nulls":15},""]
[null,"","","","","",{"$nulls":15},""]
[null,"","","","","",{"$nulls":15},""]
[null,"","","","","",{"$nulls":15},""]
[null,"","","","","",{"$nulls":15},""]
[null,"","","","","",{"$nulls":15},""]
[null,"","","","","",{"$nulls":15},""]
[null,"","","","","",{"$nulls":15},""]
[null,"","","","","",{"$nulls":15},""]
[null,"","","","","",{"$nulls":15},""]
[null,"","","","","",{"$nulls":15},""]
[null,"","","","","",{"$nulls":15},""]
[null,"","","","","",{"$nulls":15},""]
[null,"","","","","",{"$nulls":15},""]
[null,"","","","","",{"$nulls":15},""]
[null,"","","","","",{"$nulls":15},""]
[null,"","","","","",{"$nulls":15},""]
[null,"","","","","",{"$nulls":15},""]
[null,"","","","","",{"$nulls":15},""]
[null,"","","","","",{"$nulls":15},""]
[null,"","","","","",{"$nulls":15},""]
[null,"","","","","",{"$nulls":15},""]
[null,"","","","","",{"$nulls":15},""]
[null,"","","","","",{"$nulls":15},""]
[null,"","","","","",{"$nulls":15},""]
[null,"","","","","",{"$nulls":15},""]
[null,"","","","","",{"$nulls":15},""]
[null,"","","","","",{"$nulls":15},""]
[null,"","","","","",{"$nulls":15},""]
[null,"","","","","",{"$nulls":15},""]
[null,"","","","","",{"$nulls":15},""]
[null,"","","","","",{"$nulls":15},""]
[null,"","","","","",{"$nulls":15},""]
[null,"","","","","",{"$nulls":15},""]
[null,"","","","","",{"$nulls":15},""]
[null,"","","","","",{"$nulls":15},""]
[null,"","","","","",{"$nulls":15},""]
[null,"","","","","",{"$nulls":15},""]
[null,"","","","","",{"$nulls":15},""]
[null,"","","","","",{"$nulls":15},""]
[null,"","","","","",{"$nulls":15},""]
[null,"","","","","",{"$nulls":15},""]
[null,"","","","","",{"$nulls":15},""]
[null,"","","","","",{"$nulls":15},""]
[null,"","","","","",{"$nulls":15},""]
[null,"","","","","",{"$nulls":15},""]
[null,"","","","","",{"$nulls":15},""]
[null,"","","","","",{"$nulls":15},""]
[null,"","","","","",{"$nulls":15},""]
[null,"","","","","",{"$nulls":15},""]
[null,"","","","","",{"$nulls":15},""]
[null,"","","","","",{"$nulls":15},""]
[null,"","","","","",{"$nulls":15},""]
[null,"","","","","",{"$nulls":15},""]
[null,"","","","","",{"$nulls":15},""]
[null,"","","","","",{"$nulls":15},""]
[null,"","","","","",{"$nulls":15},""]
[null,"","","","","",{"$nulls":15},""]
[null,"","","","","",{"$nulls":15},""]
[null,"","","","","",{"$nulls":15},""]
[null,"","","","","",{"$nulls":15},""]
[null,"","","","","",{"$nulls":15},""]
[null,"","","","","",{"$nulls":15},""]
[null,"","","","","",{"$nulls":15},""]
[null,"","","","","",{"$nulls":15},""]
[null,"","","","","",{"$nulls":15},""]
[null,"","","","","",{"$nulls":15},{"$f":"SUM(V9:V120)","v":759}]
[null,"","","","",""]
[null,"","","","",""]
[null,"","","","",""]
[null,"","","","",""]
[null,"","","","",""]
[null,"","","","",""]
[null,"","","","",""]
[null,"","","","",""]
[null,"","","","",""]
[null,"","","","",""]
[null,"","","","",""]
[null,"","","","",""]
[null,"","","","",""]
[null,"","","","",""]
[null,"","","","",""]
[null,"","","","",""]
[null,"","","","",""]
[null,"","","","",""]
[null,"","","","",""]
[null,"","","","","",{"$nulls":15},""]
[null,"","","","","",{"$nulls":15},""]
[null,"","","","","",{"$nulls":15},""]
[null,"","","","","",{"$nulls":15},""]
[null,"","","","","",{"$nulls":15},""]
[null,"","","","","",{"$nulls":15},""]
[null,"","","","","",{"$nulls":15},""]
[null,"","","","","",{"$nulls":15},""]
[null,"","","","","",{"$nulls":15},""]
[null,"","","","",""]
[null,"","","","",""]
[null,"","","","",""]
[null,"","","","",""]
[null,"","","","",""]
[null,"","","","",""]
[null,"","","","",""]
[null,"","","","",""]
[null,"","","","",""]
[null,"","","","",""]
[null,"","","","",""]
[null,"","","","",""]
[null,"","","","",""]
[null,"","","","",""]
[null,"","","","",""]
[null,"","","","",""]
[null,"","","","",""]
[null,"","","","",""]
[null,"","","","",""]
[null,"","","","",""]
[null,"","","","",""]
[null,"","","","",""]
[null,"","","","",""]
[null,"","","","",""]
[null,"","","","",""]
[null,"","","","",""]
[null,"","","","","",{"$nulls":15},""]
[null,"","","","","",{"$nulls":15},""]
[null,"","","","","",{"$nulls":15},""]
[null,"","","","","",{"$nulls":15},""]
[null,"","","","","",{"$nulls":15},""]
[null,"","","","","",{"$nulls":15},""]
[null,"","","","","",{"$nulls":15},""]
[null,"","","","","",{"$nulls":15},""]
[null,"","","","","",{"$nulls":15},""]
[null,"","","","","",{"$nulls":15},""]
[null,"","","","","",{"$nulls":15},""]
[null,"","","","",""]
[null,"","","","",""]
[null,"","","","",""]
[null,"","","","",""]
[null,"","","","",""]
[null,"","","","",""]
[null,"","","","",""]
[null,"","","","",""]
[null,"","","","",""]
[null,"","","","",""]
[null,"","","","",""]
[null,"","","","",""]
[null,"","","","",""]
[null,"","","","",""]
[null,"","","","",""]
[null,"","","","",""]
[null,"","","","",""]
[null,"","","","",""]
[null,"","","","",""]
[null,"","","","",""]
[null,"","","","",""]
[null,"","","","",""]
[null,"","","","",""]
[null,"","","","",""]
[null,"","","","",""]
[null,"","","","",""]
[null,"","","","",""]
[null,"","","","",""]
[null,"","","","",""]
[null,"","","","",""]
[null,"","","","",""]
[null,"","","","",""]
[null,"","","","",""]
[null,"","","","",""]
[null,"","","","",""]
[null,"","","","",""]
[null,"","","","",""]
[null,"","","","",""]
[null,"","","","",""]
[null,"","","","",""]
[null,"","","","",""]
[null,"","","","",""]
[null,"","","","",""]
[null,"","","","",""]
[null,"","","","",""]
[null,"","","","",""]
[null,"","","","",""]
[null,"","","","",""]
[null,"","","","",""]
[null,"","","","",""]
[null,"","","","",""]
[null,"","","","",""]
[null,"","","","",""]
[null,"","","","",""]
[null,"","","","",""]
[null,"","","","",""]
[null,"","","","",""]
[null,"","","","",""]
[null,"","","","",""]
[null,"","","","",""]
[null,"","","","",""]
[null,"","","","",""]
[null,"","","","",""]
[null,"","","","",""]
[null,"","","","",""]
[null,"","","","",""]
[null,"","","","",""]
[null,"","","","",""]
[null,"","","","",""]
[null,"","","","",""]
[null,"","","","",""]
[null,"","","","",""]
[null,"","","","",""]
[null,"","","","",""]
[null,"","","","",""]
[null,"","","","",""]
[null,"","","","",""]
[null,"","","","",""]
[null,"","","","",""]
[null,"","","","",""]
[null,"","","","",""]
[null,"","","","",""]
[null,"","","","",""]
[null,"","","","",""]
[null,"","","","",""]
[null,"","","","",""]
[null,"","","","",""]
[null,"","","","",""]
[null,"","","","",""]
[null,"","","","",""]
[null,"","","","",""]
[null,"","","","",""]
[null,"","","","",""]
[null,"","","","",""]
[null,"","","","",""]
[null,"","","","",""]
[null,"","","","",""]
[null,"","","","",""]
[null,"","","","",""]
[null,"","","","",""]
[null,"","","","",""]
[null,"","","","",""]
[null,"","","","",""]
[null,"","","","",""]
[null,"","","","",""]
[null,"","","","",""]
[null,"","","","",""]
[null,"","","","",""]
[null,"","","","",""]
[null,"","","","",""]
[null,"","","","",""]
[null,"","","","",""]
[null,"","","","",""]
[null,"","","","",""]
[null,"","","","",""]
[null,"","","","",""]
[null,"","","","",""]
[null,"","","","",""]
[null,"","","","",""]
[null,"","","","",""]
[null,"","","","",""]
[null,"","","","",""]
[null,"","","","",""]
[null,"","","","",""]
[null,"","","","",""]
[null,"","","","",""]
[null,"","","","",""]
[null,"","","","",""]
[null,"","","","",""]
[null,"","","","",""]
[null,"","","","",""]
[null,"","","","",""]
[null,"","","","",""]
[null,"","","","",""]
[null,"","","","",""]
[null,"","","","",""]
[null,"","","","",""]
[null,"","","","",""]
[null,"","","","",""]
[null,"","","","",""]
[null,"","","","","",null,null,"2. Pones Resina Preventiva"]
[null,"","","","","",null,null,"3. Tratar casos Gingivitis"]
[null,"","","","",""]
[null,"","","","",""]
[null,"","","","",""]
[null,"","","","",""]
[null,"","","","",""]
[null,"","","","",""]
[null,"","","","",""]
[null,"","","","",""]
[null,"","","","",""]
[null,"","","","",""]
[null,"","","","",""]
[null,"","","","",""]
[null,"","","","",""]
[null,"","","","",""]
[null,"","","","",""]
[null,"","","","",""]
[null,"","","","",""]
[null,"","","","",""]
[null,"","","","",""]
[null,"","","","",""]
[null,"","","","",""]
[null,"","","","",""]
[null,"","","","",""]
[null,"","","","",""]
[null,"","","","",""]
[null,"","","","",""]
[null,"","","","",""]
[null,"","","","",""]
[null,"","","","",""]
[null,"","","","",""]
[null,"","","","",""]
[null,"","","","",""]
[null,"","","","",""]
[null,"","","","",""]
[null,"","","","",""]
[null,"","","","",""]
[null,"","","","",""]
[null,"","","","",""]
[null,"","","","",""]
[null,"","","","",""]
[null,"","","","",""]
[null,"","","","",""]
[null,"","","","",""]
[null,"","","","",""]
[null,"","","","",""]
[null,"","","","",""]
[null,"","","","",""]
[null,"","","","",""]
[null,"","","","",""]
[null,"","","","",""]
[null,"","","","",""]
[null,"","","","",""]
[null,"","","","",""]
[null,"","","","",""]
[null,"","","","",""]
[null,"","","","",""]
[null,"","","","",""]
[null,"","","","",""]
[null,"","","","",""]
[null,"","","","",""]
[null,"","","","",""]
[null,"","","","",""]
[null,"","","","",""]
[null,"","","","",""]
[null,"","","","",""]
[null,"","","","",""]
[null,"","","","",""]
[null,"","","","",""]
[null,"","","","",""]
[null,"","","","",""]
[null,"","","","",""]
[null,"","","","",""]
[null,"","","","",""]
[null,"","","","",""]
[null,"","","","",""]
[null,"","","","",""]
[null,"","","","",""]
[null,"","","","",""]
[null,"","","","",""]
[null,"","","","",""]
[null,"","","","",""]
[null,"","","","",""]
[null,"","","","",""]
[null,"","","","",""]
[null,"","","","",""]
[null,"","","","",""]
[null,"","","","",""]
[null,"","","","",""]
[null,"","","","",""]
[null,"","","","",""]
[null,"","","","",""]
[null,"","","","",""]
[null,"","","","",""]
[null,"","","","",""]
[null,"","","","",""]
[null,"","","","",""]
[null,"","","","","",{"$nulls":15},""]
[null,"","","","","",{"$nulls":15},""]
[null,"","","","","",{"$nulls":15},""]
[null,"","","","","",{"$nulls":15},""]
[null,"","","","","",{"$nulls":15},""]
[null,"","","","","",{"$nulls":15},""]
[null,"","","","","",{"$nulls":15},""]
[null,"","","","","",{"$nulls":15},""]
[null,"","","","","",{"$nulls":15},""]
[null,"","","","","",{"$nulls":15},""]
[null,"","","","","",{"$nulls":15},""]
[null,"","","","","",{"$nulls":15},""]
[null,"","","","","",{"$nulls":15},""]
[null,"","","","","",{"$nulls":15},""]
[null,"","","","","",{"$nulls":15},""]
[null,"","","","","",{"$nulls":15},""]
[null,"","","","","",{"$nulls":15},""]
[null,"","","","","",{"$nulls":15},""]
[null,"","","","","",{"$nulls":15},""]
[null,"","","","","",{"$nulls":15},""]
[null,"","","","","",{"$nulls":15},""]
[null,"","","","","",{"$nulls":15},""]
[null,"","","","","",{"$nulls":15},""]
[null,"","","","","",{"$nulls":15},""]
[null,"","","","","",{"$nulls":15},""]
[null,"","","","","",{"$nulls":15},""]
[null,"","","","","",{"$nulls":15},""]
[null,"","","","","",{"$nulls":15},""]
[null,"","","","","",{"$nulls":15},""]
[null,"","","","","",{"$nulls":15},""]
[null,"","","","",""]
[null,"","","","",""]
[null,"","","","",""]
[null,"","","","",""]
[null,"","","","",""]
[null,"","","","",""]
[null,"","","","",""]
[null,"","","","",""]
[null,"","","","",""]
[null,"","","","",""]
[null,"","","","",""]
[null,"","","","",""]
[null,"","","","",""]
[null,"","","","",""]
[null,"","","","",""]
[null,"","","","",""]
[null,"","","","",""]
[null,"","","","",""]
[null,"","","","",""]
[null,"","","","",""]
[null,"","","","",""]
[null,"","","","",""]
[null,"","","","",""]
[null,"","","","",""]
[null,"","","","",""]
[null,"","","","",""]
[null,"","","","",""]
[null,"","","","",""]
[null,"","","","",""]
[null,"","","","",""]
[null,"","","","",""]
[null,"","","","",""]
[null,"","","","",""]
[null,"","","","",""]
[null,"","","","",""]
[null,"","","","",""]
[null,"","","","",""]
[null,"","","","",""]
[null,"","","","",""]
[null,"","","","",""]
[null,"","","","",""]
[null,"","","","",""]
[null,"","","","",""]
[null,"","","","",""]
[null,"","","","",""]
[null,"","","","",""]
[null,"","","","",""]
[null,"","","","",""]
[null,"","","","",""]
[null,"","","","",""]
[null,"","","","",""]
[null,"","","","",""]
[null,"","","","",""]

{"sheet":"PPGR3","index":2,"n_rows":434,"n_cols":19,"rows_kept":434}
[]
[null,null,"Dirección de Planificacion y Desarrollo"]
[null,null,"Consolidación de matrices de POA 2018"]
[null,null,"Nivel Central del SNS y Servicios Regionales de Salud"]
[null,null,"PPGR3 - Identificación de Necesidades de Insumos"]
[]
[]
[null,"ID_Dependendencia","POA","SRS","AREA","TIPO","Código_Actividad","Actividad","Total de Actividades ","Insumos","InsumoAbrev","Descripción","Descripción Manual","Unidad de Medida","Cantidad de Insumos","Precio Unitario","Valor Total","Código Presupuestario","Fuente de Financiamiento"]
[null,"2018.R1.Gerencia.Gestión de Servicios",2018,"R1","Gerencia","Gestión de Servicios","SRS1DO3.3.1.01","",4,"Alimentos y bebidas para personas","lsAlimentosyBebidas","Almuerzo tipo Buffet para 30 personas (Cristaleria, Cuberteria, Servilletas, Jugo) "]
[null,"2018.R1.Gerencia.Gestión de Servicios",2018,"R1","Gerencia","Gestión de Servicios","SRS1DO1.1.10.01","",12,null,""]
[null,"2018.R1.Gerencia.Gestión de Servicios",2018,"R1","Gerencia","Gestión de Servicios","SRS1DO3.3.1.01","",4,"Alimentos y bebidas para personas","lsAlimentosyBebidas","Refrigerio tipo Buffet p/45 personas (5 Variedades, Desechable Transparentes, Servilletas, Hielo) "]
[null,"2018.R1.Gerencia.Gestión de Servicios",2018,"R1","Gerencia","Gestión de Servicios","SRS1DO1.3.1.02","",2,"Alimentos y bebidas para personas","lsAlimentosyBebidas","Almuerzo tipo Buffet para 40 personas (Cristalería, Cuberteria, Mesas, Sillas, Manteles, Servilletas)"]
[null,"2018.R1.Gerencia.Gestión de Servicios",2018,"R1","Gerencia","Gestión de Servicios","SRS1DO1.1.1.01","",12,"Gasoil","lsGasoil","Galones de Gasolina Regular"]
[null,"2018.R1.Gerencia.Gestión de Servicios",2018,"R1","Gerencia","Gestión de Servicios","SRS1DO1.1.1.02","",12,"Gasoil","lsGasoil","Galones de Gasolina Regular"]
[null,"2018.R1.Gerencia.Gestión de Servicios",2018,"R1","Gerencia","Gestión de Servicios","SRS1DO1.1.1.03","",12,"Gasoil","lsGasoil","Galones de Gasolina Regular"]
[null,"2018.R1.Gerencia.Gestión de Servicios",2018,"R1","Gerencia","Gestión de Servicios","SRS1DO1.1.1.04","","","Productos de Papel, Cartón e Impresos","lsProductosdePapel","Carpetas institucionales con bolsillo full color, Cartón 9x12"]
[null,"2018.R1.Gerencia.Gestión de Servicios",2018,"R1","Gerencia","Gestión de Servicios","SRS1DO1.1.1.05","","","Impresión y encuadernación","lsImpresionyEncuadernacion","Impresión Formularios (dos caras)"]
[null,"2018.R1.Gerencia.Gestión de Servicios",2018,"R1","Gerencia","Gestión de Servicios","SRS1DO1.1.1.06","","","Gasoil","lsGasoil","Galones de Gasolina Regular"]
[null,"2018.R1.Gerencia.Gestión de Servicios",2018,"R1","Gerencia","Gestión de Servicios","SRSMDO3.3.1.06","","","Alimentos y bebidas para personas","lsAlimentosyBebidas","Refrigerio tipo preempacado p/100 personas (4 Variedades, Jugo, Desechables Transparentes, Hielo, Servilleta) "]
[null,"2018.R1.Gerencia.Gestión de Servicios",2018,"R1","Gerencia","Gestión de Servicios","SRSMDO3.3.1.05","","","Alimentos y bebidas para personas","lsAlimentosyBebidas","Refrigerio tipo preempacado p/25 personas (4 Variedades, Jugo, Desechables Transparentes, Jugo Natural)"]
[null,"2018.R1.Gerencia.Gestión de Servicios",2018,"R1","Gerencia","Gestión de Servicios","SRSMDO3.3.1.02","","","Alimentos y bebidas para personas","lsAlimentosyBebidas","Refrigerio tipo Buffet p/12 personas (4 Variedades, Desechables Transparentes, Jugo Natural, Servilletas, Hielo)"]
[null,"2018.R1.Gerencia.Gestión de Servicios",2018,"R1","Gerencia","Gestión de Servicios","SRSMDO3.3.1.03","","","Impresión y encuadernación","lsImpresionyEncuadernacion","Impresión Formularios (dos caras)"]
[null,"2018.R1.Gerencia.Gestión de Servicios",2018,"R1","Gerencia","Gestión de Servicios","SRSMDO3.3.1.04","","","Eventos generales","lsEventosGenerales","Asistencia Técnica "]
[null,"2018.R1.Gerencia.0",2018,"R1","Gerencia",0,"AGF1,1,1","",3,"Alimentos y bebidas para personas","lsAlimentosyBebidas","Refrigerio tipo Buffet p/45 personas (5 Variedades, Desechable Transparentes, Servilletas, Hielo) "]
[null,"2018.R1.Gerencia.0",2018,"R1","Gerencia",0,"AGF1,1,1","",3,"Alimentos y bebidas para personas","lsAlimentosyBebidas","Almuerzo tipo Buffet para 40 personas (Cristalería, Cuberteria, Mesas, Sillas, Manteles, Servilletas)"]
[null,"2018.R1.Gerencia.0",2018,"R1","Gerencia",0,"AGF4,1,1","",3,"Alimentos y bebidas para personas","lsAlimentosyBebidas","Refrigerio tipo preempacado p/50 personas (3 Variedades, Jugo, Desechables Transparentes, Hielo, Servilleta) "]
[null,"2018.R1.Gerencia.0",2018,"R1","Gerencia",0,"AGF4,1,1","",3,"Alimentos y bebidas para personas","lsAlimentosyBebidas","Refrigerio tipo preempacado p/20 personas (Variedades fuertes, Jugo, Desechables Transparentes, Servilletas, Hielo)"]
[null,"2018.R1.Departamento.Tecnología de la Información",2018,"R1","Departamento","Tecnología de la Información","GA.Dx.1.1.","",2,"Alimentos y bebidas para personas","lsAlimentosyBebidas","Refrigerio tipo Buffet p/12 personas (4 Variedades, Desechables Transparentes, Jugo Natural, Servilletas, Hielo)"]
[null,"2018.R1.Departamento.Tecnología de la Información",2018,"R1","Departamento","Tecnología de la Información","GA.Dx.1.2.","",2,"Alimentos y bebidas para personas","lsAlimentosyBebidas","Refrigerio tipo Buffet p/12 personas (4 Variedades, Desechables Transparentes, Jugo Natural, Servilletas, Hielo)"]
[null,"2018.R1.Departamento.Tecnología de la Información",2018,"R1","Departamento","Tecnología de la Información","GAPF.1.1.1","",3,"Alimentos y bebidas para personas","lsAlimentosyBebidas","Refrigerio tipo preempacado p/25 personas (4 Variedades, Jugo, Desechables Transparentes, Jugo Natural)"]
[null,"2018.R1.Departamento.Tecnología de la Información",2018,"R1","Departamento","Tecnología de la Información","GAPF.1.1.1","",3,"Productos de Papel, Cartón e Impresos","lsProductosdePapel","Folders 8 1/2x 11 (100/1), de Colores"]
[null,"2018.R1.Departamento.Tecnología de la Información",2018,"R1","Departamento","Tecnología de la Información","GAPF.1.1.1","",3,"Productos de Papel, Cartón e Impresos","lsProductosdePapel","Resma de Papel 8 1/2x11"]
[null,"2018.R1.Departamento.Tecnología de la Información",2018,"R1","Departamento","Tecnología de la Información","GAPF.1.1.1","",3,"Útiles de escritorio, oficina, informática y de enseñanza","lsUtilesdeOficina","Cajas de Lapiceros Azules"]
[null,"2018.R1.Departamento.Tecnología de la Información",2018,"R1","Departamento","Tecnología de la Información","GAPF.1.1.2","",1,"Alimentos y bebidas para personas","lsAlimentosyBebidas","Refrigerio tipo preempacado p/25 personas (4 Variedades, Jugo, Desechables Transparentes, Jugo Natural)"]
[null,"2018.R1.Departamento.Tecnología de la Información",2018,"R1","Departamento","Tecnología de la Información","GAPF.1.1.3","",4,"Alimentos y bebidas para personas","lsAlimentosyBebidas","Refrigerio tipo preempacado p/25 personas (4 Variedades, Jugo, Desechables Transparentes, Jugo Natural)"]
[null,"2018.R1.Departamento.Tecnología de la Información",2018,"R1","Departamento","Tecnología de la Información","GAPF.1.1.4","",12,"Viáticos dentro del país","lsViaticosDP","Viaticos Tecnicos Sin Hospedaje"]
[null,"2018.R1.Departamento.Tecnología de la Información",2018,"R1","Departamento","Tecnología de la Información","GAPF.1.1.5","",12,"Viáticos dentro del país","lsViaticosDP","Viaticos Tecnicos Sin Hospedaje"]
[null,"2018.R1.Departamento.Tecnología de la Información",2018,"R1","Departamento","Tecnología de la Información","GAPF.1.1.6","",3,"Alimentos y bebidas para personas","lsAlimentosyBebidas","Refrigerio tipo preempacado p/25 personas (4 Variedades, Jugo, Desechables Transparentes, Jugo Natural)"]
[null,"2018.R1.Departamento.Tecnología de la Información",2018,"R1","Departamento","Tecnología de la Información","GAPF.1.1.6","",3,"Productos de Papel, Cartón e Impresos","lsProductosdePapel","Folders 8 1/2x 11 (100/1) Impropapel"]
[null,"2018.R1.Departamento.Tecnología de la Información",2018,"R1","Departamento","Tecnología de la Información","GAPF.1.1.6","",3,"Útiles de escritorio, oficina, informática y de enseñanza","lsUtilesdeOficina","Cajas de Lapiceros Azules"]
[null,"2018.R1.Departamento.Tecnología de la Información",2018,"R1","Departamento","Tecnología de la Información","GAPF.1.1.6","",3,"Productos de Papel, Cartón e Impresos","lsProductosdePapel","Resma de Papel 8 1/2x11"]
[null,"2018.R1.Departamento.Tecnología de la Información",2018,"R1","Departamento","Tecnología de la Información","GAPF.1.1.7","","","Alimentos y bebidas para personas","lsAlimentosyBebidas","Refrigerio tipo preempacado p/25 personas (4 Variedades, Jugo, Desechables Transparentes, Jugo Natural)"]
[null,"2018.R1.Departamento.Tecnología de la Información",2018,"R1","Departamento","Tecnología de la Información","GA.Dx.1.1.","",2,"Alimentos y bebidas para personas","lsAlimentosyBebidas","Refrigerio tipo Buffet p/12 personas (4 Variedades, Desechables Transparentes, Jugo Natural, Servilletas, Hielo)"]
[null,"2018.R1.Departamento.Tecnología de la Información",2018,"R1","Departamento","Tecnología de la Información","GA.Dx.1.2.","",2,"Alimentos y bebidas para personas","lsAlimentosyBebidas","Refrigerio tipo Buffet p/12 personas (4 Variedades, Desechables Transparentes, Jugo Natural, Servilletas, Hielo)"]
[null,"2018.R1.Departamento.Monitoreo",2018,"R1","Departamento","Monitoreo","DME1.10.1.1","",16,"Viáticos dentro del país","lsViaticosDP","Viaticos Chofer Sin Hospedaje","Gerencias SC Sur y Norte, sólo café y leche, libretas, lápiz","Cheque ",16,1500,24000,"2.2.3.1.01","Anticipo Financiero"]
[null,"2018.R1.Departamento.Monitoreo",2018,"R1","Departamento","Monitoreo","DME1.10.1.3","",3,"Equipos de cómputo","lsEquiposComputos","Computadoras de escritorio",null,"unidad",3,36954.32,110862.95999999999,"2.6.1.3.01","Venta de servicios"]
[null,"2018.R1.Departamento.Monitoreo",2018,"R1","Departamento","Monitoreo","DME1.10.1.4","",8,"Viáticos dentro del país","lsViaticosDP","Viaticos Chofer Sin Hospedaje","Gerencias SC Sur y Norte, sólo café y leche.","Cheque ",8,1500,12000,"2.2.3.1.01","Anticipo Financiero"]
[null,"2018.R1.Departamento.Monitoreo",2018,"R1","Departamento","Monitoreo","DME1.10.1.4","",8,"Productos de Papel, Cartón e Impresos","lsProductosdePapel","Folders 8 1/2x 13 (100/1), Ofi Folder",null,"Caja",8,233.64,1869.12,"2.3.3.2.01","Venta de servicios"]
[null,"2018.R1.Departamento.Monitoreo",2018,"R1","Departamento","Monitoreo","DME1.10.2.1","",4,"Viáticos dentro del país","lsViaticosDP","Viaticos Chofer Sin Hospedaje","Gerencias SC Sur y Norte, sólo café y leche.","Cheque ",4,1500,6000,"2.2.3.1.01","Anticipo Financiero"]
[null,"2018.R1.Departamento.Monitoreo",2018,"R1","Departamento","Monitoreo","DME1.10.2.2","",4,"Viáticos dentro del país","lsViaticosDP","Viaticos Chofer Sin Hospedaje","Gerencias SC Sur y Norte, sólo café y leche.","Cheque ",4,1500,6000,"2.2.3.1.01","Anticipo Financiero"]
[null,"2018.R1.Departamento.Monitoreo",2018,"R1","Departamento","Monitoreo","DME1.10.2.2","",4,"Productos de Papel, Cartón e Impresos","lsProductosdePapel","Libretas Rayadas 5x8 (docena)",null,"unidad",4,132.75,531,"2.3.3.2.01","Venta de servicios"]
[null,"2018.R1.Departamento.Monitoreo",2018,"R1","Departamento","Monitoreo","DME1.10.2.3","",3,"Productos de Papel, Cartón e Impresos","lsProductosdePapel","Libretas Rayadas 5x8 (docena)",null,"unidad",5,132.75,663.75,"2.3.3.2.01","Venta de servicios"]
[null,"2018.R1.Departamento.Financiero",2018,"R1","Departamento","Financiero","GF 1.3.2.1","",12,"Equipos de cómputo","lsEquiposComputos","Laptop de 14 pulgadas"]
[null,"2018.R1.Departamento.Financiero",2018,"R1","Departamento","Financiero","GF 1.3.2.2","",2,"Impresión y encuadernación","lsImpresionyEncuadernacion","Impresión Formularios (dos caras)"]
[null,"2018.R1.Departamento.Financiero",2018,"R1","Departamento","Financiero","GF 1.3.2.3","",2,"Alimentos y bebidas para personas","lsAlimentosyBebidas","Almuerzo tipo Buffet para 40 personas (Cristalería, Cuberteria, Mesas, Sillas, Manteles, Servilletas)"]
[null,"2018.R1.Departamento.Financiero",2018,"R1","Departamento","Financiero","GF 1.3.2.4","",2,"Viáticos dentro del país","lsViaticosDP","Viaticos Chofer Sin Hospedaje"]
[null,"2018.R1.Departamento.Financiero",2018,"R1","Departamento","Financiero","GF 1.3.2.5","",20,"Útiles de escritorio, oficina, informática y de enseñanza","lsUtilesdeOficina","Grapadoras de Metal"]
[null,"2018.R1.Departamento.Financiero",2018,"R1","Departamento","Financiero","GF 1.6.1.1","",6,"Alimentos y bebidas para personas","lsAlimentosyBebidas","Almuerzo tipo Buffet para 40 personas (Cristalería, Cuberteria, Mesas, Sillas, Manteles, Servilletas)"]
[null,"2018.R1.Departamento.Estratégico",2018,"R1","Departamento","Estratégico","GES1.1.1.1.01","",4,"Alimentos y bebidas para personas","lsAlimentosyBebidas","Refrigerio tipo Buffet p/45 personas (5 Variedades, Desechable Transparentes, Servilletas, Hielo) "]
[null,"2018.R1.Departamento.Estratégico",2018,"R1","Departamento","Estratégico","GES1.1.1.1.01","",4,"Gasoil","lsGasoil","Tickets de Combustible de RD$1,000.00"]
[null,"2018.R1.Departamento.Estratégico",2018,"R1","Departamento","Estratégico","GES1.1.1.1.01","",4,"Impresión y encuadernación","lsImpresionyEncuadernacion","Impresión Formularios (dos caras)"]
[null,"2018.R1.Departamento.Estratégico",2018,"R1","Departamento","Estratégico","GES1.1.2.1.02","",8,"Gasoil","lsGasoil","Tickets de Combustible de RD$1,000.00"]
[null,"2018.R1.Departamento.Estratégico",2018,"R1","Departamento","Estratégico","GES1.1.2.1.02","",8,"Viáticos dentro del país","lsViaticosDP","Viaticos Tecnicos Sin Hospedaje"]
[null,"2018.R1.Departamento.Estratégico",2018,"R1","Departamento","Estratégico","GES2. 1.1.1.01","",5,"Alimentos y bebidas para personas","lsAlimentosyBebidas","Refrigerio tipo preempacado p/20 personas (Variedades fuertes, Jugo, Desechables Transparentes, Servilletas, Hielo)"]
[null,"2018.R1.Departamento.Estratégico",2018,"R1","Departamento","Estratégico","GES2. 1.1.1.01","",5,"Impresión y encuadernación","lsImpresionyEncuadernacion","Impresión Formularios (dos caras)"]
[null,"2018.R1.Departamento.Estratégico",2018,"R1","Departamento","Estratégico","GES3.1.1.1.01","",3,"Alimentos y bebidas para personas","lsAlimentosyBebidas","Refrigerio tipo preempacado p/25 personas (4 Variedades, Jugo, Desechables Transparentes, Jugo Natural)"]
[null,"2018.R1.Departamento.Estratégico",2018,"R1","Departamento","Estratégico","GES3.1.1.1.01","",3,"Impresión y encuadernación","lsImpresionyEncuadernacion","Impresión Formularios (dos caras)"]
[null,"2018.R1.Departamento.Estratégico",2018,"R1","Departamento","Estratégico","GES3.1.1.1.02","",16,"Gasoil","lsGasoil","Tickets de Combustible de RD$1,000.00"]
[null,"2018.R1.Departamento.Estratégico",2018,"R1","Departamento","Estratégico","GES3.1.1.1.02","",16,"Viáticos dentro del país","lsViaticosDP","Viaticos Tecnicos Sin Hospedaje"]
[null,"2018.R1.Departamento.Estratégico",2018,"R1","Departamento","Estratégico","GES4.1.1.1.01","",6,"Alimentos y bebidas para personas","lsAlimentosyBebidas","Almuerzo tipo Buffet para 20 personas (Cristalería, Cubertería, Servilletas, Jugo, Café)"]
[null,"2018.R1.Departamento.Estratégico",2018,"R1","Departamento","Estratégico","GES4.1.1.1.01","",6,"Impresión y encuadernación","lsImpresionyEncuadernacion","Impresión Formularios (dos caras)"]
[null,"2018.R1.Departamento.Estratégico",2018,"R1","Departamento","Estratégico","GES5.1.1.1.01","",4,"Alimentos y bebidas para personas","lsAlimentosyBebidas","Refrigerio tipo Buffet p/15 personas (3 Variedades, Desechables Transparentes, Jugo Natural, Servilletas, Hielo) "]
[null,"2018.R1.Departamento.Estratégico",2018,"R1","Departamento","Estratégico","GES6.1.1.1.01","",2,"Alimentos y bebidas para personas","lsAlimentosyBebidas","Refrigerio tipo Buffet p/12 personas (4 Variedades, Desechables Transparentes, Jugo Natural, Servilletas, Hielo)"]
[null,"2018.R1.Departamento.Estratégico",2018,"R1","Departamento","Estratégico","GES6.1.1.1.01","",2,"Impresión y encuadernación","lsImpresionyEncuadernacion","Impresión Formularios (dos caras)"]
[null,"2018.R1.Departamento.Estratégico",2018,"R1","Departamento","Estratégico","GES7.1.1.1.01","",4,"Alimentos y bebidas para personas","lsAlimentosyBebidas","Refrigerio tipo preempacado p/25 personas (4 Variedades, Jugo, Desechables Transparentes, Jugo Natural)"]
[null,"2018.R1.Departamento.Estratégico",2018,"R1","Departamento","Estratégico","GES7.1.1.1.01","",4,"Impresión y encuadernación","lsImpresionyEncuadernacion","Impresión Formularios (dos caras)"]
[null,"2018.R1.Departamento.Estratégico",2018,"R1","Departamento","Estratégico","GES8.1.1.1.01","",5,"Alimentos y bebidas para personas","lsAlimentosyBebidas","Refrigerio tipo Buffet p/15 personas (3 Variedades, Desechables Transparentes, Jugo Natural, Servilletas, Hielo) "]
[null,"2018.R1.Departamento.Estratégico",2018,"R1","Departamento","Estratégico","GES8.1.1.1.01","",5,"Impresión y encuadernación","lsImpresionyEncuadernacion","Impresión Formularios (dos caras)"]
[null,"2018.R1.Departamento.Estratégico",2018,"R1","Departamento","Estratégico","GES9.1.1.1.01","",4,"Alimentos y bebidas para personas","lsAlimentosyBebidas","Refrigerio tipo Buffet p/15 personas (3 Variedades, Desechables Transparentes, Jugo Natural, Servilletas, Hielo) "]
[null,"2018.R1.Departamento.Estratégico",2018,"R1","Departamento","Estratégico","GES9.1.1.1.01","",4,"Impresión y encuadernación","lsImpresionyEncuadernacion","Impresión Formularios (dos caras)"]
[null,"2018.R1.Departamento.Estratégico",2018,"R1","Departamento","Estratégico","GES10.1.1.1.01","",4,"Alimentos y bebidas para personas","lsAlimentosyBebidas","Refrigerio Dulce tipo Buffet p/65 Personas (Arreglo Flores, Alquiler Cristalería, Sillas, Servilletas, Mesa, Bambalina, Tope)"]
[null,"2018.R1.Departamento.Estratégico",2018,"R1","Departamento","Estratégico","GES10.1.1.1.01","",4,"Alimentos y bebidas para personas","lsAlimentosyBebidas","Refrigerio tipo Buffet p/45 personas (5 Variedades, Desechable Transparentes, Servilletas, Hielo) "]
[null,"2018.R1.Departamento.Estratégico",2018,"R1","Departamento","Estratégico","GES10.1.1.1.01","",4,"Gasoil","lsGasoil","Tickets de Combustible de RD$1,000.00"]
[null,"2018.R1.Departamento.Estratégico",2018,"R1","Departamento","Estratégico","GES10.1.1.1.01","",4,"Impresión y encuadernación","lsImpresionyEncuadernacion","Impresión Formularios (dos caras)"]
[null,"2018.R1.Departamento.Estratégico",2018,"R1","Departamento","Estratégico","GES10.1.1.1.01","",4,"Viáticos dentro del país","lsViaticosDP","Viaticos Tecnicos Sin Hospedaje"]
[null,"2018.R1.Departamento.Estratégico",2018,"R1","Departamento","Estratégico","GES11.1.1.1.02","",6,"Viáticos dentro del país","lsViaticosDP","Viaticos Tecnicos Con Hospedaje"]
[null,"2018.R1.Departamento.Estratégico",2018,"R1","Departamento","Estratégico","GES12.1.1.1.01","",6,"Alimentos y bebidas para personas","lsAlimentosyBebidas","Almuerzo tipo Buffet para 20 personas (Cristalería, Cubertería, Servilletas, Jugo, Café)"]
[null,"2018.R1.Departamento.Estratégico",2018,"R1","Departamento","Estratégico","GES12.1.1.1.01","",6,"Viáticos dentro del país","lsViaticosDP","Viaticos Tecnicos Sin Hospedaje"]
[null,"2018.R1.Departamento.Estratégico",2018,"R1","Departamento","Estratégico","GES12.1.1.1.02","",3,"Alimentos y bebidas para personas","lsAlimentosyBebidas","Almuerzo tipo Buffet para 20 personas (Cristalería, Cubertería, Servilletas, Jugo, Café)"]
[null,"2018.R1.Departamento.Estratégico",2018,"R1","Departamento","Estratégico","GES12.1.1.1.02","",3,"Viáticos dentro del país","lsViaticosDP","Viaticos Tecnicos Sin Hospedaje"]
[null,"2018.R1.Departamento.Asistencial",2018,"R1","Departamento","Asistencial","GA.PG2","",2,"Útiles de escritorio, oficina, informática y de enseñanza","lsUtilesdeOficina","Lapiceros color Azul (cajas)","unidad",10,55,550,"2.3.9.2.01 ","Anticipo Financiero"]
[null,"2018.R1.Departamento.Asistencial",2018,"R1","Departamento","Asistencial","GA.PG2.1","",5,"Alimentos y bebidas para personas","lsAlimentosyBebidas","Almuerzo tipo Buffet para 30 personas (Cristaleria, Cuberteria, Servilletas, Jugo) ","unidad",11,25488,280368,"2.3.1.1.01","Venta de servicios"]
[null,"2018.R1.Departamento.Asistencial",2018,"R1","Departamento","Asistencial","GA.PG2.2","",11,"Viáticos dentro del país","lsViaticosDP","Viaticos Tecnicos Sin Hospedaje","Cheque ",3,2100,6300,"2.2.3.1.01","Anticipo Financiero"]
[null,"2018.R1.Departamento.Asistencial",2018,"R1","Departamento","Asistencial","GA 1.8.1.1","",1,"Útiles de escritorio, oficina, informática y de enseñanza","lsUtilesdeOficina","Lapiceros Azules","Caja",3,71.98,215.94,"2.3.9.2.01 ","Anticipo Financiero"]
[null,"2018.R1.Departamento.Asistencial",2018,"R1","Departamento","Asistencial","GA 1.8.1.2","",1,"Útiles de escritorio, oficina, informática y de enseñanza","lsUtilesdeOficina","Lapiceros Azules","Caja",4,71.98,287.92,"2.3.9.2.01 ","Anticipo Financiero"]
[null,"2018.R1.Departamento.Asistencial",2018,"R1","Departamento","Asistencial","GA 1.8.1.3","",1,"Útiles de escritorio, oficina, informática y de enseñanza","lsUtilesdeOficina","Lapiceros Azules","Caja",4,71.98,287.92,"2.3.9.2.01 ","Venta de servicios"]
[null,"2018.R1.Departamento.Asistencial",2018,"R1","Departamento","Asistencial","GA 1.8.1.4","",10,"Gasoil","lsGasoil","Tickets de Combustible de RD$1,000.00","unidad",1,1000,1000,"2.3.7.1.02 ","Venta de servicios"]
[null,"2018.R1.Departamento.Asistencial",2018,"R1","Departamento","Asistencial","GA3.1.1.1","",1,"Útiles de escritorio, oficina, informática y de enseñanza","lsUtilesdeOficina","Cajas de Lapiceros Azules","Caja",3,36,108,"2.3.9.2.01 ","Anticipo Financiero"]
[null,"2018.R1.Departamento.Asistencial",2018,"R1","Departamento","Asistencial","GA3.1.1.2","",1,"Útiles de escritorio, oficina, informática y de enseñanza","lsUtilesdeOficina","Cajas de Lapiceros Azules","Caja",5,36,180,"2.3.9.2.01 ","Anticipo Financiero"]
[null,"2018.R1.Departamento.Asistencial",2018,"R1","Departamento","Asistencial","GA3.1.1.3","",4,"Gasoil","lsGasoil","Tickets de Combustible de RD$1,000.00","unidad",4,1000,4000,"2.3.7.1.02 ","Anticipo Financiero"]
[null,"2018.R1.Departamento.Asistencial",2018,"R1","Departamento","Asistencial","GA3.1.2.1 ","",1,"Útiles de escritorio, oficina, informática y de enseñanza","lsUtilesdeOficina","Cajas de Lapiceros Azules","Caja",4,36,144,"2.3.9.2.01 ","Anticipo Financiero"]
[null,"2018.R1.Departamento.Asistencial",2018,"R1","Departamento","Asistencial","GA.TB.01","",12,"Útiles de escritorio, oficina, informática y de enseñanza","lsUtilesdeOficina","Cajas de Lapiceros Azules","Caja",12,36,432,"2.3.9.2.01 ","Venta de servicios"]
[null,"2018.R1.Departamento.Asistencial",2018,"R1","Departamento","Asistencial","GA.TB.02","",12,"Productos de Papel, Cartón e Impresos","lsProductosdePapel","Folders 8 1/2x 13 (100/1), Ofi Folder","Caja",12,233.64,2803.68,"2.3.3.2.01","Venta de servicios"]
[null,"2018.R1.Departamento.Asistencial",2018,"R1","Departamento","Asistencial","GA.TB. 03","",12,"Productos de Papel, Cartón e Impresos","lsProductosdePapel","Folders 8 1/2x 13 (100/1), Ofi Folder","Caja",12,233.64,2803.68,"2.3.3.2.01","Venta de servicios"]
[null,"2018.R1.Departamento.Asistencial",2018,"R1","Departamento","Asistencial","Ga.v 4.1.1","Taller capacitación gerentes de area y coordinadores de zona sobre el manejo de los insumos del PAI.",2,"Alimentos y bebidas para personas","lsAlimentosyBebidas","Refrigerio tipo preempacado p/25 personas (4 Variedades, Jugo, Desechables Transparentes, Jugo Natural)","unidad",1,12626,12626,"2.3.1.1.01","Venta de servicios"]
[null,"2018.R1.Departamento.Asistencial",2018,"R1","Departamento","Asistencial","Ga.v 4.1.1","Taller capacitación gerentes de area y coordinadores de zona sobre el manejo de los insumos del PAI.",2,"Productos de Papel, Cartón e Impresos","lsProductosdePapel","Folders 8 1/2x 11 (100/1) Impropapel","Caja",1,175.82,175.82,"2.3.3.2.01","Venta de servicios"]
[null,"2018.R1.Departamento.Asistencial",2018,"R1","Departamento","Asistencial","Ga.v 4.1.1","Taller capacitación gerentes de area y coordinadores de zona sobre el manejo de los insumos del PAI.",2,"Útiles de escritorio, oficina, informática y de enseñanza","lsUtilesdeOficina","Cajas de Lapiceros Azules","Caja",2,36,72,"2.3.9.2.01 ","Venta de servicios"]
[null,"2018.R1.Departamento.Asistencial",2018,"R1","Departamento","Asistencial","Ga.v 4.1.1","Taller capacitación gerentes de area y coordinadores de zona sobre el manejo de los insumos del PAI.",2,"Productos de Papel, Cartón e Impresos","lsProductosdePapel","Resma de Papel 8 1/2x11","resma",1,139.24,139.24,"2.3.3.1.01","Venta de servicios"]
[null,"2018.R1.Departamento.Asistencial",2018,"R1","Departamento","Asistencial","Ga.v 4.1.2","Taller capacitación gerentes de area y coordinadores de zona sobre el manejo de la cadena de frio",2,"Alimentos y bebidas para personas","lsAlimentosyBebidas","Servicio de Refrigerio tipo buffet 30 Personas","unidad",1,24225.4,24225.4,"2.3.1.1.01","Venta de servicios"]
[null,"2018.R1.Departamento.Asistencial",2018,"R1","Departamento","Asistencial","Ga.v 4.1.2","Taller capacitación gerentes de area y coordinadores de zona sobre el manejo de la cadena de frio",2,"Productos de Papel, Cartón e Impresos","lsProductosdePapel","Folders 8 1/2x 11 (100/1) Impropapel","Caja",1,175.82,175.82,"2.3.3.2.01","Venta de servicios"]
[null,"2018.R1.Departamento.Asistencial",2018,"R1","Departamento","Asistencial","Ga.v 4.1.2","Taller capacitación gerentes de area y coordinadores de zona sobre el manejo de la cadena de frio",2,"Útiles de escritorio, oficina, informática y de enseñanza","lsUtilesdeOficina","Cajas de Lapiceros Azules","Caja",1,36,36,"2.3.9.2.01 ","Venta de servicios"]
[null,"2018.R1.Departamento.Asistencial",2018,"R1","Departamento","Asistencial","Ga.4.1.3","Taller capacitación para lsa gerentes de enfermeria de los CEAS, C.D Y Enfermeras de los UAP.",4,"Alimentos y bebidas para personas","lsAlimentosyBebidas","Refrigerio tipo preempacado p/50 personas (3 Variedades, Jugo, Desechables Transparentes, Hielo, Servilleta) ","unidad",1,19706,19706,"2.3.1.1.01","Venta de servicios"]
[null,"2018.R1.Departamento.Asistencial",2018,"R1","Departamento","Asistencial","Ga.4.1.3","Taller capacitación para lsa gerentes de enfermeria de los CEAS, C.D Y Enfermeras de los UAP.",4,"Productos de Papel, Cartón e Impresos","lsProductosdePapel","Folders 8 1/2x 11 (100/1) Impropapel","Caja",1,175.82,175.82,"2.3.3.2.01","Venta de servicios"]
[null,"2018.R1.Departamento.Asistencial",2018,"R1","Departamento","Asistencial","Ga.4.1.3","Taller capacitación para lsa gerentes de enfermeria de los CEAS, C.D Y Enfermeras de los UAP.",4,"Útiles de escritorio, oficina, informática y de enseñanza","lsUtilesdeOficina","Cajas de Lapiceros Azules","Caja",1,36,36,"2.3.9.2.01 ","Venta de servicios"]
[null,"2018.R1.Departamento.Asistencial",2018,"R1","Departamento","Asistencial","GAMI.3.1.1","","4 Reuniones","Alimentos y bebidas para personas","lsAlimentosyBebidas","Refrigerio tipo Buffet p/12 personas (4 Variedades, Desechables Transparentes, Jugo Natural, Servilletas, Hielo)","unidad",10,9410.5,94105,"2.3.1.1.01","Venta de servicios"]
[null,"2018.R1.Departamento.Asistencial",2018,"R1","Departamento","Asistencial","GAMI.3.1.2","",4,"Alimentos y bebidas para personas","lsAlimentosyBebidas","Refrigerio tipo preempacado p/25 personas (4 Variedades, Jugo, Desechables Transparentes, Jugo Natural)","unidad",25,12626,315650,"2.3.1.1.01","Venta de servicios"]
[null,"2018.R1.Departamento.Asistencial",2018,"R1","Departamento","Asistencial","GAMI.3.1.2","",4,"Productos de Papel, Cartón e Impresos","lsProductosdePapel","Folders 8 1/2x 11 (100/1), de Colores","Caja",1,531,531,"2.3.3.2.01","Anticipo Financiero"]
[null,"2018.R1.Departamento.Asistencial",2018,"R1","Departamento","Asistencial","GAMI.3.1.2","",4,"Productos de Papel, Cartón e Impresos","lsProductosdePapel","Resma de Papel 8 1/2x11","resma",1,139.24,139.24,"2.3.3.1.01","Anticipo Financiero"]
[null,"2018.R1.Departamento.Asistencial",2018,"R1","Departamento","Asistencial","GAMI.3.1.2","",4,"Útiles de escritorio, oficina, informática y de enseñanza","lsUtilesdeOficina","Cajas de Lapiceros Azules","Caja",9,36,324,"2.3.9.2.01 ","Anticipo Financiero"]
[null,"2018.R1.Departamento.Asistencial",2018,"R1","Departamento","Asistencial","GAMI.3.1.3","",4,"Alimentos y bebidas para personas","lsAlimentosyBebidas","Refrigerio tipo Buffet p/12 personas (4 Variedades, Desechables Transparentes, Jugo Natural, Servilletas, Hielo)","unidad",10,9410.5,94105,"2.3.1.1.01","Venta de servicios"]
[null,"2018.R1.Departamento.Asistencial",2018,"R1","Departamento","Asistencial","GAMI.3.1.4","",4,"Alimentos y bebidas para personas","lsAlimentosyBebidas","Refrigerio tipo Buffet p/15 personas (3 Variedades, Desechables Transparentes, Jugo Natural, Servilletas, Hielo) ","unidad",15,5929.5,88942.5,"2.3.1.1.01","Venta de servicios"]
[null,"2018.R1.Departamento.Asistencial",2018,"R1","Departamento","Asistencial","GAMI.3.1.5","",4,"Alimentos y bebidas para personas","lsAlimentosyBebidas","Refrigerio tipo preempacado p/25 personas (4 Variedades, Jugo, Desechables Transparentes, Jugo Natural)","unidad",25,12626,315650,"2.3.1.1.01","Venta de servicios"]
[null,"2018.R1.Departamento.Asistencial",2018,"R1","Departamento","Asistencial","GAMI.3.1.5","",4,"Productos de Papel, Cartón e Impresos","lsProductosdePapel","Folders 8 1/2x 11 (100/1), de Colores","Caja",1,531,531,"2.3.3.2.01","Anticipo Financiero"]
[null,"2018.R1.Departamento.Asistencial",2018,"R1","Departamento","Asistencial","GAMI.3.1.5","",4,"Productos de Papel, Cartón e Impresos","lsProductosdePapel","Resma de Papel 8 1/2x11","resma",1,139.24,139.24,"2.3.3.1.01","Anticipo Financiero"]
[null,"2018.R1.Departamento.Asistencial",2018,"R1","Departamento","Asistencial","GAMI.3.1.5","",4,"Útiles de escritorio, oficina, informática y de enseñanza","lsUtilesdeOficina","Lapiceros color Azul (cajas)","unidad",100,55,5500,"2.3.9.2.01 ","Anticipo Financiero"]
[null,"2018.R1.Departamento.Asistencial",2018,"R1","Departamento","Asistencial","GAMI.4.1.1","",3,"Alimentos y bebidas para personas","lsAlimentosyBebidas","Refrigerio tipo Buffet p/15 personas (3 Variedades, Desechables Transparentes, Jugo Natural, Servilletas, Hielo) ","unidad",15,5929.5,88942.5,"2.3.1.1.01","Anticipo Financiero"]
[null,"2018.R1.Departamento.Asistencial",2018,"R1","Departamento","Asistencial","GAMI.4.1.2","",3,"Alimentos y bebidas para personas","lsAlimentosyBebidas","Refrigerio tipo preempacado p/25 personas (4 Variedades, Jugo, Desechables Transparentes, Jugo Natural)","unidad",25,12626,315650,"2.3.1.1.01","Venta de servicios"]
[null,"2018.R1.Departamento.Asistencial",2018,"R1","Departamento","Asistencial","GAMI.4.1.2","",3,"Productos de Papel, Cartón e Impresos","lsProductosdePapel","Folders 8 1/2x 11 (100/1), de Colores","Caja",1,531,531,"2.3.3.2.01","Anticipo Financiero"]
[null,"2018.R1.Departamento.Asistencial",2018,"R1","Departamento","Asistencial","GAMI.4.1.2","",3,"Productos de Papel, Cartón e Impresos","lsProductosdePapel","Resma de Papel 8 1/2x11","resma",1,139.24,139.24,"2.3.3.1.01","Anticipo Financiero"]
[null,"2018.R1.Departamento.Asistencial",2018,"R1","Departamento","Asistencial","GAMI.4.1.2","",3,"Útiles de escritorio, oficina, informática y de enseñanza","lsUtilesdeOficina","Cajas de Lapiceros Azules","Caja",6,36,216,"2.3.9.2.01 ","Anticipo Financiero"]
[null,"2018.R1.Departamento.Asistencial",2018,"R1","Departamento","Asistencial","GAMI.4.1.3","",3,"Alimentos y bebidas para personas","lsAlimentosyBebidas","Refrigerio tipo Buffet p/15 personas (3 Variedades, Desechables Transparentes, Jugo Natural, Servilletas, Hielo) ","unidad",15,5929.5,88942.5,"2.3.1.1.01","Venta de servicios"]
[null,"2018.R1.Departamento.Asistencial",2018,"R1","Departamento","Asistencial","GAMI.4.1.4","",4,"Alimentos y bebidas para personas","lsAlimentosyBebidas","Refrigerio tipo preempacado p/25 personas (4 Variedades, Jugo, Desechables Transparentes, Jugo Natural)","unidad",25,12626,315650,"2.3.1.1.01","Venta de servicios"]
[null,"2018.R1.Departamento.Asistencial",2018,"R1","Departamento","Asistencial","GAMI.4.1.5","",4,"Alimentos y bebidas para personas","lsAlimentosyBebidas","Refrigerio tipo preempacado p/25 personas (4 Variedades, Jugo, Desechables Transparentes, Jugo Natural)","unidad",25,12626,315650,"2.3.1.1.01","Venta de servicios"]
[null,"2018.R1.Departamento.Asistencial",2018,"R1","Departamento","Asistencial","GAMI.4.1.5","",4,"Productos de Papel, Cartón e Impresos","lsProductosdePapel","Folders 8 1/2x 11 (100/1), de Colores","Caja",1,531,531,"2.3.3.2.01","Anticipo Financiero"]
[null,"2018.R1.Departamento.Asistencial",2018,"R1","Departamento","Asistencial","GAMI.4.1.6","",4,"Alimentos y bebidas para personas","lsAlimentosyBebidas","Refrigerio tipo preempacado p/25 personas (4 Variedades, Jugo, Desechables Transparentes, Jugo Natural)","unidad",25,12626,315650,"2.3.1.1.01","Venta de servicios"]
[null,"2018.R1.Departamento.Asistencial",2018,"R1","Departamento","Asistencial","GAMI.4.1.6","",4,"Productos de Papel, Cartón e Impresos","lsProductosdePapel","Folders 8 1/2x 11 (100/1), de Colores","Caja",1,531,531,"2.3.3.2.01","Anticipo Financiero"]
[null,"2018.R1.Departamento.Asistencial",2018,"R1","Departamento","Asistencial","GAMI.4.1.6","",4,"Productos de Papel, Cartón e Impresos","lsProductosdePapel","Resma de Papel 8 1/2x11","resma",1,139.24,139.24,"2.3.3.1.01","Anticipo Financiero"]
[null,"2018.R1.Departamento.Asistencial",2018,"R1","Departamento","Asistencial","GAMI.4.1.6","",4,"Alimentos y bebidas para personas","lsAlimentosyBebidas","Refrigerio tipo preempacado p/25 personas (4 Variedades, Jugo, Desechables Transparentes, Jugo Natural)","unidad",25,12626,315650,"2.3.1.1.01","Venta de servicios"]
[null,"2018.R1.Departamento.Asistencial",2018,"R1","Departamento","Asistencial","GA.VIH.1.1","",4,"Productos de Papel, Cartón e Impresos","lsProductosdePapel","Folders 8 1/2x 13 (100/1), Ofi Folder","Caja",40,233.64,9345.599999999999,"2.3.3.2.01","Recursos externos"]
[null,"2018.R1.Departamento.Asistencial",2018,"R1","Departamento","Asistencial","GA.VIH.1.2","",4,"Productos de Papel, Cartón e Impresos","lsProductosdePapel","Carpetas institucionales con bolsillo full color, Cartón 9x12","unidad",20,30.68,613.6,"2.3.3.3.01","Recursos externos"]
[null,"2018.R1.Departamento.Asistencial",2018,"R1","Departamento","Asistencial","GA.VHI.2.1","","","Productos de Papel, Cartón e Impresos","lsProductosdePapel","Libretas Rayadas 5x8 (docena)","unidad",2,132.75,265.5,"2.3.3.2.01","Recursos externos"]
[null,"2018.R1.Departamento.Asistencial",2018,"R1","Departamento","Asistencial","GA.VIH.3.1","",2,"Productos de Papel, Cartón e Impresos","lsProductosdePapel","Resma de Papel 8 1/2x11","resma",2,139.24,278.48,"2.3.3.1.01","Recursos externos"]
[null,"2018.R1.Departamento.Administrativo",2018,"R1","Departamento","Administrativo","ADM1.1.3.1","",4,"Alimentos y bebidas para personas","lsAlimentosyBebidas","Refrigerio tipo Buffet p/45 personas (5 Variedades, Desechable Transparentes, Servilletas, Hielo) "]
[null,"2018.R1.Departamento.Administrativo",2018,"R1","Departamento","Administrativo","ADM1.1.3.2","",3,"Alimentos y bebidas para personas","lsAlimentosyBebidas","Refrigerio tipo Buffet p/45 personas (5 Variedades, Desechable Transparentes, Servilletas, Hielo) "]
[null,"2018.R1.Departamento.Administrativo",2018,"R1","Departamento","Administrativo","ADM1.1.3.3","",2,"Alimentos y bebidas para personas","lsAlimentosyBebidas","Refrigerio tipo Buffet p/45 personas (5 Variedades, Desechable Transparentes, Servilletas, Hielo) "]
[null,"2018.R1.Departamento.Administrativo",2018,"R1","Departamento","Administrativo","ADM1.1.1.1","",1,"Alimentos y bebidas para personas","lsAlimentosyBebidas","Refrigerio tipo Buffet p/45 personas (5 Variedades, Desechable Transparentes, Servilletas, Hielo) "]
[null,"2018.R1.Departamento.Administrativo",2018,"R1","Departamento","Administrativo","ADM3.3.2.1","",1,"Alimentos y bebidas para personas","lsAlimentosyBebidas","Refrigerio tipo Buffet p/45 personas (5 Variedades, Desechable Transparentes, Servilletas, Hielo) "]
[null,"2017.R1.Departamento.Gestión Humana",2017,"R1","Departamento","Gestión Humana","GRRHH 2.1.1","",2,"Alimentos y bebidas para personas","lsAlimentosyBebidas","Almuerzo tipo Buffet para 20 personas (Cristalería, Cubertería, Servilletas, Jugo, Café)","Papeleria","unidad",2,10133.5,20267,"2.3.1.1.01","Venta de servicios"]
[null,"2017.R1.Departamento.Gestión Humana",2017,"R1","Departamento","Gestión Humana","GRRHH 1.2.2","",1,"Alimentos y bebidas para personas","lsAlimentosyBebidas","Almuerzo tipo Buffet para 20 personas (Cristalería, Cubertería, Servilletas, Jugo, Café)","Papeleria","unidad",null,10133.5,"","2.3.1.1.01","Venta de servicios"]
[null,"2017.R1.Departamento.Gestión Humana",2017,"R1","Departamento","Gestión Humana","GRRHH 2.2.3","",1,"Equipos de cómputo","lsEquiposComputos",null,"Papeleria","",null,"","","","Venta de servicios"]
[null,"2017.R1.Departamento.Gestión Humana",2017,"R1","Departamento","Gestión Humana","GRRHH 2.2.4","",1,"Alimentos y bebidas para personas","lsAlimentosyBebidas","Almuerzo tipo Buffet para 40 personas (Cristalería, Cuberteria, Mesas, Sillas, Manteles, Servilletas)","Papeleria","unidad",2,61419,122838,"2.3.1.1.01","Venta de servicios"]
[null,"2017.R1.Departamento.Gestión Humana",2017,"R1","Departamento","Gestión Humana","GRRHH 2.2.5","",1,"Alimentos y bebidas para personas","lsAlimentosyBebidas","Almuerzo tipo Buffet para 20 personas (Cristalería, Cubertería, Servilletas, Jugo, Café)","Papeleria","unidad",1,10133.5,10133.5,"2.3.1.1.01","Venta de servicios"]
[null,"2017.R1.Departamento.Gestión Humana",2017,"R1","Departamento","Gestión Humana","GRRHH 2.2.7","",5,"Gasoil","lsGasoil","Tickets de Combustible de RD$1,000.00","Vehiculo ","unidad",5,1000,5000,"2.3.7.1.02 ","Anticipo Financiero"]
[null,"2017.R1.Departamento.Gestión Humana",2017,"R1","Departamento","Gestión Humana","GRRH 2.2.8","",3,"Alimentos y bebidas para personas","lsAlimentosyBebidas","Almuerzo tipo Buffet para 20 personas (Cristalería, Cubertería, Servilletas, Jugo, Café)","Papeleria","unidad",3,10133.5,30400.5,"2.3.1.1.01","Venta de servicios"]
[null,"","","","","",null,"","",null,"",null,"",null,"","",""]
[null,"","","","","",null,"","",null,"",null,"",null,"","",""]
[null,"","","","","",null,"","",null,"",null,"",null,"","",""]
[null,"","","","","",null,"","",null,"",null,"",null,"","",""]
[null,"","","","","",null,"","",null,"",null,"",null,"","",""]
[null,"","","","","",null,"","",null,"",null,"",null,"","",""]
[null,"","","","","",null,"","",null,"",null,"",null,"","",""]
[null,"","","","","",null,"","",null,"",null,"",null,"","",""]
[null,"","","","","",null,"","",null,"",null,"",null,"","",""]
[null,"","","","","",null,"","",null,"",null,"",null,"","",""]
[null,"","","","","",null,""]
[null,"","","","","",null,""]
[null,"","","","","",null,""]
[null,"","","","","",null,""]
[null,"","","","","",null,""]
[null,"","","","","",null,""]
[null,"","","","","",null,""]
[null,"","","","","",null,""]
[null,"","","","","",null,""]
[null,"","","","","",null,""]
[null,"","","","","",null,""]
[null,"","","","","",null,""]
[null,"","","","","",null,""]
[null,"","","","","",null,""]
[null,"","","","","",null,"","",null,"",null,"",null,"","",""]
[null,"","","","","",null,"","",null,"",null,"",null,"","",""]
[null,"","","","","",null,"","",null,"",null,"",null,"","",""]
[null,"","","","","",null,"","",null,"",null,"",null,"","",""]
[null,"","","","","",null,"","",null,"",null,"",null,"","",""]
[null,"","","","","",null,"","",null,""]
[null,"","","","","",null,"","",null,""]
[null,"","","","","",null,"","",null,""]
[null,"","","","","",null,"","",null,""]
[null,"","","","","",null,"","",null,""]
[null,"","","","","",null,"","",null,""]
[null,"","","","","",null,"","",null,""]
[null,"","","","","",null,"","",null,""]
[null,"","","","","",null,"","",null,""]
[null,"","","","","",null,"","",null,""]
[null,"","","","","",null,"","",null,""]
[null,"","","","","",null,"","",null,"",null,"",null,"","",""]
[null,"","","","","",null,"","",null,"",null,"",null,"","",""]
[null,"","","","","",null,"","",null,"",null,"",null,"","",""]
[null,"","","","","",null,"","",null,"",null,"",null,"","",""]
[null,"","","","","",null,"","",null,"",null,"",null,"","",""]
[null,"","","","","",null,"","",null,"",null,"",null,"","",""]
[null,"","","","","",null,"","",null,"",null,"",null,"","",""]
[null,"","","","","",null,"","",null,"",null,"",null,"","",""]
[null,"","","","","",null,"","",null,"",null,"",null,"","",""]
[null,"","","","","",null,"","",null,"",null,"",null,"","",""]
[null,"","","","","",null,"","",null,"",null,"",null,"","",""]
[null,"","","","","",null,"","",null,"",null,null,"",null,"","","","Venta de servicios"]
[null,"","","","","",null,"","",null,"",null,null,"",null,"","",""]
[null,"","","","","",null,"","",null,"",null,null,"",null,"","",""]
[null,"","","","","",null,"","",null,"",null,null,"",null,"","",""]
[null,"","","","","",null,"","",null,"",null,null,"",null,"","",""]
[null,"","","","","",null,"","",null,"",null,null,"",null,"","",""]
[null,"","","","","",null,"","",null,"",null,null,"",null,"","",""]
[null,"","","","","",null,"","",null,"",null,"",null,"","",""]
[null,"","","","","",null,"","",null,"",null,"",null,"","",""]
[null,"","","","","",null,"","",null,"",null,"",null,"","",""]
[null,"","","","","",null,"","","Viáticos dentro del país","lsViaticosDP","Viaticos Chofer Sin Hospedaje"]
[null,"","","","","",null,"","","Gasoil","lsGasoil","Tickets de Combustible de RD$1,000.00"]
[null,"","","","","",null,"","","Viáticos dentro del país","lsViaticosDP","Viaticos Tecnicos Sin Hospedaje"]
[null,"","","","","",null,"","","Viáticos dentro del país","lsViaticosDP","Viaticos Tecnicos Sin Hospedaje"]
[null,"","","","","",null,"","",null,""]
[null,"","","","","",null,"","",null,""]
[null,"","","","","",null,"","",null,""]
[null,"","","","","",null,"","",null,""]
[null,"","","","","",null,"","",null,""]
[null,"","","","","",null,"","","Productos de Papel, Cartón e Impresos","lsProductosdePapel","Carpetas institucionales con bolsillo full color, Cartón 9x12"]
[null,"","","","","",null,"","","Productos de Papel, Cartón e Impresos","lsProductosdePapel","Libretas Rayadas 5x8 (docena)"]
[null,"","","","","",null,"","","Productos de Papel, Cartón e Impresos","lsProductosdePapel","Resma de Papel 8 1/2x11"]
[null,"","","","","",null,"","","Útiles de escritorio, oficina, informática y de enseñanza","lsUtilesdeOficina","Lapiceros color Azul (cajas)"]
[null,"","","","","",null,"","","Útiles de escritorio, oficina, informática y de enseñanza","lsUtilesdeOficina","Lapiceros color negro (cajas)"]
[null,"","","","","",null,"","","Útiles de escritorio, oficina, informática y de enseñanza","lsUtilesdeOficina","Lápiz de carbon (docena)"]
[null,"","","","","",null,"","","Útiles de escritorio, oficina, informática y de enseñanza","lsUtilesdeOficina","Sacapuntas"]
[null,"","","","","",null,"","",null,""]
[null,"","","","","",null,"","","Productos de Papel, Cartón e Impresos","lsProductosdePapel","Carpetas institucionales con bolsillo full color, Cartón 9x12"]
[null,"","","","","",null,"","","Productos de Papel, Cartón e Impresos","lsProductosdePapel","Libretas Rayadas 5x8 (docena)"]
[null,"","","","","",null,"","","Productos de Papel, Cartón e Impresos","lsProductosdePapel","Resma de Papel 8 1/2x11"]
[null,"","","","","",null,"","","Útiles de escritorio, oficina, informática y de enseñanza","lsUtilesdeOficina","Lapiceros color Azul (cajas)"]
[null,"","","","","",null,"","","Útiles de escritorio, oficina, informática y de enseñanza","lsUtilesdeOficina","Lapiceros color negro (cajas)"]
[null,"","","","","",null,"","","Útiles de escritorio, oficina, informática y de enseñanza","lsUtilesdeOficina","Lápiz de carbon (docena)"]
[null,"","","","","",null,"","","Útiles de escritorio, oficina, informática y de enseñanza","lsUtilesdeOficina","Sacapuntas"]
[null,"","","","","",null,"","",null,""]
[null,"","","","","",null,"","","Productos de Papel, Cartón e Impresos","lsProductosdePapel","Carpetas institucionales con bolsillo full color, Cartón 9x12"]
[null,"","","","","",null,"","","Productos de Papel, Cartón e Impresos","lsProductosdePapel","Libretas Rayadas 5x8 (docena)"]
[null,"","","","","",null,"","","Productos de Papel, Cartón e Impresos","lsProductosdePapel","Resma de Papel 8 1/2x11"]
[null,"","","","","",null,"","","Útiles de escritorio, oficina, informática y de enseñanza","lsUtilesdeOficina","Lapiceros color Azul (cajas)"]
[null,"","","","","",null,"","","Útiles de escritorio, oficina, informática y de enseñanza","lsUtilesdeOficina","Lapiceros color negro (cajas)"]
[null,"","","","","",null,"","","Útiles de escritorio, oficina, informática y de enseñanza","lsUtilesdeOficina","Lápiz de carbon (docena)"]
[null,"","","","","",null,"","","Útiles de escritorio, oficina, informática y de enseñanza","lsUtilesdeOficina","Sacapuntas"]
[null,"","","","","",null,"","",null,""]
[null,"","","","","",null,"","","Productos de Papel, Cartón e Impresos","lsProductosdePapel","Carpetas institucionales con bolsillo full color, Cartón 9x12"]
[null,"","","","","",null,"","","Productos de Papel, Cartón e Impresos","lsProductosdePapel","Libretas Rayadas 5x8 (docena)"]
[null,"","","","","",null,"","","Productos de Papel, Cartón e Impresos","lsProductosdePapel","Resma de Papel 8 1/2x11"]
[null,"","","","","",null,"","","Útiles de escritorio, oficina, informática y de enseñanza","lsUtilesdeOficina","Lapiceros color Azul (cajas)"]
[null,"","","","","",null,"","","Útiles de escritorio, oficina, informática y de enseñanza","lsUtilesdeOficina","Lapiceros color negro (cajas)"]
[null,"","","","","",null,"","","Útiles de escritorio, oficina, informática y de enseñanza","lsUtilesdeOficina","Lápiz de carbon (docena)"]
[null,"","","","","",null,"","","Útiles de escritorio, oficina, informática y de enseñanza","lsUtilesdeOficina","Sacapuntas"]
[null,"","","","","",null,"","",null,""]
[null,"","","","","",null,"","","Productos de Papel, Cartón e Impresos","lsProductosdePapel","Carpetas institucionales con bolsillo full color, Cartón 9x12"]
[null,"","","","","",null,"","","Productos de Papel, Cartón e Impresos","lsProductosdePapel","Libretas Rayadas 5x8 (docena)"]
[null,"","","","","",null,"","","Productos de Papel, Cartón e Impresos","lsProductosdePapel","Resma de Papel 8 1/2x11"]
[null,"","","","","",null,"","","Útiles de escritorio, oficina, informática y de enseñanza","lsUtilesdeOficina","Lapiceros color Azul (cajas)"]
[null,"","","","","",null,"","","Útiles de escritorio, oficina, informática y de enseñanza","lsUtilesdeOficina","Lapiceros color negro (cajas)"]
[null,"","","","","",null,"","","Útiles de escritorio, oficina, informática y de enseñanza","lsUtilesdeOficina","Lápiz de carbon (docena)"]
[null,"","","","","",null,"","","Útiles de escritorio, oficina, informática y de enseñanza","lsUtilesdeOficina","Sacapuntas"]
[null,"","","","","",null,"","",null,""]
[null,"","","","","",null,"","",null,""]
[null,"","","","","",null,"","",null,""]
[null,"","","","","",null,"","",null,""]
[null,"","","","","",null,"","",null,""]
[null,"","","","","",null,"","",null,""]
[null,"","","","","",null,"","",null,""]
[null,"","","","","",null,"","",null,""]
[null,"","","","","",null,"","",null,""]
[null,"","","","","",null,"","",null,""]
[null,"","","","","",null,"","",null,""]
[null,"","","","","",null,"","",null,""]
[null,"","","","","",null,"","",null,""]
[null,"","","","","",null,"","",null,""]
[null,"","","","","",null,"","",null,""]
[null,"","","","","",null,"","",null,""]
[null,"","","","","",null,"","",null,""]
[null,"","","","","",null,"","",null,""]
[null,"","","","","",null,"","",null,""]
[null,"","","","","",null,"","",null,""]
[null,"","","","","",null,"","",null,""]
[null,"","","","","",null,"","",null,""]
[null,"","","","","",null,"","",null,""]
[null,"","","","","",null,"","",null,""]
[null,"","","","","",null,"","",null,""]
[null,"","","","","",null,"","",null,""]
[null,"","","","","",null,"","","Alimentos y bebidas para personas","lsAlimentosyBebidas","Almuerzo tipo Buffet para 20 personas (Cristalería, Cubertería, Servilletas, Jugo, Café)","unidad",20,10133.5,202670,"2.3.1.1.01","Venta de servicios"]
[null,"","","","","",null,"","","Útiles de escritorio, oficina, informática y de enseñanza","lsUtilesdeOficina","Cajas de Lapiceros Azules","Caja",2,36,72,"2.3.9.2.01 ","Recursos externos"]
[null,"","","","","",null,"","","Viáticos dentro del país","lsViaticosDP","Viaticos Chofer Sin Hospedaje","Cheque ",4,1500,6000,"2.2.3.1.01","Recursos externos"]
[null,"","","","","",null,"","",null,"",null,"",null,"","",""]
[null,"","","","","",null,"","","Alimentos y bebidas para personas","lsAlimentosyBebidas","Refrigerio tipo Buffet p/12 personas (4 Variedades, Desechables Transparentes, Jugo Natural, Servilletas, Hielo)","unidad",2,9410.5,18821,"2.3.1.1.01","Venta de servicios"]
[null,"","","","","",null,"","","Productos de Papel, Cartón e Impresos","lsProductosdePapel","Folders 8 1/2x 13 (100/1), Ofi Folder","Caja",2,233.64,467.28,"2.3.3.2.01","Recursos externos"]
[null,"","","","","",null,"","","Alimentos y bebidas para personas","lsAlimentosyBebidas","Refrigerio tipo Buffet p/12 personas (4 Variedades, Desechables Transparentes, Jugo Natural, Servilletas, Hielo)","unidad",2,9410.5,18821,"2.3.1.1.01","Venta de servicios"]
[null,"","","","","",null,"","",null,"",null,"",null,"","",""]
[null,"","","","","",null,"","",null,"",null,"",null,"","",""]
[null,"","","","","",null,"","",null,"",null,null,"",null,"","",""]
[null,"","","","","",null,"","",null,"",null,null,"",null,"","",""]
[null,"","","","","",null,"","",null,"",null,null,"",null,"","",""]
[null,"","","","","",null,"","",null,"",null,null,"",null,"","",""]
[null,"","","","","",null,"","",null,"",null,null,"",null,"","",""]
[null,"","","","","",null,"","",null,"",null,null,"",null,"","",""]
[null,"","","","","",null,"","","Servicios técnicos y profesionales","lsServiciosTecnicosProfesionales","Pagos facilitadores externos"]
[null,"","","","","",null,"","",null,""]
[null,"","","","","",null,"","","Impresión y encuadernación","lsImpresionyEncuadernacion","Impresión Formularios (dos caras)"]
[null,"","","","","",null,"","","Gasoil","lsGasoil","Galones de Gasolina Regular"]
[null,"","","","","",null,"","","Impresión y encuadernación","lsImpresionyEncuadernacion","Impresión Formularios (dos caras)"]
[null,"","","","","",null,"","","Gasoil","lsGasoil","Galones de Gasolina Regular"]
[null,"","","","","",null,"","","Impresión y encuadernación","lsImpresionyEncuadernacion","Impresión Formularios (dos caras)"]
[null,"","","","","",null,"","",null,""]
[null,"","","","","",null,"","",null,""]
[null,"","","","","",null,"","",null,""]
[null,"","","","","",null,"","",null,""]
[null,"","","","","",null,"","",null,""]
[null,"","","","","",null,"","",null,""]
[null,"","","","","",null,"","",null,""]
[null,"","","","","",null,"","",null,""]
[null,"","","","","",null,"","",null,""]
[null,"","","","","",null,"","",null,""]
[null,"","","","","",null,"","",null,""]
[null,"","","","","",null,"","",null,""]
[null,"","","","","",null,"","",null,""]
[null,"","","","","",null,"","",null,""]
[null,"","","","","",null,"","",null,""]
[null,"","","","","",null,"","",null,""]
[null,"","","","","",null,"","","Gasoil","lsGasoil","Tickets de Combustible de RD$500.00"]
[null,"","","","","",null,"","","Impresión y encuadernación","lsImpresionyEncuadernacion","Impresión Formularios (dos caras)"]
[null,"","","","","",null,"","","Servicios técnicos y profesionales","lsServiciosTecnicosProfesionales","Pagos facilitadores externos"]
[null,"","","","","",null,"","",null,""]
[null,"","","","","",null,"","","Productos medicinales para uso humano","lsProductosMedicinalesH","Anestesia al 2% 1 50.00"]
[null,"","","","","",null,"","","Productos medicinales para uso humano","lsProductosMedicinalesH","Anestesia al 3% 50/1"]
[null,"","","","","",null,"","","Productos medicinales para uso humano","lsProductosMedicinalesH","Dycal brazil"]
[null,"","","","","",null,"","","Productos medicinales para uso humano","lsProductosMedicinalesH","Eugenol (frasco)"]
[null,"","","","","",null,"","","Productos medicinales para uso humano","lsProductosMedicinalesH","Grabado Acido 37% Phosphoric 12g"]
[null,"","","","","",null,"","","Productos medicinales para uso humano","lsProductosMedicinalesH","Hidróxido de Calcio USA"]
[null,"","","","","",null,"","","Productos medicinales para uso humano","lsProductosMedicinalesH","Hyaminol solución desinfectante 16 oz."]
[null,"","","","","",null,"","","Productos medicinales para uso humano","lsProductosMedicinalesH","Kit de Resina"]
[null,"","","","","",null,"","","Productos medicinales para uso humano","lsProductosMedicinalesH","Lysol Odontológico IC"]
[null,"","","","","",null,"","","Productos medicinales para uso humano","lsProductosMedicinalesH","Minolyse LGM para Maquina ABX Micros 60"]
[null,"","","","","",null,"","","Productos medicinales para uso humano","lsProductosMedicinalesH","Minoton/Minidil, 20 litros para Maquina ABX Micros 60"]
[null,"","","","","",null,"","","Productos medicinales para uso humano","lsProductosMedicinalesH","Oxido de Zinc 2oz. (LC)"]
[null,"","","","","",null,"","","Productos medicinales para uso humano","lsProductosMedicinalesH","Papel articular"]
[null,"","","","","",null,"","","Productos medicinales para uso humano","lsProductosMedicinalesH","Pasta profiláctica Cherry 12oz"]
[null,"","","","","",null,"","","Productos medicinales para uso humano","lsProductosMedicinalesH","Resina flow"]
[null,"","","","","",null,"","","Gasoil","lsGasoil","Galones de Gasolina Premium"]
[null,"","","","","",null,"","","Viáticos dentro del país","lsViaticosDP","Viaticos Chofer Sin Hospedaje"]
[null,"","","","","",null,"","","Viáticos dentro del país","lsViaticosDP","Viaticos Tecnicos Sin Hospedaje"]
[null,"","","","","",null,"","",null,""]
[null,"","","","","",null,"","","Impresión y encuadernación","lsImpresionyEncuadernacion","Impresión Formularios (dos caras)"]
[null,"","","","","",null,"","","Gasoil","lsGasoil","Tickets de Combustible de RD$500.00"]
[null,"","","","","",null,"","",null,""]
[null,"","","","","",null,"","",null,""]
[null,"","","","","",null,"","",null,""]
[null,"","","","","",null,"","",null,""]
[null,"","","","","",null,"","",null,""]
[null,"","","","","",null,"","",null,""]
[null,"","","","","",null,"","",null,""]
[null,"","","","","",null,""]
[null,"","","","","",null,""]
[null,"","","","","",null,""]
[null,"","","","","",null,""]
[null,"","","","","",null,""]
[null,"","","","","",null,""]
[null,"","","","","",null,""]
[null,"","","","","",null,""]
[null,"","","","","",null,""]
[null,"","","","","",null,""]
[null,"","","","","",null,""]
[null,"","","","","",null,""]
[null,"","","","","",null,""]
[null,"","","","","",null,""]
[null,"","","","","",null,"","",null,""]
[null,"","","","","",null,"","",null,""]
[null,"","","","","",null,"","","Impresión y encuadernación","lsImpresionyEncuadernacion","Impresión Formularios (dos caras)"]
[null,"","","","","",null,"","","Viáticos dentro del país","lsViaticosDP","Viaticos Tecnicos Sin Hospedaje"]
[null,"","","","","",null,"","","Impresión y encuadernación","lsImpresionyEncuadernacion","Impresión Formularios (dos caras)"]
[null,"","","","","",null,"","","Útiles de escritorio, oficina, informática y de enseñanza","lsUtilesdeOficina","Sellos Gomigrafos"]
[null,"","","","","",null,"","","Útiles de escritorio, oficina, informática y de enseñanza","lsUtilesdeOficina","Lapiceros color Azul (cajas)"]
[null,"","","","","",null,"","","Útiles de escritorio, oficina, informática y de enseñanza","lsUtilesdeOficina","Tinta para Sello color azul (docenas)"]
[null,"","","","","",null,"","","Impresión y encuadernación","lsImpresionyEncuadernacion","Impresión Formularios (dos caras)"]
[null,"","","","","",null,"","",null,""]
[null,"","","","","",null,"","",null,""]
[null,"","","","","",null,"","",null,""]
[null,"","","","","",null,"","",null,""]
[null,"","","","","",null,"","",null,""]
[null,"","","","","",null,"","",null,""]
[null,"","","","","",null,"","",null,""]
[null,"","","","","",null,"","",null,""]
[null,"","","","","",null,"","",null,""]
[null,"","","","","",null,"","",null,""]
[null,"","","","","",null,"","",null,""]
[null,"","","","","",null,"","",null,""]
[null,"","","","","",null,"","",null,""]
[null,"","","","","",null,"","",null,""]
[null,"","","","","",null,"","",null,""]
[null,"","","","","",null,"","",null,""]
[null,"","","","","",null,"","",null,""]
[null,"","","","","",null,"","",null,""]
[null,"","","","","",null,"","",null,""]
[null,"","","","","",null,"","",null,""]
[null,"","","","","",null,"","",null,""]
[null,"","","","","",null,"","",null,""]
[null,"","","","","",null,"","",null,""]
[null,"","","","","",null,"","",null,""]
[null,"","","","","",null,"","",null,""]
[null,"","","","","",null,"","",null,""]
[null,"","","","","",null,"","",null,""]
[null,"","","","","",null,"","",null,""]
[null,"","","","","",null,"","",null,""]
[null,"","","","","",null,"","",null,""]
[null,"","","","","",null,"","",null,""]
[null,"","","","","",null,"","",null,""]
[null,"","","","","",null,"","",null,""]
[null,"","","","","",null,"","",null,""]
[null,"","","","","",null,"","",null,""]
[null,"","","","","",null,"","",null,""]
[null,"","","","","",null,"","",null,""]
[null,"","","","","",null,"","",null,""]
[null,"","","","","",null,"","",null,""]
[null,"","","","","",null,"","",null,""]
[null,"","","","","",null,"","",null,""]
[null,"","","","","",null,"","",null,""]
[null,"","","","","",null,"","",null,""]
[null,"","","","","",null,"","",null,""]
[null,"","","","","",null,"","",null,""]
[null,"","","","","",null,"","",null,""]
[null,"","","","","",null,"","",null,""]
[null,"","","","","",null,"","",null,""]
[null,"","","","","",null,"","",null,""]
[null,"","","","","",null,"","",null,""]
[null,"","","","","",null,"","",null,""]
[null,"","","","","",null,"","",null,""]

{"sheet":"PPGR4","index":3,"n_rows":330,"n_cols":20,"rows_kept":330}
[]
[null,null,"Dirección de Planificacion y Desarrollo"]
[null,null,"Consolidación de matrices de POA 2018"]
[null,null,"Nivel Central del SNS y Servicios Regionales de Salud"]
[null,null,"PPGR4 - Identificación de Necesidades de Infraestructuras"]
[]
[null,"","","","","",null,null,"",{"$nulls":5},"",{"$nulls":4},""]
[null,"ID_Dependendencia","POA","SRS","AREA","TIPO","Tipo de Intervención","Tipo EESS","Nombre de establecimiento","Provincia","ListaProvincia","Municipio","Unidad de Medida","Monto Estimado","Código Presupuestario","Fuente de Financiamiento",{"$nulls":3},""]
[null,"","","","","","Mantenimiento y reparación de obras civiles en instalaciones vacias","Gerencia de Área","Reconstruccion Antiguo IESS Haina, Oficina y Almacen","SAN CRISTÓBAL",{"$f":"IFERROR(VLOOKUP('[1]Formulario PPGR4'!$J9,[1]Prov!$A$2:$B$156,2,FALSE),\"\")","v":"San_Cristobal"},null,"                   m2","4,640,000,00",{"$f":"IFERROR(VLOOKUP($G9,[1]Catalogo!$G$20:$H$25,2,FALSE),\"\")","v":"2.7.1.4.01"},"Venta de servicios"]
[null,"","","","","","Mantenimiento y reparación de obras civiles en instalaciones vacias","Centro Primer Nivel","Reconstruccion y Liquidacion deuda  de Adquisicion Inmueble La Casona","SAN CRISTÓBAL",{"$f":"IFERROR(VLOOKUP('[1]Formulario PPGR4'!$J10,[1]Prov!$A$2:$B$156,2,FALSE),\"\")","v":"San_Cristobal"},null,"                  m2","6,640,000,00",{"$f":"IFERROR(VLOOKUP($G10,[1]Catalogo!$G$20:$H$25,2,FALSE),\"\")","v":"2.7.1.4.01"},"Venta de servicios"]
[null,"","","","","","Mantenimiento y reparación de obras civiles en instalaciones vacias","Centro Primer Nivel","Reconstruccion y Ampliacion  Centro Primer Nivel Cuchilla de Medina","SAN CRISTÓBAL",{"$f":"IFERROR(VLOOKUP('[1]Formulario PPGR4'!$J11,[1]Prov!$A$2:$B$156,2,FALSE),\"\")","v":"San_Cristobal"},null,"                  m2","1,696,000,00",{"$f":"IFERROR(VLOOKUP($G11,[1]Catalogo!$G$20:$H$25,2,FALSE),\"\")","v":"2.7.1.4.01"},"Venta de servicios"]
[null,"","","","","","Mantenimiento y reparación de obras civiles en instalaciones vacias","Centro Primer Nivel","Reconstruccion y Ampliacion Centro Primer Nivel Medina","SAN CRISTÓBAL",{"$f":"IFERROR(VLOOKUP('[1]Formulario PPGR4'!$J12,[1]Prov!$A$2:$B$156,2,FALSE),\"\")","v":"San_Cristobal"},null,"                  m2","1,472,000,00",{"$f":"IFERROR(VLOOKUP($G12,[1]Catalogo!$G$20:$H$25,2,FALSE),\"\")","v":"2.7.1.4.01"},"Venta de servicios"]
[null,"","","","","","Mantenimiento y reparación de obras civiles en instalaciones vacias","Centro Primer Nivel","Reconstruccion y Ampliacion Centro Primer Nivel maizal","SAN CRISTÓBAL",{"$f":"IFERROR(VLOOKUP('[1]Formulario PPGR4'!$J13,[1]Prov!$A$2:$B$156,2,FALSE),\"\")","v":"San_Cristobal"},null,"                  m2","768,000,00",{"$f":"IFERROR(VLOOKUP($G13,[1]Catalogo!$G$20:$H$25,2,FALSE),\"\")","v":"2.7.1.4.01"},"Venta de servicios"]
[null,"","","","","","Mantenimiento y reparación de obras civiles en instalaciones vacias","Centro Primer Nivel","Reconstruccion y Ampliacion Centro Primer Nivel Caobal","SAN CRISTÓBAL",{"$f":"IFERROR(VLOOKUP('[1]Formulario PPGR4'!$J14,[1]Prov!$A$2:$B$156,2,FALSE),\"\")","v":"San_Cristobal"},null,"                  m2","800,000,00",{"$f":"IFERROR(VLOOKUP($G14,[1]Catalogo!$G$20:$H$25,2,FALSE),\"\")","v":"2.7.1.4.01"},"Venta de servicios"]
[null,"","","","","","Mantenimiento y reparación de obras civiles en instalaciones vacias","Centro Primer Nivel","Reconstruccion y Ampliacion Centro Primer Nivel Quita Sueño","SAN CRISTÓBAL",{"$f":"IFERROR(VLOOKUP('[1]Formulario PPGR4'!$J15,[1]Prov!$A$2:$B$156,2,FALSE),\"\")","v":"San_Cristobal"},null,"                  m2","1,088,000,00",{"$f":"IFERROR(VLOOKUP($G15,[1]Catalogo!$G$20:$H$25,2,FALSE),\"\")","v":"2.7.1.4.01"},"Venta de servicios"]
[null,"","","","","","Mantenimiento y reparación de obras civiles en instalaciones vacias","Centro Primer Nivel","Reconstruccion y Ampliacion Centro Primer Nivel Los Mogotes","SAN CRISTÓBAL",{"$f":"IFERROR(VLOOKUP('[1]Formulario PPGR4'!$J16,[1]Prov!$A$2:$B$156,2,FALSE),\"\")","v":"San_Cristobal"},null,"                  m2","704,000,00",{"$f":"IFERROR(VLOOKUP($G16,[1]Catalogo!$G$20:$H$25,2,FALSE),\"\")","v":"2.7.1.4.01"},"Venta de servicios"]
[null,"","","","","","Mantenimiento y reparación de obras civiles en instalaciones vacias","Centro Primer Nivel","Reconstruccion y Ampliacion Centro Primer Nivel La Colonia","SAN CRISTÓBAL",{"$f":"IFERROR(VLOOKUP('[1]Formulario PPGR4'!$J17,[1]Prov!$A$2:$B$156,2,FALSE),\"\")","v":"San_Cristobal"},null,"                  m2","736,000,00",{"$f":"IFERROR(VLOOKUP($G17,[1]Catalogo!$G$20:$H$25,2,FALSE),\"\")","v":"2.7.1.4.01"},"Venta de servicios"]
[null,"","","","","","Mantenimiento y reparación de obras civiles en instalaciones vacias","Centro Primer Nivel","Reconstruccion y Ampliacion Centro Primer Nivel Mal Paez","SAN CRISTÓBAL",{"$f":"IFERROR(VLOOKUP('[1]Formulario PPGR4'!$J18,[1]Prov!$A$2:$B$156,2,FALSE),\"\")","v":"San_Cristobal"},null,"                  m2","537,600,00",{"$f":"IFERROR(VLOOKUP($G18,[1]Catalogo!$G$20:$H$25,2,FALSE),\"\")","v":"2.7.1.4.01"},"Venta de servicios"]
[null,"","","","","","Mantenimiento y reparación de obras civiles en instalaciones vacias","Centro Primer Nivel","Reconstruccion y Ampliacion Centro Primer Nivel Cambita El Cruce","SAN CRISTÓBAL",{"$f":"IFERROR(VLOOKUP('[1]Formulario PPGR4'!$J19,[1]Prov!$A$2:$B$156,2,FALSE),\"\")","v":"San_Cristobal"},null,"                  m2","800,000,00",{"$f":"IFERROR(VLOOKUP($G19,[1]Catalogo!$G$20:$H$25,2,FALSE),\"\")","v":"2.7.1.4.01"},"Venta de servicios"]
[null,"","","","","","Mantenimiento y reparación de obras civiles en instalaciones vacias","Centro Primer Nivel","Reconstruccion y Ampliacion Centro Primer Nivel La Palmita","SAN CRISTÓBAL",{"$f":"IFERROR(VLOOKUP('[1]Formulario PPGR4'!$J20,[1]Prov!$A$2:$B$156,2,FALSE),\"\")","v":"San_Cristobal"},null,"                  m2",null,{"$f":"IFERROR(VLOOKUP($G20,[1]Catalogo!$G$20:$H$25,2,FALSE),\"\")","v":"2.7.1.4.01"},"Venta de servicios"]
[null,"","","","","","Mantenimiento y reparación de obras civiles en instalaciones vacias","Centro Primer Nivel","Reconstruccion y Ampliacion Centro Primer Nivel Proyecto San Jose",null,{"$f":"IFERROR(VLOOKUP('[1]Formulario PPGR4'!$J21,[1]Prov!$A$2:$B$156,2,FALSE),\"\")","v":""},null,"                  m2",null,{"$f":"IFERROR(VLOOKUP($G21,[1]Catalogo!$G$20:$H$25,2,FALSE),\"\")","v":"2.7.1.4.01"},"Venta de servicios"]
[null,"","","","","","Mantenimiento y reparación de obras civiles en instalaciones vacias","Centro Primer Nivel","Reconstruccion y Ampliacion Centro Primer Nivel Juan Baron ","SAN CRISTÓBAL",{"$f":"IFERROR(VLOOKUP('[1]Formulario PPGR4'!$J22,[1]Prov!$A$2:$B$156,2,FALSE),\"\")","v":"San_Cristobal"},null,"                  m2","1,504,000,00",{"$f":"IFERROR(VLOOKUP($G22,[1]Catalogo!$G$20:$H$25,2,FALSE),\"\")","v":"2.7.1.4.01"},"Venta de servicios"]
[null,"","","","","","Mantenimiento y reparación de obras civiles en instalaciones vacias","Centro Primer Nivel","Reconstruccion y Ampliacion Centro Primer Nivel Club Rotario","SAN CRISTÓBAL",{"$f":"IFERROR(VLOOKUP('[1]Formulario PPGR4'!$J23,[1]Prov!$A$2:$B$156,2,FALSE),\"\")","v":"San_Cristobal"},null,"                  m2","1,408,000,00",{"$f":"IFERROR(VLOOKUP($G23,[1]Catalogo!$G$20:$H$25,2,FALSE),\"\")","v":"2.7.1.4.01"},"Venta de servicios"]
[null,"","","","","","Mantenimiento y reparación de obras civiles en instalaciones vacias","Centro Primer Nivel","Reconstruccion y Ampliacion Centro Primer Nivel Monte Negro","San Jose de Ocoa",{"$f":"IFERROR(VLOOKUP('[1]Formulario PPGR4'!$J24,[1]Prov!$A$2:$B$156,2,FALSE),\"\")","v":""},null,"                  m2","1,395,200,00",{"$f":"IFERROR(VLOOKUP($G24,[1]Catalogo!$G$20:$H$25,2,FALSE),\"\")","v":"2.7.1.4.01"},"Venta de servicios"]
[null,"","","","","","Mantenimiento y reparación de obras civiles en instalaciones vacias","Centro Primer Nivel","Reconstruccion y Ampliacion Centro Primer Nivel San Rafael","San Jose de Ocoa",{"$f":"IFERROR(VLOOKUP('[1]Formulario PPGR4'!$J25,[1]Prov!$A$2:$B$156,2,FALSE),\"\")","v":""},null,"                  m2","1,395,200,00",{"$f":"IFERROR(VLOOKUP($G25,[1]Catalogo!$G$20:$H$25,2,FALSE),\"\")","v":"2.7.1.4.01"},"Venta de servicios"]
[null,"","","","","","Mantenimiento y reparación de obras civiles en instalaciones vacias","Centro Primer Nivel","Reconstruccion y Ampliacion Centro Primer Nivel Carreton","Peravia",{"$f":"IFERROR(VLOOKUP('[1]Formulario PPGR4'!$J26,[1]Prov!$A$2:$B$156,2,FALSE),\"\")","v":"Peravia"},null,"                  m2","864,000,00",{"$f":"IFERROR(VLOOKUP($G26,[1]Catalogo!$G$20:$H$25,2,FALSE),\"\")","v":"2.7.1.4.01"},"Venta de servicios"]
[null,"","","","","","Mantenimiento y reparación de obras civiles en instalaciones vacias","Centro Primer Nivel","Reconstruccion y Ampliacion Centro Primer Nivel Paya","Peravia",{"$f":"IFERROR(VLOOKUP('[1]Formulario PPGR4'!$J27,[1]Prov!$A$2:$B$156,2,FALSE),\"\")","v":"Peravia"},null,"                  m2","1,888,000,00",{"$f":"IFERROR(VLOOKUP($G27,[1]Catalogo!$G$20:$H$25,2,FALSE),\"\")","v":"2.7.1.4.01"},"Venta de servicios"]
[null,"","","","","","Mantenimiento y reparación de obras civiles en instalaciones vacias","Centro Primer Nivel","Reconstruccion y Ampliacion Centro Primer Nivel Las Carreras","Peravia",{"$f":"IFERROR(VLOOKUP('[1]Formulario PPGR4'!$J28,[1]Prov!$A$2:$B$156,2,FALSE),\"\")","v":"Peravia"},null,"                  m2","1,504,000,00",{"$f":"IFERROR(VLOOKUP($G28,[1]Catalogo!$G$20:$H$25,2,FALSE),\"\")","v":"2.7.1.4.01"},"Anticipo Financiero"]
[null,"","","","","","Mantenimiento y reparación de obras civiles en instalaciones vacias","Centro Primer Nivel","Reconstruccion y Ampliacion Centro Primer Nivel Valdesia","Peravia",{"$f":"IFERROR(VLOOKUP('[1]Formulario PPGR4'!$J29,[1]Prov!$A$2:$B$156,2,FALSE),\"\")","v":"Peravia"},null,"                  m2","1,088,000,00",{"$f":"IFERROR(VLOOKUP($G29,[1]Catalogo!$G$20:$H$25,2,FALSE),\"\")","v":"2.7.1.4.01"},"Anticipo Financiero"]
[null,"","","","","","Mantenimiento y reparación de obras civiles en instalaciones vacias","Centro Primer Nivel","Reconstruccion y Ampliacion Centro Primer Nivel Las Tablas","Peravia",{"$f":"IFERROR(VLOOKUP('[1]Formulario PPGR4'!$J30,[1]Prov!$A$2:$B$156,2,FALSE),\"\")","v":"Peravia"},null,"                  m2","960,000,00",{"$f":"IFERROR(VLOOKUP($G30,[1]Catalogo!$G$20:$H$25,2,FALSE),\"\")","v":"2.7.1.4.01"},"Anticipo Financiero"]
[null,"","","","","","Mantenimiento y reparación de obras civiles en instalaciones vacias","Centro Primer Nivel","Reconstruccion y Ampliacion Centro Primer Nivel Saona","Peravia",{"$f":"IFERROR(VLOOKUP('[1]Formulario PPGR4'!$J31,[1]Prov!$A$2:$B$156,2,FALSE),\"\")","v":"Peravia"},null,"                  m2","928,000,00",{"$f":"IFERROR(VLOOKUP($G31,[1]Catalogo!$G$20:$H$25,2,FALSE),\"\")","v":"2.7.1.4.01"},"Anticipo Financiero"]
[null,"","","","","","Mantenimiento y reparación de obras civiles en instalaciones vacias","Centro Primer Nivel","Reconstruccion y Ampliacion Centro Primer Nivel Los Yaguarizos","Peravia",{"$f":"IFERROR(VLOOKUP('[1]Formulario PPGR4'!$J32,[1]Prov!$A$2:$B$156,2,FALSE),\"\")","v":"Peravia"},null,"                  m2","1,568,000,00",{"$f":"IFERROR(VLOOKUP($G32,[1]Catalogo!$G$20:$H$25,2,FALSE),\"\")","v":"2.7.1.4.01"},"Anticipo Financiero"]
[null,"","","","","","Mantenimiento y reparación de obras civiles en instalaciones vacias","Centro Primer Nivel","Reconstruccion y Ampliacion Centro Primer Nivel Cañafistol","Peravia",{"$f":"IFERROR(VLOOKUP('[1]Formulario PPGR4'!$J33,[1]Prov!$A$2:$B$156,2,FALSE),\"\")","v":"Peravia"},null,"                  m2","544,000,00",{"$f":"IFERROR(VLOOKUP($G33,[1]Catalogo!$G$20:$H$25,2,FALSE),\"\")","v":"2.7.1.4.01"},"Anticipo Financiero"]
[null,"","","","","","Mantenimiento y reparación de obras civiles en instalaciones vacias","Centro Primer Nivel","Reconstruccion y Ampliacion Centro Primer Nivel Salinas","Peravia",{"$f":"IFERROR(VLOOKUP('[1]Formulario PPGR4'!$J34,[1]Prov!$A$2:$B$156,2,FALSE),\"\")","v":"Peravia"},null,"                  m2","1,824,000,00",{"$f":"IFERROR(VLOOKUP($G34,[1]Catalogo!$G$20:$H$25,2,FALSE),\"\")","v":"2.7.1.4.01"},"Anticipo Financiero"]
[null,"","","","","","Mantenimiento y reparación de obras civiles en instalaciones vacias","Centro Primer Nivel","Reconstruccion y Ampliacion Centro Primer Nivel Matanzas","Peravia",{"$f":"IFERROR(VLOOKUP('[1]Formulario PPGR4'!$J35,[1]Prov!$A$2:$B$156,2,FALSE),\"\")","v":"Peravia"},null,"                  m2","1,760,000,00",{"$f":"IFERROR(VLOOKUP($G35,[1]Catalogo!$G$20:$H$25,2,FALSE),\"\")","v":"2.7.1.4.01"},"Anticipo Financiero"]
[null,"","","","","","Mantenimiento y reparación de obras civiles en instalaciones vacias","Centro Primer Nivel","Reconstruccion y Ampliacion Centro Primer Nivel Quija Quieta","Peravia",{"$f":"IFERROR(VLOOKUP('[1]Formulario PPGR4'!$J36,[1]Prov!$A$2:$B$156,2,FALSE),\"\")","v":"Peravia"},null,"                  m2","1,120,000,00",{"$f":"IFERROR(VLOOKUP($G36,[1]Catalogo!$G$20:$H$25,2,FALSE),\"\")","v":"2.7.1.4.01"},"Anticipo Financiero"]
[null,"","","","","","Mantenimiento y reparación de obras civiles en instalaciones vacias","Centro Primer Nivel","Reconstruccion y Ampliacion Centro Primer Nivel Boca Canasta","Peravia",{"$f":"IFERROR(VLOOKUP('[1]Formulario PPGR4'!$J37,[1]Prov!$A$2:$B$156,2,FALSE),\"\")","v":"Peravia"},null,"                  m2","1,088,000,00",{"$f":"IFERROR(VLOOKUP($G37,[1]Catalogo!$G$20:$H$25,2,FALSE),\"\")","v":"2.7.1.4.01"},"Anticipo Financiero"]
[null,"","","","","","Mantenimiento y reparación de obras civiles en instalaciones vacias","Centro Primer Nivel","Reconstruccion y Ampliacion Centro Primer Nivel Sabana Buey ","Peravia",{"$f":"IFERROR(VLOOKUP('[1]Formulario PPGR4'!$J38,[1]Prov!$A$2:$B$156,2,FALSE),\"\")","v":"Peravia"},null,"                  m2","1,760,000,00",{"$f":"IFERROR(VLOOKUP($G38,[1]Catalogo!$G$20:$H$25,2,FALSE),\"\")","v":"2.7.1.4.01"},"Anticipo Financiero"]
[null,"","","","","","Mantenimiento y reparación de obras civiles en instalaciones vacias","Centro Primer Nivel","Reconstruccion y Ampliacion Centro Primer Nivel Honduras","Peravia",{"$f":"IFERROR(VLOOKUP('[1]Formulario PPGR4'!$J39,[1]Prov!$A$2:$B$156,2,FALSE),\"\")","v":"Peravia"},null,"                  m2","1,728,000,00",{"$f":"IFERROR(VLOOKUP($G39,[1]Catalogo!$G$20:$H$25,2,FALSE),\"\")","v":"2.7.1.4.01"},"Anticipo Financiero"]
[null,"","","","","","Mantenimiento y reparación de obras civiles en instalaciones vacias","Centro Primer Nivel","Reconstruccion y Ampliacion Centro Primer Nivel Arroyo Hondo","Peravia",{"$f":"IFERROR(VLOOKUP('[1]Formulario PPGR4'!$J40,[1]Prov!$A$2:$B$156,2,FALSE),\"\")","v":"Peravia"},null,"                  m2","1,600,000,00",{"$f":"IFERROR(VLOOKUP($G40,[1]Catalogo!$G$20:$H$25,2,FALSE),\"\")","v":"2.7.1.4.01"},"Anticipo Financiero"]
[null,"","","","","","Mantenimiento y reparación de obras civiles en instalaciones vacias","Centro Primer Nivel","Centro de Primer Nivel Puerto Rico",null,{"$f":"IFERROR(VLOOKUP('[1]Formulario PPGR4'!$J41,[1]Prov!$A$2:$B$156,2,FALSE),\"\")","v":""},null,"                  m2",null,{"$f":"IFERROR(VLOOKUP($G41,[1]Catalogo!$G$20:$H$25,2,FALSE),\"\")","v":"2.7.1.4.01"}]
[null,"","","","","","Mantenimiento y reparación de obras civiles en instalaciones vacias","Centro Primer Nivel","Centro de Primer Nivel La Canela",null,{"$f":"IFERROR(VLOOKUP('[1]Formulario PPGR4'!$J42,[1]Prov!$A$2:$B$156,2,FALSE),\"\")","v":""},null,"                  m2","240,000,00",{"$f":"IFERROR(VLOOKUP($G42,[1]Catalogo!$G$20:$H$25,2,FALSE),\"\")","v":"2.7.1.4.01"},"Anticipo Financiero"]
[null,"","","","","","Mantenimiento y reparación de obras civiles en instalaciones vacias","Centro Primer Nivel","Centro de Primer Nivel El Pomier",null,{"$f":"IFERROR(VLOOKUP('[1]Formulario PPGR4'!$J43,[1]Prov!$A$2:$B$156,2,FALSE),\"\")","v":""},null,"                  m2","360,000,00",{"$f":"IFERROR(VLOOKUP($G43,[1]Catalogo!$G$20:$H$25,2,FALSE),\"\")","v":"2.7.1.4.01"},"Venta de servicios"]
[null,"","","","","","Mantenimiento y reparación de obras civiles en instalaciones vacias","Centro Primer Nivel","Centro de Primer Nivel Los Toros Cambita",null,{"$f":"IFERROR(VLOOKUP('[1]Formulario PPGR4'!$J44,[1]Prov!$A$2:$B$156,2,FALSE),\"\")","v":""},null,"                  m2","240,000,00",{"$f":"IFERROR(VLOOKUP($G44,[1]Catalogo!$G$20:$H$25,2,FALSE),\"\")","v":"2.7.1.4.01"},"Venta de servicios"]
[null,"","","","","","Mantenimiento y reparación de obras civiles en instalaciones vacias","Centro Primer Nivel","Centro de Primer Nivel Moscu",null,{"$f":"IFERROR(VLOOKUP('[1]Formulario PPGR4'!$J45,[1]Prov!$A$2:$B$156,2,FALSE),\"\")","v":""},null,"                  m2","360,000,00",{"$f":"IFERROR(VLOOKUP($G45,[1]Catalogo!$G$20:$H$25,2,FALSE),\"\")","v":"2.7.1.4.01"},"Venta de servicios"]
[null,"","","","","","Mantenimiento y reparación de obras civiles en instalaciones vacias","Centro Primer Nivel","Centro de Primer Nivel Los Botaos",null,{"$f":"IFERROR(VLOOKUP('[1]Formulario PPGR4'!$J46,[1]Prov!$A$2:$B$156,2,FALSE),\"\")","v":""},null,"                  m2","360,000,00",{"$f":"IFERROR(VLOOKUP($G46,[1]Catalogo!$G$20:$H$25,2,FALSE),\"\")","v":"2.7.1.4.01"},"Venta de servicios"]
[null,"","","","","","Mantenimiento y reparación de obras civiles en instalaciones vacias","Centro Primer Nivel","Centro de Primer Nivel Villegas",null,{"$f":"IFERROR(VLOOKUP('[1]Formulario PPGR4'!$J47,[1]Prov!$A$2:$B$156,2,FALSE),\"\")","v":""},null,"                  m2","160,000,00",{"$f":"IFERROR(VLOOKUP($G47,[1]Catalogo!$G$20:$H$25,2,FALSE),\"\")","v":"2.7.1.4.01"},"Venta de servicios"]
[null,"","","","","","Mantenimiento y reparación de obras civiles en instalaciones vacias","Centro Primer Nivel","Centro de Primer Nivel Nizaito",null,{"$f":"IFERROR(VLOOKUP('[1]Formulario PPGR4'!$J48,[1]Prov!$A$2:$B$156,2,FALSE),\"\")","v":""},null,"                  m2","320,000,00",{"$f":"IFERROR(VLOOKUP($G48,[1]Catalogo!$G$20:$H$25,2,FALSE),\"\")","v":"2.7.1.4.01"},"Venta de servicios"]
[null,"","","","","","Mantenimiento y reparación de obras civiles en instalaciones vacias","Centro Primer Nivel","Centro de Primer Nivel Los Ranchitos",null,{"$f":"IFERROR(VLOOKUP('[1]Formulario PPGR4'!$J49,[1]Prov!$A$2:$B$156,2,FALSE),\"\")","v":""},null,"                  m2","320,000,00",{"$f":"IFERROR(VLOOKUP($G49,[1]Catalogo!$G$20:$H$25,2,FALSE),\"\")","v":"2.7.1.4.01"},"Venta de servicios"]
[null,"","","","","","Mantenimiento y reparación de obras civiles en instalaciones vacias","Centro Primer Nivel","Centro de Primer Nivel El Pinar",null,{"$f":"IFERROR(VLOOKUP('[1]Formulario PPGR4'!$J50,[1]Prov!$A$2:$B$156,2,FALSE),\"\")","v":""},null,"                  m2","360,000,00",{"$f":"IFERROR(VLOOKUP($G50,[1]Catalogo!$G$20:$H$25,2,FALSE),\"\")","v":"2.7.1.4.01"},"Venta de servicios"]
[null,"","","","","","Mantenimiento y reparación de obras civiles en instalaciones vacias","Centro Primer Nivel","Centro de Primer Nivel Sabana Larga Centro",null,{"$f":"IFERROR(VLOOKUP('[1]Formulario PPGR4'!$J51,[1]Prov!$A$2:$B$156,2,FALSE),\"\")","v":""},null,"                  m2","240,000,00",{"$f":"IFERROR(VLOOKUP($G51,[1]Catalogo!$G$20:$H$25,2,FALSE),\"\")","v":"2.7.1.4.01"},"Venta de servicios"]
[null,"","","","","","Mantenimiento y reparación de obras civiles en instalaciones vacias","Centro Primer Nivel","Centro de Primer Nivel Limonal",null,{"$f":"IFERROR(VLOOKUP('[1]Formulario PPGR4'!$J52,[1]Prov!$A$2:$B$156,2,FALSE),\"\")","v":""},null,"                  m2","240,000,00",{"$f":"IFERROR(VLOOKUP($G52,[1]Catalogo!$G$20:$H$25,2,FALSE),\"\")","v":"2.7.1.4.01"},"Venta de servicios"]
[null,"","","","","","Mantenimiento y reparación de obras civiles en instalaciones vacias","Centro Primer Nivel","Centro de Primer Nivel Nizao",null,{"$f":"IFERROR(VLOOKUP('[1]Formulario PPGR4'!$J53,[1]Prov!$A$2:$B$156,2,FALSE),\"\")","v":""},null,"                  m2","400,000,00",{"$f":"IFERROR(VLOOKUP($G53,[1]Catalogo!$G$20:$H$25,2,FALSE),\"\")","v":"2.7.1.4.01"},"Venta de servicios"]
[null,"","","","","","Mantenimiento y reparación de obras civiles en instalaciones vacias","Centro Primer Nivel","Centro de Primer Nivel Las Barias",null,{"$f":"IFERROR(VLOOKUP('[1]Formulario PPGR4'!$J54,[1]Prov!$A$2:$B$156,2,FALSE),\"\")","v":""},null,"                  m2","280,000,00",{"$f":"IFERROR(VLOOKUP($G54,[1]Catalogo!$G$20:$H$25,2,FALSE),\"\")","v":"2.7.1.4.01"},"Venta de servicios"]
[null,"","","","","","Mantenimiento y reparación de obras civiles en instalaciones vacias","Centro Primer Nivel","Reconstruccion y Ampliacion Centro Primer Nivel  Las Flores","SAN JOSÉ DE OCOA",{"$f":"IFERROR(VLOOKUP('[1]Formulario PPGR4'!$J55,[1]Prov!$A$2:$B$156,2,FALSE),\"\")","v":"San_Jose_de_Ocoa"},null,null,"2,280,000,00",{"$f":"IFERROR(VLOOKUP($G55,[1]Catalogo!$G$20:$H$25,2,FALSE),\"\")","v":"2.7.1.4.01"},"Venta de servicios"]
[null,"","","","","","Mantenimiento y reparación de obras civiles en instalaciones vacias","Centro Primer Nivel","Reconstruccion y Ampliacion Centro Primer Nivel  El Cercado","SAN JOSÉ DE OCOA",{"$f":"IFERROR(VLOOKUP('[1]Formulario PPGR4'!$J56,[1]Prov!$A$2:$B$156,2,FALSE),\"\")","v":"San_Jose_de_Ocoa"},null,null,"960,000,00",{"$f":"IFERROR(VLOOKUP($G56,[1]Catalogo!$G$20:$H$25,2,FALSE),\"\")","v":"2.7.1.4.01"},"Venta de servicios"]
[null,"","","","","","Mantenimiento y reparación de obras civiles en instalaciones vacias","Centro Primer Nivel","Reconstruccion y Ampliacion Centro Primer Nivel Mahoma","SAN JOSÉ DE OCOA",{"$f":"IFERROR(VLOOKUP('[1]Formulario PPGR4'!$J57,[1]Prov!$A$2:$B$156,2,FALSE),\"\")","v":"San_Jose_de_Ocoa"},null,null,"880,000,00",{"$f":"IFERROR(VLOOKUP($G57,[1]Catalogo!$G$20:$H$25,2,FALSE),\"\")","v":"2.7.1.4.01"},"Venta de servicios"]
[null,"","","","","","Mantenimiento y reparación de obras civiles en instalaciones vacias","Centro Primer Nivel","Reconstruccion y Ampliacion Centro Primer Nivel La Horna","SAN JOSÉ DE OCOA",{"$f":"IFERROR(VLOOKUP('[1]Formulario PPGR4'!$J58,[1]Prov!$A$2:$B$156,2,FALSE),\"\")","v":"San_Jose_de_Ocoa"},null,null,"760,000,00",{"$f":"IFERROR(VLOOKUP($G58,[1]Catalogo!$G$20:$H$25,2,FALSE),\"\")","v":"2.7.1.4.01"},"Venta de servicios"]
[null,"","","","","","Mantenimiento y reparación de obras civiles en instalaciones vacias","Centro Primer Nivel","Reconstruccion y Ampliacion Centro Primer Nivel La Cienega","SAN JOSÉ DE OCOA",{"$f":"IFERROR(VLOOKUP('[1]Formulario PPGR4'!$J59,[1]Prov!$A$2:$B$156,2,FALSE),\"\")","v":"San_Jose_de_Ocoa"},null,null,"1,840,000,00",{"$f":"IFERROR(VLOOKUP($G59,[1]Catalogo!$G$20:$H$25,2,FALSE),\"\")","v":"2.7.1.4.01"},"Venta de servicios"]
[null,"","","","","","Mantenimiento y reparación de obras civiles en instalaciones vacias","Centro Primer Nivel","Reconstruccion y Ampliacion Centro Primer Nivel Palo de Caja","SAN JOSÉ DE OCOA",{"$f":"IFERROR(VLOOKUP('[1]Formulario PPGR4'!$J60,[1]Prov!$A$2:$B$156,2,FALSE),\"\")","v":"San_Jose_de_Ocoa"},null,null,"1,320,000,00",{"$f":"IFERROR(VLOOKUP($G60,[1]Catalogo!$G$20:$H$25,2,FALSE),\"\")","v":"2.7.1.4.01"},"Venta de servicios"]
[null,"","","","","","Mantenimiento y reparación de obras civiles en instalaciones vacias","Centro Primer Nivel","Reconstruccion y Ampliacion Centro Primer Nivel Los Anones","SAN JOSÉ DE OCOA",{"$nulls":3},"1,256,000,00",{"$f":"IFERROR(VLOOKUP($G61,[1]Catalogo!$G$20:$H$25,2,FALSE),\"\")","v":"2.7.1.4.01"},"Venta de servicios"]
[null,"","","","","",{"$nulls":4},"",{"$nulls":3},""]
[null,"","","","","",{"$nulls":4},"",{"$nulls":3},""]
[null,"","","","","",{"$nulls":4},"",{"$nulls":3},""]
[null,"","","","","",{"$nulls":4},"",{"$nulls":3},""]
[null,"","","","","",{"$nulls":4},"",{"$nulls":3},""]
[null,"","","","","",{"$nulls":4},"",{"$nulls":3},""]
[null,"","","","","",{"$nulls":4},"",{"$nulls":3},""]
[null,"","","","","",{"$nulls":4},"",{"$nulls":3},""]
[null,"","","","","",{"$nulls":8},""]
[null,"","","","","",{"$nulls":4},"",{"$nulls":3},""]
[null,"","","","","",{"$nulls":4},""]
[null,"","","","","",{"$nulls":4},"",{"$nulls":3},""]
[null,"","","","","",{"$nulls":4},"",{"$nulls":3},""]
[null,"","","","","",{"$nulls":4},"",{"$nulls":3},""]
[null,"","","","","",{"$nulls":4},"",{"$nulls":3},""]
[null,"","","","","",{"$nulls":4},"",{"$nulls":3},""]
[null,"","","","","",{"$nulls":4},"",{"$nulls":3},""]
[null,"","","","","",{"$nulls":4},"",{"$nulls":3},""]
[null,"","","","","",{"$nulls":4},"",{"$nulls":3},""]
[null,"","","","","",{"$nulls":4},"",{"$nulls":3},""]
[null,"","","","","",{"$nulls":4},"",{"$nulls":3},""]
[null,"","","","","",{"$nulls":4},"",{"$nulls":3},""]
[null,"","","","","",{"$nulls":4},"",{"$nulls":3},""]
[null,"","","","","",{"$nulls":8},""]
[null,"","","","","",{"$nulls":4},"",{"$nulls":3},""]
[null,"","","","","",{"$nulls":4},"",{"$nulls":3},""]
[null,"","","","","",{"$nulls":4},"",{"$nulls":3},""]
[null,"","","","","",{"$nulls":4},"",{"$nulls":3},""]
[null,"","","","","",{"$nulls":4},"",{"$nulls":3},""]
[null,"","","","","",{"$nulls":4},"",{"$nulls":3},""]
[null,"","","","","",{"$nulls":4},"",{"$nulls":3},""]
[null,"","","","","",{"$nulls":4},"",{"$nulls":3},""]
[null,"","","","","",{"$nulls":4},"",{"$nulls":3},""]
[null,"","","","","",{"$nulls":4},"",{"$nulls":3},""]
[null,"","","","","",{"$nulls":4},"",{"$nulls":3},""]
[null,"","","","","",{"$nulls":4},"",{"$nulls":3},""]
[null,"","","","","",{"$nulls":4},"",{"$nulls":3},""]
[null,"","","","","",{"$nulls":4},"",{"$nulls":3},""]
[null,"","","","","",{"$nulls":8},""]
[null,"","","","","",{"$nulls":4},"",{"$nulls":3},""]
[null,"","","","","",{"$nulls":4},"",{"$nulls":3},""]
[null,"","","","","",{"$nulls":4},"",{"$nulls":3},""]
[null,"","","","","",{"$nulls":4},"",{"$nulls":3},""]
[null,"","","","","",{"$nulls":4},"",{"$nulls":3},""]
[null,"","","","","",{"$nulls":4},"",{"$nulls":3},""]
[null,"","","","","",{"$nulls":4},"",{"$nulls":3},""]
[null,"","","","","",{"$nulls":4},"",{"$nulls":3},""]
[null,"","","","","",{"$nulls":4},"",{"$nulls":3},""]
[null,"","","","","",{"$nulls":4},"",{"$nulls":3},""]
[null,"","","","","",{"$nulls":4},"",{"$nulls":3},""]
[null,"","","","","",{"$nulls":4},"",{"$nulls":3},""]
[null,"","","","","",{"$nulls":4},"",{"$nulls":3},""]
[null,"","","","","",{"$nulls":4},"",{"$nulls":3},""]
[null,"","","","","",{"$nulls":8},""]
[null,"","","","","",{"$nulls":4},"",{"$nulls":3},""]
[null,"","","","","",{"$nulls":4},""]
[null,"","","","","",{"$nulls":4},"",{"$nulls":3},""]
[null,"","","","","",{"$nulls":4},"",{"$nulls":3},""]
[null,"","","","","",{"$nulls":4},"",{"$nulls":3},""]
[null,"","","","","",{"$nulls":4},"",{"$nulls":3},""]
[null,"","","","","",{"$nulls":4},"",{"$nulls":3},""]
[null,"","","","","",{"$nulls":4},"",{"$nulls":3},""]
[null,"","","","","",{"$nulls":4},"",{"$nulls":3},""]
[null,"","","","","",{"$nulls":4},"",{"$nulls":3},""]
[null,"","","","","",{"$nulls":4},"",{"$nulls":3},""]
[null,"","","","","",{"$nulls":4},"",{"$nulls":3},""]
[null,"","","","","",{"$nulls":4},"",{"$nulls":3},""]
[null,"","","","","",{"$nulls":4},"",{"$nulls":3},""]
[null,"","","","","",{"$nulls":8},""]
[null,"","","","","",{"$nulls":4},"",{"$nulls":3},""]
[null,"","","","","",{"$nulls":4},"",{"$nulls":3},""]
[null,"","","","","",{"$nulls":4},"",{"$nulls":3},""]
[null,"","","","","",{"$nulls":4},"",{"$nulls":3},""]
[null,"","","","","",{"$nulls":4},"",{"$nulls":3},""]
[null,"","","","","",{"$nulls":4},"",{"$nulls":3},""]
[null,"","","","","",{"$nulls":4},"",{"$nulls":3},""]
[null,"","","","","",{"$nulls":4},"",{"$nulls":3},""]
[null,"","","","","",{"$nulls":4},"",{"$nulls":3},""]
[null,"","","","","",{"$nulls":4},"",{"$nulls":3},""]
[null,"","","","","",{"$nulls":4},"",{"$nulls":3},""]
[null,"","","","","",{"$nulls":4},"",{"$nulls":3},""]
[null,"","","","","",{"$nulls":4},"",{"$nulls":3},""]
[null,"","","","","",{"$nulls":4},"",{"$nulls":3},""]
[null,"","","","","",{"$nulls":8},""]
[null,"","","","","",{"$nulls":4},"",{"$nulls":3},""]
[null,"","","","","",{"$nulls":4},"",{"$nulls":3},""]
[null,"","","","","",{"$nulls":4},"",{"$nulls":3},""]
[null,"","","","","",{"$nulls":4},"",{"$nulls":3},""]
[null,"","","","","",{"$nulls":4},"",{"$nulls":3},""]
[null,"","","","","",{"$nulls":4},"",{"$nulls":3},""]
[null,"","","","","",{"$nulls":4},"",{"$nulls":3},""]
[null,"","","","","",{"$nulls":4},"",{"$nulls":3},""]
[null,"","","","","",{"$nulls":4},"",{"$nulls":3},""]
[null,"","","","","",{"$nulls":4},"",{"$nulls":3},""]
[null,"","","","","",{"$nulls":4},"",{"$nulls":3},""]
[null,"","","","","",{"$nulls":4},"",{"$nulls":3},""]
[null,"","","","","",{"$nulls":4},"",{"$nulls":3},""]
[null,"","","","","",{"$nulls":4},"",{"$nulls":3},""]
[null,"","","","","",{"$nulls":8},""]
[null,"","","","","",{"$nulls":4},"",{"$nulls":3},""]
[null,"","","","","",{"$nulls":4},""]
[null,"","","","","",{"$nulls":4},"",{"$nulls":3},""]
[null,"","","","","",{"$nulls":4},"",{"$nulls":3},""]
[null,"","","","","",{"$nulls":4},"",{"$nulls":3},""]
[null,"","","","","",{"$nulls":4},"",{"$nulls":3},""]
[null,"","","","","",{"$nulls":4},"",{"$nulls":3},""]
[null,"","","","","",{"$nulls":4},"",{"$nulls":3},""]
[null,"","","","","",{"$nulls":4},"",{"$nulls":3},""]
[null,"","","","","",{"$nulls":4},"",{"$nulls":3},""]
[null,"","","","","",{"$nulls":4},"",{"$nulls":3},""]
[null,"","","","","",{"$nulls":4},"",{"$nulls":3},""]
[null,"","","","","",{"$nulls":4},"",{"$nulls":3},""]
[null,"","","","","",{"$nulls":4},"",{"$nulls":3},""]
[null,"","","","","",{"$nulls":8},""]
[null,"","","","","",{"$nulls":4},"",{"$nulls":3},""]
[null,"","","","","",{"$nulls":4},"",{"$nulls":3},""]
[null,"","","","","",{"$nulls":4},"",{"$nulls":3},""]
[null,"","","","","",{"$nulls":4},"",{"$nulls":3},""]
[null,"","","","","",{"$nulls":4},"",{"$nulls":3},""]
[null,"","","","","",{"$nulls":4},"",{"$nulls":3},""]
[null,"","","","","",{"$nulls":4},"",{"$nulls":3},""]
[null,"","","","","",{"$nulls":4},"",{"$nulls":3},""]
[null,"","","","","",{"$nulls":4},"",{"$nulls":3},""]
[null,"","","","","",{"$nulls":4},"",{"$nulls":3},""]
[null,"","","","","",{"$nulls":4},"",{"$nulls":3},""]
[null,"","","","","",{"$nulls":4},"",{"$nulls":3},""]
[null,"","","","","",{"$nulls":4},"",{"$nulls":3},""]
[null,"","","","","",{"$nulls":4},"",{"$nulls":3},""]
[null,"","","","","",{"$nulls":8},""]
[null,"","","","","",{"$nulls":4},"",{"$nulls":3},""]
[null,"","","","","",{"$nulls":4},""]
[null,"","","","","",{"$nulls":4},"",{"$nulls":3},""]
[null,"","","","","",{"$nulls":4},"",{"$nulls":3},""]
[null,"","","","","",{"$nulls":4},"",{"$nulls":3},""]
[null,"","","","","",{"$nulls":4},"",{"$nulls":3},""]
[null,"","","","","",{"$nulls":4},"",{"$nulls":3},""]
[null,"","","","","",{"$nulls":4},"",{"$nulls":3},""]
[null,"","","","","",{"$nulls":4},"",{"$nulls":3},""]
[null,"","","","","",{"$nulls":4},"",{"$nulls":3},""]
[null,"","","","","",{"$nulls":4},"",{"$nulls":3},""]
[null,"","","","","",{"$nulls":4},"",{"$nulls":3},""]
[null,"","","","","",{"$nulls":4},"",{"$nulls":3},""]
[null,"","","","","",{"$nulls":4},"",{"$nulls":3},""]
[null,"","","","","",{"$nulls":8},""]
[null,"","","","","",{"$nulls":4},"",{"$nulls":3},""]
[null,"","","","","",{"$nulls":4},"",{"$nulls":3},""]
[null,"","","","","",{"$nulls":4},"",{"$nulls":3},""]
[null,"","","","","",{"$nulls":4},"",{"$nulls":3},""]
[null,"","","","","",{"$nulls":4},"",{"$nulls":3},""]
[null,"","","","","",{"$nulls":4},"",{"$nulls":3},""]
[null,"","","","","",{"$nulls":4},"",{"$nulls":3},""]
[null,"","","","","",{"$nulls":4},"",{"$nulls":3},""]
[null,"","","","","",{"$nulls":4},"",{"$nulls":3},""]
[null,"","","","","",{"$nulls":4},"",{"$nulls":3},""]
[null,"","","","","",{"$nulls":4},"",{"$nulls":3},""]
[null,"","","","","",{"$nulls":4},"",{"$nulls":3},""]
[null,"","","","","",{"$nulls":4},"",{"$nulls":3},""]
[null,"2018.R1.Gerencia.Gestión de Servicios",2018,"R1","Gerencia","Gestión de Servicios","Servicios de pinturas y derivados con fines de higienes y embellecimiento","Centro Primer Nivel","CANASTICA.","SAN CRISTÓBAL","San_Cristobal","1. San Cristóbal",1]
[null,"","","","","",null,null,"SEMANA SANTA","SAN CRISTÓBAL","San_Cristobal","8. Yaguate",1]
[null,"","","","","",null,null,"EL RAMON","SAN CRISTÓBAL",null,"HATO DAMAS",1]
[null,"","","","","",null,null,"DONA ANA","SAN CRISTÓBAL","San_Cristobal","8. Yaguate",1]
[null,"","","","","",null,null,"MAL PAEZ","SAN CRISTÓBAL","San_Cristobal","6. San Gregorio de Nigua",1]
[null,"","","","","",null,null,"GRINGO","SAN CRISTÓBAL","San_Cristobal","2. Bajos de Haina",1]
[null,"","","","","",null,null,"LA PARED","SAN CRISTÓBAL","San_Cristobal","2. Bajos de Haina",1]
[null,"","","","","",{"$nulls":4},""]
[null,"","","","","",null,null,"PAYA","PERAVIA","Peravia","1. Baní",1]
[null,"","","","","",null,null,"MATA GORDA","PERAVIA","Peravia","1. Baní",1]
[null,"","","","","",null,null,"SOMBRERO","PERAVIA","Peravia","1. Baní",1]
[null,"","","","","",null,null,"ROSA DE MERA","PERAVIA","Peravia","1. Baní",1]
[null,"","","","","",null,null,"CANAFISTOL","PERAVIA","Peravia","1. Baní",1]
[null,"","","","","",{"$nulls":4},""]
[null,"","","","","",null,null,"EL PINAL","SAN JOSÉ DE OCOA","San_Jose_de_Ocoa","1. San José de Ocoa",1]
[null,"","","","","",{"$nulls":4},""]
[null,"2018.R1.Departamento.Tecnología de la Información",2018,"R1","Departamento","Tecnología de la Información","Mantenimiento y reparación de obras civiles en instalaciones vacias","Gerencia de Área","Reconstruccion Antiguo IESS Haina, Oficina y Almacen","SAN CRISTÓBAL"]
[null,"2018.R1.Departamento.Tecnología de la Información",2018,"R1","Departamento","Tecnología de la Información","Mantenimiento y reparación de obras civiles en instalaciones vacias","Centro Primer Nivel","Reconstruccion y Liquidacion deuda  de Adquisicion Inmueble La Casona","SAN CRISTÓBAL"]
[null,"2018.R1.Departamento.Tecnología de la Información",2018,"R1","Departamento","Tecnología de la Información","Mantenimiento y reparación de obras civiles en instalaciones vacias","Centro Primer Nivel","Reconstruccion y Ampliacion  Centro Primer Nivel Cuchilla de Medina","SAN CRISTÓBAL"]
[null,"2018.R1.Departamento.Tecnología de la Información",2018,"R1","Departamento","Tecnología de la Información","Mantenimiento y reparación de obras civiles en instalaciones vacias","Centro Primer Nivel","Reconstruccion y Ampliacion Centro Primer Nivel Medina","SAN CRISTÓBAL"]
[null,"2018.R1.Departamento.Tecnología de la Información",2018,"R1","Departamento","Tecnología de la Información","Mantenimiento y reparación de obras civiles en instalaciones vacias","Centro Primer Nivel","Reconstruccion y Ampliacion Centro Primer Nivel maizal","SAN CRISTÓBAL"]
[null,"2018.R1.Departamento.Tecnología de la Información",2018,"R1","Departamento","Tecnología de la Información","Mantenimiento y reparación de obras civiles en instalaciones vacias","Centro Primer Nivel","Reconstruccion y Ampliacion Centro Primer Nivel Caobal","SAN CRISTÓBAL"]
[null,"2018.R1.Departamento.Tecnología de la Información",2018,"R1","Departamento","Tecnología de la Información","Mantenimiento y reparación de obras civiles en instalaciones vacias","Centro Primer Nivel","Reconstruccion y Ampliacion Centro Primer Nivel Quita Sueño","SAN CRISTÓBAL"]
[null,"2018.R1.Departamento.Tecnología de la Información",2018,"R1","Departamento","Tecnología de la Información","Mantenimiento y reparación de obras civiles en instalaciones vacias","Centro Primer Nivel","Reconstruccion y Ampliacion Centro Primer Nivel Los Mogotes","SAN CRISTÓBAL"]
[null,"2018.R1.Departamento.Tecnología de la Información",2018,"R1","Departamento","Tecnología de la Información","Mantenimiento y reparación de obras civiles en instalaciones vacias","Centro Primer Nivel","Reconstruccion y Ampliacion Centro Primer Nivel La Colonia","SAN CRISTÓBAL"]
[null,"2018.R1.Departamento.Tecnología de la Información",2018,"R1","Departamento","Tecnología de la Información","Mantenimiento y reparación de obras civiles en instalaciones vacias","Centro Primer Nivel","Reconstruccion y Ampliacion Centro Primer Nivel Mal Paez","SAN CRISTÓBAL"]
[null,"2018.R1.Departamento.Tecnología de la Información",2018,"R1","Departamento","Tecnología de la Información","Mantenimiento y reparación de obras civiles en instalaciones vacias","Centro Primer Nivel","Reconstruccion y Ampliacion Centro Primer Nivel Cambita El Cruce","SAN CRISTÓBAL"]
[null,"2018.R1.Departamento.Tecnología de la Información",2018,"R1","Departamento","Tecnología de la Información","Mantenimiento y reparación de obras civiles en instalaciones vacias","Centro Primer Nivel","Reconstruccion y Ampliacion Centro Primer Nivel La Palmita","SAN CRISTÓBAL"]
[null,"2018.R1.Departamento.Tecnología de la Información",2018,"R1","Departamento","Tecnología de la Información","Mantenimiento y reparación de obras civiles en instalaciones vacias","Centro Primer Nivel","Reconstruccion y Ampliacion Centro Primer Nivel Proyecto San Jose"]
[null,"2018.R1.Departamento.Tecnología de la Información",2018,"R1","Departamento","Tecnología de la Información","Mantenimiento y reparación de obras civiles en instalaciones vacias","Centro Primer Nivel","Reconstruccion y Ampliacion Centro Primer Nivel Juan Baron ","SAN CRISTÓBAL"]
[null,"2018.R1.Departamento.Tecnología de la Información",2018,"R1","Departamento","Tecnología de la Información","Mantenimiento y reparación de obras civiles en instalaciones vacias","Centro Primer Nivel","Reconstruccion y Ampliacion Centro Primer Nivel Club Rotario","SAN CRISTÓBAL"]
[null,"2018.R1.Departamento.Tecnología de la Información",2018,"R1","Departamento","Tecnología de la Información","Mantenimiento y reparación de obras civiles en instalaciones vacias","Centro Primer Nivel","Reconstruccion y Ampliacion Centro Primer Nivel Monte Negro","San Jose de Ocoa"]
[null,"2018.R1.Departamento.Tecnología de la Información",2018,"R1","Departamento","Tecnología de la Información","Mantenimiento y reparación de obras civiles en instalaciones vacias","Centro Primer Nivel","Reconstruccion y Ampliacion Centro Primer Nivel San Rafael","San Jose de Ocoa"]
[null,"2018.R1.Departamento.Tecnología de la Información",2018,"R1","Departamento","Tecnología de la Información","Mantenimiento y reparación de obras civiles en instalaciones vacias","Centro Primer Nivel","Reconstruccion y Ampliacion Centro Primer Nivel Carreton","Peravia"]
[null,"2018.R1.Departamento.Tecnología de la Información",2018,"R1","Departamento","Tecnología de la Información","Mantenimiento y reparación de obras civiles en instalaciones vacias","Centro Primer Nivel","Reconstruccion y Ampliacion Centro Primer Nivel Paya","Peravia"]
[null,"2018.R1.Departamento.Tecnología de la Información",2018,"R1","Departamento","Tecnología de la Información","Mantenimiento y reparación de obras civiles en instalaciones vacias","Centro Primer Nivel","Reconstruccion y Ampliacion Centro Primer Nivel Las Carreras","Peravia"]
[null,"2018.R1.Departamento.Tecnología de la Información",2018,"R1","Departamento","Tecnología de la Información","Mantenimiento y reparación de obras civiles en instalaciones vacias","Centro Primer Nivel","Reconstruccion y Ampliacion Centro Primer Nivel Valdesia","Peravia"]
[null,"2018.R1.Departamento.Tecnología de la Información",2018,"R1","Departamento","Tecnología de la Información","Mantenimiento y reparación de obras civiles en instalaciones vacias","Centro Primer Nivel","Reconstruccion y Ampliacion Centro Primer Nivel Las Tablas","Peravia"]
[null,"2018.R1.Departamento.Tecnología de la Información",2018,"R1","Departamento","Tecnología de la Información","Mantenimiento y reparación de obras civiles en instalaciones vacias","Centro Primer Nivel","Reconstruccion y Ampliacion Centro Primer Nivel Saona","Peravia"]
[null,"2018.R1.Departamento.Tecnología de la Información",2018,"R1","Departamento","Tecnología de la Información","Mantenimiento y reparación de obras civiles en instalaciones vacias","Centro Primer Nivel","Reconstruccion y Ampliacion Centro Primer Nivel Los Yaguarizos","Peravia"]
[null,"2018.R1.Departamento.Tecnología de la Información",2018,"R1","Departamento","Tecnología de la Información","Mantenimiento y reparación de obras civiles en instalaciones vacias","Centro Primer Nivel","Reconstruccion y Ampliacion Centro Primer Nivel Cañafistol","Peravia"]
[null,"2018.R1.Departamento.Tecnología de la Información",2018,"R1","Departamento","Tecnología de la Información","Mantenimiento y reparación de obras civiles en instalaciones vacias","Centro Primer Nivel","Reconstruccion y Ampliacion Centro Primer Nivel Salinas","Peravia"]
[null,"2018.R1.Departamento.Tecnología de la Información",2018,"R1","Departamento","Tecnología de la Información","Mantenimiento y reparación de obras civiles en instalaciones vacias","Centro Primer Nivel","Reconstruccion y Ampliacion Centro Primer Nivel Matanzas","Peravia"]
[null,"2018.R1.Departamento.Tecnología de la Información",2018,"R1","Departamento","Tecnología de la Información","Mantenimiento y reparación de obras civiles en instalaciones vacias","Centro Primer Nivel","Reconstruccion y Ampliacion Centro Primer Nivel Quija Quieta","Peravia"]
[null,"2018.R1.Departamento.Tecnología de la Información",2018,"R1","Departamento","Tecnología de la Información","Mantenimiento y reparación de obras civiles en instalaciones vacias","Centro Primer Nivel","Reconstruccion y Ampliacion Centro Primer Nivel Boca Canasta","Peravia"]
[null,"2018.R1.Departamento.Tecnología de la Información",2018,"R1","Departamento","Tecnología de la Información","Mantenimiento y reparación de obras civiles en instalaciones vacias","Centro Primer Nivel","Reconstruccion y Ampliacion Centro Primer Nivel Sabana Buey ","Peravia"]
[null,"2018.R1.Departamento.Tecnología de la Información",2018,"R1","Departamento","Tecnología de la Información","Mantenimiento y reparación de obras civiles en instalaciones vacias","Centro Primer Nivel","Reconstruccion y Ampliacion Centro Primer Nivel Honduras","Peravia"]
[null,"2018.R1.Departamento.Tecnología de la Información",2018,"R1","Departamento","Tecnología de la Información","Mantenimiento y reparación de obras civiles en instalaciones vacias","Centro Primer Nivel","Reconstruccion y Ampliacion Centro Primer Nivel Arroyo Hondo","Peravia"]
[null,"2018.R1.Departamento.Tecnología de la Información",2018,"R1","Departamento","Tecnología de la Información","Mantenimiento y reparación de obras civiles en instalaciones vacias","Centro Primer Nivel","Centro de Primer Nivel Puerto Rico"]
[null,"2018.R1.Departamento.Tecnología de la Información",2018,"R1","Departamento","Tecnología de la Información","Mantenimiento y reparación de obras civiles en instalaciones vacias","Centro Primer Nivel","Centro de Primer Nivel La Canela"]
[null,"2018.R1.Departamento.Tecnología de la Información",2018,"R1","Departamento","Tecnología de la Información","Mantenimiento y reparación de obras civiles en instalaciones vacias","Centro Primer Nivel","Centro de Primer Nivel El Pomier"]
[null,"2018.R1.Departamento.Tecnología de la Información",2018,"R1","Departamento","Tecnología de la Información","Mantenimiento y reparación de obras civiles en instalaciones vacias","Centro Primer Nivel","Centro de Primer Nivel Los Toros Cambita"]
[null,"2018.R1.Departamento.Tecnología de la Información",2018,"R1","Departamento","Tecnología de la Información","Mantenimiento y reparación de obras civiles en instalaciones vacias","Centro Primer Nivel","Centro de Primer Nivel Moscu"]
[null,"2018.R1.Departamento.Tecnología de la Información",2018,"R1","Departamento","Tecnología de la Información","Mantenimiento y reparación de obras civiles en instalaciones vacias","Centro Primer Nivel","Centro de Primer Nivel Los Botaos"]
[null,"2018.R1.Departamento.Tecnología de la Información",2018,"R1","Departamento","Tecnología de la Información","Mantenimiento y reparación de obras civiles en instalaciones vacias","Centro Primer Nivel","Centro de Primer Nivel Villegas"]
[null,"2018.R1.Departamento.Tecnología de la Información",2018,"R1","Departamento","Tecnología de la Información","Mantenimiento y reparación de obras civiles en instalaciones vacias","Centro Primer Nivel","Centro de Primer Nivel Nizaito"]
[null,"2018.R1.Departamento.Tecnología de la Información",2018,"R1","Departamento","Tecnología de la Información","Mantenimiento y reparación de obras civiles en instalaciones vacias","Centro Primer Nivel","Centro de Primer Nivel Los Ranchitos"]
[null,"2018.R1.Departamento.Tecnología de la Información",2018,"R1","Departamento","Tecnología de la Información","Mantenimiento y reparación de obras civiles en instalaciones vacias","Centro Primer Nivel","Centro de Primer Nivel El Pinar"]
[null,"2018.R1.Departamento.Tecnología de la Información",2018,"R1","Departamento","Tecnología de la Información","Mantenimiento y reparación de obras civiles en instalaciones vacias","Centro Primer Nivel","Centro de Primer Nivel Sabana Larga Centro"]
[null,"2018.R1.Departamento.Tecnología de la Información",2018,"R1","Departamento","Tecnología de la Información","Mantenimiento y reparación de obras civiles en instalaciones vacias","Centro Primer Nivel","Centro de Primer Nivel Limonal"]
[null,"2018.R1.Departamento.Tecnología de la Información",2018,"R1","Departamento","Tecnología de la Información","Mantenimiento y reparación de obras civiles en instalaciones vacias","Centro Primer Nivel","Centro de Primer Nivel Nizao"]
[null,"2018.R1.Departamento.Tecnología de la Información",2018,"R1","Departamento","Tecnología de la Información","Mantenimiento y reparación de obras civiles en instalaciones vacias","Centro Primer Nivel","Centro de Primer Nivel Las Barias"]
[null,"2018.R1.Departamento.Tecnología de la Información",2018,"R1","Departamento","Tecnología de la Información","Mantenimiento y reparación de obras civiles en instalaciones vacias","Centro Primer Nivel","Reconstruccion y Ampliacion Centro Primer Nivel  Las Flores","SAN JOSÉ DE OCOA"]
[null,"2018.R1.Departamento.Tecnología de la Información",2018,"R1","Departamento","Tecnología de la Información","Mantenimiento y reparación de obras civiles en instalaciones vacias","Centro Primer Nivel","Reconstruccion y Ampliacion Centro Primer Nivel  El Cercado","SAN JOSÉ DE OCOA"]
[null,"2018.R1.Departamento.Tecnología de la Información",2018,"R1","Departamento","Tecnología de la Información","Mantenimiento y reparación de obras civiles en instalaciones vacias","Centro Primer Nivel","Reconstruccion y Ampliacion Centro Primer Nivel Mahoma","SAN JOSÉ DE OCOA"]
[null,"2018.R1.Departamento.Tecnología de la Información",2018,"R1","Departamento","Tecnología de la Información","Mantenimiento y reparación de obras civiles en instalaciones vacias","Centro Primer Nivel","Reconstruccion y Ampliacion Centro Primer Nivel La Horna","SAN JOSÉ DE OCOA"]
[null,"2018.R1.Departamento.Tecnología de la Información",2018,"R1","Departamento","Tecnología de la Información","Mantenimiento y reparación de obras civiles en instalaciones vacias","Centro Primer Nivel","Reconstruccion y Ampliacion Centro Primer Nivel La Cienega","SAN JOSÉ DE OCOA"]
[null,"2018.R1.Departamento.Tecnología de la Información",2018,"R1","Departamento","Tecnología de la Información","Mantenimiento y reparación de obras civiles en instalaciones vacias","Centro Primer Nivel","Reconstruccion y Ampliacion Centro Primer Nivel Palo de Caja","SAN JOSÉ DE OCOA"]
[null,"2018.R1.Departamento.Tecnología de la Información",2018,"R1","Departamento","Tecnología de la Información","Mantenimiento y reparación de obras civiles en instalaciones vacias","Centro Primer Nivel","Reconstruccion y Ampliacion Centro Primer Nivel Los Anones","SAN JOSÉ DE OCOA"]
[null,"","","","",""]
[null,"","","","",""]
[null,"","","","",""]
[null,"","","","",""]
[null,"","","","",""]
[null,"","","","",""]
[null,"","","","",""]
[null,"","","","",""]
[null,"","","","",""]
[null,"","","","",""]
[null,"","","","",""]
[null,"","","","",""]
[null,"","","","",""]
[null,"","","","","",{"$nulls":4},"",{"$nulls":3},""]
[null,"","","","","",{"$nulls":8},""]
[null,"","","","","",{"$nulls":4},"",{"$nulls":3},""]
[null,"","","","","",{"$nulls":4},"",{"$nulls":3},""]
[null,"","","","","",{"$nulls":4},"",{"$nulls":3},""]
[null,"","","","","",{"$nulls":4},"",{"$nulls":3},""]
[null,"","","","","",{"$nulls":4},"",{"$nulls":3},""]
[null,"","","","","",{"$nulls":4},"",{"$nulls":3},""]
[null,"","","","","",{"$nulls":4},"",{"$nulls":3},""]
[null,"","","","","",{"$nulls":4},"",{"$nulls":3},""]
[null,"","","","","",{"$nulls":4},"",{"$nulls":3},""]
[null,"","","","","",{"$nulls":4},"",{"$nulls":3},""]
[null,"","","","","",{"$nulls":4},"",{"$nulls":3},""]
[null,"","","","","",{"$nulls":4},"",{"$nulls":3},""]
[null,"","","","","",{"$nulls":4},"",{"$nulls":3},""]
[null,"","","","","",{"$nulls":4},"",{"$nulls":3},""]
[null,"","","","","",{"$nulls":8},""]
[null,"","","","","",{"$nulls":4},"",{"$nulls":3},""]
[null,"","","","","",{"$nulls":4},"",{"$nulls":3},""]
[null,"","","","","",{"$nulls":4},"",{"$nulls":3},""]
[null,"","","","","",{"$nulls":4},"",{"$nulls":3},""]
[null,"","","","","",{"$nulls":4},"",{"$nulls":3},""]
[null,"","","","","",{"$nulls":4},"",{"$nulls":3},""]
[null,"","","","","",{"$nulls":4},"",{"$nulls":3},""]
[null,"","","","","",{"$nulls":4},"",{"$nulls":3},""]
[null,"","","","","",{"$nulls":4},"",{"$nulls":3},""]
[null,"","","","","",{"$nulls":4},"",{"$nulls":3},""]
[null,"","","","","",{"$nulls":4},"",{"$nulls":3},""]
[null,"","","","","",{"$nulls":4},"",{"$nulls":3},""]
[null,"","","","","",{"$nulls":4},"",{"$nulls":3},""]

{"sheet":"PPGR5","index":4,"n_rows":622,"n_cols":23,"rows_kept":622}
[]
[null,null,"Dirección de Planificacion y Desarrollo"]
[null,null,"Consolidación de matrices de POA 2018"]
[null,null,"Nivel Central del SNS y Servicios Regionales de Salud"]
[null,null,"PPGR5 - Identificación de Necesidades de Equipos"]
[]
[null,"","","","","",null,null,"",{"$nulls":5},"",{"$nulls":4},""]
[null,"ID_Dependendencia","POA","SRS","AREA","TIPO","Tipos de Acciones","Tipo de Equipo","InsumoAbrev","Item","Descripción","Otros equipos","Tipo EESS","Nombre de establecimiento","Provincia","ListaProvincia","Municipio","Unidad de Medida","Cantidad de Insumos","Precio Unitario","Valor Total Estimado","Código Presupuestario","Fuente de Financiamiento"]
[null,"2018.R1.Gerencia.Gestión de Servicios",2018,"R1","Gerencia","Gestión de Servicios","Reparación","Otros equipos"]
[null,"2018.R1.Gerencia.0",2018,"R1","Gerencia",0,"Compra","Mantenimiento y reparación de maquinarias y equipos","lsMantenimiento","Instalación, Correcion de Pintura, Cristal Delantero y Bumper de vehiculo"]
[null,"2018.R1.Gerencia.0",2018,"R1","Gerencia",0,"Compra",null,""]
[null,"2018.R1.Departamento.Tecnología de la Información",2018,"R1","Departamento","Tecnología de la Información","Compra","Mantenimiento y reparación de maquinarias y equipos","lsMantenimiento","Instalación, Correcion de Pintura, Cristal Delantero y Bumper de vehiculo"]
[null,"2018.R1.Departamento.Tecnología de la Información",2018,"R1","Departamento","Tecnología de la Información","Compra",null,""]
[null,"2018.R1.Departamento.Tecnología de la Información",2018,"R1","Departamento","Tecnología de la Información","Mantenimiento","Mantenimiento y reparación de maquinarias y equipos","lsMantenimiento","Instalación, Correcion de Pintura, Cristal Delantero y Bumper de vehiculo"]
[null,"2018.R1.Departamento.Tecnología de la Información",2018,"R1","Departamento","Tecnología de la Información","Compra",null,""]
[null,"2018.R1.Departamento.Tecnología de la Información",2018,"R1","Departamento","Tecnología de la Información","Mantenimiento","Mantenimiento y reparación de maquinarias y equipos","lsMantenimiento","Instalación, Correcion de Pintura, Cristal Delantero y Bumper de vehiculo"]
[null,"2018.R1.Departamento.Tecnología de la Información",2018,"R1","Departamento","Tecnología de la Información","Compra",null,""]
[null,"2018.R1.Departamento.Tecnología de la Información",2018,"R1","Departamento","Tecnología de la Información","Compra","Otros equipos","lsOtrosEquipos","Camilla de examen de tres posiciones"]
[null,"2018.R1.Departamento.Tecnología de la Información",2018,"R1","Departamento","Tecnología de la Información","Reparación","Otros equipos","lsOtrosEquipos","Camilla de examen de tres posiciones"]
[null,"2018.R1.Departamento.Tecnología de la Información",2018,"R1","Departamento","Tecnología de la Información","Compra","Otros equipos","lsOtrosEquipos","Vitrina de metal para medicamentos"]
[null,"2018.R1.Departamento.Tecnología de la Información",2018,"R1","Departamento","Tecnología de la Información","Reparación","Otros equipos","lsOtrosEquipos","Vitrina de metal para medicamentos"]
[null,"2018.R1.Departamento.Tecnología de la Información",2018,"R1","Departamento","Tecnología de la Información","Compra","Otros equipos","lsOtrosEquipos","Esfigmomanometros co brazaletes P/adultos"]
[null,"2018.R1.Departamento.Tecnología de la Información",2018,"R1","Departamento","Tecnología de la Información","Reparación","Otros equipos","lsOtrosEquipos","Esfigmomanometros co brazaletes P/adultos"]
[null,"2018.R1.Departamento.Tecnología de la Información",2018,"R1","Departamento","Tecnología de la Información","Compra","Otros equipos","lsOtrosEquipos","Efigmomanomtros de pared"]
[null,"2018.R1.Departamento.Tecnología de la Información",2018,"R1","Departamento","Tecnología de la Información","Reparación","Otros equipos","lsOtrosEquipos","Efigmomanomtros de pared"]
[null,"2018.R1.Departamento.Tecnología de la Información",2018,"R1","Departamento","Tecnología de la Información","Compra","Otros equipos","lsOtrosEquipos","Esfigmomanometros con brazaletes P/ niños"]
[null,"2018.R1.Departamento.Tecnología de la Información",2018,"R1","Departamento","Tecnología de la Información","Reparación","Otros equipos","lsOtrosEquipos","Esfigmomanometros con brazaletes P/ niños"]
[null,"2018.R1.Departamento.Tecnología de la Información",2018,"R1","Departamento","Tecnología de la Información","Compra","Otros equipos","lsOtrosEquipos","Estetoscopia de doble campana"]
[null,"2018.R1.Departamento.Tecnología de la Información",2018,"R1","Departamento","Tecnología de la Información","Reparación","Otros equipos","lsOtrosEquipos","Estetoscopia de doble campana"]
[null,"2018.R1.Departamento.Tecnología de la Información",2018,"R1","Departamento","Tecnología de la Información","Compra","Otros equipos","lsOtrosEquipos","Set oto-oftalmoscopio de pared"]
[null,"2018.R1.Departamento.Tecnología de la Información",2018,"R1","Departamento","Tecnología de la Información","Reparación","Otros equipos","lsOtrosEquipos","Set oto-oftalmoscopio de pared"]
[null,"2018.R1.Departamento.Tecnología de la Información",2018,"R1","Departamento","Tecnología de la Información","Compra","Otros equipos","lsOtrosEquipos","Nebulizador"]
[null,"2018.R1.Departamento.Tecnología de la Información",2018,"R1","Departamento","Tecnología de la Información","Reparación","Otros equipos","lsOtrosEquipos","Nebulizador"]
[null,"2018.R1.Departamento.Tecnología de la Información",2018,"R1","Departamento","Tecnología de la Información","Compra","Otros equipos","lsOtrosEquipos","Lampara Cuello de Ganso"]
[null,"2018.R1.Departamento.Tecnología de la Información",2018,"R1","Departamento","Tecnología de la Información","Reparación","Otros equipos","lsOtrosEquipos","Lampara Cuello de Ganso"]
[null,"2018.R1.Departamento.Tecnología de la Información",2018,"R1","Departamento","Tecnología de la Información","Compra","Otros equipos","lsOtrosEquipos","Balanza de Adultos "]
[null,"2018.R1.Departamento.Tecnología de la Información",2018,"R1","Departamento","Tecnología de la Información","Reparación","Otros equipos","lsOtrosEquipos","Balanza de Adultos "]
[null,"2018.R1.Departamento.Tecnología de la Información",2018,"R1","Departamento","Tecnología de la Información","Compra","Otros equipos","lsOtrosEquipos","Balanza  Pediatrica"]
[null,"2018.R1.Departamento.Tecnología de la Información",2018,"R1","Departamento","Tecnología de la Información","Reparación","Otros equipos","lsOtrosEquipos","Balanza  Pediatrica"]
[null,"2018.R1.Departamento.Tecnología de la Información",2018,"R1","Departamento","Tecnología de la Información","Compra","Otros equipos","lsOtrosEquipos","Esterilizador de Equipos o Materiales tipo Olla o Autoclave"]
[null,"2018.R1.Departamento.Tecnología de la Información",2018,"R1","Departamento","Tecnología de la Información","Reparación","Otros equipos","lsOtrosEquipos","Esterilizador de Equipos o Materiales tipo Olla o Autoclave"]
[null,"2018.R1.Departamento.Tecnología de la Información",2018,"R1","Departamento","Tecnología de la Información","Compra","Otros equipos","lsOtrosEquipos","Estetoscopio Pediatrico"]
[null,"2018.R1.Departamento.Tecnología de la Información",2018,"R1","Departamento","Tecnología de la Información","Reparación","Otros equipos","lsOtrosEquipos","Estetoscopio Pediatrico"]
[null,"2018.R1.Departamento.Tecnología de la Información",2018,"R1","Departamento","Tecnología de la Información","Compra","Otros equipos","lsOtrosEquipos","Una camilla de curacion e inyectable"]
[null,"2018.R1.Departamento.Tecnología de la Información",2018,"R1","Departamento","Tecnología de la Información","Reparación","Otros equipos","lsOtrosEquipos","Una camilla de curacion e inyectable"]
[null,"2018.R1.Departamento.Tecnología de la Información",2018,"R1","Departamento","Tecnología de la Información","Compra","Otros equipos","lsOtrosEquipos","taburete giratorio"]
[null,"2018.R1.Departamento.Tecnología de la Información",2018,"R1","Departamento","Tecnología de la Información","Reparación","Otros equipos","lsOtrosEquipos","taburete giratorio"]
[null,"2018.R1.Departamento.Tecnología de la Información",2018,"R1","Departamento","Tecnología de la Información","Compra","Otros equipos","lsOtrosEquipos","cubo metalico con tapa "]
[null,"2018.R1.Departamento.Tecnología de la Información",2018,"R1","Departamento","Tecnología de la Información","Reparación","Otros equipos","lsOtrosEquipos","cubo metalico con tapa "]
[null,"2018.R1.Departamento.Tecnología de la Información",2018,"R1","Departamento","Tecnología de la Información","Compra","Otros equipos","lsOtrosEquipos","silla para usuarios"]
[null,"2018.R1.Departamento.Tecnología de la Información",2018,"R1","Departamento","Tecnología de la Información","Reparación","Otros equipos","lsOtrosEquipos","silla para usuarios"]
[null,"2018.R1.Departamento.Tecnología de la Información",2018,"R1","Departamento","Tecnología de la Información","Compra","Otros equipos","lsOtrosEquipos","zafacon con tapa accionado a pedal (con bolsas color rojo  para desecos contaminantes o toxicos"]
[null,"2018.R1.Departamento.Tecnología de la Información",2018,"R1","Departamento","Tecnología de la Información","Reparación","Otros equipos","lsOtrosEquipos","zafacon con tapa accionado a pedal (con bolsas color rojo  para desecos contaminantes o toxicos"]
[null,"2018.R1.Departamento.Tecnología de la Información",2018,"R1","Departamento","Tecnología de la Información","Compra","Otros equipos","lsOtrosEquipos","Banco-escalera para pacientes"]
[null,"2018.R1.Departamento.Tecnología de la Información",2018,"R1","Departamento","Tecnología de la Información","Reparación","Otros equipos","lsOtrosEquipos","Banco-escalera para pacientes"]
[null,"2018.R1.Departamento.Tecnología de la Información",2018,"R1","Departamento","Tecnología de la Información","Compra","Otros equipos","lsOtrosEquipos","set de cura ( equipos de curacion)"]
[null,"2018.R1.Departamento.Tecnología de la Información",2018,"R1","Departamento","Tecnología de la Información","Reparación","Otros equipos","lsOtrosEquipos","set de cura ( equipos de curacion)"]
[null,"2018.R1.Departamento.Tecnología de la Información",2018,"R1","Departamento","Tecnología de la Información","Compra","Otros equipos","lsOtrosEquipos","set (equipo) de cirugia menor con los instrumentos minimos"]
[null,"2018.R1.Departamento.Tecnología de la Información",2018,"R1","Departamento","Tecnología de la Información","Reparación","Otros equipos","lsOtrosEquipos","set (equipo) de cirugia menor con los instrumentos minimos"]
[null,"2018.R1.Departamento.Tecnología de la Información",2018,"R1","Departamento","Tecnología de la Información","Compra","Otros equipos","lsOtrosEquipos","mesa de mayo"]
[null,"2018.R1.Departamento.Tecnología de la Información",2018,"R1","Departamento","Tecnología de la Información","Reparación","Otros equipos","lsOtrosEquipos","mesa de mayo"]
[null,"2018.R1.Departamento.Tecnología de la Información",2018,"R1","Departamento","Tecnología de la Información","Compra","Otros equipos","lsOtrosEquipos","bandeja para intrumentos (mesa-porta instrumentos de acero inoxidable)"]
[null,"2018.R1.Departamento.Tecnología de la Información",2018,"R1","Departamento","Tecnología de la Información","Reparación","Otros equipos","lsOtrosEquipos","bandeja para intrumentos (mesa-porta instrumentos de acero inoxidable)"]
[null,"2018.R1.Departamento.Tecnología de la Información",2018,"R1","Departamento","Tecnología de la Información","Compra","Otros equipos","lsOtrosEquipos","set de riñonera"]
[null,"2018.R1.Departamento.Tecnología de la Información",2018,"R1","Departamento","Tecnología de la Información","Reparación","Otros equipos","lsOtrosEquipos","set de riñonera"]
[null,"2018.R1.Departamento.Tecnología de la Información",2018,"R1","Departamento","Tecnología de la Información","Compra","Otros equipos","lsOtrosEquipos","set de bomboneras ( acero inoxidable o vidrio)"]
[null,"2018.R1.Departamento.Tecnología de la Información",2018,"R1","Departamento","Tecnología de la Información","Reparación","Otros equipos","lsOtrosEquipos","set de bomboneras ( acero inoxidable o vidrio)"]
[null,"2018.R1.Departamento.Tecnología de la Información",2018,"R1","Departamento","Tecnología de la Información","Compra","Otros equipos","lsOtrosEquipos","tanque de oxigeno con manometro y arro"]
[null,"2018.R1.Departamento.Tecnología de la Información",2018,"R1","Departamento","Tecnología de la Información","Reparación","Otros equipos","lsOtrosEquipos","tanque de oxigeno con manometro y arro"]
[null,"2018.R1.Departamento.Tecnología de la Información",2018,"R1","Departamento","Tecnología de la Información","Compra","Otros equipos","lsOtrosEquipos","porta suero rodable"]
[null,"2018.R1.Departamento.Tecnología de la Información",2018,"R1","Departamento","Tecnología de la Información","Reparación","Otros equipos","lsOtrosEquipos","porta suero rodable"]
[null,"2018.R1.Departamento.Tecnología de la Información",2018,"R1","Departamento","Tecnología de la Información","Compra","Otros equipos","lsOtrosEquipos","mapara de dos cuerpos ( o cortina de separacion)"]
[null,"2018.R1.Departamento.Tecnología de la Información",2018,"R1","Departamento","Tecnología de la Información","Reparación","Otros equipos","lsOtrosEquipos","mapara de dos cuerpos ( o cortina de separacion)"]
[null,"2018.R1.Departamento.Tecnología de la Información",2018,"R1","Departamento","Tecnología de la Información","Compra","Otros equipos","lsOtrosEquipos","glucometro"]
[null,"2018.R1.Departamento.Tecnología de la Información",2018,"R1","Departamento","Tecnología de la Información","Reparación","Otros equipos","lsOtrosEquipos","glucometro"]
[null,"2018.R1.Departamento.Tecnología de la Información",2018,"R1","Departamento","Tecnología de la Información","Compra","Otros equipos","lsOtrosEquipos","aspirador de secreciones de 1 frasco"]
[null,"2018.R1.Departamento.Tecnología de la Información",2018,"R1","Departamento","Tecnología de la Información","Reparación","Otros equipos","lsOtrosEquipos","aspirador de secreciones de 1 frasco"]
[null,"2018.R1.Departamento.Tecnología de la Información",2018,"R1","Departamento","Tecnología de la Información","Compra","Otros equipos","lsOtrosEquipos","resucitador manual adultos"]
[null,"2018.R1.Departamento.Tecnología de la Información",2018,"R1","Departamento","Tecnología de la Información","Reparación","Otros equipos","lsOtrosEquipos","resucitador manual adultos"]
[null,"2018.R1.Departamento.Tecnología de la Información",2018,"R1","Departamento","Tecnología de la Información","Compra","Otros equipos","lsOtrosEquipos","resucitador manual pediatrico"]
[null,"2018.R1.Departamento.Tecnología de la Información",2018,"R1","Departamento","Tecnología de la Información","Reparación","Otros equipos","lsOtrosEquipos","resucitador manual pediatrico"]
[null,"2018.R1.Departamento.Tecnología de la Información",2018,"R1","Departamento","Tecnología de la Información","Compra","Otros equipos","lsOtrosEquipos","martillo de percusion"]
[null,"2018.R1.Departamento.Tecnología de la Información",2018,"R1","Departamento","Tecnología de la Información","Reparación","Otros equipos","lsOtrosEquipos","martillo de percusion"]
[null,"2018.R1.Departamento.Tecnología de la Información",2018,"R1","Departamento","Tecnología de la Información","Compra","Otros equipos","lsOtrosEquipos","pinza de foster (porta-gasas)"]
[null,"2018.R1.Departamento.Tecnología de la Información",2018,"R1","Departamento","Tecnología de la Información","Reparación","Otros equipos","lsOtrosEquipos","pinza de foster (porta-gasas)"]
[null,"2018.R1.Departamento.Tecnología de la Información",2018,"R1","Departamento","Tecnología de la Información","Compra","Otros equipos","lsOtrosEquipos","balo de ambu"]
[null,"2018.R1.Departamento.Tecnología de la Información",2018,"R1","Departamento","Tecnología de la Información","Reparación","Otros equipos","lsOtrosEquipos","balo de ambu"]
[null,"2018.R1.Departamento.Tecnología de la Información",2018,"R1","Departamento","Tecnología de la Información","Compra","Otros equipos","lsOtrosEquipos","equipo incineracion o destruccion de agujas"]
[null,"2018.R1.Departamento.Tecnología de la Información",2018,"R1","Departamento","Tecnología de la Información","Reparación","Otros equipos","lsOtrosEquipos","equipo incineracion o destruccion de agujas"]
[null,"2018.R1.Departamento.Tecnología de la Información",2018,"R1","Departamento","Tecnología de la Información","Compra","Otros equipos","lsOtrosEquipos","set neurologico"]
[null,"2018.R1.Departamento.Tecnología de la Información",2018,"R1","Departamento","Tecnología de la Información","Reparación","Otros equipos","lsOtrosEquipos","set neurologico"]
[null,"2018.R1.Departamento.Tecnología de la Información",2018,"R1","Departamento","Tecnología de la Información","Compra","Otros equipos","lsOtrosEquipos","Camilla de examen de tres posiciones"]
[null,"2018.R1.Departamento.Tecnología de la Información",2018,"R1","Departamento","Tecnología de la Información","Reparación","Otros equipos","lsOtrosEquipos","Camilla de examen de tres posiciones"]
[null,"2018.R1.Departamento.Tecnología de la Información",2018,"R1","Departamento","Tecnología de la Información","Compra","Otros equipos","lsOtrosEquipos","Vitrina de metal para medicamentos"]
[null,"2018.R1.Departamento.Tecnología de la Información",2018,"R1","Departamento","Tecnología de la Información","Reparación","Otros equipos","lsOtrosEquipos","Vitrina de metal para medicamentos"]
[null,"2018.R1.Departamento.Tecnología de la Información",2018,"R1","Departamento","Tecnología de la Información","Compra","Otros equipos","lsOtrosEquipos","Esfigmomanometros co brazaletes P/adultos"]
[null,"2018.R1.Departamento.Tecnología de la Información",2018,"R1","Departamento","Tecnología de la Información","Reparación","Otros equipos","lsOtrosEquipos","Esfigmomanometros co brazaletes P/adultos"]
[null,"2018.R1.Departamento.Tecnología de la Información",2018,"R1","Departamento","Tecnología de la Información","Compra","Otros equipos","lsOtrosEquipos","Efigmomanomtros de pared"]
[null,"2018.R1.Departamento.Tecnología de la Información",2018,"R1","Departamento","Tecnología de la Información","Reparación","Otros equipos","lsOtrosEquipos","Efigmomanomtros de pared"]
[null,"2018.R1.Departamento.Tecnología de la Información",2018,"R1","Departamento","Tecnología de la Información","Compra","Otros equipos","lsOtrosEquipos","Esfigmomanometros con brazaletes P/ niños"]
[null,"2018.R1.Departamento.Tecnología de la Información",2018,"R1","Departamento","Tecnología de la Información","Reparación","Otros equipos","lsOtrosEquipos","Esfigmomanometros con brazaletes P/ niños"]
[null,"2018.R1.Departamento.Tecnología de la Información",2018,"R1","Departamento","Tecnología de la Información","Compra","Otros equipos","lsOtrosEquipos","Estetoscopia de doble campana"]
[null,"2018.R1.Departamento.Tecnología de la Información",2018,"R1","Departamento","Tecnología de la Información","Reparación","Otros equipos","lsOtrosEquipos","Estetoscopia de doble campana"]
[null,"2018.R1.Departamento.Tecnología de la Información",2018,"R1","Departamento","Tecnología de la Información","Compra","Otros equipos","lsOtrosEquipos","Set oto-oftalmoscopio de pared"]
[null,"2018.R1.Departamento.Tecnología de la Información",2018,"R1","Departamento","Tecnología de la Información","Reparación","Otros equipos","lsOtrosEquipos","Set oto-oftalmoscopio de pared"]
[null,"2018.R1.Departamento.Tecnología de la Información",2018,"R1","Departamento","Tecnología de la Información","Compra","Otros equipos","lsOtrosEquipos","Nebulizador"]
[null,"2018.R1.Departamento.Tecnología de la Información",2018,"R1","Departamento","Tecnología de la Información","Reparación","Otros equipos","lsOtrosEquipos","Nebulizador"]
[null,"2018.R1.Departamento.Tecnología de la Información",2018,"R1","Departamento","Tecnología de la Información","Compra","Otros equipos","lsOtrosEquipos","Lampara Cuello de Ganso"]
[null,"2018.R1.Departamento.Tecnología de la Información",2018,"R1","Departamento","Tecnología de la Información","Reparación","Otros equipos","lsOtrosEquipos","Lampara Cuello de Ganso"]
[null,"2018.R1.Departamento.Tecnología de la Información",2018,"R1","Departamento","Tecnología de la Información","Compra","Otros equipos","lsOtrosEquipos","Balanza de Adultos "]
[null,"2018.R1.Departamento.Tecnología de la Información",2018,"R1","Departamento","Tecnología de la Información","Reparación","Otros equipos","lsOtrosEquipos","Balanza de Adultos "]
[null,"2018.R1.Departamento.Tecnología de la Información",2018,"R1","Departamento","Tecnología de la Información","Compra","Otros equipos","lsOtrosEquipos","Balanza  Pediatrica"]
[null,"2018.R1.Departamento.Tecnología de la Información",2018,"R1","Departamento","Tecnología de la Información","Reparación","Otros equipos","lsOtrosEquipos","Balanza  Pediatrica"]
[null,"2018.R1.Departamento.Tecnología de la Información",2018,"R1","Departamento","Tecnología de la Información","Compra","Otros equipos","lsOtrosEquipos","Esterilizador de Equipos o Materiales tipo Olla o Autoclave"]
[null,"2018.R1.Departamento.Tecnología de la Información",2018,"R1","Departamento","Tecnología de la Información","Reparación","Otros equipos","lsOtrosEquipos","Esterilizador de Equipos o Materiales tipo Olla o Autoclave"]
[null,"2018.R1.Departamento.Tecnología de la Información",2018,"R1","Departamento","Tecnología de la Información","Compra","Otros equipos","lsOtrosEquipos","Estetoscopio Pediatrico"]
[null,"2018.R1.Departamento.Tecnología de la Información",2018,"R1","Departamento","Tecnología de la Información","Reparación","Otros equipos","lsOtrosEquipos","Estetoscopio Pediatrico"]
[null,"2018.R1.Departamento.Tecnología de la Información",2018,"R1","Departamento","Tecnología de la Información","Compra","Otros equipos","lsOtrosEquipos","Una camilla de curacion e inyectable"]
[null,"2018.R1.Departamento.Tecnología de la Información",2018,"R1","Departamento","Tecnología de la Información","Reparación","Otros equipos","lsOtrosEquipos","Una camilla de curacion e inyectable"]
[null,"2018.R1.Departamento.Tecnología de la Información",2018,"R1","Departamento","Tecnología de la Información","Compra","Otros equipos","lsOtrosEquipos","taburete giratorio"]
[null,"2018.R1.Departamento.Tecnología de la Información",2018,"R1","Departamento","Tecnología de la Información","Reparación","Otros equipos","lsOtrosEquipos","taburete giratorio"]
[null,"2018.R1.Departamento.Tecnología de la Información",2018,"R1","Departamento","Tecnología de la Información","Compra","Otros equipos","lsOtrosEquipos","cubo metalico con tapa "]
[null,"2018.R1.Departamento.Tecnología de la Información",2018,"R1","Departamento","Tecnología de la Información","Reparación","Otros equipos","lsOtrosEquipos","cubo metalico con tapa "]
[null,"2018.R1.Departamento.Tecnología de la Información",2018,"R1","Departamento","Tecnología de la Información","Compra","Otros equipos","lsOtrosEquipos","silla para usuarios"]
[null,"2018.R1.Departamento.Tecnología de la Información",2018,"R1","Departamento","Tecnología de la Información","Reparación","Otros equipos","lsOtrosEquipos","silla para usuarios"]
[null,"2018.R1.Departamento.Tecnología de la Información",2018,"R1","Departamento","Tecnología de la Información","Compra","Otros equipos","lsOtrosEquipos","zafacon con tapa accionado a pedal (con bolsas color rojo  para desecos contaminantes o toxicos"]
[null,"2018.R1.Departamento.Tecnología de la Información",2018,"R1","Departamento","Tecnología de la Información","Reparación","Otros equipos","lsOtrosEquipos","zafacon con tapa accionado a pedal (con bolsas color rojo  para desecos contaminantes o toxicos"]
[null,"2018.R1.Departamento.Tecnología de la Información",2018,"R1","Departamento","Tecnología de la Información","Compra","Otros equipos","lsOtrosEquipos","Banco-escalera para pacientes"]
[null,"2018.R1.Departamento.Tecnología de la Información",2018,"R1","Departamento","Tecnología de la Información","Reparación","Otros equipos","lsOtrosEquipos","Banco-escalera para pacientes"]
[null,"2018.R1.Departamento.Tecnología de la Información",2018,"R1","Departamento","Tecnología de la Información","Compra","Otros equipos","lsOtrosEquipos","set de cura ( equipos de curacion)"]
[null,"2018.R1.Departamento.Tecnología de la Información",2018,"R1","Departamento","Tecnología de la Información","Reparación","Otros equipos","lsOtrosEquipos","set de cura ( equipos de curacion)"]
[null,"2018.R1.Departamento.Tecnología de la Información",2018,"R1","Departamento","Tecnología de la Información","Compra","Otros equipos","lsOtrosEquipos","set (equipo) de cirugia menor con los instrumentos minimos"]
[null,"2018.R1.Departamento.Tecnología de la Información",2018,"R1","Departamento","Tecnología de la Información","Reparación","Otros equipos","lsOtrosEquipos","set (equipo) de cirugia menor con los instrumentos minimos"]
[null,"2018.R1.Departamento.Tecnología de la Información",2018,"R1","Departamento","Tecnología de la Información","Compra","Otros equipos","lsOtrosEquipos","mesa de mayo"]
[null,"2018.R1.Departamento.Tecnología de la Información",2018,"R1","Departamento","Tecnología de la Información","Reparación","Otros equipos","lsOtrosEquipos","mesa de mayo"]
[null,"2018.R1.Departamento.Tecnología de la Información",2018,"R1","Departamento","Tecnología de la Información","Compra","Otros equipos","lsOtrosEquipos","bandeja para intrumentos (mesa-porta instrumentos de acero inoxidable)"]
[null,"2018.R1.Departamento.Tecnología de la Información",2018,"R1","Departamento","Tecnología de la Información","Reparación","Otros equipos","lsOtrosEquipos","bandeja para intrumentos (mesa-porta instrumentos de acero inoxidable)"]
[null,"2018.R1.Departamento.Tecnología de la Información",2018,"R1","Departamento","Tecnología de la Información","Compra","Otros equipos","lsOtrosEquipos","set de riñonera"]
[null,"2018.R1.Departamento.Tecnología de la Información",2018,"R1","Departamento","Tecnología de la Información","Reparación","Otros equipos","lsOtrosEquipos","set de riñonera"]
[null,"2018.R1.Departamento.Tecnología de la Información",2018,"R1","Departamento","Tecnología de la Información","Compra","Otros equipos","lsOtrosEquipos","set de bomboneras ( acero inoxidable o vidrio)"]
[null,"2018.R1.Departamento.Tecnología de la Información",2018,"R1","Departamento","Tecnología de la Información","Reparación","Otros equipos","lsOtrosEquipos","set de bomboneras ( acero inoxidable o vidrio)"]
[null,"2018.R1.Departamento.Tecnología de la Información",2018,"R1","Departamento","Tecnología de la Información","Compra","Otros equipos","lsOtrosEquipos","tanque de oxigeno con manometro y arro"]
[null,"2018.R1.Departamento.Tecnología de la Información",2018,"R1","Departamento","Tecnología de la Información","Reparación","Otros equipos","lsOtrosEquipos","tanque de oxigeno con manometro y arro"]
[null,"2018.R1.Departamento.Tecnología de la Información",2018,"R1","Departamento","Tecnología de la Información","Compra","Otros equipos","lsOtrosEquipos","porta suero rodable"]
[null,"2018.R1.Departamento.Tecnología de la Información",2018,"R1","Departamento","Tecnología de la Información","Reparación","Otros equipos","lsOtrosEquipos","porta suero rodable"]
[null,"2018.R1.Departamento.Tecnología de la Información",2018,"R1","Departamento","Tecnología de la Información","Compra","Otros equipos","lsOtrosEquipos","mapara de dos cuerpos ( o cortina de separacion)"]
[null,"2018.R1.Departamento.Tecnología de la Información",2018,"R1","Departamento","Tecnología de la Información","Reparación","Otros equipos","lsOtrosEquipos","mapara de dos cuerpos ( o cortina de separacion)"]
[null,"2018.R1.Departamento.Tecnología de la Información",2018,"R1","Departamento","Tecnología de la Información","Compra","Otros equipos","lsOtrosEquipos","glucometro"]
[null,"2018.R1.Departamento.Tecnología de la Información",2018,"R1","Departamento","Tecnología de la Información","Reparación","Otros equipos","lsOtrosEquipos","glucometro"]
[null,"2018.R1.Departamento.Tecnología de la Información",2018,"R1","Departamento","Tecnología de la Información","Compra","Otros equipos","lsOtrosEquipos","aspirador de secreciones de 1 frasco"]
[null,"2018.R1.Departamento.Tecnología de la Información",2018,"R1","Departamento","Tecnología de la Información","Reparación","Otros equipos","lsOtrosEquipos","aspirador de secreciones de 1 frasco"]
[null,"2018.R1.Departamento.Tecnología de la Información",2018,"R1","Departamento","Tecnología de la Información","Compra","Otros equipos","lsOtrosEquipos","resucitador manual adultos"]
[null,"2018.R1.Departamento.Tecnología de la Información",2018,"R1","Departamento","Tecnología de la Información","Reparación","Otros equipos","lsOtrosEquipos","resucitador manual adultos"]
[null,"2018.R1.Departamento.Tecnología de la Información",2018,"R1","Departamento","Tecnología de la Información","Compra","Otros equipos","lsOtrosEquipos","resucitador manual pediatrico"]
[null,"2018.R1.Departamento.Tecnología de la Información",2018,"R1","Departamento","Tecnología de la Información","Reparación","Otros equipos","lsOtrosEquipos","resucitador manual pediatrico"]
[null,"2018.R1.Departamento.Tecnología de la Información",2018,"R1","Departamento","Tecnología de la Información","Compra","Otros equipos","lsOtrosEquipos","martillo de percusion"]
[null,"2018.R1.Departamento.Tecnología de la Información",2018,"R1","Departamento","Tecnología de la Información","Reparación","Otros equipos","lsOtrosEquipos","martillo de percusion"]
[null,"2018.R1.Departamento.Tecnología de la Información",2018,"R1","Departamento","Tecnología de la Información","Compra","Otros equipos","lsOtrosEquipos","pinza de foster (porta-gasas)"]
[null,"2018.R1.Departamento.Tecnología de la Información",2018,"R1","Departamento","Tecnología de la Información","Reparación","Otros equipos","lsOtrosEquipos","pinza de foster (porta-gasas)"]
[null,"2018.R1.Departamento.Tecnología de la Información",2018,"R1","Departamento","Tecnología de la Información","Compra","Otros equipos","lsOtrosEquipos","balo de ambu"]
[null,"2018.R1.Departamento.Tecnología de la Información",2018,"R1","Departamento","Tecnología de la Información","Reparación","Otros equipos","lsOtrosEquipos","balo de ambu"]
[null,"2018.R1.Departamento.Tecnología de la Información",2018,"R1","Departamento","Tecnología de la Información","Compra","Otros equipos","lsOtrosEquipos","equipo incineracion o destruccion de agujas"]
[null,"2018.R1.Departamento.Tecnología de la Información",2018,"R1","Departamento","Tecnología de la Información","Reparación","Otros equipos","lsOtrosEquipos","equipo incineracion o destruccion de agujas"]
[null,"2018.R1.Departamento.Tecnología de la Información",2018,"R1","Departamento","Tecnología de la Información","Compra","Otros equipos","lsOtrosEquipos","set neurologico"]
[null,"2018.R1.Departamento.Tecnología de la Información",2018,"R1","Departamento","Tecnología de la Información","Reparación","Otros equipos","lsOtrosEquipos","set neurologico"]
[null,"2018.R1.Departamento.Tecnología de la Información",2018,"R1","Departamento","Tecnología de la Información","Compra","Otros equipos","lsOtrosEquipos","Camilla de examen de tres posiciones"]
[null,"2018.R1.Departamento.Tecnología de la Información",2018,"R1","Departamento","Tecnología de la Información","Reparación","Otros equipos","lsOtrosEquipos","Camilla de examen de tres posiciones"]
[null,"2018.R1.Departamento.Tecnología de la Información",2018,"R1","Departamento","Tecnología de la Información","Compra","Otros equipos","lsOtrosEquipos","Vitrina de metal para medicamentos"]
[null,"2018.R1.Departamento.Tecnología de la Información",2018,"R1","Departamento","Tecnología de la Información","Reparación","Otros equipos","lsOtrosEquipos","Vitrina de metal para medicamentos"]
[null,"2018.R1.Departamento.Tecnología de la Información",2018,"R1","Departamento","Tecnología de la Información","Compra","Otros equipos","lsOtrosEquipos","Esfigmomanometros co brazaletes P/adultos"]
[null,"2018.R1.Departamento.Tecnología de la Información",2018,"R1","Departamento","Tecnología de la Información","Reparación","Otros equipos","lsOtrosEquipos","Esfigmomanometros co brazaletes P/adultos"]
[null,"2018.R1.Departamento.Tecnología de la Información",2018,"R1","Departamento","Tecnología de la Información","Compra","Otros equipos","lsOtrosEquipos","Efigmomanomtros de pared"]
[null,"2018.R1.Departamento.Tecnología de la Información",2018,"R1","Departamento","Tecnología de la Información","Reparación","Otros equipos","lsOtrosEquipos","Efigmomanomtros de pared"]
[null,"2018.R1.Departamento.Tecnología de la Información",2018,"R1","Departamento","Tecnología de la Información","Compra","Otros equipos","lsOtrosEquipos","Esfigmomanometros con brazaletes P/ niños"]
[null,"2018.R1.Departamento.Tecnología de la Información",2018,"R1","Departamento","Tecnología de la Información","Reparación","Otros equipos","lsOtrosEquipos","Esfigmomanometros con brazaletes P/ niños"]
[null,"2018.R1.Departamento.Tecnología de la Información",2018,"R1","Departamento","Tecnología de la Información","Compra","Otros equipos","lsOtrosEquipos","Estetoscopia de doble campana"]
[null,"2018.R1.Departamento.Tecnología de la Información",2018,"R1","Departamento","Tecnología de la Información","Reparación","Otros equipos","lsOtrosEquipos","Estetoscopia de doble campana"]
[null,"2018.R1.Departamento.Tecnología de la Información",2018,"R1","Departamento","Tecnología de la Información","Compra","Otros equipos","lsOtrosEquipos","Set oto-oftalmoscopio de pared"]
[null,"2018.R1.Departamento.Tecnología de la Información",2018,"R1","Departamento","Tecnología de la Información","Reparación","Otros equipos","lsOtrosEquipos","Set oto-oftalmoscopio de pared"]
[null,"2018.R1.Departamento.Tecnología de la Información",2018,"R1","Departamento","Tecnología de la Información","Compra","Otros equipos","lsOtrosEquipos","Nebulizador"]
[null,"2018.R1.Departamento.Tecnología de la Información",2018,"R1","Departamento","Tecnología de la Información","Reparación","Otros equipos","lsOtrosEquipos","Nebulizador"]
[null,"2018.R1.Departamento.Tecnología de la Información",2018,"R1","Departamento","Tecnología de la Información","Compra","Otros equipos","lsOtrosEquipos","Lampara Cuello de Ganso"]
[null,"2018.R1.Departamento.Tecnología de la Información",2018,"R1","Departamento","Tecnología de la Información","Reparación","Otros equipos","lsOtrosEquipos","Lampara Cuello de Ganso"]
[null,"2018.R1.Departamento.Tecnología de la Información",2018,"R1","Departamento","Tecnología de la Información","Compra","Otros equipos","lsOtrosEquipos","Balanza de Adultos "]
[null,"2018.R1.Departamento.Tecnología de la Información",2018,"R1","Departamento","Tecnología de la Información","Reparación","Otros equipos","lsOtrosEquipos","Balanza de Adultos "]
[null,"2018.R1.Departamento.Tecnología de la Información",2018,"R1","Departamento","Tecnología de la Información","Compra","Otros equipos","lsOtrosEquipos","Balanza  Pediatrica"]
[null,"2018.R1.Departamento.Tecnología de la Información",2018,"R1","Departamento","Tecnología de la Información","Reparación","Otros equipos","lsOtrosEquipos","Balanza  Pediatrica"]
[null,"2018.R1.Departamento.Tecnología de la Información",2018,"R1","Departamento","Tecnología de la Información","Compra","Otros equipos","lsOtrosEquipos","Esterilizador de Equipos o Materiales tipo Olla o Autoclave"]
[null,"2018.R1.Departamento.Tecnología de la Información",2018,"R1","Departamento","Tecnología de la Información","Reparación","Otros equipos","lsOtrosEquipos","Esterilizador de Equipos o Materiales tipo Olla o Autoclave"]
[null,"2018.R1.Departamento.Tecnología de la Información",2018,"R1","Departamento","Tecnología de la Información","Compra","Otros equipos","lsOtrosEquipos","Estetoscopio Pediatrico"]
[null,"2018.R1.Departamento.Tecnología de la Información",2018,"R1","Departamento","Tecnología de la Información","Reparación","Otros equipos","lsOtrosEquipos","Estetoscopio Pediatrico"]
[null,"2018.R1.Departamento.Tecnología de la Información",2018,"R1","Departamento","Tecnología de la Información","Compra","Otros equipos","lsOtrosEquipos","Una camilla de curacion e inyectable"]
[null,"2018.R1.Departamento.Tecnología de la Información",2018,"R1","Departamento","Tecnología de la Información","Reparación","Otros equipos","lsOtrosEquipos","Una camilla de curacion e inyectable"]
[null,"2018.R1.Departamento.Tecnología de la Información",2018,"R1","Departamento","Tecnología de la Información","Compra","Otros equipos","lsOtrosEquipos","taburete giratorio"]
[null,"2018.R1.Departamento.Tecnología de la Información",2018,"R1","Departamento","Tecnología de la Información","Reparación","Otros equipos","lsOtrosEquipos","taburete giratorio"]
[null,"2018.R1.Departamento.Tecnología de la Información",2018,"R1","Departamento","Tecnología de la Información","Compra","Otros equipos","lsOtrosEquipos","cubo metalico con tapa "]
[null,"2018.R1.Departamento.Tecnología de la Información",2018,"R1","Departamento","Tecnología de la Información","Reparación","Otros equipos","lsOtrosEquipos","cubo metalico con tapa "]
[null,"2018.R1.Departamento.Tecnología de la Información",2018,"R1","Departamento","Tecnología de la Información","Compra","Otros equipos","lsOtrosEquipos","silla para usuarios"]
[null,"2018.R1.Departamento.Tecnología de la Información",2018,"R1","Departamento","Tecnología de la Información","Reparación","Otros equipos","lsOtrosEquipos","silla para usuarios"]
[null,"2018.R1.Departamento.Tecnología de la Información",2018,"R1","Departamento","Tecnología de la Información","Compra","Otros equipos","lsOtrosEquipos","zafacon con tapa accionado a pedal (con bolsas color rojo  para desecos contaminantes o toxicos"]
[null,"2018.R1.Departamento.Tecnología de la Información",2018,"R1","Departamento","Tecnología de la Información","Reparación","Otros equipos","lsOtrosEquipos","zafacon con tapa accionado a pedal (con bolsas color rojo  para desecos contaminantes o toxicos"]
[null,"2018.R1.Departamento.Tecnología de la Información",2018,"R1","Departamento","Tecnología de la Información","Compra","Otros equipos","lsOtrosEquipos","Banco-escalera para pacientes"]
[null,"2018.R1.Departamento.Tecnología de la Información",2018,"R1","Departamento","Tecnología de la Información","Reparación","Otros equipos","lsOtrosEquipos","Banco-escalera para pacientes"]
[null,"2018.R1.Departamento.Tecnología de la Información",2018,"R1","Departamento","Tecnología de la Información","Compra","Otros equipos","lsOtrosEquipos","set de cura ( equipos de curacion)"]
[null,"2018.R1.Departamento.Tecnología de la Información",2018,"R1","Departamento","Tecnología de la Información","Reparación","Otros equipos","lsOtrosEquipos","set de cura ( equipos de curacion)"]
[null,"2018.R1.Departamento.Tecnología de la Información",2018,"R1","Departamento","Tecnología de la Información","Compra","Otros equipos","lsOtrosEquipos","set (equipo) de cirugia menor con los instrumentos minimos"]
[null,"2018.R1.Departamento.Tecnología de la Información",2018,"R1","Departamento","Tecnología de la Información","Reparación","Otros equipos","lsOtrosEquipos","set (equipo) de cirugia menor con los instrumentos minimos"]
[null,"2018.R1.Departamento.Tecnología de la Información",2018,"R1","Departamento","Tecnología de la Información","Compra","Otros equipos","lsOtrosEquipos","mesa de mayo"]
[null,"2018.R1.Departamento.Tecnología de la Información",2018,"R1","Departamento","Tecnología de la Información","Reparación","Otros equipos","lsOtrosEquipos","mesa de mayo"]
[null,"2018.R1.Departamento.Tecnología de la Información",2018,"R1","Departamento","Tecnología de la Información","Compra","Otros equipos","lsOtrosEquipos","bandeja para intrumentos (mesa-porta instrumentos de acero inoxidable)"]
[null,"2018.R1.Departamento.Tecnología de la Información",2018,"R1","Departamento","Tecnología de la Información","Reparación","Otros equipos","lsOtrosEquipos","bandeja para intrumentos (mesa-porta instrumentos de acero inoxidable)"]
[null,"2018.R1.Departamento.Tecnología de la Información",2018,"R1","Departamento","Tecnología de la Información","Compra","Otros equipos","lsOtrosEquipos","set de riñonera"]
[null,"2018.R1.Departamento.Tecnología de la Información",2018,"R1","Departamento","Tecnología de la Información","Reparación","Otros equipos","lsOtrosEquipos","set de riñonera"]
[null,"2018.R1.Departamento.Tecnología de la Información",2018,"R1","Departamento","Tecnología de la Información","Compra","Otros equipos","lsOtrosEquipos","set de bomboneras ( acero inoxidable o vidrio)"]
[null,"2018.R1.Departamento.Tecnología de la Información",2018,"R1","Departamento","Tecnología de la Información","Reparación","Otros equipos","lsOtrosEquipos","set de bomboneras ( acero inoxidable o vidrio)"]
[null,"2018.R1.Departamento.Tecnología de la Información",2018,"R1","Departamento","Tecnología de la Información","Compra","Otros equipos","lsOtrosEquipos","tanque de oxigeno con manometro y arro"]
[null,"2018.R1.Departamento.Tecnología de la Información",2018,"R1","Departamento","Tecnología de la Información","Reparación","Otros equipos","lsOtrosEquipos","tanque de oxigeno con manometro y arro"]
[null,"2018.R1.Departamento.Tecnología de la Información",2018,"R1","Departamento","Tecnología de la Información","Compra","Otros equipos","lsOtrosEquipos","porta suero rodable"]
[null,"2018.R1.Departamento.Tecnología de la Información",2018,"R1","Departamento","Tecnología de la Información","Reparación","Otros equipos","lsOtrosEquipos","porta suero rodable"]
[null,"2018.R1.Departamento.Tecnología de la Información",2018,"R1","Departamento","Tecnología de la Información","Compra","Otros equipos","lsOtrosEquipos","mapara de dos cuerpos ( o cortina de separacion)"]
[null,"2018.R1.Departamento.Tecnología de la Información",2018,"R1","Departamento","Tecnología de la Información","Reparación","Otros equipos","lsOtrosEquipos","mapara de dos cuerpos ( o cortina de separacion)"]
[null,"2018.R1.Departamento.Tecnología de la Información",2018,"R1","Departamento","Tecnología de la Información","Compra","Otros equipos","lsOtrosEquipos","glucometro"]
[null,"2018.R1.Departamento.Tecnología de la Información",2018,"R1","Departamento","Tecnología de la Información","Reparación","Otros equipos","lsOtrosEquipos","glucometro"]
[null,"2018.R1.Departamento.Tecnología de la Información",2018,"R1","Departamento","Tecnología de la Información","Compra","Otros equipos","lsOtrosEquipos","aspirador de secreciones de 1 frasco"]
[null,"2018.R1.Departamento.Tecnología de la Información",2018,"R1","Departamento","Tecnología de la Información","Reparación","Otros equipos","lsOtrosEquipos","aspirador de secreciones de 1 frasco"]
[null,"2018.R1.Departamento.Tecnología de la Información",2018,"R1","Departamento","Tecnología de la Información","Compra","Otros equipos","lsOtrosEquipos","resucitador manual adultos"]
[null,"2018.R1.Departamento.Tecnología de la Información",2018,"R1","Departamento","Tecnología de la Información","Reparación","Otros equipos","lsOtrosEquipos","resucitador manual adultos"]
[null,"2018.R1.Departamento.Tecnología de la Información",2018,"R1","Departamento","Tecnología de la Información","Compra","Otros equipos","lsOtrosEquipos","resucitador manual pediatrico"]
[null,"2018.R1.Departamento.Tecnología de la Información",2018,"R1","Departamento","Tecnología de la Información","Reparación","Otros equipos","lsOtrosEquipos","resucitador manual pediatrico"]
[null,"2018.R1.Departamento.Tecnología de la Información",2018,"R1","Departamento","Tecnología de la Información","Compra","Otros equipos","lsOtrosEquipos","martillo de percusion"]
[null,"2018.R1.Departamento.Tecnología de la Información",2018,"R1","Departamento","Tecnología de la Información","Reparación","Otros equipos","lsOtrosEquipos","martillo de percusion"]
[null,"2018.R1.Departamento.Tecnología de la Información",2018,"R1","Departamento","Tecnología de la Información","Compra","Otros equipos","lsOtrosEquipos","pinza de foster (porta-gasas)"]
[null,"2018.R1.Departamento.Tecnología de la Información",2018,"R1","Departamento","Tecnología de la Información","Reparación","Otros equipos","lsOtrosEquipos","pinza de foster (porta-gasas)"]
[null,"2018.R1.Departamento.Tecnología de la Información",2018,"R1","Departamento","Tecnología de la Información","Compra","Otros equipos","lsOtrosEquipos","balo de ambu"]
[null,"2018.R1.Departamento.Tecnología de la Información",2018,"R1","Departamento","Tecnología de la Información","Reparación","Otros equipos","lsOtrosEquipos","balo de ambu"]
[null,"2018.R1.Departamento.Tecnología de la Información",2018,"R1","Departamento","Tecnología de la Información","Compra","Otros equipos","lsOtrosEquipos","equipo incineracion o destruccion de agujas"]
[null,"2018.R1.Departamento.Tecnología de la Información",2018,"R1","Departamento","Tecnología de la Información","Reparación","Otros equipos","lsOtrosEquipos","equipo incineracion o destruccion de agujas"]
[null,"2018.R1.Departamento.Tecnología de la Información",2018,"R1","Departamento","Tecnología de la Información","Compra","Otros equipos","lsOtrosEquipos","set neurologico"]
[null,"2018.R1.Departamento.Tecnología de la Información",2018,"R1","Departamento","Tecnología de la Información","Reparación","Otros equipos","lsOtrosEquipos","set neurologico"]
[null,"2018.R1.Departamento.Tecnología de la Información",2018,"R1","Departamento","Tecnología de la Información","Compra","Otros equipos","lsOtrosEquipos","Camilla de examen de tres posiciones"]
[null,"2018.R1.Departamento.Tecnología de la Información",2018,"R1","Departamento","Tecnología de la Información","Reparación","Otros equipos","lsOtrosEquipos","Camilla de examen de tres posiciones"]
[null,"2018.R1.Departamento.Tecnología de la Información",2018,"R1","Departamento","Tecnología de la Información","Compra","Otros equipos","lsOtrosEquipos","Vitrina de metal para medicamentos"]
[null,"2018.R1.Departamento.Tecnología de la Información",2018,"R1","Departamento","Tecnología de la Información","Reparación","Otros equipos","lsOtrosEquipos","Vitrina de metal para medicamentos"]
[null,"2018.R1.Departamento.Tecnología de la Información",2018,"R1","Departamento","Tecnología de la Información","Compra","Otros equipos","lsOtrosEquipos","Esfigmomanometros co brazaletes P/adultos"]
[null,"2018.R1.Departamento.Tecnología de la Información",2018,"R1","Departamento","Tecnología de la Información","Reparación","Otros equipos","lsOtrosEquipos","Esfigmomanometros co brazaletes P/adultos"]
[null,"2018.R1.Departamento.Tecnología de la Información",2018,"R1","Departamento","Tecnología de la Información","Compra","Otros equipos","lsOtrosEquipos","Efigmomanomtros de pared"]
[null,"2018.R1.Departamento.Tecnología de la Información",2018,"R1","Departamento","Tecnología de la Información","Reparación","Otros equipos","lsOtrosEquipos","Efigmomanomtros de pared"]
[null,"2018.R1.Departamento.Tecnología de la Información",2018,"R1","Departamento","Tecnología de la Información","Compra","Otros equipos","lsOtrosEquipos","Esfigmomanometros con brazaletes P/ niños"]
[null,"2018.R1.Departamento.Tecnología de la Información",2018,"R1","Departamento","Tecnología de la Información","Reparación","Otros equipos","lsOtrosEquipos","Esfigmomanometros con brazaletes P/ niños"]
[null,"2018.R1.Departamento.Tecnología de la Información",2018,"R1","Departamento","Tecnología de la Información","Compra","Otros equipos","lsOtrosEquipos","Estetoscopia de doble campana"]
[null,"2018.R1.Departamento.Tecnología de la Información",2018,"R1","Departamento","Tecnología de la Información","Reparación","Otros equipos","lsOtrosEquipos","Estetoscopia de doble campana"]
[null,"2018.R1.Departamento.Tecnología de la Información",2018,"R1","Departamento","Tecnología de la Información","Compra","Otros equipos","lsOtrosEquipos","Set oto-oftalmoscopio de pared"]
[null,"2018.R1.Departamento.Tecnología de la Información",2018,"R1","Departamento","Tecnología de la Información","Reparación","Otros equipos","lsOtrosEquipos","Set oto-oftalmoscopio de pared"]
[null,"2018.R1.Departamento.Tecnología de la Información",2018,"R1","Departamento","Tecnología de la Información","Compra","Otros equipos","lsOtrosEquipos","Nebulizador"]
[null,"2018.R1.Departamento.Tecnología de la Información",2018,"R1","Departamento","Tecnología de la Información","Reparación","Otros equipos","lsOtrosEquipos","Nebulizador"]
[null,"2018.R1.Departamento.Tecnología de la Información",2018,"R1","Departamento","Tecnología de la Información","Compra","Otros equipos","lsOtrosEquipos","Lampara Cuello de Ganso"]
[null,"2018.R1.Departamento.Tecnología de la Información",2018,"R1","Departamento","Tecnología de la Información","Reparación","Otros equipos","lsOtrosEquipos","Lampara Cuello de Ganso"]
[null,"2018.R1.Departamento.Tecnología de la Información",2018,"R1","Departamento","Tecnología de la Información","Compra","Otros equipos","lsOtrosEquipos","Balanza de Adultos "]
[null,"2018.R1.Departamento.Tecnología de la Información",2018,"R1","Departamento","Tecnología de la Información","Reparación","Otros equipos","lsOtrosEquipos","Balanza de Adultos "]
[null,"2018.R1.Departamento.Tecnología de la Información",2018,"R1","Departamento","Tecnología de la Información","Compra","Otros equipos","lsOtrosEquipos","Balanza  Pediatrica"]
[null,"2018.R1.Departamento.Tecnología de la Información",2018,"R1","Departamento","Tecnología de la Información","Reparación","Otros equipos","lsOtrosEquipos","Balanza  Pediatrica"]
[null,"2018.R1.Departamento.Tecnología de la Información",2018,"R1","Departamento","Tecnología de la Información","Compra","Otros equipos","lsOtrosEquipos","Esterilizador de Equipos o Materiales tipo Olla o Autoclave"]
[null,"2018.R1.Departamento.Tecnología de la Información",2018,"R1","Departamento","Tecnología de la Información","Reparación","Otros equipos","lsOtrosEquipos","Esterilizador de Equipos o Materiales tipo Olla o Autoclave"]
[null,"2018.R1.Departamento.Tecnología de la Información",2018,"R1","Departamento","Tecnología de la Información","Compra","Otros equipos","lsOtrosEquipos","Estetoscopio Pediatrico"]
[null,"2018.R1.Departamento.Tecnología de la Información",2018,"R1","Departamento","Tecnología de la Información","Reparación","Otros equipos","lsOtrosEquipos","Estetoscopio Pediatrico"]
[null,"2018.R1.Departamento.Tecnología de la Información",2018,"R1","Departamento","Tecnología de la Información","Compra","Otros equipos","lsOtrosEquipos","Una camilla de curacion e inyectable"]
[null,"2018.R1.Departamento.Tecnología de la Información",2018,"R1","Departamento","Tecnología de la Información","Reparación","Otros equipos","lsOtrosEquipos","Una camilla de curacion e inyectable"]
[null,"2018.R1.Departamento.Tecnología de la Información",2018,"R1","Departamento","Tecnología de la Información","Compra","Otros equipos","lsOtrosEquipos","taburete giratorio"]
[null,"2018.R1.Departamento.Tecnología de la Información",2018,"R1","Departamento","Tecnología de la Información","Reparación","Otros equipos","lsOtrosEquipos","taburete giratorio"]
[null,"2018.R1.Departamento.Tecnología de la Información",2018,"R1","Departamento","Tecnología de la Información","Compra","Otros equipos","lsOtrosEquipos","cubo metalico con tapa "]
[null,"2018.R1.Departamento.Tecnología de la Información",2018,"R1","Departamento","Tecnología de la Información","Reparación","Otros equipos","lsOtrosEquipos","cubo metalico con tapa "]
[null,"2018.R1.Departamento.Tecnología de la Información",2018,"R1","Departamento","Tecnología de la Información","Compra","Otros equipos","lsOtrosEquipos","silla para usuarios"]
[null,"2018.R1.Departamento.Tecnología de la Información",2018,"R1","Departamento","Tecnología de la Información","Reparación","Otros equipos","lsOtrosEquipos","silla para usuarios"]
[null,"2018.R1.Departamento.Tecnología de la Información",2018,"R1","Departamento","Tecnología de la Información","Compra","Otros equipos","lsOtrosEquipos","zafacon con tapa accionado a pedal (con bolsas color rojo  para desecos contaminantes o toxicos"]
[null,"2018.R1.Departamento.Tecnología de la Información",2018,"R1","Departamento","Tecnología de la Información","Reparación","Otros equipos","lsOtrosEquipos","zafacon con tapa accionado a pedal (con bolsas color rojo  para desecos contaminantes o toxicos"]
[null,"2018.R1.Departamento.Tecnología de la Información",2018,"R1","Departamento","Tecnología de la Información","Compra","Otros equipos","lsOtrosEquipos","Banco-escalera para pacientes"]
[null,"2018.R1.Departamento.Tecnología de la Información",2018,"R1","Departamento","Tecnología de la Información","Reparación","Otros equipos","lsOtrosEquipos","Banco-escalera para pacientes"]
[null,"2018.R1.Departamento.Tecnología de la Información",2018,"R1","Departamento","Tecnología de la Información","Compra","Otros equipos","lsOtrosEquipos","set de cura ( equipos de curacion)"]
[null,"2018.R1.Departamento.Tecnología de la Información",2018,"R1","Departamento","Tecnología de la Información","Reparación","Otros equipos","lsOtrosEquipos","set de cura ( equipos de curacion)"]
[null,"2018.R1.Departamento.Tecnología de la Información",2018,"R1","Departamento","Tecnología de la Información","Compra","Otros equipos","lsOtrosEquipos","set (equipo) de cirugia menor con los instrumentos minimos"]
[null,"2018.R1.Departamento.Tecnología de la Información",2018,"R1","Departamento","Tecnología de la Información","Reparación","Otros equipos","lsOtrosEquipos","set (equipo) de cirugia menor con los instrumentos minimos"]
[null,"2018.R1.Departamento.Tecnología de la Información",2018,"R1","Departamento","Tecnología de la Información","Compra","Otros equipos","lsOtrosEquipos","mesa de mayo"]
[null,"2018.R1.Departamento.Tecnología de la Información",2018,"R1","Departamento","Tecnología de la Información","Reparación","Otros equipos","lsOtrosEquipos","mesa de mayo"]
[null,"2018.R1.Departamento.Tecnología de la Información",2018,"R1","Departamento","Tecnología de la Información","Compra","Otros equipos","lsOtrosEquipos","bandeja para intrumentos (mesa-porta instrumentos de acero inoxidable)"]
[null,"2018.R1.Departamento.Tecnología de la Información",2018,"R1","Departamento","Tecnología de la Información","Reparación","Otros equipos","lsOtrosEquipos","bandeja para intrumentos (mesa-porta instrumentos de acero inoxidable)"]
[null,"2018.R1.Departamento.Tecnología de la Información",2018,"R1","Departamento","Tecnología de la Información","Compra","Otros equipos","lsOtrosEquipos","set de riñonera"]
[null,"2018.R1.Departamento.Tecnología de la Información",2018,"R1","Departamento","Tecnología de la Información","Reparación","Otros equipos","lsOtrosEquipos","set de riñonera"]
[null,"2018.R1.Departamento.Tecnología de la Información",2018,"R1","Departamento","Tecnología de la Información","Compra","Otros equipos","lsOtrosEquipos","set de bomboneras ( acero inoxidable o vidrio)"]
[null,"2018.R1.Departamento.Tecnología de la Información",2018,"R1","Departamento","Tecnología de la Información","Reparación","Otros equipos","lsOtrosEquipos","set de bomboneras ( acero inoxidable o vidrio)"]
[null,"2018.R1.Departamento.Tecnología de la Información",2018,"R1","Departamento","Tecnología de la Información","Compra","Otros equipos","lsOtrosEquipos","tanque de oxigeno con manometro y arro"]
[null,"2018.R1.Departamento.Tecnología de la Información",2018,"R1","Departamento","Tecnología de la Información","Reparación","Otros equipos","lsOtrosEquipos","tanque de oxigeno con manometro y arro"]
[null,"2018.R1.Departamento.Tecnología de la Información",2018,"R1","Departamento","Tecnología de la Información","Compra","Otros equipos","lsOtrosEquipos","porta suero rodable"]
[null,"2018.R1.Departamento.Tecnología de la Información",2018,"R1","Departamento","Tecnología de la Información","Reparación","Otros equipos","lsOtrosEquipos","porta suero rodable"]
[null,"2018.R1.Departamento.Tecnología de la Información",2018,"R1","Departamento","Tecnología de la Información","Compra","Otros equipos","lsOtrosEquipos","mapara de dos cuerpos ( o cortina de separacion)"]
[null,"2018.R1.Departamento.Tecnología de la Información",2018,"R1","Departamento","Tecnología de la Información","Reparación","Otros equipos","lsOtrosEquipos","mapara de dos cuerpos ( o cortina de separacion)"]
[null,"2018.R1.Departamento.Tecnología de la Información",2018,"R1","Departamento","Tecnología de la Información","Compra","Otros equipos","lsOtrosEquipos","glucometro"]
[null,"2018.R1.Departamento.Tecnología de la Información",2018,"R1","Departamento","Tecnología de la Información","Reparación","Otros equipos","lsOtrosEquipos","glucometro"]
[null,"2018.R1.Departamento.Tecnología de la Información",2018,"R1","Departamento","Tecnología de la Información","Compra","Otros equipos","lsOtrosEquipos","aspirador de secreciones de 1 frasco"]
[null,"2018.R1.Departamento.Tecnología de la Información",2018,"R1","Departamento","Tecnología de la Información","Reparación","Otros equipos","lsOtrosEquipos","aspirador de secreciones de 1 frasco"]
[null,"2018.R1.Departamento.Tecnología de la Información",2018,"R1","Departamento","Tecnología de la Información","Compra","Otros equipos","lsOtrosEquipos","resucitador manual adultos"]
[null,"2018.R1.Departamento.Tecnología de la Información",2018,"R1","Departamento","Tecnología de la Información","Reparación","Otros equipos","lsOtrosEquipos","resucitador manual adultos"]
[null,"2018.R1.Departamento.Tecnología de la Información",2018,"R1","Departamento","Tecnología de la Información","Compra","Otros equipos","lsOtrosEquipos","resucitador manual pediatrico"]
[null,"2018.R1.Departamento.Tecnología de la Información",2018,"R1","Departamento","Tecnología de la Información","Reparación","Otros equipos","lsOtrosEquipos","resucitador manual pediatrico"]
[null,"2018.R1.Departamento.Tecnología de la Información",2018,"R1","Departamento","Tecnología de la Información","Compra","Otros equipos","lsOtrosEquipos","martillo de percusion"]
[null,"2018.R1.Departamento.Tecnología de la Información",2018,"R1","Departamento","Tecnología de la Información","Reparación","Otros equipos","lsOtrosEquipos","martillo de percusion"]
[null,"2018.R1.Departamento.Tecnología de la Información",2018,"R1","Departamento","Tecnología de la Información","Compra","Otros equipos","lsOtrosEquipos","pinza de foster (porta-gasas)"]
[null,"2018.R1.Departamento.Tecnología de la Información",2018,"R1","Departamento","Tecnología de la Información","Reparación","Otros equipos","lsOtrosEquipos","pinza de foster (porta-gasas)"]
[null,"2018.R1.Departamento.Tecnología de la Información",2018,"R1","Departamento","Tecnología de la Información","Compra","Otros equipos","lsOtrosEquipos","balo de ambu"]
[null,"2018.R1.Departamento.Tecnología de la Información",2018,"R1","Departamento","Tecnología de la Información","Reparación","Otros equipos","lsOtrosEquipos","balo de ambu"]
[null,"2018.R1.Departamento.Tecnología de la Información",2018,"R1","Departamento","Tecnología de la Información","Compra","Otros equipos","lsOtrosEquipos","equipo incineracion o destruccion de agujas"]
[null,"2018.R1.Departamento.Tecnología de la Información",2018,"R1","Departamento","Tecnología de la Información","Reparación","Otros equipos","lsOtrosEquipos","equipo incineracion o destruccion de agujas"]
[null,"2018.R1.Departamento.Tecnología de la Información",2018,"R1","Departamento","Tecnología de la Información","Compra","Otros equipos","lsOtrosEquipos","set neurologico"]
[null,"2018.R1.Departamento.Tecnología de la Información",2018,"R1","Departamento","Tecnología de la Información","Reparación","Otros equipos","lsOtrosEquipos","set neurologico"]
[null,"2018.R1.Departamento.Tecnología de la Información",2018,"R1","Departamento","Tecnología de la Información","Compra",null,""]
[null,"2018.R1.Departamento.Monitoreo",2018,"R1","Departamento","Monitoreo","Compra","Mantenimiento y reparación de maquinarias y equipos","lsMantenimiento","Instalación, Correcion de Pintura, Cristal Delantero y Bumper de vehiculo"]
[null,"2018.R1.Departamento.Monitoreo",2018,"R1","Departamento","Monitoreo","Compra",null,""]
[null,"2018.R1.Departamento.Estratégico",2018,"R1","Departamento","Estratégico","Compra","Mantenimiento y reparación de maquinarias y equipos","lsMantenimiento","Mantenimiento de Vehículos"]
[null,"2018.R1.Departamento.Estratégico",2018,"R1","Departamento","Estratégico","Compra",null,""]
[null,"","","","","",null,null,"",{"$nulls":5},"",{"$nulls":4},""]
[null,"","","","","",null,null,"",{"$nulls":5},"",{"$nulls":4},""]
[null,"","","","","",null,null,"",{"$nulls":5},"",{"$nulls":4},""]
[null,"","","","","",null,null,"",{"$nulls":5},"",{"$nulls":4},""]
[null,"","","","","",null,null,"",{"$nulls":5},"",{"$nulls":4},""]
[null,"","","","","",null,null,"",{"$nulls":5},"",{"$nulls":4},""]
[null,"","","","","",null,null,"",{"$nulls":5},"",{"$nulls":4},""]
[null,"","","","","",null,null,"",{"$nulls":5},"",{"$nulls":4},""]
[null,"","","","","",null,null,"",{"$nulls":5},"",{"$nulls":4},""]
[null,"","","","","",null,null,"",{"$nulls":5},"",{"$nulls":4},""]
[null,"","","","","",null,null,"",{"$nulls":5},"",{"$nulls":4},""]
[null,"","","","","",null,null,"",{"$nulls":5},"",{"$nulls":4},""]
[null,"","","","","",null,null,"",{"$nulls":5},"",{"$nulls":4},""]
[null,"","","","","",null,null,"",{"$nulls":5},"",{"$nulls":4},""]
[null,"","","","","",null,null,""]
[null,"","","","","",null,null,""]
[null,"","","","","",null,null,""]
[null,"","","","","",null,null,""]
[null,"","","","","",null,null,""]
[null,"","","","","",null,null,""]
[null,"","","","","",null,null,""]
[null,"","","","","",null,null,""]
[null,"","","","","",null,null,""]
[null,"","","","","",null,null,""]
[null,"","","","","",null,null,""]
[null,"","","","","",null,null,"",{"$nulls":5},"",{"$nulls":4},""]
[null,"","","","","",null,null,"",{"$nulls":5},"",{"$nulls":4},""]
[null,"","","","","",null,null,"",{"$nulls":5},"",{"$nulls":4},""]
[null,"","","","","",null,null,"",{"$nulls":5},"",{"$nulls":4},""]
[null,"","","","","",null,null,"",{"$nulls":5},"",{"$nulls":4},""]
[null,"","","","","",null,null,"",{"$nulls":5},"",{"$nulls":4},""]
[null,"","","","","",null,null,"",{"$nulls":5},"",{"$nulls":4},""]
[null,"","","","","",null,null,"",{"$nulls":5},"",{"$nulls":4},""]
[null,"","","","","",null,null,"",{"$nulls":5},"",{"$nulls":4},""]
[null,"","","","","",null,null,"",{"$nulls":5},"",{"$nulls":4},""]
[null,"","","","","",null,null,"",{"$nulls":5},"",{"$nulls":4},""]
[null,"","","","","",null,null,"",{"$nulls":5},"",{"$nulls":4},""]
[null,"","","","","",null,null,"",{"$nulls":5},"",{"$nulls":4},""]
[null,"","","","","",null,null,""]
[null,"","","","","",null,null,""]
[null,"","","","","",null,null,""]
[null,"","","","","",null,null,""]
[null,"","","","","",null,null,""]
[null,"","","","","",null,null,""]
[null,"","","","","",null,null,""]
[null,"","","","","",null,null,""]
[null,"","","","","",null,null,""]
[null,"","","","","",null,null,""]
[null,"","","","","",null,null,""]
[null,"","","","","",null,null,"",{"$nulls":5},"",{"$nulls":4},""]
[null,"","","","","",null,null,"",{"$nulls":5},"",{"$nulls":4},""]
[null,"","","","","",null,null,"",{"$nulls":5},"",{"$nulls":4},""]
[null,"","","","","",null,null,"",{"$nulls":5},"",{"$nulls":4},""]
[null,"","","","","",null,null,"",{"$nulls":5},"",{"$nulls":4},""]
[null,"","","","","",null,null,"",{"$nulls":5},"",{"$nulls":4},""]
[null,"","","","","",null,null,"",{"$nulls":5},"",{"$nulls":4},""]
[null,"","","","","",null,null,"",{"$nulls":5},"",{"$nulls":4},""]
[null,"","","","","",null,null,"",{"$nulls":5},"",{"$nulls":4},""]
[null,"","","","","",null,null,"",{"$nulls":5},"",{"$nulls":4},""]
[null,"","","","","",null,null,"",{"$nulls":5},"",{"$nulls":4},""]
[null,"","","","","",null,null,"",{"$nulls":5},"",{"$nulls":4},""]
[null,"","","","","",null,null,"",{"$nulls":5},"",{"$nulls":4},""]
[null,"","","","","",null,null,"",{"$nulls":6},"",{"$nulls":4},""]
[null,"","","","","",null,null,"",{"$nulls":6},"",{"$nulls":4},""]
[null,"","","","","",null,null,"",{"$nulls":6},"",{"$nulls":4},""]
[null,"","","","","",null,null,"",{"$nulls":6},"",{"$nulls":4},""]
[null,"","","","","",null,null,"",{"$nulls":6},"",{"$nulls":4},""]
[null,"","","","","",null,null,"",{"$nulls":6},"",{"$nulls":4},""]
[null,"","","","","",null,null,"",{"$nulls":6},"",{"$nulls":4},""]
[null,"","","","","",null,null,"",{"$nulls":6},"",{"$nulls":4},""]
[null,"","","","","",null,null,"",{"$nulls":6},"",{"$nulls":4},""]
[null,"","","","","",null,null,"",{"$nulls":6},"",{"$nulls":4},""]
[null,"","","","","",null,null,"",{"$nulls":6},"",{"$nulls":4},""]
[null,"","","","","",null,null,"",{"$nulls":6},"",{"$nulls":4},""]
[null,"","","","","",null,null,"",{"$nulls":6},"",{"$nulls":4},""]
[null,"","","","","",null,null,""]
[null,"","","","","",null,null,""]
[null,"","","","","",null,null,""]
[null,"","","","","",null,null,""]
[null,"","","","","",null,null,""]
[null,"","","","","",null,null,""]
[null,"","","","","",null,null,""]
[null,"","","","","",null,null,""]
[null,"","","","","",null,null,""]
[null,"","","","","",null,null,""]
[null,"","","","","",null,null,""]
[null,"","","","","",null,null,"",{"$nulls":5},"",{"$nulls":4},""]
[null,"","","","","",null,null,"",{"$nulls":5},"",{"$nulls":4},""]
[null,"","","","","",null,null,"",{"$nulls":5},"",{"$nulls":4},""]
[null,"","","","","",null,null,"",{"$nulls":5},"",{"$nulls":4},""]
[null,"","","","","",null,null,"",{"$nulls":5},"",{"$nulls":4},""]
[null,"","","","","",null,null,"",{"$nulls":5},"",{"$nulls":4},""]
[null,"","","","","",null,null,"",{"$nulls":5},"",{"$nulls":4},""]
[null,"","","","","",null,null,"",{"$nulls":5},"",{"$nulls":4},""]
[null,"","","","","",null,null,"",{"$nulls":5},"",{"$nulls":4},""]
[null,"","","","","",null,null,"",{"$nulls":5},"",{"$nulls":4},""]
[null,"","","","","",null,null,"",{"$nulls":5},"",{"$nulls":4},""]
[null,"","","","","",null,null,"",{"$nulls":5},"",{"$nulls":4},""]
[null,"","","","","",null,null,"",{"$nulls":5},"",{"$nulls":4},""]
[null,"","","","","",null,null,""]
[null,"","","","","",null,null,""]
[null,"","","","","",null,null,""]
[null,"","","","","",null,null,""]
[null,"","","","","",null,null,""]
[null,"","","","","",null,null,""]
[null,"","","","","",null,null,""]
[null,"","","","","",null,null,""]
[null,"","","","","",null,null,""]
[null,"","","","","",null,null,""]
[null,"","","","","",null,null,""]
[null,"","","","","",null,null,"",{"$nulls":6},"",{"$nulls":4},""]
[null,"","","","","",null,null,"",{"$nulls":6},"",{"$nulls":4},""]
[null,"","","","","",null,null,"",{"$nulls":6},"",{"$nulls":4},""]
[null,"","","","","",null,null,"",{"$nulls":6},"",{"$nulls":4},""]
[null,"","","","","",null,null,"",{"$nulls":6},"",{"$nulls":4},""]
[null,"","","","","",null,null,"",{"$nulls":6},"",{"$nulls":4},""]
[null,"","","","","",null,null,"",{"$nulls":6},"",{"$nulls":4},""]
[null,"","","","","",null,null,"",{"$nulls":6},"",{"$nulls":4},""]
[null,"","","","","",null,null,"",{"$nulls":6},"",{"$nulls":4},""]
[null,"","","","","",null,null,"",{"$nulls":6},"",{"$nulls":4},""]
[null,"","","","","",null,null,"",{"$nulls":6},"",{"$nulls":4},""]
[null,"","","","","",null,null,"",{"$nulls":6},"",{"$nulls":4},""]
[null,"","","","","",null,null,"",{"$nulls":6},"",{"$nulls":4},""]
[null,"","","","","",null,null,"",{"$nulls":5},"",{"$nulls":4},""]
[null,"","","","","",null,null,"",{"$nulls":5},"",{"$nulls":4},""]
[null,"","","","","",null,null,"",{"$nulls":5},"",{"$nulls":4},""]
[null,"","","","","",null,null,"",{"$nulls":5},"",{"$nulls":4},""]
[null,"","","","","",null,null,"",{"$nulls":5},"",{"$nulls":4},""]
[null,"","","","","",null,null,"",{"$nulls":5},"",{"$nulls":4},""]
[null,"","","","","",null,null,"",{"$nulls":5},"",{"$nulls":4},""]
[null,"","","","","",null,null,"",{"$nulls":5},"",{"$nulls":4},""]
[null,"","","","","",null,null,"",{"$nulls":5},"",{"$nulls":4},""]
[null,"","","","","",null,null,"",{"$nulls":5},"",{"$nulls":4},""]
[null,"","","","","",null,null,"",{"$nulls":5},"",{"$nulls":4},""]
[null,"","","","","",null,null,"",{"$nulls":5},"",{"$nulls":4},""]
[null,"","","","","",null,null,"",{"$nulls":5},"",{"$nulls":4},""]
[null,"","","","","",null,null,""]
[null,"","","","","",null,null,""]
[null,"","","","","",null,null,""]
[null,"","","","","",null,null,""]
[null,"","","","","",null,null,""]
[null,"","","","","",null,null,""]
[null,"","","","","",null,null,""]
[null,"","","","","",null,null,""]
[null,"","","","","",null,null,""]
[null,"","","","","",null,null,""]
[null,"","","","","",null,null,""]
[null,"","","","","",null,null,"",{"$nulls":5},"",{"$nulls":4},""]
[null,"","","","","",null,null,"",{"$nulls":5},"",{"$nulls":4},""]
[null,"","","","","",null,null,"",{"$nulls":5},"",{"$nulls":4},""]
[null,"","","","","",null,null,"",{"$nulls":5},"",{"$nulls":4},""]
[null,"","","","","",null,null,"",{"$nulls":5},"",{"$nulls":4},""]
[null,"","","","","",null,null,"",{"$nulls":5},"",{"$nulls":4},""]
[null,"","","","","",null,null,"",{"$nulls":5},"",{"$nulls":4},""]
[null,"","","","","",null,null,"",{"$nulls":5},"",{"$nulls":4},""]
[null,"","","","","",null,null,"",{"$nulls":5},"",{"$nulls":4},""]
[null,"","","","","",null,null,"",{"$nulls":5},"",{"$nulls":4},""]
[null,"","","","","",null,null,"",{"$nulls":5},"",{"$nulls":4},""]
[null,"","","","","",null,null,"",{"$nulls":5},"",{"$nulls":4},""]
[null,"","","","","",null,null,"",{"$nulls":5},"",{"$nulls":4},""]
[null,"","","","","",null,null,"",{"$nulls":6},"",{"$nulls":4},""]
[null,"","","","","",null,null,"",{"$nulls":6},"",{"$nulls":4},""]
[null,"","","","","",null,null,"",{"$nulls":6},"",{"$nulls":4},""]
[null,"","","","","",null,null,"",{"$nulls":6},"",{"$nulls":4},""]
[null,"","","","","",null,null,"",{"$nulls":6},"",{"$nulls":4},""]
[null,"","","","","",null,null,"",{"$nulls":6},"",{"$nulls":4},""]
[null,"","","","","",null,null,"",{"$nulls":6},"",{"$nulls":4},""]
[null,"","","","","",null,null,"",{"$nulls":6},"",{"$nulls":4},""]
[null,"","","","","",null,null,"",{"$nulls":6},"",{"$nulls":4},""]
[null,"","","","","",null,null,"",{"$nulls":6},"",{"$nulls":4},""]
[null,"","","","","",null,null,"",{"$nulls":6},"",{"$nulls":4},""]
[null,"","","","","",null,null,"",{"$nulls":6},"",{"$nulls":4},""]
[null,"","","","","",null,null,"",{"$nulls":6},"",{"$nulls":4},""]
[null,"","","","",""]
[null,"","","","",""]
[null,"","","","",""]
[null,"","","","",""]
[null,"","","","",""]
[null,"","","","",""]
[null,"","","","",""]
[null,"","","","","",null,"Otros equipos"]
[null,"","","","",""]
[null,"","","","",""]
[null,"","","","",""]
[null,"","","","","",null,"Otros equipos"]
[null,"","","","","",null,null,""]
[null,"","","","","",null,null,""]
[null,"","","","","",null,null,""]
[null,"","","","","",null,null,""]
[null,"","","","","",null,null,""]
[null,"","","","","",null,null,""]
[null,"","","","","",null,null,""]
[null,"","","","","",null,null,""]
[null,"","","","","",null,null,""]
[null,"","","","","",null,null,""]
[null,"","","","","",null,null,""]
[null,"","","","","",null,null,""]
[null,"","","","","",null,null,""]
[null,"","","","","",null,null,""]
[null,"","","","","",null,null,""]
[null,"","","","","",null,null,""]
[null,"","","","","",null,null,""]
[null,"","","","","",null,null,""]
[null,"","","","","",null,null,""]
[null,"","","","","",null,null,""]
[null,"","","","","",null,null,""]
[null,"","","","","",null,null,""]
[null,"","","","","",null,null,""]
[null,"","","","","",null,null,""]
[null,"","","","","",null,null,""]
[null,"","","","","",null,null,""]
[null,"","","","","",null,null,""]
[null,"","","","","",null,null,""]
[null,"","","","","",null,null,""]
[null,"","","","","",null,null,""]
[null,"","","","","",null,null,""]
[null,"","","","","",null,null,""]
[null,"","","","","",null,null,""]
[null,"","","","","",null,null,""]
[null,"","","","","",null,null,""]
[null,"","","","","",null,null,""]
[null,"","","","","",null,null,""]
[null,"","","","","",null,null,""]
[null,"","","","","",null,null,""]
[null,"","","","","",null,null,""]
[null,"","","","","",null,null,""]
[null,"","","","","",null,null,""]
[null,"","","","","",null,null,""]
[null,"","","","","",null,null,""]
[null,"","","","","",null,null,""]
[null,"","","","","",null,null,""]
[null,"","","","","",null,null,""]
[null,"","","","","",null,null,""]
[null,"","","","","",null,null,""]
[null,"","","","","",null,null,""]
[null,"","","","","",null,null,""]
[null,"","","","","",null,null,""]
[null,"","","","","",null,null,""]
[null,"","","","","",null,null,""]
[null,"","","","","",null,null,""]
[null,"","","","","",null,null,""]
[null,"","","","","",null,null,""]
[null,"","","","","",null,null,""]
[null,"","","","","",null,null,""]
[null,"","","","","",null,null,""]
[null,"","","","","",null,null,""]
[null,"","","","","",null,null,""]
[null,"","","","","",null,null,""]
[null,"","","","","",null,null,""]
[null,"","","","","",null,null,""]
[null,"","","","","",null,null,""]
[null,"","","","","",null,null,""]
[null,"","","","","",null,null,""]
[null,"","","","","",null,null,""]
[null,"","","","","",null,null,""]
[null,"","","","","",null,null,""]
[null,"","","","","",null,null,""]
[null,"","","","","",null,null,""]
[null,"","","","","",null,null,""]
[null,"","","","","",null,null,""]
[null,"","","","","",null,null,""]
[null,"","","","","",null,null,""]
[null,"","","","","",null,null,""]
[null,"","","","","",null,null,""]
[null,"","","","","",null,null,""]
[null,"","","","","",null,null,""]
[null,"","","","","",null,null,""]
[null,"","","","","",null,null,""]
[null,"","","","","",null,null,""]
[null,"","","","","",null,null,""]
[null,"","","","","",null,null,""]
[null,"","","","","",null,null,""]
[null,"","","","","",null,null,""]
[null,"","","","","",null,null,""]
[null,"","","","","",null,null,""]
[null,"","","","","",null,null,""]
[null,"","","","","",null,null,""]
[null,"","","","","",null,null,""]
[null,"","","","","",null,null,""]
[null,"","","","","",null,null,""]
[null,"","","","","",null,null,"",{"$nulls":6},"",{"$nulls":4},""]
[null,"","","","","",null,null,"",{"$nulls":6},"",{"$nulls":4},""]
[null,"","","","","",null,null,"",{"$nulls":6},"",{"$nulls":4},""]
[null,"","","","","",null,null,"",{"$nulls":6},"",{"$nulls":4},""]
[null,"","","","","",null,null,"",{"$nulls":6},"",{"$nulls":4},""]
[null,"","","","","",null,null,"",{"$nulls":6},"",{"$nulls":4},""]
[null,"","","","","",null,null,"",{"$nulls":6},"",{"$nulls":4},""]
[null,"","","","","",null,null,"",{"$nulls":6},"",{"$nulls":4},""]
[null,"","","","","",null,null,"",{"$nulls":6},"",{"$nulls":4},""]
[null,"","","","","",null,null,"",{"$nulls":6},"",{"$nulls":4},""]
[null,"","","","","",null,null,"",{"$nulls":6},"",{"$nulls":4},""]
[null,"","","","","",null,null,"",{"$nulls":6},"",{"$nulls":4},""]
[null,"","","","","",null,null,"",{"$nulls":6},"",{"$nulls":4},""]
[null,"","","","","",null,null,""]
[null,"","","","","",null,null,""]
[null,"","","","","",null,null,""]
[null,"","","","","",null,null,""]
[null,"","","","","",null,null,""]
[null,"","","","","",null,null,""]
[null,"","","","","",null,null,""]
[null,"","","","","",null,null,""]
[null,"","","","","",null,null,""]
[null,"","","","","",null,null,""]
[null,"","","","","",null,null,""]

{"sheet":"PPGR8","index":5,"n_rows":514,"n_cols":11,"rows_kept":514,"merged":[[15,0,16,0],[15,1,16,1],[15,2,16,2],[15,3,16,3],[15,4,16,4],[15,5,16,5],[15,6,15,8],[15,9,16,9],[15,10,16,10]]}
[]
[{"$nulls":5},{"$f":"'[2]Formulario PPGR1'!H2","v":"Servicio Nacional de Salud"}]
[{"$nulls":5},{"$f":"'[2]Formulario PPGR1'!H3","v":"Dirección de Planificación y Desarrollo"}]
[{"$nulls":5},{"$f":"'[2]Formulario PPGR1'!H4","v":0}]
[{"$nulls":5},"Consolidado por Presupuesto Estimado de Ingresos y Gastos "]
[{"$nulls":5},{"$f":"'[2]Formulario PPGR1'!$R$3","v":"R1 - SRS Valdesia"}]
[]
["Estimación de Ingresos"]
["        Anticipos Financieros",{"$nulls":5},{"v":9996000,"d":"9,996,000.00"}]
["        Venta de Servicios y Otros Ingresos",{"$nulls":5},{"v":64426677.480000004,"d":"64,426,677.48"}]
["        Aportes SNS Nómina"]
["        Otros Aportes",{"$nulls":5},{"v":31287496.8,"d":"31,287,496.80"}]
["Transferencias Corrientes "]
["      Total Ingresos RD$",{"$nulls":5},{"$f":"SUM(G9:G13)","v":{"v":105710174.28,"d":"105,710,174.28"}}]
["Estimación de Gastos"]
["Tipo","Objeto","Cuenta","Sub-Cuenta","Auxiliar","Descripción Gasto por Cuenta","Niveles de Responsabilidad",null,null,"Total RD$","%"]
[{"$nulls":6},"Gerencia Regional","Primer Nivel de Atención","Nivel Especializado"]
[2,{"$nulls":4},"Egresos",{"v":72561357.86,"d":"72,561,357.86"},{"v":28139159.919999998,"d":"28,139,159.92"},{"v":0,"d":"0.00"},{"v":100700517.78,"d":"100,700,517.78"},{"v":100,"d":"100.00"}]
[2,1,{"$nulls":3},"Servicios Personales",{"v":0,"d":"0.00"},{"v":0,"d":"0.00"},{"v":0,"d":"0.00"},{"v":0,"d":"0.00"},{"v":0,"d":"0.00"}]
[2,1,1,null,null,"Remuneraciones",{"v":0,"d":"0.00"},{"v":0,"d":"0.00"},{"v":0,"d":"0.00"},{"v":0,"d":"0.00"},{"v":0,"d":"0.00"}]
[2,1,1,1,null,"Remuneraciones al personal fijo",{"v":0,"d":"0.00"},{"v":0,"d":"0.00"},{"v":0,"d":"0.00"},{"v":0,"d":"0.00"},{"v":0,"d":"0.00"}]
[2,1,1,1,"`01","Sueldos fijos",{"$nulls":3},{"$f":"SUBTOTAL(9,G22:I22)","v":{"v":0,"d":"0.00"}},{"$f":"IFERROR(J22/$J$18*100,\"0.00\")","v":{"v":0,"d":"0.00"}}]
[2,1,1,1,"`02","Sueldos a medicos",{"$nulls":3},{"v":0,"d":"0.00"},{"v":0,"d":"0.00"}]
[2,1,1,1,"`03","Ascenso a militires",{"$nulls":3},{"v":0,"d":"0.00"},{"v":0,"d":"0.00"}]
[2,1,1,1,"`04","Nuevas plazas maestros",{"$nulls":3},{"v":0,"d":"0.00"},{"v":0,"d":"0.00"}]
[2,1,1,1,"`05","Incentivos y escalafón",{"$nulls":3},{"v":0,"d":"0.00"},{"v":0,"d":"0.00"}]
[2,1,1,1,"`06","Nuevas plazas a medicos",{"$nulls":3},{"v":0,"d":"0.00"},{"v":0,"d":"0.00"}]
[2,1,1,2,null,"Remuneraciones al personal con carácter transitorio",{"v":0,"d":"0.00"},{"v":0,"d":"0.00"},{"v":0,"d":"0.00"},{"v":0,"d":"0.00"},{"v":0,"d":"0.00"}]
[2,1,1,2,"`01","Sueldos al personal contratado y/o igualado",{"$nulls":3},{"$f":"SUBTOTAL(9,G29:I29)","v":{"v":0,"d":"0.00"}},{"$f":"IFERROR(J29/$J$18*100,\"0.00\")","v":{"v":0,"d":"0.00"}}]
[2,1,1,2,"`02","Sueldos de personal nominal",{"$nulls":3},{"v":0,"d":"0.00"},{"v":0,"d":"0.00"}]
[2,1,1,2,"`03","Suplencias",{"$nulls":3},{"v":0,"d":"0.00"},{"v":0,"d":"0.00"}]
[2,1,1,2,"`04","Sueldos al personal por servicios especiales",{"$nulls":3},{"v":0,"d":"0.00"},{"v":0,"d":"0.00"}]
[2,1,1,2,"`05","Sueldo al personal nominal en período probatorio",{"$nulls":3},{"v":0,"d":"0.00"},{"v":0,"d":"0.00"}]
[2,1,1,2,"`06"," Jornales",{"$nulls":3},{"v":0,"d":"0.00"},{"v":0,"d":"0.00"}]
[2,1,1,2,"`07","Sobrejornales",{"$nulls":3},{"v":0,"d":"0.00"},{"v":0,"d":"0.00"}]
[2,1,1,3,null,"Sueldos al personal fijo en trámite de pensiones",{"v":0,"d":"0.00"},{"v":0,"d":"0.00"},{"v":0,"d":"0.00"},{"v":0,"d":"0.00"},{"v":0,"d":"0.00"}]
[2,1,1,3,"`01","Sueldos al personal fijo en trámite de pensiones",{"$nulls":3},{"$f":"SUBTOTAL(9,G37:I37)","v":{"v":0,"d":"0.00"}},{"$f":"IFERROR(J37/$J$18*100,\"0.00\")","v":{"v":0,"d":"0.00"}}]
[2,1,1,4,null,"Sueldo anual No. 13",{"v":0,"d":"0.00"},{"v":0,"d":"0.00"},{"v":0,"d":"0.00"},{"v":0,"d":"0.00"},{"v":0,"d":"0.00"}]
[2,1,1,4,"`01","Sueldo anual No. 13",{"$nulls":3},{"$f":"SUBTOTAL(9,G39:I39)","v":{"v":0,"d":"0.00"}},{"$f":"IFERROR(J39/$J$18*100,\"0.00\")","v":{"v":0,"d":"0.00"}}]
[2,1,1,5,null,"Prestacianes economicas",{"v":0,"d":"0.00"},{"v":0,"d":"0.00"},{"v":0,"d":"0.00"},{"v":0,"d":"0.00"},{"v":0,"d":"0.00"}]
[2,1,1,5,"`01","Prestacianes economicas",{"$nulls":3},{"$f":"SUBTOTAL(9,G41:I41)","v":{"v":0,"d":"0.00"}},{"$f":"IFERROR(J41/$J$18*100,\"0.00\")","v":{"v":0,"d":"0.00"}}]
[2,1,1,5,"`02","Pago de porcentaje por desvinculación de cargo",{"$nulls":3},{"$f":"SUBTOTAL(9,G42:I42)","v":{"v":0,"d":"0.00"}},{"$f":"IFERROR(J42/$J$18*100,\"0.00\")","v":{"v":0,"d":"0.00"}}]
[2,1,1,5,"`03","Prestacion laboral por desvinculación",{"$nulls":3},{"$f":"SUBTOTAL(9,G43:I43)","v":{"v":0,"d":"0.00"}},{"$f":"IFERROR(J43/$J$18*100,\"0.00\")","v":{"v":0,"d":"0.00"}}]
[2,1,1,5,"`04","Proporción de vacaciones no disfrutadas",{"$nulls":3},{"$f":"SUBTOTAL(9,G44:I44)","v":{"v":0,"d":"0.00"}},{"$f":"IFERROR(J44/$J$18*100,\"0.00\")","v":{"v":0,"d":"0.00"}}]
[2,1,1,6,null,"Vacaciones",{"v":0,"d":"0.00"},{"v":0,"d":"0.00"},{"v":0,"d":"0.00"},{"v":0,"d":"0.00"},{"v":0,"d":"0.00"}]
[2,1,1,6,"`01","Vacaciones",{"$nulls":3},{"$f":"SUBTOTAL(9,G46:I46)","v":{"v":0,"d":"0.00"}},{"$f":"IFERROR(J46/$J$18*100,\"0.00\")","v":{"v":0,"d":"0.00"}}]
[2,1,2,null,null,"Sobresueldos",{"v":0,"d":"0.00"},{"v":0,"d":"0.00"},{"v":0,"d":"0.00"},{"v":0,"d":"0.00"},{"v":0,"d":"0.00"}]
[2,1,2,1,null,"Primas por antigüedad",{"v":0,"d":"0.00"},{"v":0,"d":"0.00"},{"v":0,"d":"0.00"},{"v":0,"d":"0.00"},{"v":0,"d":"0.00"}]
[2,1,2,1,"`01","Primas por antigüedad",{"$nulls":3},{"$f":"SUBTOTAL(9,G49:I49)","v":{"v":0,"d":"0.00"}},{"$f":"IFERROR(J49/$J$18*100,\"0.00\")","v":{"v":0,"d":"0.00"}}]
[2,1,2,2,null,"Compensación",{"v":0,"d":"0.00"},{"v":0,"d":"0.00"},{"v":0,"d":"0.00"},{"v":0,"d":"0.00"},{"v":0,"d":"0.00"}]
[2,1,2,2,"`01","Compensación por gastos de alimentación",{"$nulls":3},{"$f":"SUBTOTAL(9,G51:I51)","v":{"v":0,"d":"0.00"}},{"$f":"IFERROR(J51/$J$18*100,\"0.00\")","v":{"v":0,"d":"0.00"}}]
[2,1,2,2,"`02","Compensación por horas extraordinarias",{"$nulls":3},{"v":0,"d":"0.00"},{"v":0,"d":"0.00"}]
[2,1,2,2,"`03","Pago de horas extraordinarias, Horas extraordinarias fin de año (Reglamento 523-09)",{"$nulls":3},{"v":0,"d":"0.00"},{"v":0,"d":"0.00"}]
[2,1,2,2,"`04","Prima de transporte",{"$nulls":3},{"v":0,"d":"0.00"},{"v":0,"d":"0.00"}]
[2,1,2,2,"`05","Compensación servicios de Seguridad",{"$nulls":3},{"v":0,"d":"0.00"},{"v":0,"d":"0.00"}]
[2,1,2,2,"`06","Compensación por resultados",{"$nulls":3},{"v":0,"d":"0.00"},{"v":0,"d":"0.00"}]
[2,1,2,2,"`07","Compensación por distancia",{"$nulls":3},{"v":0,"d":"0.00"},{"v":0,"d":"0.00"}]
[2,1,2,2,"`08","Compensaciones especiales",{"$nulls":3},{"v":0,"d":"0.00"},{"v":0,"d":"0.00"}]
[2,1,2,2,"`09","Bono por desempeño",{"$nulls":3},{"v":0,"d":"0.00"},{"v":0,"d":"0.00"}]
[2,1,2,2,"`10","Beneficio , Acuerdo de desempeños institucionales (Reglamento 423-12)",{"$nulls":3},{"v":0,"d":"0.00"},{"v":0,"d":"0.00"}]
[2,1,2,3,null,"Especialismos",{"v":0,"d":"0.00"},{"v":0,"d":"0.00"},{"v":0,"d":"0.00"},{"v":0,"d":"0.00"},{"v":0,"d":"0.00"}]
[2,1,2,3,"`01","Especialismos",{"$nulls":3},{"$f":"SUBTOTAL(9,G62:I62)","v":{"v":0,"d":"0.00"}},{"$f":"IFERROR(J62/$J$18*100,\"0.00\")","v":{"v":0,"d":"0.00"}}]
[2,1,3,null,null,"Dietas y Gastos de Representación",{"v":0,"d":"0.00"},{"v":0,"d":"0.00"},{"v":0,"d":"0.00"},{"v":0,"d":"0.00"},{"v":0,"d":"0.00"}]
[2,1,3,1,null,"Dietas",{"v":0,"d":"0.00"},{"v":0,"d":"0.00"},{"v":0,"d":"0.00"},{"v":0,"d":"0.00"},{"v":0,"d":"0.00"}]
[2,1,3,1,"`01","Dietas en el país",{"$nulls":3},{"$f":"SUBTOTAL(9,G65:I65)","v":{"v":0,"d":"0.00"}},{"$f":"IFERROR(J65/$J$18*100,\"0.00\")","v":{"v":0,"d":"0.00"}}]
[2,1,3,1,"`02","Dietas en el exterior",{"$nulls":3},{"$f":"SUBTOTAL(9,G66:I66)","v":{"v":0,"d":"0.00"}},{"$f":"IFERROR(J66/$J$18*100,\"0.00\")","v":{"v":0,"d":"0.00"}}]
[2,1,3,2,null,"Gastos de representación",{"v":0,"d":"0.00"},{"v":0,"d":"0.00"},{"v":0,"d":"0.00"},{"v":0,"d":"0.00"},{"v":0,"d":"0.00"}]
[2,1,3,2,"`01","Gastos de representación en el país",{"$nulls":3},{"$f":"SUBTOTAL(9,G68:I68)","v":{"v":0,"d":"0.00"}},{"$f":"IFERROR(J68/$J$18*100,\"0.00\")","v":{"v":0,"d":"0.00"}}]
[2,1,3,2,"`02","Gastos de representación en el exterior",{"$nulls":3},{"$f":"SUBTOTAL(9,G69:I69)","v":{"v":0,"d":"0.00"}},{"$f":"IFERROR(J69/$J$18*100,\"0.00\")","v":{"v":0,"d":"0.00"}}]
[2,1,4,null,null,"Gratificaciones y Bonificaciones",{"v":0,"d":"0.00"},{"v":0,"d":"0.00"},{"v":0,"d":"0.00"},{"v":0,"d":"0.00"},{"v":0,"d":"0.00"}]
[2,1,4,1,null,"Bonificaciones",{"v":0,"d":"0.00"},{"v":0,"d":"0.00"},{"v":0,"d":"0.00"},{"v":0,"d":"0.00"},{"v":0,"d":"0.00"}]
[2,1,4,1,"`01","Bonificaciones",{"$nulls":3},{"$f":"SUBTOTAL(9,G72:I72)","v":{"v":0,"d":"0.00"}},{"$f":"IFERROR(J72/$J$18*100,\"0.00\")","v":{"v":0,"d":"0.00"}}]
[2,1,4,2,null,"Otras Gratificaciones y Bonificaciones",{"v":0,"d":"0.00"},{"v":0,"d":"0.00"},{"v":0,"d":"0.00"},{"v":0,"d":"0.00"},{"v":0,"d":"0.00"}]
[2,1,4,2,"`01","Bono escolar",{"$nulls":3},{"$f":"SUBTOTAL(9,G74:I74)","v":{"v":0,"d":"0.00"}},{"$f":"IFERROR(J74/$J$18*100,\"0.00\")","v":{"v":0,"d":"0.00"}}]
[2,1,4,2,"`02","Gratificaciones por pasantías",{"$nulls":3},{"$f":"SUBTOTAL(9,G75:I75)","v":{"v":0,"d":"0.00"}},{"$f":"IFERROR(J75/$J$18*100,\"0.00\")","v":{"v":0,"d":"0.00"}}]
[2,1,4,2,"`03","Gratificaciones por aniversario de institución",{"$nulls":3},{"$f":"SUBTOTAL(9,G76:I76)","v":{"v":0,"d":"0.00"}},{"$f":"IFERROR(J76/$J$18*100,\"0.00\")","v":{"v":0,"d":"0.00"}}]
[2,1,4,2,"`04","Otras Gratificaciones",{"$nulls":3},{"$f":"SUBTOTAL(9,G77:I77)","v":{"v":0,"d":"0.00"}},{"$f":"IFERROR(J77/$J$18*100,\"0.00\")","v":{"v":0,"d":"0.00"}}]
[2,1,5,null,null,"Contribuciones a la Seguridad Social y Riesgo Laboral",{"v":0,"d":"0.00"},{"v":0,"d":"0.00"},{"v":0,"d":"0.00"},{"v":0,"d":"0.00"},{"v":0,"d":"0.00"}]
[2,1,5,1,null,"Contribuciones al seguro de salud",{"v":0,"d":"0.00"},{"v":0,"d":"0.00"},{"v":0,"d":"0.00"},{"v":0,"d":"0.00"},{"v":0,"d":"0.00"}]
[2,1,5,1,"`01","Contribuciones al seguro de salud",{"$nulls":3},{"$f":"SUBTOTAL(9,G80:I80)","v":{"v":0,"d":"0.00"}},{"$f":"IFERROR(J80/$J$18*100,\"0.00\")","v":{"v":0,"d":"0.00"}}]
[2,1,5,2,null,"Contribuciones al seguro de pensiones",{"v":0,"d":"0.00"},{"v":0,"d":"0.00"},{"v":0,"d":"0.00"},{"v":0,"d":"0.00"},{"v":0,"d":"0.00"}]
[2,1,5,2,"`01","Contribuciones al seguro de pensiones",{"$nulls":3},{"$f":"SUBTOTAL(9,G82:I82)","v":{"v":0,"d":"0.00"}},{"$f":"IFERROR(J82/$J$18*100,\"0.00\")","v":{"v":0,"d":"0.00"}}]
[2,1,5,3,null,"Contribuciones al seguro de riesgo laboral",{"v":0,"d":"0.00"},{"v":0,"d":"0.00"},{"v":0,"d":"0.00"},{"v":0,"d":"0.00"},{"v":0,"d":"0.00"}]
[2,1,5,3,"`01","Contribuciones al seguro de riesgo laboral",{"$nulls":3},{"$f":"SUBTOTAL(9,G84:I84)","v":{"v":0,"d":"0.00"}},{"$f":"IFERROR(J84/$J$18*100,\"0.00\")","v":{"v":0,"d":"0.00"}}]
[2,1,5,4,null,"Contribuciones al plan de retiro complementario",{"v":0,"d":"0.00"},{"v":0,"d":"0.00"},{"v":0,"d":"0.00"},{"v":0,"d":"0.00"},{"v":0,"d":"0.00"}]
[2,1,5,4,"`01","Contribuciones al plan de retiro complementario",{"$nulls":3},{"$f":"SUBTOTAL(9,G86:I86)","v":{"v":0,"d":"0.00"}},{"$f":"IFERROR(J86/$J$18*100,\"0.00\")","v":{"v":0,"d":"0.00"}}]
[2,2,{"$nulls":3},"Contratacion de servicios",{"v":565165.6599999999,"d":"565,165.66"},{"v":581939.38,"d":"581,939.38"},{"v":0,"d":"0.00"},{"v":1147105.04,"d":"1,147,105.04"},{"v":1.1391252649823265,"d":"1.14"}]
[2,2,1,null,null,"Servicios Básicos",{"v":0,"d":"0.00"},{"v":0,"d":"0.00"},{"v":0,"d":"0.00"},{"v":0,"d":"0.00"},{"v":0,"d":"0.00"}]
[2,2,1,1,null,"Radiocomunicación",{"v":0,"d":"0.00"},{"v":0,"d":"0.00"},{"v":0,"d":"0.00"},{"v":0,"d":"0.00"},{"v":0,"d":"0.00"}]
[2,2,1,1,"`01","Radiocomunicación",{"$nulls":3},{"$f":"SUBTOTAL(9,G90:I90)","v":{"v":0,"d":"0.00"}},{"$f":"IFERROR(J90/$J$18*100,\"0.00\")","v":{"v":0,"d":"0.00"}}]
[2,2,1,2,null,"Servicios telefónico de larga distancia",{"v":0,"d":"0.00"},{"v":0,"d":"0.00"},{"v":0,"d":"0.00"},{"v":0,"d":"0.00"},{"v":0,"d":"0.00"}]
[2,2,1,2,"`01","Servicios telefónico de larga distancia",{"$nulls":3},{"$f":"SUBTOTAL(9,G92:I92)","v":{"v":0,"d":"0.00"}},{"$f":"IFERROR(J92/$J$18*100,\"0.00\")","v":{"v":0,"d":"0.00"}}]
[2,2,1,3,null,"Teléfono local",{"v":0,"d":"0.00"},{"v":0,"d":"0.00"},{"v":0,"d":"0.00"},{"v":0,"d":"0.00"},{"v":0,"d":"0.00"}]
[2,2,1,3,"`01","Teléfono local",{"$nulls":3},{"$f":"SUBTOTAL(9,G94:I94)","v":{"v":0,"d":"0.00"}},{"$f":"IFERROR(J94/$J$18*100,\"0.00\")","v":{"v":0,"d":"0.00"}}]
[2,2,1,4,null,"Telefax y correos",{"v":0,"d":"0.00"},{"v":0,"d":"0.00"},{"v":0,"d":"0.00"},{"v":0,"d":"0.00"},{"v":0,"d":"0.00"}]
[2,2,1,4,"`01","Telefax y correos",{"$nulls":3},{"$f":"SUBTOTAL(9,G96:I96)","v":{"v":0,"d":"0.00"}},{"$f":"IFERROR(J96/$J$18*100,\"0.00\")","v":{"v":0,"d":"0.00"}}]
[2,2,1,5,null,"Servicio de internet y televisión por cable",{"v":0,"d":"0.00"},{"v":0,"d":"0.00"},{"v":0,"d":"0.00"},{"v":0,"d":"0.00"},{"v":0,"d":"0.00"}]
[2,2,1,5,"`01","Servicio de internet y televisión por cable",{"$nulls":3},{"$f":"SUBTOTAL(9,G98:I98)","v":{"v":0,"d":"0.00"}},{"$f":"IFERROR(J98/$J$18*100,\"0.00\")","v":{"v":0,"d":"0.00"}}]
[2,2,1,6,null,"Electricidad",{"v":0,"d":"0.00"},{"v":0,"d":"0.00"},{"v":0,"d":"0.00"},{"v":0,"d":"0.00"},{"v":0,"d":"0.00"}]
[2,2,1,6,"`01","Energía eléctrica",{"$nulls":3},{"$f":"SUBTOTAL(9,G100:I100)","v":{"v":0,"d":"0.00"}},{"$f":"IFERROR(J100/$J$18*100,\"0.00\")","v":{"v":0,"d":"0.00"}}]
[2,2,1,6,"`02","Electricidad no cortable",{"$nulls":3},{"$f":"SUBTOTAL(9,G101:I101)","v":{"v":0,"d":"0.00"}},{"$f":"IFERROR(J101/$J$18*100,\"0.00\")","v":{"v":0,"d":"0.00"}}]
[2,2,1,7,null,"Agua",{"v":0,"d":"0.00"},{"v":0,"d":"0.00"},{"v":0,"d":"0.00"},{"v":0,"d":"0.00"},{"v":0,"d":"0.00"}]
[2,2,1,7,"`01","Agua",{"$nulls":3},{"$f":"SUBTOTAL(9,G103:I103)","v":{"v":0,"d":"0.00"}},{"$f":"IFERROR(J103/$J$18*100,\"0.00\")","v":{"v":0,"d":"0.00"}}]
[2,2,1,8,null,"Recolección de residuos sólidos",{"v":0,"d":"0.00"},{"v":0,"d":"0.00"},{"v":0,"d":"0.00"},{"v":0,"d":"0.00"},{"v":0,"d":"0.00"}]
[2,2,1,8,"`01","Recolección de residuos sólidos",{"$nulls":3},{"$f":"SUBTOTAL(9,G105:I105)","v":{"v":0,"d":"0.00"}},{"$f":"IFERROR(J105/$J$18*100,\"0.00\")","v":{"v":0,"d":"0.00"}}]
[2,2,2,null,null,"Publicidad Impresión y Encuadernación",{"v":13280.94,"d":"13,280.94"},{"v":581939.38,"d":"581,939.38"},{"v":0,"d":"0.00"},{"v":595220.32,"d":"595,220.32"},{"v":0.5910797015963465,"d":"0.59"}]
[2,2,2,1,null,"Publicidad y propaganda",{"v":0,"d":"0.00"},{"v":38954.16,"d":"38,954.16"},{"v":0,"d":"0.00"},{"v":38954.16,"d":"38,954.16"},{"v":0.038683177463995765,"d":"0.04"}]
[2,2,2,1,"`01","Publicidad y propaganda",{"v":0,"d":"0.00"},{"v":38954.16,"d":"38,954.16"},null,{"$f":"SUBTOTAL(9,G108:I108)","v":{"v":38954.16,"d":"38,954.16"}},{"$f":"IFERROR(J108/$J$18*100,\"0.00\")","v":{"v":0.038683177463995765,"d":"0.04"}}]
[2,2,2,2,null,"Impresión y encuadernación",{"v":13280.94,"d":"13,280.94"},{"v":542985.22,"d":"542,985.22"},{"v":0,"d":"0.00"},{"v":556266.1599999999,"d":"556,266.16"},{"v":0.5523965241323507,"d":"0.55"}]
[2,2,2,2,"`01","Impresión y encuadernación",{"v":13280.94,"d":"13,280.94"},{"v":542985.22,"d":"542,985.22"},null,{"$f":"SUBTOTAL(9,G110:I110)","v":{"v":556266.1599999999,"d":"556,266.16"}},{"$f":"IFERROR(J110/$J$18*100,\"0.00\")","v":{"v":0.5523965241323507,"d":"0.55"}}]
[2,2,3,null,null,"Viáticos",{"v":421884.72,"d":"421,884.72"},{"v":0,"d":"0.00"},{"v":0,"d":"0.00"},{"v":421884.72,"d":"421,884.72"},{"v":0.41894990145104294,"d":"0.42"}]
[2,2,3,1,null,"Viáticos dentro del país",{"v":421884.72,"d":"421,884.72"},{"v":0,"d":"0.00"},{"v":0,"d":"0.00"},{"v":421884.72,"d":"421,884.72"},{"v":0.41894990145104294,"d":"0.42"}]
[2,2,3,1,"`01","Viáticos dentro del país",{"v":421884.72,"d":"421,884.72"},null,null,{"$f":"SUBTOTAL(9,G113:I113)","v":{"v":421884.72,"d":"421,884.72"}},{"$f":"IFERROR(J113/$J$18*100,\"0.00\")","v":{"v":0.41894990145104294,"d":"0.42"}}]
[2,2,3,2,null,"Viáticos fuera del país",{"v":0,"d":"0.00"},{"v":0,"d":"0.00"},{"v":0,"d":"0.00"},{"v":0,"d":"0.00"},{"v":0,"d":"0.00"}]
[2,2,3,2,"`01","Viáticos fuera del país",{"$nulls":3},{"$f":"SUBTOTAL(9,G115:I115)","v":{"v":0,"d":"0.00"}},{"$f":"IFERROR(J115/$J$18*100,\"0.00\")","v":{"v":0,"d":"0.00"}}]
[2,2,4,null,null,"Transporte y Alamcenaje",{"v":0,"d":"0.00"},{"v":0,"d":"0.00"},{"v":0,"d":"0.00"},{"v":0,"d":"0.00"},{"v":0,"d":"0.00"}]
[2,2,4,1,null,"Pasajes",{"v":0,"d":"0.00"},{"v":0,"d":"0.00"},{"v":0,"d":"0.00"},{"v":0,"d":"0.00"},{"v":0,"d":"0.00"}]
[2,2,4,1,"`01","Pasajes",{"$nulls":3},{"$f":"SUBTOTAL(9,G118:I118)","v":{"v":0,"d":"0.00"}},{"$f":"IFERROR(J118/$J$18*100,\"0.00\")","v":{"v":0,"d":"0.00"}}]
[2,2,4,2,null,"Fletes",{"v":0,"d":"0.00"},{"v":0,"d":"0.00"},{"v":0,"d":"0.00"},{"v":0,"d":"0.00"},{"v":0,"d":"0.00"}]
[2,2,4,2,"`01","Fletes",{"$nulls":3},{"$f":"SUBTOTAL(9,G120:I120)","v":{"v":0,"d":"0.00"}},{"$f":"IFERROR(J120/$J$18*100,\"0.00\")","v":{"v":0,"d":"0.00"}}]
[2,2,4,3,null,"Almacenaje",{"v":0,"d":"0.00"},{"v":0,"d":"0.00"},{"v":0,"d":"0.00"},{"v":0,"d":"0.00"},{"v":0,"d":"0.00"}]
[2,2,4,3,"`01","Almacenaje",{"$nulls":3},{"$f":"SUBTOTAL(9,G122:I122)","v":{"v":0,"d":"0.00"}},{"$f":"IFERROR(J122/$J$18*100,\"0.00\")","v":{"v":0,"d":"0.00"}}]
[2,2,4,4,null,"Peaje",{"v":0,"d":"0.00"},{"v":0,"d":"0.00"},{"v":0,"d":"0.00"},{"v":0,"d":"0.00"},{"v":0,"d":"0.00"}]
[2,2,4,4,"`01","Peaje",{"$nulls":3},{"$f":"SUBTOTAL(9,G124:I124)","v":{"v":0,"d":"0.00"}},{"$f":"IFERROR(J124/$J$18*100,\"0.00\")","v":{"v":0,"d":"0.00"}}]
[2,2,5,null,null,"Alquileres y Rentas",{"v":0,"d":"0.00"},{"v":0,"d":"0.00"},{"v":0,"d":"0.00"},{"v":0,"d":"0.00"},{"v":0,"d":"0.00"}]
[2,2,5,1,null,"Alquilleres y rentas de edificios y locales",{"v":0,"d":"0.00"},{"v":0,"d":"0.00"},{"v":0,"d":"0.00"},{"v":0,"d":"0.00"},{"v":0,"d":"0.00"}]
[2,2,5,1,"`01","Alquilleres y rentas de edificios y locales",{"$nulls":3},{"$f":"SUBTOTAL(9,G127:I127)","v":{"v":0,"d":"0.00"}},{"$f":"IFERROR(J127/$J$18*100,\"0.00\")","v":{"v":0,"d":"0.00"}}]
[2,2,5,2,null,"Alquileres de equipos de producción",{"v":0,"d":"0.00"},{"v":0,"d":"0.00"},{"v":0,"d":"0.00"},{"v":0,"d":"0.00"},{"v":0,"d":"0.00"}]
[2,2,5,2,"`01","Alquileres de equipos de producción",{"$nulls":3},{"$f":"SUBTOTAL(9,G129:I129)","v":{"v":0,"d":"0.00"}},{"$f":"IFERROR(J129/$J$18*100,\"0.00\")","v":{"v":0,"d":"0.00"}}]
[2,2,5,3,null,"Alquileres de maquinarias y equipos",{"v":0,"d":"0.00"},{"v":0,"d":"0.00"},{"v":0,"d":"0.00"},{"v":0,"d":"0.00"},{"v":0,"d":"0.00"}]
[2,2,5,3,"`01","Alquiler de equipo educacional",{"$nulls":3},{"$f":"SUBTOTAL(9,G131:I131)","v":{"v":0,"d":"0.00"}},{"$f":"IFERROR(J131/$J$18*100,\"0.00\")","v":{"v":0,"d":"0.00"}}]
[2,2,5,3,"`02","Alquiler de equipo para computación",{"$nulls":3},{"$f":"SUBTOTAL(9,G132:I132)","v":{"v":0,"d":"0.00"}},{"$f":"IFERROR(J132/$J$18*100,\"0.00\")","v":{"v":0,"d":"0.00"}}]
[2,2,5,3,"`03","Alquiler de equipo de comunicación",{"$nulls":3},{"$f":"SUBTOTAL(9,G133:I133)","v":{"v":0,"d":"0.00"}},{"$f":"IFERROR(J133/$J$18*100,\"0.00\")","v":{"v":0,"d":"0.00"}}]
[2,2,5,3,"`04","Alquiler de equipo de oficina y muebles",{"$nulls":3},{"$f":"SUBTOTAL(9,G134:I134)","v":{"v":0,"d":"0.00"}},{"$f":"IFERROR(J134/$J$18*100,\"0.00\")","v":{"v":0,"d":"0.00"}}]
[2,2,5,3,"`05","Alquiler de equipos sanitarios y de laboratorios",{"$nulls":3},{"$f":"SUBTOTAL(9,G135:I135)","v":{"v":0,"d":"0.00"}},{"$f":"IFERROR(J135/$J$18*100,\"0.00\")","v":{"v":0,"d":"0.00"}}]
[2,2,5,4,null,"Alquileres de equipos de transporte, tracción y elevación",{"v":0,"d":"0.00"},{"v":0,"d":"0.00"},{"v":0,"d":"0.00"},{"v":0,"d":"0.00"},{"v":0,"d":"0.00"}]
[2,2,5,4,"`01","Alquileres de equipos de transporte, tracción y elevación",{"$nulls":3},{"$f":"SUBTOTAL(9,G137:I137)","v":{"v":0,"d":"0.00"}},{"$f":"IFERROR(J137/$J$18*100,\"0.00\")","v":{"v":0,"d":"0.00"}}]
[2,2,5,5,null,"Alquiler de tierra",{"$f":"+G139","v":{"v":0,"d":"0.00"}},{"$f":"+H139","v":{"v":0,"d":"0.00"}},{"$f":"+I139","v":{"v":0,"d":"0.00"}},{"$f":"+J139","v":{"v":0,"d":"0.00"}},{"$f":"+K139","v":{"v":0,"d":"0.00"}}]
[2,2,5,5,"`01","Alquiler de tierra",{"$nulls":3},{"$f":"SUBTOTAL(9,G139:I139)","v":{"v":0,"d":"0.00"}},{"$f":"IFERROR(J139/$J$18*100,\"0.00\")","v":{"v":0,"d":"0.00"}}]
[2,2,5,6,null,"Alquileres de Terrenos",{"v":0,"d":"0.00"},{"v":0,"d":"0.00"},{"v":0,"d":"0.00"},{"v":0,"d":"0.00"},{"v":0,"d":"0.00"}]
[2,2,5,6,"`01","Alquileres de Terrenos",{"$nulls":3},{"$f":"SUBTOTAL(9,G141:I141)","v":{"v":0,"d":"0.00"}},{"$f":"IFERROR(J141/$J$18*100,\"0.00\")","v":{"v":0,"d":"0.00"}}]
[2,2,5,7,null,"Alquileres de equipos de construccion y movimiento de tierra",{"$f":"+G143","v":{"v":0,"d":"0.00"}},{"$f":"+H143","v":{"v":0,"d":"0.00"}},{"$f":"+I143","v":{"v":0,"d":"0.00"}},{"$f":"+J143","v":{"v":0,"d":"0.00"}},{"$f":"+K143","v":{"v":0,"d":"0.00"}}]
[2,2,5,7,"`01","Alquileres de equipos de construccion y movimiento de tierra",{"$nulls":3},{"$f":"SUBTOTAL(9,G143:I143)","v":{"v":0,"d":"0.00"}},{"$f":"IFERROR(J143/$J$18*100,\"0.00\")","v":{"v":0,"d":"0.00"}}]
[2,2,5,8,null,"Otros alquileres",{"v":0,"d":"0.00"},{"v":0,"d":"0.00"},{"v":0,"d":"0.00"},{"v":0,"d":"0.00"},{"v":0,"d":"0.00"}]
[2,2,5,8,"`01","Otros alquileres",{"$nulls":3},{"$f":"SUBTOTAL(9,G145:I145)","v":{"v":0,"d":"0.00"}},{"$f":"IFERROR(J145/$J$18*100,\"0.00\")","v":{"v":0,"d":"0.00"}}]
[2,2,6,null,null,"Seguros",{"v":0,"d":"0.00"},{"v":0,"d":"0.00"},{"v":0,"d":"0.00"},{"v":0,"d":"0.00"},{"v":0,"d":"0.00"}]
[2,2,6,1,null,"Seguro de bienes inmuebles e infraestructura",{"v":0,"d":"0.00"},{"v":0,"d":"0.00"},{"v":0,"d":"0.00"},{"v":0,"d":"0.00"},{"v":0,"d":"0.00"}]
[2,2,6,1,"`01","Seguro de bienes inmuebles e infraestructura",{"$nulls":3},{"$f":"SUBTOTAL(9,G148:I148)","v":{"v":0,"d":"0.00"}},{"$f":"IFERROR(J148/$J$18*100,\"0.00\")","v":{"v":0,"d":"0.00"}}]
[2,2,6,2,null,"Seguro de bienes muebles",{"v":0,"d":"0.00"},{"v":0,"d":"0.00"},{"v":0,"d":"0.00"},{"v":0,"d":"0.00"},{"v":0,"d":"0.00"}]
[2,2,6,2,"`01","Seguro de bienes muebles",{"$nulls":3},{"$f":"SUBTOTAL(9,G150:I150)","v":{"v":0,"d":"0.00"}},{"$f":"IFERROR(J150/$J$18*100,\"0.00\")","v":{"v":0,"d":"0.00"}}]
[2,2,6,3,null,"Seguros de personas",{"v":0,"d":"0.00"},{"v":0,"d":"0.00"},{"v":0,"d":"0.00"},{"v":0,"d":"0.00"},{"v":0,"d":"0.00"}]
[2,2,6,3,"`01","Seguros de personas",{"$nulls":3},{"$f":"SUBTOTAL(9,G152:I152)","v":{"v":0,"d":"0.00"}},{"$f":"IFERROR(J152/$J$18*100,\"0.00\")","v":{"v":0,"d":"0.00"}}]
[2,2,6,4,null,"Seguros de la producción agrícola",{"v":0,"d":"0.00"},{"v":0,"d":"0.00"},{"v":0,"d":"0.00"},{"v":0,"d":"0.00"},{"v":0,"d":"0.00"}]
[2,2,6,4,"`01","Seguros de la producción agrícola",{"$nulls":3},{"$f":"SUBTOTAL(9,G154:I154)","v":{"v":0,"d":"0.00"}},{"$f":"IFERROR(J154/$J$18*100,\"0.00\")","v":{"v":0,"d":"0.00"}}]
[2,2,6,5,null,"Seguro sobre infraestructura",{"$f":"+G156","v":{"v":0,"d":"0.00"}},{"$f":"+H156","v":{"v":0,"d":"0.00"}},{"$f":"+I156","v":{"v":0,"d":"0.00"}},{"$f":"+J156","v":{"v":0,"d":"0.00"}},{"$f":"+K156","v":{"v":0,"d":"0.00"}}]
[2,2,6,5,"`01","Seguro sobre infraestructura",{"$nulls":3},{"$f":"SUBTOTAL(9,G156:I156)","v":{"v":0,"d":"0.00"}},{"$f":"IFERROR(J156/$J$18*100,\"0.00\")","v":{"v":0,"d":"0.00"}}]
[2,2,6,6,null,"Seguros sobre bienes de dominio publico",{"$f":"+G158","v":{"v":0,"d":"0.00"}},{"$f":"+H158","v":{"v":0,"d":"0.00"}},{"$f":"+I158","v":{"v":0,"d":"0.00"}},{"$f":"+J158","v":{"v":0,"d":"0.00"}},{"$f":"+K158","v":{"v":0,"d":"0.00"}}]
[2,2,6,6,"`01","Seguros sobre bienes de dominio publico",{"$nulls":3},{"$f":"SUBTOTAL(9,G158:I158)","v":{"v":0,"d":"0.00"}},{"$f":"IFERROR(J158/$J$18*100,\"0.00\")","v":{"v":0,"d":"0.00"}}]
[2,2,6,7,null,"Seguros sobre bienes historicos y culturales",{"$f":"+G160","v":{"v":0,"d":"0.00"}},{"$f":"+H160","v":{"v":0,"d":"0.00"}},{"$f":"+I160","v":{"v":0,"d":"0.00"}},{"$f":"+J160","v":{"v":0,"d":"0.00"}},{"$f":"+K160","v":{"v":0,"d":"0.00"}}]
[2,2,6,7,"`01","Seguros sobre bienes historicos y culturales",{"$nulls":3},{"$f":"SUBTOTAL(9,G160:I160)","v":{"v":0,"d":"0.00"}},{"$f":"IFERROR(J160/$J$18*100,\"0.00\")","v":{"v":0,"d":"0.00"}}]
[2,2,6,8,null,"Seguros sobre inventarios de bienes de consumo",{"$f":"+G162","v":{"v":0,"d":"0.00"}},{"$f":"+H162","v":{"v":0,"d":"0.00"}},{"$f":"+I162","v":{"v":0,"d":"0.00"}},{"$f":"+J162","v":{"v":0,"d":"0.00"}},{"$f":"+K162","v":{"v":0,"d":"0.00"}}]
[2,2,6,8,"`01","Seguros sobre inventarios de bienes de consumo",{"$nulls":3},{"$f":"SUBTOTAL(9,G162:I162)","v":{"v":0,"d":"0.00"}},{"$f":"IFERROR(J162/$J$18*100,\"0.00\")","v":{"v":0,"d":"0.00"}}]
[2,2,6,9,null,"Otros seguros",{"$f":"+G164","v":{"v":0,"d":"0.00"}},{"$f":"+H164","v":{"v":0,"d":"0.00"}},{"$f":"+I164","v":{"v":0,"d":"0.00"}},{"$f":"+J164","v":{"v":0,"d":"0.00"}},{"$f":"+K164","v":{"v":0,"d":"0.00"}}]
[2,2,6,9,"`01","Otros seguros",{"$nulls":3},{"$f":"SUBTOTAL(9,G164:I164)","v":{"v":0,"d":"0.00"}},{"$f":"IFERROR(J164/$J$18*100,\"0.00\")","v":{"v":0,"d":"0.00"}}]
[2,2,7,null,null,"Servicios de Conservación, Reparaciones Menores e Instalaciones Temporales",{"v":0,"d":"0.00"},{"v":0,"d":"0.00"},{"v":0,"d":"0.00"},{"v":0,"d":"0.00"},{"v":0,"d":"0.00"}]
[2,2,7,1,null,"Contrataciones de obras menores",{"v":0,"d":"0.00"},{"v":0,"d":"0.00"},{"v":0,"d":"0.00"},{"v":0,"d":"0.00"},{"v":0,"d":"0.00"}]
[2,2,7,1,"`01","Obras menores en edificaciones",{"$nulls":3},{"$f":"SUBTOTAL(9,G167:I167)","v":{"v":0,"d":"0.00"}},{"$f":"IFERROR(J167/$J$18*100,\"0.00\")","v":{"v":0,"d":"0.00"}}]
[2,2,7,1,"`02","Servicios especiales de mantenimiento y reparación",{"$nulls":3},{"v":0,"d":"0.00"},{"v":0,"d":"0.00"}]
[2,2,7,1,"`03","Limpieza, desmalezamiento de tierras y terrenos",{"$nulls":3},{"v":0,"d":"0.00"},{"v":0,"d":"0.00"}]
[2,2,7,1,"`04","Mantenimiento y reparación de obras civiles en instalaciones varias",{"$nulls":3},{"v":0,"d":"0.00"},{"v":0,"d":"0.00"}]
[2,2,7,1,"`05","Obras en bienes de dominio público",{"$nulls":3},{"v":0,"d":"0.00"},{"v":0,"d":"0.00"}]
[2,2,7,1,"`06","Instalaciones eléctricas",{"$nulls":3},{"v":0,"d":"0.00"},{"v":0,"d":"0.00"}]
[2,2,7,1,"`07","Servicios de pintura y derivados con fin de higiene y embellecimiento",{"$nulls":3},{"v":0,"d":"0.00"},{"v":0,"d":"0.00"}]
[2,2,7,2,null,"Mantenimientos y reparacion de maquinarias y equipos",{"v":0,"d":"0.00"},{"v":0,"d":"0.00"},{"v":0,"d":"0.00"},{"v":0,"d":"0.00"},{"v":0,"d":"0.00"}]
[2,2,7,2,"`01","Mantenimiento y reparación de equipo de oficina y muebles",{"$nulls":3},{"$f":"SUBTOTAL(9,G175:I175)","v":{"v":0,"d":"0.00"}},{"$f":"IFERROR(J175/$J$18*100,\"0.00\")","v":{"v":0,"d":"0.00"}}]
[2,2,7,2,"`02","Mantenimiento y reparación de equipo para computación",{"$nulls":3},{"v":0,"d":"0.00"},{"v":0,"d":"0.00"}]
[2,2,7,2,"`03","Mantenimiento y reparación de equipo de educacional",{"$nulls":3},{"v":0,"d":"0.00"},{"v":0,"d":"0.00"}]
[2,2,7,2,"`04","Mantenimiento y reparación de equipos sanitarios y de laboratorio",{"$nulls":3},{"v":0,"d":"0.00"},{"v":0,"d":"0.00"}]
[2,2,7,2,"`05","Mantenimiento y reparación de equipos de comunicación",{"$nulls":3},{"v":0,"d":"0.00"},{"v":0,"d":"0.00"}]
[2,2,7,2,"`06","Mantenimiento y reparación de equipos de transporte, tracción y elevación",{"$nulls":3},{"v":0,"d":"0.00"},{"v":0,"d":"0.00"}]
[2,2,7,3,null,"Instalaciones temporales",{"v":0,"d":"0.00"},{"v":0,"d":"0.00"},{"v":0,"d":"0.00"},{"v":0,"d":"0.00"},{"v":0,"d":"0.00"}]
[2,2,7,3,"`01","Instalaciones temporales",{"$nulls":3},{"$f":"SUBTOTAL(9,G182:I182)","v":{"v":0,"d":"0.00"}},{"$f":"IFERROR(J182/$J$18*100,\"0.00\")","v":{"v":0,"d":"0.00"}}]
[2,2,8,null,null,"Otros Servicios No Incluidos en conceptos anteriores",{"v":130000,"d":"130,000.00"},{"v":0,"d":"0.00"},{"v":0,"d":"0.00"},{"v":130000,"d":"130,000.00"},{"v":0.12909566193493707,"d":"0.13"}]
[2,2,8,1,null,"Gastos judiciales",{"v":0,"d":"0.00"},{"v":0,"d":"0.00"},{"v":0,"d":"0.00"},{"v":0,"d":"0.00"},{"v":0,"d":"0.00"}]
[2,2,8,1,"`01","Gastos judiciales",{"$nulls":3},{"$f":"SUBTOTAL(9,G185:I185)","v":{"v":0,"d":"0.00"}},{"$f":"IFERROR(J185/$J$18*100,\"0.00\")","v":{"v":0,"d":"0.00"}}]
[2,2,8,2,null,"Comisiones y gastos bancarios",{"v":0,"d":"0.00"},{"v":0,"d":"0.00"},{"v":0,"d":"0.00"},{"v":0,"d":"0.00"},{"v":0,"d":"0.00"}]
[2,2,8,2,"`01","Comisiones y gastos bancarios",{"$nulls":3},{"$f":"SUBTOTAL(9,G187:I187)","v":{"v":0,"d":"0.00"}},{"$f":"IFERROR(J187/$J$18*100,\"0.00\")","v":{"v":0,"d":"0.00"}}]
[2,2,8,3,null,"Servicios sanitarios médicos y veterinarios",{"v":0,"d":"0.00"},{"v":0,"d":"0.00"},{"v":0,"d":"0.00"},{"v":0,"d":"0.00"},{"v":0,"d":"0.00"}]
[2,2,8,3,"`01","Servicios sanitarios médicos y veterinarios",{"$nulls":3},{"$f":"SUBTOTAL(9,G189:I189)","v":{"v":0,"d":"0.00"}},{"$f":"IFERROR(J189/$J$18*100,\"0.00\")","v":{"v":0,"d":"0.00"}}]
[2,2,8,4,null,"Servicios funerarios y gastos conexos",{"v":0,"d":"0.00"},{"v":0,"d":"0.00"},{"v":0,"d":"0.00"},{"v":0,"d":"0.00"},{"v":0,"d":"0.00"}]
[2,2,8,4,"`01","Servicios funerarios y gastos conexos",{"$nulls":3},{"$f":"SUBTOTAL(9,G191:I191)","v":{"v":0,"d":"0.00"}},{"$f":"IFERROR(J191/$J$18*100,\"0.00\")","v":{"v":0,"d":"0.00"}}]
[2,2,8,5,null,"Fumigación, lavandería, limpieza e higiene",{"v":0,"d":"0.00"},{"v":0,"d":"0.00"},{"v":0,"d":"0.00"},{"v":0,"d":"0.00"},{"v":0,"d":"0.00"}]
[2,2,8,5,"`01","Fumigación",{"$nulls":3},{"$f":"SUBTOTAL(9,G193:I193)","v":{"v":0,"d":"0.00"}},{"$f":"IFERROR(J193/$J$18*100,\"0.00\")","v":{"v":0,"d":"0.00"}}]
[2,2,8,5,"`02","Lavandería",{"$nulls":3},{"$f":"SUBTOTAL(9,G194:I194)","v":{"v":0,"d":"0.00"}},{"$f":"IFERROR(J194/$J$18*100,\"0.00\")","v":{"v":0,"d":"0.00"}}]
[2,2,8,5,"`03","Limpieza e higiene",{"$nulls":3},{"$f":"SUBTOTAL(9,G195:I195)","v":{"v":0,"d":"0.00"}},{"$f":"IFERROR(J195/$J$18*100,\"0.00\")","v":{"v":0,"d":"0.00"}}]
[2,2,8,6,null,"Organización de eventos y festividades",{"v":0,"d":"0.00"},{"v":0,"d":"0.00"},{"v":0,"d":"0.00"},{"v":0,"d":"0.00"},{"v":0,"d":"0.00"}]
[2,2,8,6,"`01","Eventos generals",{"$nulls":3},{"$f":"SUBTOTAL(9,G197:I197)","v":{"v":0,"d":"0.00"}},{"$f":"IFERROR(J197/$J$18*100,\"0.00\")","v":{"v":0,"d":"0.00"}}]
[2,2,8,6,"`02","Festividades",{"$nulls":3},{"$f":"SUBTOTAL(9,G198:I198)","v":{"v":0,"d":"0.00"}},{"$f":"IFERROR(J198/$J$18*100,\"0.00\")","v":{"v":0,"d":"0.00"}}]
[2,2,8,6,"`03","Actuaciones deportivas",{"$nulls":3},{"$f":"SUBTOTAL(9,G199:I199)","v":{"v":0,"d":"0.00"}},{"$f":"IFERROR(J199/$J$18*100,\"0.00\")","v":{"v":0,"d":"0.00"}}]
[2,2,8,6,"`04","Actuaciones artísticas",{"$nulls":3},{"$f":"SUBTOTAL(9,G200:I200)","v":{"v":0,"d":"0.00"}},{"$f":"IFERROR(J200/$J$18*100,\"0.00\")","v":{"v":0,"d":"0.00"}}]
[2,2,8,7,null,"Servicios Técnicos y Profesionales",{"v":130000,"d":"130,000.00"},{"v":0,"d":"0.00"},{"v":0,"d":"0.00"},{"v":130000,"d":"130,000.00"},{"v":0.12909566193493707,"d":"0.13"}]
[2,2,8,7,"`01","Estudios, investigaciones y análisis de factibilidad",{"$nulls":3},{"$f":"SUBTOTAL(9,G202:I202)","v":{"v":0,"d":"0.00"}},{"$f":"IFERROR(J202/$J$18*100,\"0.00\")","v":{"v":0,"d":"0.00"}}]
[2,2,8,7,"`02","Servicios jurídicos",{"$nulls":3},{"v":0,"d":"0.00"},{"v":0,"d":"0.00"}]
[2,2,8,7,"`03","Servicios de contabilidad y auditoría",{"$nulls":3},{"v":0,"d":"0.00"},{"v":0,"d":"0.00"}]
[2,2,8,7,"`04","Servicios de capacitación",{"$nulls":3},{"v":0,"d":"0.00"},{"v":0,"d":"0.00"}]
[2,2,8,7,"`05","Servicios de informática y sistemas computarizados",{"$nulls":3},{"v":0,"d":"0.00"},{"v":0,"d":"0.00"}]
[2,2,8,7,"`06","Otros servicios técnicos profesionales",{"v":130000,"d":"130,000.00"},null,null,{"v":130000,"d":"130,000.00"},{"v":0.12909566193493707,"d":"0.13"}]
[2,2,8,8,null,"Impuestos, derechos y tasas",{"v":0,"d":"0.00"},{"v":0,"d":"0.00"},{"v":0,"d":"0.00"},{"v":0,"d":"0.00"},{"v":0,"d":"0.00"}]
[2,2,8,8,"`01","Impuestos",{"$nulls":3},{"$f":"SUBTOTAL(9,G209:I209)","v":{"v":0,"d":"0.00"}},{"$f":"IFERROR(J209/$J$18*100,\"0.00\")","v":{"v":0,"d":"0.00"}}]
[2,2,8,8,"`02","Derechos",{"$nulls":3},{"$f":"SUBTOTAL(9,G210:I210)","v":{"v":0,"d":"0.00"}},{"$f":"IFERROR(J210/$J$18*100,\"0.00\")","v":{"v":0,"d":"0.00"}}]
[2,2,8,8,"`03","Tasas",{"$nulls":3},{"$f":"SUBTOTAL(9,G211:I211)","v":{"v":0,"d":"0.00"}},{"$f":"IFERROR(J211/$J$18*100,\"0.00\")","v":{"v":0,"d":"0.00"}}]
[2,2,8,9,null,"Otros gastos operativos",{"v":0,"d":"0.00"},{"v":0,"d":"0.00"},{"v":0,"d":"0.00"},{"v":0,"d":"0.00"},{"v":0,"d":"0.00"}]
[2,2,8,9,"`01","Interes devengados internos por instituciones financieras",{"$nulls":3},{"$f":"SUBTOTAL(9,G213:I213)","v":{"v":0,"d":"0.00"}},{"$f":"IFERROR(J213/$J$18*100,\"0.00\")","v":{"v":0,"d":"0.00"}}]
[2,2,8,9,"`02","Interes devengados externos por instituciones financieras",{"$nulls":3},{"$f":"SUBTOTAL(9,G214:I214)","v":{"v":0,"d":"0.00"}},{"$f":"IFERROR(J214/$J$18*100,\"0.00\")","v":{"v":0,"d":"0.00"}}]
[2,2,8,9,"`03","Premios de billetes y quinielas de la Lotería Nacional",{"$nulls":3},{"$f":"SUBTOTAL(9,G215:I215)","v":{"v":0,"d":"0.00"}},{"$f":"IFERROR(J215/$J$18*100,\"0.00\")","v":{"v":0,"d":"0.00"}}]
[2,2,8,9,"`04","Otros gastos por indemnizaciones y compensaciones",{"$nulls":3},{"$f":"SUBTOTAL(9,G216:I216)","v":{"v":0,"d":"0.00"}},{"$f":"IFERROR(J216/$J$18*100,\"0.00\")","v":{"v":0,"d":"0.00"}}]
[2,2,8,9,"`05","Otros gastos operativos de instituciones empresariales",{"$nulls":3},{"$f":"SUBTOTAL(9,G217:I217)","v":{"v":0,"d":"0.00"}},{"$f":"IFERROR(J217/$J$18*100,\"0.00\")","v":{"v":0,"d":"0.00"}}]
[2,3,{"$nulls":3},"Materiales y Suministros",{"v":12874129.24,"d":"12,874,129.24"},{"v":24297034.849999998,"d":"24,297,034.85"},{"v":0,"d":"0.00"},{"v":37171164.09,"d":"37,171,164.09"},{"v":36.91258486992856,"d":"36.91"}]
[2,3,1,null,null,"Alimentos y Productos Agroforestales",{"v":12246991.3,"d":"12,246,991.30"},{"v":17611233.2,"d":"17,611,233.20"},{"v":0,"d":"0.00"},{"v":29858224.5,"d":"29,858,224.50"},{"v":29.650517354072736,"d":"29.65"}]
[2,3,1,1,null,"Alimentos y bebidas para personas",{"v":12246991.3,"d":"12,246,991.30"},{"v":17611233.2,"d":"17,611,233.20"},{"v":0,"d":"0.00"},{"v":29858224.5,"d":"29,858,224.50"},{"v":29.650517354072736,"d":"29.65"}]
[2,3,1,1,"`01","Alimentos y bebidas para personas",{"v":12246991.3,"d":"12,246,991.30"},{"v":17611233.2,"d":"17,611,233.20"},null,{"$f":"SUBTOTAL(9,G221:I221)","v":{"v":29858224.5,"d":"29,858,224.50"}},{"$f":"IFERROR(J221/$J$18*100,\"0.00\")","v":{"v":29.650517354072736,"d":"29.65"}}]
[2,3,1,1,"`02","Desayuno escolar",{"$nulls":3},{"$f":"SUBTOTAL(9,G222:I222)","v":{"v":0,"d":"0.00"}},{"$f":"IFERROR(J222/$J$18*100,\"0.00\")","v":{"v":0,"d":"0.00"}}]
[2,3,1,2,null,"Alimentos para animales",{"$f":"+G224","v":{"v":0,"d":"0.00"}},{"$f":"+H224","v":{"v":0,"d":"0.00"}},{"$f":"+I224","v":{"v":0,"d":"0.00"}},{"$f":"+J224","v":{"v":0,"d":"0.00"}},{"$f":"+K224","v":{"v":0,"d":"0.00"}}]
[2,3,1,2,"`01","Alimentos para animales",{"$nulls":3},{"$f":"SUBTOTAL(9,G224:I224)","v":{"v":0,"d":"0.00"}},{"$f":"IFERROR(J224/$J$18*100,\"0.00\")","v":{"v":0,"d":"0.00"}}]
[2,3,1,3,null,"Productos agroforestales y pecuarios",{"v":0,"d":"0.00"},{"v":0,"d":"0.00"},{"v":0,"d":"0.00"},{"v":0,"d":"0.00"},{"v":0,"d":"0.00"}]
[2,3,1,3,"`01","Productos pecuarios",{"$nulls":3},{"$f":"SUBTOTAL(9,G226:I226)","v":{"v":0,"d":"0.00"}},{"$f":"IFERROR(J226/$J$18*100,\"0.00\")","v":{"v":0,"d":"0.00"}}]
[2,3,1,3,"`02","Productos agrícolas",{"$nulls":3},{"$f":"SUBTOTAL(9,G227:I227)","v":{"v":0,"d":"0.00"}},{"$f":"IFERROR(J227/$J$18*100,\"0.00\")","v":{"v":0,"d":"0.00"}}]
[2,3,1,3,"`03","Productos forestales",{"$nulls":3},{"$f":"SUBTOTAL(9,G228:I228)","v":{"v":0,"d":"0.00"}},{"$f":"IFERROR(J228/$J$18*100,\"0.00\")","v":{"v":0,"d":"0.00"}}]
[2,3,1,4,null,"Madera, corcho y sus manufacturas",{"$f":"+G230","v":{"v":0,"d":"0.00"}},{"$f":"+H230","v":{"v":0,"d":"0.00"}},{"$f":"+I230","v":{"v":0,"d":"0.00"}},{"$f":"+J230","v":{"v":0,"d":"0.00"}},{"$f":"+K230","v":{"v":0,"d":"0.00"}}]
[2,3,1,4,"`01","Madera, corcho y sus manufacturas",{"$nulls":3},{"$f":"SUBTOTAL(9,G230:I230)","v":{"v":0,"d":"0.00"}},{"$f":"IFERROR(J230/$J$18*100,\"0.00\")","v":{"v":0,"d":"0.00"}}]
[2,3,2,null,null,"Textiles y Vestuarios",{"v":0,"d":"0.00"},{"v":0,"d":"0.00"},{"v":0,"d":"0.00"},{"v":0,"d":"0.00"},{"v":0,"d":"0.00"}]
[2,3,2,1,null,"Hilados y telas",{"$f":"+G233","v":{"v":0,"d":"0.00"}},{"$f":"+H233","v":{"v":0,"d":"0.00"}},{"$f":"+I233","v":{"v":0,"d":"0.00"}},{"$f":"+J233","v":{"v":0,"d":"0.00"}},{"$f":"+K233","v":{"v":0,"d":"0.00"}}]
[2,3,2,1,"`01","Hilados y telas",{"$nulls":3},{"$f":"SUBTOTAL(9,G233:I233)","v":{"v":0,"d":"0.00"}},{"$f":"IFERROR(J233/$J$18*100,\"0.00\")","v":{"v":0,"d":"0.00"}}]
[2,3,2,2,null,"Acabados textiles",{"$f":"+G235","v":{"v":0,"d":"0.00"}},{"$f":"+H235","v":{"v":0,"d":"0.00"}},{"$f":"+I235","v":{"v":0,"d":"0.00"}},{"$f":"+J235","v":{"v":0,"d":"0.00"}},{"$f":"+K235","v":{"v":0,"d":"0.00"}}]
[2,3,2,2,"`01","Acabados textiles",{"$nulls":3},{"$f":"SUBTOTAL(9,G235:I235)","v":{"v":0,"d":"0.00"}},{"$f":"IFERROR(J235/$J$18*100,\"0.00\")","v":{"v":0,"d":"0.00"}}]
[2,3,2,3,null,"Prendas de vestir",{"$f":"+G237","v":{"v":0,"d":"0.00"}},{"$f":"+H237","v":{"v":0,"d":"0.00"}},{"$f":"+I237","v":{"v":0,"d":"0.00"}},{"$f":"+J237","v":{"v":0,"d":"0.00"}},{"$f":"+K237","v":{"v":0,"d":"0.00"}}]
[2,3,2,3,"`01","Prendas de vestir",{"$nulls":3},{"$f":"SUBTOTAL(9,G237:I237)","v":{"v":0,"d":"0.00"}},{"$f":"IFERROR(J237/$J$18*100,\"0.00\")","v":{"v":0,"d":"0.00"}}]
[2,3,2,4,null,"Calzados",{"$f":"+G239","v":{"v":0,"d":"0.00"}},{"$f":"+H239","v":{"v":0,"d":"0.00"}},{"$f":"+I239","v":{"v":0,"d":"0.00"}},{"$f":"+J239","v":{"v":0,"d":"0.00"}},{"$f":"+K239","v":{"v":0,"d":"0.00"}}]
[2,3,2,4,"`01","Calzados",{"$nulls":3},{"$f":"SUBTOTAL(9,G239:I239)","v":{"v":0,"d":"0.00"}},{"$f":"IFERROR(J239/$J$18*100,\"0.00\")","v":{"v":0,"d":"0.00"}}]
[2,3,3,null,null,"Productos de Papel, Cartón e Impresos",{"v":58666.65,"d":"58,666.65"},{"v":672069.59,"d":"672,069.59"},{"v":0,"d":"0.00"},{"v":730736.24,"d":"730,736.24"},{"v":0.7256529123280542,"d":"0.73"}]
[2,3,3,1,null,"Papel de escritorio",{"v":20074.16,"d":"20,074.16"},{"v":149271.77,"d":"149,271.77"},{"v":0,"d":"0.00"},{"v":169345.93,"d":"169,345.93"},{"v":0.16816788407182706,"d":"0.17"}]
[2,3,3,1,"`01","Papel de escritorio",{"v":20074.16,"d":"20,074.16"},{"v":149271.77,"d":"149,271.77"},null,{"$f":"SUBTOTAL(9,G242:I242)","v":{"v":169345.93,"d":"169,345.93"}},{"$f":"IFERROR(J242/$J$18*100,\"0.00\")","v":{"v":0.16816788407182706,"d":"0.17"}}]
[2,3,3,2,null,"Productos de papel y cartón",{"$f":"+G244","v":{"v":22638.89,"d":"22,638.89"}},{"$f":"+H244","v":{"v":483975.82,"d":"483,975.82"}},{"$f":"+I244","v":{"v":0,"d":"0.00"}},{"$f":"+J244","v":{"v":506614.71,"d":"506,614.71"}},{"$f":"+K244","v":{"v":0.5030904717955861,"d":"0.50"}}]
[2,3,3,2,"`01","Productos de papel y cartón",{"v":22638.89,"d":"22,638.89"},{"v":483975.82,"d":"483,975.82"},null,{"$f":"SUBTOTAL(9,G244:I244)","v":{"v":506614.71,"d":"506,614.71"}},{"$f":"IFERROR(J244/$J$18*100,\"0.00\")","v":{"v":0.5030904717955861,"d":"0.50"}}]
[2,3,3,3,null,"Productos de artes gráficas",{"$f":"+G246","v":{"v":15953.6,"d":"15,953.60"}},{"$f":"+H246","v":{"v":38822,"d":"38,822.00"}},{"$f":"+I246","v":{"v":0,"d":"0.00"}},{"$f":"+J246","v":{"v":54775.6,"d":"54,775.60"}},{"$f":"+K246","v":{"v":0.054394556460641064,"d":"0.05"}}]
[2,3,3,3,"`01","Productos de artes gráficas",{"v":15953.6,"d":"15,953.60"},{"v":38822,"d":"38,822.00"},null,{"$f":"SUBTOTAL(9,G246:I246)","v":{"v":54775.6,"d":"54,775.60"}},{"$f":"IFERROR(J246/$J$18*100,\"0.00\")","v":{"v":0.054394556460641064,"d":"0.05"}}]
[2,3,3,4,null,"Libros, revistas y periódicos",{"$f":"+G248","v":{"v":0,"d":"0.00"}},{"$f":"+H248","v":{"v":0,"d":"0.00"}},{"$f":"+I248","v":{"v":0,"d":"0.00"}},{"$f":"+J248","v":{"v":0,"d":"0.00"}},{"$f":"+K248","v":{"v":0,"d":"0.00"}}]
[2,3,3,4,"`01","Libros, revistas y periódicos",{"$nulls":3},{"$f":"SUBTOTAL(9,G248:I248)","v":{"v":0,"d":"0.00"}},{"$f":"IFERROR(J248/$J$18*100,\"0.00\")","v":{"v":0,"d":"0.00"}}]
[2,3,3,5,null,"Textos de enseñanza",{"$f":"+G250","v":{"v":0,"d":"0.00"}},{"$f":"+H250","v":{"v":0,"d":"0.00"}},{"$f":"+I250","v":{"v":0,"d":"0.00"}},{"$f":"+J250","v":{"v":0,"d":"0.00"}},{"$f":"+K250","v":{"v":0,"d":"0.00"}}]
[2,3,3,5,"`01","Textos de enseñanza",{"$nulls":3},{"$f":"SUBTOTAL(9,G250:I250)","v":{"v":0,"d":"0.00"}},{"$f":"IFERROR(J250/$J$18*100,\"0.00\")","v":{"v":0,"d":"0.00"}}]
[2,3,3,6,null,"Especies timbrados y valoradas",{"$f":"+G252","v":{"v":0,"d":"0.00"}},{"$f":"+H252","v":{"v":0,"d":"0.00"}},{"$f":"+I252","v":{"v":0,"d":"0.00"}},{"$f":"+J252","v":{"v":0,"d":"0.00"}},{"$f":"+K252","v":{"v":0,"d":"0.00"}}]
[2,3,3,6,"`01","Especies timbrados y valoradas",{"$nulls":3},{"$f":"SUBTOTAL(9,G252:I252)","v":{"v":0,"d":"0.00"}},{"$f":"IFERROR(J252/$J$18*100,\"0.00\")","v":{"v":0,"d":"0.00"}}]
[2,3,4,null,null,"Productos Farmacéuticos",{"v":276228.11,"d":"276,228.11"},{"v":5605000,"d":"5,605,000.00"},{"v":0,"d":"0.00"},{"v":5881228.11,"d":"5,881,228.11"},{"v":5.8403156603908375,"d":"5.84"}]
[2,3,4,1,null,"Productos medicinales para uso humano",{"$f":"+G255","v":{"v":276228.11,"d":"276,228.11"}},{"$f":"+H255","v":{"v":5605000,"d":"5,605,000.00"}},{"$f":"+I255","v":{"v":0,"d":"0.00"}},{"$f":"+J255","v":{"v":5881228.11,"d":"5,881,228.11"}},{"$f":"+K255","v":{"v":5.8403156603908375,"d":"5.84"}}]
[2,3,4,1,"`01","Productos medicinales para uso humano",{"v":276228.11,"d":"276,228.11"},{"v":5605000,"d":"5,605,000.00"},null,{"$f":"SUBTOTAL(9,G255:I255)","v":{"v":5881228.11,"d":"5,881,228.11"}},{"$f":"IFERROR(J255/$J$18*100,\"0.00\")","v":{"v":5.8403156603908375,"d":"5.84"}}]
[2,3,4,2,null,"Productos medicinales para uso veterinario",{"$f":"+G257","v":{"v":0,"d":"0.00"}},{"$f":"+H257","v":{"v":0,"d":"0.00"}},{"$f":"+I257","v":{"v":0,"d":"0.00"}},{"$f":"+J257","v":{"v":0,"d":"0.00"}},{"$f":"+K257","v":{"v":0,"d":"0.00"}}]
[2,3,4,2,"`01","Productos medicinales para uso veterinario",{"$nulls":3},{"$f":"SUBTOTAL(9,G257:I257)","v":{"v":0,"d":"0.00"}},{"$f":"IFERROR(J257/$J$18*100,\"0.00\")","v":{"v":0,"d":"0.00"}}]
[2,3,5,null,null,"Productos de Cuero, Caucho y Plasticos",{"v":0,"d":"0.00"},{"v":31095.36,"d":"31,095.36"},{"v":0,"d":"0.00"},{"v":31095.36,"d":"31,095.36"},{"v":0.030879046786962804,"d":"0.03"}]
[2,3,5,1,null,"Cueros y pieles",{"$f":"+G260","v":{"v":0,"d":"0.00"}},{"$f":"+H260","v":{"v":0,"d":"0.00"}},{"$f":"+I260","v":{"v":0,"d":"0.00"}},{"$f":"+J260","v":{"v":0,"d":"0.00"}},{"$f":"+K260","v":{"v":0,"d":"0.00"}}]
[2,3,5,1,"`01","Cueros y pieles",{"$nulls":3},{"$f":"SUBTOTAL(9,G260:I260)","v":{"v":0,"d":"0.00"}},{"$f":"IFERROR(J260/$J$18*100,\"0.00\")","v":{"v":0,"d":"0.00"}}]
[2,3,5,2,null,"Artículos de cuero",{"$f":"+G262","v":{"v":0,"d":"0.00"}},{"$f":"+H262","v":{"v":0,"d":"0.00"}},{"$f":"+I262","v":{"v":0,"d":"0.00"}},{"$f":"+J262","v":{"v":0,"d":"0.00"}},{"$f":"+K262","v":{"v":0,"d":"0.00"}}]
[2,3,5,2,"`01","Artículos de cuero",{"$nulls":3},{"$f":"SUBTOTAL(9,G262:I262)","v":{"v":0,"d":"0.00"}},{"$f":"IFERROR(J262/$J$18*100,\"0.00\")","v":{"v":0,"d":"0.00"}}]
[2,3,5,3,null,"Llantas y neumáticos",{"$f":"+G264","v":{"v":0,"d":"0.00"}},{"$f":"+H264","v":{"v":31095.36,"d":"31,095.36"}},{"$f":"+I264","v":{"v":0,"d":"0.00"}},{"$f":"+J264","v":{"v":31095.36,"d":"31,095.36"}},{"$f":"+K264","v":{"v":0.030879046786962804,"d":"0.03"}}]
[2,3,5,3,"`01","Llantas y neumáticos",null,{"v":31095.36,"d":"31,095.36"},null,{"$f":"SUBTOTAL(9,G264:I264)","v":{"v":31095.36,"d":"31,095.36"}},{"$f":"IFERROR(J264/$J$18*100,\"0.00\")","v":{"v":0.030879046786962804,"d":"0.03"}}]
[2,3,5,4,null,"Artículos de caucho",{"$f":"+G266","v":{"v":0,"d":"0.00"}},{"$f":"+H266","v":{"v":0,"d":"0.00"}},{"$f":"+I266","v":{"v":0,"d":"0.00"}},{"$f":"+J266","v":{"v":0,"d":"0.00"}},{"$f":"+K266","v":{"v":0,"d":"0.00"}}]
[2,3,5,4,"`01","Artículos de caucho",{"$nulls":3},{"$f":"SUBTOTAL(9,G266:I266)","v":{"v":0,"d":"0.00"}},{"$f":"IFERROR(J266/$J$18*100,\"0.00\")","v":{"v":0,"d":"0.00"}}]
[2,3,5,5,null,"Artículos de plástico ",{"$f":"+G268","v":{"v":0,"d":"0.00"}},{"$f":"+H268","v":{"v":0,"d":"0.00"}},{"$f":"+I268","v":{"v":0,"d":"0.00"}},{"$f":"+J268","v":{"v":0,"d":"0.00"}},{"$f":"+K268","v":{"v":0,"d":"0.00"}}]
[2,3,5,5,"`01","Artículos de plástico",{"$nulls":3},{"$f":"SUBTOTAL(9,G268:I268)","v":{"v":0,"d":"0.00"}},{"$f":"IFERROR(J268/$J$18*100,\"0.00\")","v":{"v":0,"d":"0.00"}}]
[2,3,6,null,null,"Productos de Minerales, Metalicos y No Metalicos",{"v":0,"d":"0.00"},{"v":0,"d":"0.00"},{"v":0,"d":"0.00"},{"v":0,"d":"0.00"},{"v":0,"d":"0.00"}]
[2,3,6,1,null,"Productos de cemento, cal, asbesto, yeso y arcilla",{"$f":"+G271+G272+G273+G274","v":{"v":0,"d":"0.00"}},{"$f":"+H271+H272+H273+H274","v":{"v":0,"d":"0.00"}},{"$f":"+I271+I272+I273+I274","v":{"v":0,"d":"0.00"}},{"$f":"+J271+J272+J273+J274","v":{"v":0,"d":"0.00"}},{"$f":"+K271+K272+K273+K274","v":{"v":0,"d":"0.00"}}]
[2,3,6,1,"`01","Productos de cemento",{"$nulls":3},{"$f":"SUBTOTAL(9,G271:I271)","v":{"v":0,"d":"0.00"}},{"$f":"IFERROR(J271/$J$18*100,\"0.00\")","v":{"v":0,"d":"0.00"}}]
[2,3,6,1,"`02","Productos de cal",{"$nulls":3},{"$f":"SUBTOTAL(9,G272:I272)","v":{"v":0,"d":"0.00"}},{"$f":"IFERROR(J272/$J$18*100,\"0.00\")","v":{"v":0,"d":"0.00"}}]
[2,3,6,1,"`03","Productos de asbestos",{"$nulls":3},{"$f":"SUBTOTAL(9,G273:I273)","v":{"v":0,"d":"0.00"}},{"$f":"IFERROR(J273/$J$18*100,\"0.00\")","v":{"v":0,"d":"0.00"}}]
[2,3,6,1,"`04","Productos de yeso",{"$nulls":3},{"$f":"SUBTOTAL(9,G274:I274)","v":{"v":0,"d":"0.00"}},{"$f":"IFERROR(J274/$J$18*100,\"0.00\")","v":{"v":0,"d":"0.00"}}]
[2,3,6,1,"`05","Productos de arcilla y derivados",{"$nulls":3},{"$f":"SUBTOTAL(9,G275:I275)","v":{"v":0,"d":"0.00"}},{"$f":"IFERROR(J275/$J$18*100,\"0.00\")","v":{"v":0,"d":"0.00"}}]
[2,3,6,2,null,"Productos de vidrio, loza y porcelana",{"$f":"+G277+G278+G279","v":{"v":0,"d":"0.00"}},{"$f":"+H277+H278+H279","v":{"v":0,"d":"0.00"}},{"$f":"+I277+I278+I279","v":{"v":0,"d":"0.00"}},{"$f":"+J277+J278+J279","v":{"v":0,"d":"0.00"}},{"$f":"+K277+K278+K279","v":{"v":0,"d":"0.00"}}]
[2,3,6,2,"`01","Productos de vidrio",{"$nulls":3},{"$f":"SUBTOTAL(9,G277:I277)","v":{"v":0,"d":"0.00"}},{"$f":"IFERROR(J277/$J$18*100,\"0.00\")","v":{"v":0,"d":"0.00"}}]
[2,3,6,2,"`02","Productos de loza",{"$nulls":3},{"$f":"SUBTOTAL(9,G278:I278)","v":{"v":0,"d":"0.00"}},{"$f":"IFERROR(J278/$J$18*100,\"0.00\")","v":{"v":0,"d":"0.00"}}]
[2,3,6,2,"`03","Productos de porcelana",{"$nulls":3},{"$f":"SUBTOTAL(9,G279:I279)","v":{"v":0,"d":"0.00"}},{"$f":"IFERROR(J279/$J$18*100,\"0.00\")","v":{"v":0,"d":"0.00"}}]
[2,3,6,3,null,"Productos metálicos y sus derivados",{"$f":"+G281+G282+G283+G284+G285+G286","v":{"v":0,"d":"0.00"}},{"$f":"+H281+H282+H283+H284+H285+H286","v":{"v":0,"d":"0.00"}},{"$f":"+I281+I282+I283+I284+I285+I286","v":{"v":0,"d":"0.00"}},{"$f":"+J281+J282+J283+J284+J285+J286","v":{"v":0,"d":"0.00"}},{"$f":"+K281+K282+K283+K284+K285+K286","v":{"v":0,"d":"0.00"}}]
[2,3,6,3,"`01","Productos ferrosos",{"$nulls":3},{"$f":"SUBTOTAL(9,G281:I281)","v":{"v":0,"d":"0.00"}},{"$f":"IFERROR(J281/$J$18*100,\"0.00\")","v":{"v":0,"d":"0.00"}}]
[2,3,6,3,"`02","Productos no ferrosos",{"$nulls":3},{"v":0,"d":"0.00"},{"v":0,"d":"0.00"}]
[2,3,6,3,"`03","Estructuras metálicas acabadas",{"$nulls":3},{"v":0,"d":"0.00"},{"v":0,"d":"0.00"}]
[2,3,6,3,"`04","Herramientas menores",{"$nulls":3},{"v":0,"d":"0.00"},{"v":0,"d":"0.00"}]
[2,3,6,3,"`05","Productos de hojalata",{"$nulls":3},{"v":0,"d":"0.00"},{"v":0,"d":"0.00"}]
[2,3,6,3,"`06","Accesorios de metal",{"$nulls":3},{"v":0,"d":"0.00"},{"v":0,"d":"0.00"}]
[2,3,6,4,null,"Minerales",{"$f":"+G288+G289+G290+G291+G292+G293+G294","v":{"v":0,"d":"0.00"}},{"$f":"+H288+H289+H290+H291+H292+H293+H294","v":{"v":0,"d":"0.00"}},{"$f":"+I288+I289+I290+I291+I292+I293+I294","v":{"v":0,"d":"0.00"}},{"$f":"+J288+J289+J290+J291+J292+J293+J294","v":{"v":0,"d":"0.00"}},{"$f":"+K288+K289+K290+K291+K292+K293+K294","v":{"v":0,"d":"0.00"}}]
[2,3,6,4,"`01","Minerales metalíferos",{"$nulls":3},{"$f":"SUBTOTAL(9,G288:I288)","v":{"v":0,"d":"0.00"}},{"$f":"IFERROR(J288/$J$18*100,\"0.00\")","v":{"v":0,"d":"0.00"}}]
[2,3,6,4,"`02","Petróleo crudo",{"$nulls":3},{"v":0,"d":"0.00"},{"v":0,"d":"0.00"}]
[2,3,6,4,"`03","Carbon mineral",{"$nulls":3},{"v":0,"d":"0.00"},{"v":0,"d":"0.00"}]
[2,3,6,4,"`04","Piedra, arcilla y arena",{"$nulls":3},{"v":0,"d":"0.00"},{"v":0,"d":"0.00"}]
[2,3,6,4,"`05","Productos aislantes",{"$nulls":3},{"v":0,"d":"0.00"},{"v":0,"d":"0.00"}]
[2,3,6,4,"`06","Productos abrasivos",{"$nulls":3},{"v":0,"d":"0.00"},{"v":0,"d":"0.00"}]
[2,3,6,4,"`07","Otros minerales",{"$nulls":3},{"v":0,"d":"0.00"},{"v":0,"d":"0.00"}]
[2,3,6,9,null,"Otros Productos Minerales no metálicos",{"$f":"+G296","v":{"v":0,"d":"0.00"}},{"$f":"+H296","v":{"v":0,"d":"0.00"}},{"$f":"+I296","v":{"v":0,"d":"0.00"}},{"$f":"+J296","v":{"v":0,"d":"0.00"}},{"$f":"+K296","v":{"v":0,"d":"0.00"}}]
[2,3,6,9,"`01","Otros Productos Minerales no metálicos",{"$nulls":3},{"$f":"SUBTOTAL(9,G296:I296)","v":{"v":0,"d":"0.00"}},{"$f":"IFERROR(J296/$J$18*100,\"0.00\")","v":{"v":0,"d":"0.00"}}]
[2,3,7,null,null,"Combustibles, Lubricantes, Productos Químicos y Conexos",{"v":279470,"d":"279,470.00"},{"v":150000,"d":"150,000.00"},{"v":0,"d":"0.00"},{"v":429470,"d":"429,470.00"},{"v":0.4264824148553648,"d":"0.43"}]
[2,3,7,1,null,"Combustibles y lubricantes",{"$f":"+G299+G300+G301+G302+G303+G304+G305","v":{"v":279470,"d":"279,470.00"}},{"$f":"+H299+H300+H301+H302+H303+H304+H305","v":{"v":150000,"d":"150,000.00"}},{"$f":"+I299+I300+I301+I302+I303+I304+I305","v":{"v":0,"d":"0.00"}},{"$f":"+J299+J300+J301+J302+J303+J304+J305","v":{"v":429470,"d":"429,470.00"}},{"$f":"+K299+K300+K301+K302+K303+K304+K305","v":{"v":0.4264824148553648,"d":"0.43"}}]
[2,3,7,1,"`01","Gasolina",{"v":224970,"d":"224,970.00"},{"v":50000,"d":"50,000.00"},null,{"$f":"SUBTOTAL(9,G299:I299)","v":{"v":274970,"d":"274,970.00"}},{"$f":"IFERROR(J299/$J$18*100,\"0.00\")","v":{"v":0.27305718586345884,"d":"0.27"}}]
[2,3,7,1,"`02","Gasoil",{"v":54500,"d":"54,500.00"},{"v":100000,"d":"100,000.00"},null,{"v":154500,"d":"154,500.00"},{"v":0.15342522899190597,"d":"0.15"}]
[2,3,7,1,"`03","Kerosén",{"$nulls":3},{"v":0,"d":"0.00"},{"v":0,"d":"0.00"}]
[2,3,7,1,"`04","Gas GLP",{"$nulls":3},{"v":0,"d":"0.00"},{"v":0,"d":"0.00"}]
[2,3,7,1,"`05","Aceites y Grasas",{"$nulls":3},{"v":0,"d":"0.00"},{"v":0,"d":"0.00"}]
[2,3,7,1,"`06","Lubricantes",{"$nulls":3},{"v":0,"d":"0.00"},{"v":0,"d":"0.00"}]
[2,3,7,1,"`07","Gas Natural",{"$nulls":3},{"v":0,"d":"0.00"},{"v":0,"d":"0.00"}]
[2,3,7,2,null,"Productos químicos y conexos",{"$f":"+G307+G308+G309+G310+G311+G312","v":{"v":0,"d":"0.00"}},{"$f":"+H307+H308+H309+H310+H311+H312","v":{"v":0,"d":"0.00"}},{"$f":"+I307+I308+I309+I310+I311+I312","v":{"v":0,"d":"0.00"}},{"$f":"+J307+J308+J309+J310+J311+J312","v":{"v":0,"d":"0.00"}},{"$f":"+K307+K308+K309+K310+K311+K312","v":{"v":0,"d":"0.00"}}]
[2,3,7,2,"`01","Productos explosivos y Pirotecnia",{"$nulls":3},{"$f":"SUBTOTAL(9,G307:I307)","v":{"v":0,"d":"0.00"}},{"$f":"IFERROR(J307/$J$18*100,\"0.00\")","v":{"v":0,"d":"0.00"}}]
[2,3,7,2,"`02","Productos Fotoquímicos",{"$nulls":3},{"v":0,"d":"0.00"},{"v":0,"d":"0.00"}]
[2,3,7,2,"`03","Productos Químicos de uso Personal",{"$nulls":3},{"v":0,"d":"0.00"},{"v":0,"d":"0.00"}]
[2,3,7,2,"`04","Abonos y Fertilizantes",{"$nulls":3},{"v":0,"d":"0.00"},{"v":0,"d":"0.00"}]
[2,3,7,2,"`05","Insecticidas, Fumigantes y Otros",{"$nulls":3},{"v":0,"d":"0.00"},{"v":0,"d":"0.00"}]
[2,3,7,2,"`06","Pinturas, Lacas, Barnices, Diluyentes y Absorbentes para Pinturas",{"$nulls":3},{"v":0,"d":"0.00"},{"v":0,"d":"0.00"}]
[2,3,8,null,null,"Gastos que se asignaran durante el ejercicio ( Art. 32-33 Ley 423-06)",{"v":0,"d":"0.00"},{"v":0,"d":"0.00"},{"v":0,"d":"0.00"},{"v":0,"d":"0.00"},{"v":0,"d":"0.00"}]
[2,3,8,1,null,"5 % que se asignara durante el ejercicio para gastos corrientes",{"v":0,"d":"0.00"},{"v":0,"d":"0.00"},{"v":0,"d":"0.00"},{"v":0,"d":"0.00"},{"v":0,"d":"0.00"}]
[2,3,8,1,"`01","5 % que se asignara durante el ejercicio para gastos corrientes",{"$nulls":3},{"$f":"SUBTOTAL(9,G315:I315)","v":{"v":0,"d":"0.00"}},{"$f":"IFERROR(J315/$J$18*100,\"0.00\")","v":{"v":0,"d":"0.00"}}]
[2,3,8,2,null,"1 % que se asignara durante el ejercicio para gastos corrientes por calamidad publica",{"v":0,"d":"0.00"},{"v":0,"d":"0.00"},{"v":0,"d":"0.00"},{"v":0,"d":"0.00"},{"v":0,"d":"0.00"}]
[2,3,8,2,"`01","1 % que se asignara durante el ejercicio para gastos corrientes por calamidad publica",{"$nulls":3},{"$f":"SUBTOTAL(9,G317:I317)","v":{"v":0,"d":"0.00"}},{"$f":"IFERROR(J317/$J$18*100,\"0.00\")","v":{"v":0,"d":"0.00"}}]
[2,3,9,null,null,"Productos y Utiles Varios",{"v":12773.18,"d":"12,773.18"},{"v":227636.69999999998,"d":"227,636.70"},{"v":0,"d":"0.00"},{"v":240409.87999999998,"d":"240,409.88"},{"v":0.23873748149460605,"d":"0.24"}]
[2,3,9,1,null,"Material para limpieza",{"$f":"+G320","v":{"v":0,"d":"0.00"}},{"$f":"+H320","v":{"v":38939.4,"d":"38,939.40"}},{"$f":"+I320","v":{"v":0,"d":"0.00"}},{"$f":"+J320","v":{"v":38939.4,"d":"38,939.40"}},{"$f":"+K320","v":{"v":0.038668520141148376,"d":"0.04"}}]
[2,3,9,1,"`01","Material para limpieza",null,{"v":38939.4,"d":"38,939.40"},null,{"$f":"SUBTOTAL(9,G320:I320)","v":{"v":38939.4,"d":"38,939.40"}},{"$f":"IFERROR(J320/$J$18*100,\"0.00\")","v":{"v":0.038668520141148376,"d":"0.04"}}]
[2,3,9,2,null,"Utiles de escritorio, oficina informática y de enseñanza",{"$f":"+G322","v":{"v":12773.18,"d":"12,773.18"}},{"$f":"+H322","v":{"v":188697.3,"d":"188,697.30"}},{"$f":"+I322","v":{"v":0,"d":"0.00"}},{"$f":"+J322","v":{"v":201470.47999999998,"d":"201,470.48"}},{"$f":"+K322","v":{"v":0.20006896135345767,"d":"0.20"}}]
[2,3,9,2,"`01","Utiles de escritorio, oficina informática y de enseñanza",{"v":12773.18,"d":"12,773.18"},{"v":188697.3,"d":"188,697.30"},null,{"$f":"SUBTOTAL(9,G322:I322)","v":{"v":201470.47999999998,"d":"201,470.48"}},{"$f":"IFERROR(J322/$J$18*100,\"0.00\")","v":{"v":0.20006896135345767,"d":"0.20"}}]
[2,3,9,3,null,"Utiles menores médico quirùrgicos",{"$f":"+G324","v":{"v":0,"d":"0.00"}},{"$f":"+H324","v":{"v":0,"d":"0.00"}},{"$f":"+I324","v":{"v":0,"d":"0.00"}},{"$f":"+J324","v":{"v":0,"d":"0.00"}},{"$f":"+K324","v":{"v":0,"d":"0.00"}}]
[2,3,9,3,"`01","Utiles menores médico quirùrgicos",{"$nulls":3},{"$f":"SUBTOTAL(9,G324:I324)","v":{"v":0,"d":"0.00"}},{"$f":"IFERROR(J324/$J$18*100,\"0.00\")","v":{"v":0,"d":"0.00"}}]
[2,3,9,4,null,"Utiles destinados a actividades deportivas y recreativas",{"$f":"+G326","v":{"v":0,"d":"0.00"}},{"$f":"+H326","v":{"v":0,"d":"0.00"}},{"$f":"+I326","v":{"v":0,"d":"0.00"}},{"$f":"+J326","v":{"v":0,"d":"0.00"}},{"$f":"+K326","v":{"v":0,"d":"0.00"}}]
[2,3,9,4,"`01","Utiles destinados a actividades deportivas y recreativas",{"$nulls":3},{"$f":"SUBTOTAL(9,G326:I326)","v":{"v":0,"d":"0.00"}},{"$f":"IFERROR(J326/$J$18*100,\"0.00\")","v":{"v":0,"d":"0.00"}}]
[2,3,9,5,null,"Utiles de cocina y comedor",{"$f":"+G328","v":{"v":0,"d":"0.00"}},{"$f":"+H328","v":{"v":0,"d":"0.00"}},{"$f":"+I328","v":{"v":0,"d":"0.00"}},{"$f":"+J328","v":{"v":0,"d":"0.00"}},{"$f":"+K328","v":{"v":0,"d":"0.00"}}]
[2,3,9,5,"`01","Utiles de cocina y comedor",{"$nulls":3},{"$f":"SUBTOTAL(9,G328:I328)","v":{"v":0,"d":"0.00"}},{"$f":"IFERROR(J328/$J$18*100,\"0.00\")","v":{"v":0,"d":"0.00"}}]
[2,3,9,6,null,"Productos eléctricos y afines",{"$f":"+G330","v":{"v":0,"d":"0.00"}},{"$f":"+H330","v":{"v":0,"d":"0.00"}},{"$f":"+I330","v":{"v":0,"d":"0.00"}},{"$f":"+J330","v":{"v":0,"d":"0.00"}},{"$f":"+K330","v":{"v":0,"d":"0.00"}}]
[2,3,9,6,"`01","Productos eléctricos y afines",{"$nulls":3},{"$f":"SUBTOTAL(9,G330:I330)","v":{"v":0,"d":"0.00"}},{"$f":"IFERROR(J330/$J$18*100,\"0.00\")","v":{"v":0,"d":"0.00"}}]
[2,3,9,7,null,"Productos y útiles veterinarios",{"$f":"+G332","v":{"v":0,"d":"0.00"}},{"$f":"+H332","v":{"v":0,"d":"0.00"}},{"$f":"+I332","v":{"v":0,"d":"0.00"}},{"$f":"+J332","v":{"v":0,"d":"0.00"}},{"$f":"+K332","v":{"v":0,"d":"0.00"}}]
[2,3,9,7,"`01","Productos y útiles veterinarios",{"$nulls":3},{"$f":"SUBTOTAL(9,G332:I332)","v":{"v":0,"d":"0.00"}},{"$f":"IFERROR(J332/$J$18*100,\"0.00\")","v":{"v":0,"d":"0.00"}}]
[2,3,9,8,null,"Otros repuestos y accesorios menores",{"$f":"+G334","v":{"v":0,"d":"0.00"}},{"$f":"+H334","v":{"v":0,"d":"0.00"}},{"$f":"+I334","v":{"v":0,"d":"0.00"}},{"$f":"+J334","v":{"v":0,"d":"0.00"}},{"$f":"+K334","v":{"v":0,"d":"0.00"}}]
[2,3,9,8,"`01","Otros repuestos y accesorios menores",{"$nulls":3},{"$f":"SUBTOTAL(9,G334:I334)","v":{"v":0,"d":"0.00"}},{"$f":"IFERROR(J334/$J$18*100,\"0.00\")","v":{"v":0,"d":"0.00"}}]
[2,3,9,9,null,"Productos y útiles varios n.i.p.",{"$f":"+G336","v":{"v":0,"d":"0.00"}},{"$f":"+H336","v":{"v":0,"d":"0.00"}},{"$f":"+I336","v":{"v":0,"d":"0.00"}},{"$f":"+J336","v":{"v":0,"d":"0.00"}},{"$f":"+K336","v":{"v":0,"d":"0.00"}}]
[2,3,9,9,"`01","Productos y útiles varios n.i.p.",{"$nulls":3},{"$f":"SUBTOTAL(9,G336:I336)","v":{"v":0,"d":"0.00"}},{"$f":"IFERROR(J336/$J$18*100,\"0.00\")","v":{"v":0,"d":"0.00"}}]
[2,4,{"$nulls":3},"Transferencias Corrientes",{"v":0,"d":"0.00"},{"v":0,"d":"0.00"},{"v":0,"d":"0.00"},{"v":0,"d":"0.00"},{"v":0,"d":"0.00"}]
[2,4,1,null,null," Transferencias Corrientes Al Sector Privado",{"v":0,"d":"0.00"},{"v":0,"d":"0.00"},{"v":0,"d":"0.00"},{"v":0,"d":"0.00"},{"v":0,"d":"0.00"}]
[2,4,1,1,null," Prestaciones A La Seguridad Social",{"$f":"+G340+G341+G342","v":{"v":0,"d":"0.00"}},{"$f":"+H340+H341+H342","v":{"v":0,"d":"0.00"}},{"$f":"+I340+I341+I342","v":{"v":0,"d":"0.00"}},{"$f":"+J340+J341+J342","v":{"v":0,"d":"0.00"}},{"$f":"+K340+K341+K342","v":{"v":0,"d":"0.00"}}]
[2,4,1,1,"`01","Pensiones",{"$nulls":3},{"$f":"SUBTOTAL(9,G340:I340)","v":{"v":0,"d":"0.00"}},{"$f":"IFERROR(J340/$J$18*100,\"0.00\")","v":{"v":0,"d":"0.00"}}]
[2,4,1,1,"`02","Jubilaciones",{"$nulls":3},{"$f":"SUBTOTAL(9,G341:I341)","v":{"v":0,"d":"0.00"}},{"$f":"IFERROR(J341/$J$18*100,\"0.00\")","v":{"v":0,"d":"0.00"}}]
[2,4,1,1,"`03","Indemnización Laboral",{"$nulls":3},{"$f":"SUBTOTAL(9,G342:I342)","v":{"v":0,"d":"0.00"}},{"$f":"IFERROR(J342/$J$18*100,\"0.00\")","v":{"v":0,"d":"0.00"}}]
[2,4,1,2,null,"Ayudas Y Donaciones A Personas",{"$f":"+G344+G345+G346","v":{"v":0,"d":"0.00"}},{"$f":"+H344+H345+H346","v":{"v":0,"d":"0.00"}},{"$f":"+I344+I345+I346","v":{"v":0,"d":"0.00"}},{"$f":"+J344+J345+J346","v":{"v":0,"d":"0.00"}},{"$f":"+K344+K345+K346","v":{"v":0,"d":"0.00"}}]
[2,4,1,2,"`01","Ayudas Y Donaciones Programadas A Hogares Y Personas",{"$nulls":3},{"$f":"SUBTOTAL(9,G344:I344)","v":{"v":0,"d":"0.00"}},{"$f":"IFERROR(J344/$J$18*100,\"0.00\")","v":{"v":0,"d":"0.00"}}]
[2,4,1,2,"`02","Ayudas Y Donaciones Ocasionales A Hogares Y Personas",{"$nulls":3},{"$f":"SUBTOTAL(9,G345:I345)","v":{"v":0,"d":"0.00"}},{"$f":"IFERROR(J345/$J$18*100,\"0.00\")","v":{"v":0,"d":"0.00"}}]
[2,4,1,2,"`03","Programa De Repitencia Escolar",{"$nulls":3},{"$f":"SUBTOTAL(9,G346:I346)","v":{"v":0,"d":"0.00"}},{"$f":"IFERROR(J346/$J$18*100,\"0.00\")","v":{"v":0,"d":"0.00"}}]
[2,4,1,4,null,"Becas y viajes de estudios",{"$f":"+G348+G349","v":{"v":0,"d":"0.00"}},{"$f":"+H348+H349","v":{"v":0,"d":"0.00"}},{"$f":"+I348+I349","v":{"v":0,"d":"0.00"}},{"$f":"+J348+J349","v":{"v":0,"d":"0.00"}},{"$f":"+K348+K349","v":{"v":0,"d":"0.00"}}]
[2,4,1,4,"`01","Becas Nacionales",{"$nulls":3},{"$f":"SUBTOTAL(9,G348:I348)","v":{"v":0,"d":"0.00"}},{"$f":"IFERROR(J348/$J$18*100,\"0.00\")","v":{"v":0,"d":"0.00"}}]
[2,4,1,4,"`02","Becas extranjeras",{"$nulls":3},{"$f":"SUBTOTAL(9,G349:I349)","v":{"v":0,"d":"0.00"}},{"$f":"IFERROR(J349/$J$18*100,\"0.00\")","v":{"v":0,"d":"0.00"}}]
[2,4,1,5,null,"Transferencias corrientes a empresas del sector privado ",{"v":0,"d":"0.00"},{"v":0,"d":"0.00"},{"v":0,"d":"0.00"},{"v":0,"d":"0.00"},{"v":0,"d":"0.00"}]
[2,4,1,5,"`01","Transferencias corrientes a empresas del sector privado ",{"$nulls":3},{"$f":"SUBTOTAL(9,G351:I351)","v":{"v":0,"d":"0.00"}},{"$f":"IFERROR(J351/$J$18*100,\"0.00\")","v":{"v":0,"d":"0.00"}}]
[2,4,1,6,null,"Transferencias corrientes a Asociaciones sin fines de lucro y partidos políticos",{"$f":"+G353","v":{"v":0,"d":"0.00"}},{"$f":"+H353","v":{"v":0,"d":"0.00"}},{"$f":"+I353","v":{"v":0,"d":"0.00"}},{"$f":"+J353","v":{"v":0,"d":"0.00"}},{"$f":"+K353","v":{"v":0,"d":"0.00"}}]
[2,4,1,6,"`01","Transferencias corrientes a Asociaciones sin fines de lucro",{"$nulls":3},{"$f":"SUBTOTAL(9,G353:I353)","v":{"v":0,"d":"0.00"}},{"$f":"IFERROR(J353/$J$18*100,\"0.00\")","v":{"v":0,"d":"0.00"}}]
[2,4,2,null,null," Transferencias Corrientes Al Gob. Gral Nacional",{"v":0,"d":"0.00"},{"v":0,"d":"0.00"},{"v":0,"d":"0.00"},{"v":0,"d":"0.00"},{"v":0,"d":"0.00"}]
[2,4,2,1,null,"Aportaciones instituciones del gobierno central",{"$f":"+G356","v":{"v":0,"d":"0.00"}},{"$f":"+H356","v":{"v":0,"d":"0.00"}},{"$f":"+I356","v":{"v":0,"d":"0.00"}},{"$f":"+J356","v":{"v":0,"d":"0.00"}},{"$f":"+K356","v":{"v":0,"d":"0.00"}}]
[2,4,2,1,"`01","Aportaciones corrientes al Poder Ejecutivo",{"$nulls":3},{"$f":"SUBTOTAL(9,G356:I356)","v":{"v":0,"d":"0.00"}},{"$f":"IFERROR(J356/$J$18*100,\"0.00\")","v":{"v":0,"d":"0.00"}}]
[2,4,2,2,null,"Transferencias corrientes a instituciones descentralizadas y autonomas no financieras.",{"v":0,"d":"0.00"},{"v":0,"d":"0.00"},{"v":0,"d":"0.00"},{"v":0,"d":"0.00"},{"v":0,"d":"0.00"}]
[2,4,2,2,"`01","Transferencias corrientes a instituciones descentralizadas y autonomas no financieras para servicios personales.",{"$nulls":3},{"$f":"SUBTOTAL(9,G358:I358)","v":{"v":0,"d":"0.00"}},{"$f":"IFERROR(J358/$J$18*100,\"0.00\")","v":{"v":0,"d":"0.00"}}]
[2,4,2,2,"`02","Otras transferencias corrientes a instituciones descentralizadas y autonomas no financieras. ",{"$nulls":3},{"$f":"SUBTOTAL(9,G359:I359)","v":{"v":0,"d":"0.00"}},{"$f":"IFERROR(J359/$J$18*100,\"0.00\")","v":{"v":0,"d":"0.00"}}]
[2,4,2,2,"`03","Transferencias corrientes a instituciones descentralizadas y autonomas no financieras para pago de electricidad no cortable.",{"$nulls":3},{"$f":"SUBTOTAL(9,G360:I360)","v":{"v":0,"d":"0.00"}},{"$f":"IFERROR(J360/$J$18*100,\"0.00\")","v":{"v":0,"d":"0.00"}}]
[2,4,2,3,null,"Transferencias corrientes a instituciones públicas de la seguridad social",{"$f":"G362+G363+G364","v":{"v":0,"d":"0.00"}},{"$f":"H362+H363+H364","v":{"v":0,"d":"0.00"}},{"$f":"I362+I363+I364","v":{"v":0,"d":"0.00"}},{"$f":"J362+J363+J364","v":{"v":0,"d":"0.00"}},{"$f":"K362+K363+K364","v":{"v":0,"d":"0.00"}}]
[2,4,2,3,"`01","Transferencias corrientes a instituciones públicas de la seguridad social para servicios personales.",{"$nulls":3},{"$f":"SUBTOTAL(9,G362:I362)","v":{"v":0,"d":"0.00"}},{"$f":"IFERROR(J362/$J$18*100,\"0.00\")","v":{"v":0,"d":"0.00"}}]
[2,4,2,3,"`02","Otras transferencias corrientes a instituciones públicas de la seguridad social",{"$nulls":3},{"$f":"SUBTOTAL(9,G363:I363)","v":{"v":0,"d":"0.00"}},{"$f":"IFERROR(J363/$J$18*100,\"0.00\")","v":{"v":0,"d":"0.00"}}]
[2,4,2,3,"`03","Transferencias corrientes ainstituciones públicas de la seguridad social para pago de electricidad no cortable.",{"$nulls":3},{"$f":"SUBTOTAL(9,G364:I364)","v":{"v":0,"d":"0.00"}},{"$f":"IFERROR(J364/$J$18*100,\"0.00\")","v":{"v":0,"d":"0.00"}}]
[2,4,4,null,null,"Transferenxcias corrientes a empresas públicas no financieras ",{"v":0,"d":"0.00"},{"v":0,"d":"0.00"},{"v":0,"d":"0.00"},{"v":0,"d":"0.00"},{"v":0,"d":"0.00"}]
[2,4,4,1,null,"Transferenxcias corrientes a empresas públicas no financieras nacionales",{"$f":"+G367+G368+G369","v":{"v":0,"d":"0.00"}},{"$f":"+H367+H368+H369","v":{"v":0,"d":"0.00"}},{"$f":"+I367+I368+I369","v":{"v":0,"d":"0.00"}},{"$f":"+J367+J368+J369","v":{"v":0,"d":"0.00"}},{"$f":"+K367+K368+K369","v":{"v":0,"d":"0.00"}}]
[2,4,4,1,"`01","Transferenxcias corrientes a empresas públicas no financieras nacionales para servicios personales.",{"$nulls":3},{"$f":"SUBTOTAL(9,G367:I367)","v":{"v":0,"d":"0.00"}},{"$f":"IFERROR(J367/$J$18*100,\"0.00\")","v":{"v":0,"d":"0.00"}}]
[2,4,4,1,"`02","Otras transferencias corrientes a instituciones públicas  no financieras nacionales ",{"$nulls":3},{"$f":"SUBTOTAL(9,G368:I368)","v":{"v":0,"d":"0.00"}},{"$f":"IFERROR(J368/$J$18*100,\"0.00\")","v":{"v":0,"d":"0.00"}}]
[2,4,4,1,"`03","Transferenxcias corrientes a empresas públicas no financieras nacionales   para pago de electricidad no cortable.",{"$nulls":3},{"$f":"SUBTOTAL(9,G369:I369)","v":{"v":0,"d":"0.00"}},{"$f":"IFERROR(J369/$J$18*100,\"0.00\")","v":{"v":0,"d":"0.00"}}]
[2,4,6,null,null,"Subvenciones",{"v":0,"d":"0.00"},{"v":0,"d":"0.00"},{"v":0,"d":"0.00"},{"v":0,"d":"0.00"},{"v":0,"d":"0.00"}]
[2,4,6,1,null,"Subvenciones a empresas del Sector Privado",{"$f":"+G372","v":{"v":0,"d":"0.00"}},{"$f":"+H372","v":{"v":0,"d":"0.00"}},{"$f":"+I372","v":{"v":0,"d":"0.00"}},{"$f":"+J372","v":{"v":0,"d":"0.00"}},{"$f":"+K372","v":{"v":0,"d":"0.00"}}]
[2,4,6,1,"`01","Subvenciones a empresas del Sector Privado",{"$nulls":3},{"$f":"SUBTOTAL(9,G372:I372)","v":{"v":0,"d":"0.00"}},{"$f":"IFERROR(J372/$J$18*100,\"0.00\")","v":{"v":0,"d":"0.00"}}]
[2,4,6,2,null,"Subvenciones a empresas cuasiempresas publicas no financieras",{"v":0,"d":"0.00"},{"v":0,"d":"0.00"},{"v":0,"d":"0.00"},{"v":0,"d":"0.00"},{"v":0,"d":"0.00"}]
[2,4,6,2,"`01","Subvenciones a empresas cuasiempresas publicas no financieras",{"$nulls":3},{"$f":"SUBTOTAL(9,G374:I374)","v":{"v":0,"d":"0.00"}},{"$f":"IFERROR(J374/$J$18*100,\"0.00\")","v":{"v":0,"d":"0.00"}}]
[2,4,6,3,null,"Subvenciones a instituciones publicas financieras no monetarias",{"v":0,"d":"0.00"},{"v":0,"d":"0.00"},{"v":0,"d":"0.00"},{"v":0,"d":"0.00"},{"v":0,"d":"0.00"}]
[2,4,6,3,"`01","Subvenciones a instituciones publicas financieras no monetarias",{"$nulls":3},{"$f":"SUBTOTAL(9,G376:I376)","v":{"v":0,"d":"0.00"}},{"$f":"IFERROR(J376/$J$18*100,\"0.00\")","v":{"v":0,"d":"0.00"}}]
[2,4,6,4,null,"Subvenciones a instituciones publicas financieras monetarias",{"v":0,"d":"0.00"},{"v":0,"d":"0.00"},{"v":0,"d":"0.00"},{"v":0,"d":"0.00"},{"v":0,"d":"0.00"}]
[2,4,6,4,"`01","Subvenciones a instituciones publicas financieras monetarias",{"$nulls":3},{"$f":"SUBTOTAL(9,G378:I378)","v":{"v":0,"d":"0.00"}},{"$f":"IFERROR(J378/$J$18*100,\"0.00\")","v":{"v":0,"d":"0.00"}}]
[2,4,7,null,null,"Transferencias corrientes al sector externo",{"v":0,"d":"0.00"},{"v":0,"d":"0.00"},{"v":0,"d":"0.00"},{"v":0,"d":"0.00"},{"v":0,"d":"0.00"}]
[2,4,7,1,null,"Transferencias corrientes a Gobiernos Extranjeros\n",{"$f":"+G381","v":{"v":0,"d":"0.00"}},{"$f":"+H381","v":{"v":0,"d":"0.00"}},{"$f":"+I381","v":{"v":0,"d":"0.00"}},{"$f":"+J381","v":{"v":0,"d":"0.00"}},{"$f":"+K381","v":{"v":0,"d":"0.00"}}]
[2,4,7,1,"`01","Transferencias corrientes a Gobiernos Extranjeros",{"$nulls":3},{"$f":"SUBTOTAL(9,G381:I381)","v":{"v":0,"d":"0.00"}},{"$f":"IFERROR(J381/$J$18*100,\"0.00\")","v":{"v":0,"d":"0.00"}}]
[2,4,7,2,null,"Transferencias corrientes a organismos internacionales",{"v":0,"d":"0.00"},{"v":0,"d":"0.00"},{"v":0,"d":"0.00"},{"v":0,"d":"0.00"},{"v":0,"d":"0.00"}]
[2,4,7,2,"`01","Transferencias corrientes a Organismos internacionales",{"$nulls":3},{"$f":"SUBTOTAL(9,G383:I383)","v":{"v":0,"d":"0.00"}},{"$f":"IFERROR(J383/$J$18*100,\"0.00\")","v":{"v":0,"d":"0.00"}}]
[2,4,7,3,null,"Transferencias corrientes al sector privado externo",{"v":0,"d":"0.00"},{"v":0,"d":"0.00"},{"v":0,"d":"0.00"},{"v":0,"d":"0.00"},{"v":0,"d":"0.00"}]
[2,4,7,3,"`01","Transferencias corrientes al sector privado externo",{"$nulls":3},{"$f":"SUBTOTAL(9,G385:I385)","v":{"v":0,"d":"0.00"}},{"$f":"IFERROR(J385/$J$18*100,\"0.00\")","v":{"v":0,"d":"0.00"}}]
[2,4,9,null,null,"Transferencias de Corrientes a otras Instituciones Públicas",{"v":0,"d":"0.00"},{"v":0,"d":"0.00"},{"v":0,"d":"0.00"},{"v":0,"d":"0.00"},{"v":0,"d":"0.00"}]
[2,4,9,1,null,"Transferencias de Corrientes a otras Instituciones Públicas",{"$f":"+G388","v":{"v":0,"d":"0.00"}},{"$f":"+H388","v":{"v":0,"d":"0.00"}},{"$f":"+I388","v":{"v":0,"d":"0.00"}},{"$f":"+J388","v":{"v":0,"d":"0.00"}},{"$f":"+K388","v":{"v":0,"d":"0.00"}}]
[2,4,9,1,"`01","Transferencias de Corrientes a otras Instituciones Públicas",{"$nulls":3},{"$f":"SUBTOTAL(9,G388:I388)","v":{"v":0,"d":"0.00"}},{"$f":"IFERROR(J388/$J$18*100,\"0.00\")","v":{"v":0,"d":"0.00"}}]
[2,4,9,2,null,"Sueldo en las transferencias a otras instituciones públicas",{"$f":"+G390","v":{"v":0,"d":"0.00"}},{"$f":"+H390","v":{"v":0,"d":"0.00"}},{"$f":"+I390","v":{"v":0,"d":"0.00"}},{"$f":"+J390","v":{"v":0,"d":"0.00"}},{"$f":"+K390","v":{"v":0,"d":"0.00"}}]
[2,4,9,2,"`01","Sueldo en las transferencias a otras instituciones públicas",{"$nulls":3},{"$f":"SUBTOTAL(9,G390:I390)","v":{"v":0,"d":"0.00"}},{"$f":"IFERROR(J390/$J$18*100,\"0.00\")","v":{"v":0,"d":"0.00"}}]
[2,4,9,3,null,"Gasto en las transferencias a otras instituciones públicas",{"$f":"+G392","v":{"v":0,"d":"0.00"}},{"$f":"+H392","v":{"v":0,"d":"0.00"}},{"$f":"+I392","v":{"v":0,"d":"0.00"}},{"$f":"+J392","v":{"v":0,"d":"0.00"}},{"$f":"+K392","v":{"v":0,"d":"0.00"}}]
[2,4,9,3,"`01","Gasto en las transferencias a otras instituciones públicas",{"$nulls":3},{"$f":"SUBTOTAL(9,G392:I392)","v":{"v":0,"d":"0.00"}},{"$f":"IFERROR(J392/$J$18*100,\"0.00\")","v":{"v":0,"d":"0.00"}}]
[2,4,9,4,null,"Electricidad no cortable en las transferencias a otras instituciones públicas",{"$f":"+G394","v":{"v":0,"d":"0.00"}},{"$f":"+H394","v":{"v":0,"d":"0.00"}},{"$f":"+I394","v":{"v":0,"d":"0.00"}},{"$f":"+J394","v":{"v":0,"d":"0.00"}},{"$f":"+K394","v":{"v":0,"d":"0.00"}}]
[2,4,9,4,"`01","Electricidad no cortable en las transferencias a otras instituciones públicas",{"$nulls":3},{"$f":"SUBTOTAL(9,G394:I394)","v":{"v":0,"d":"0.00"}},{"$f":"IFERROR(J394/$J$18*100,\"0.00\")","v":{"v":0,"d":"0.00"}}]
[2,5,{"$nulls":3},"Transferencias Capital",{"v":0,"d":"0.00"},{"v":0,"d":"0.00"},{"v":0,"d":"0.00"},{"v":0,"d":"0.00"},{"v":0,"d":"0.00"}]
[2,5,1,null,null,"Transferencias de capital al sector privado",{"v":0,"d":"0.00"},{"v":0,"d":"0.00"},{"v":0,"d":"0.00"},{"v":0,"d":"0.00"},{"v":0,"d":"0.00"}]
[2,5,1,1,"`01","Trasnferencia de capital a hogares y personas ",{"$nulls":3},{"$f":"SUBTOTAL(9,G397:I397)","v":{"v":0,"d":"0.00"}},{"$f":"IFERROR(J397/$J$18*100,\"0.00\")","v":{"v":0,"d":"0.00"}}]
[2,5,1,2,null,"Transferencias de capital a Asociaciones Privadas sin Fines de Lucro",{"$f":"+G399","v":{"v":0,"d":"0.00"}},{"$f":"+H399","v":{"v":0,"d":"0.00"}},{"$f":"+I399","v":{"v":0,"d":"0.00"}},{"$f":"+J399","v":{"v":0,"d":"0.00"}},{"$f":"+K399","v":{"v":0,"d":"0.00"}}]
[2,5,1,2,"`01","Transferencias de capital a Asociaciones Privadas sin Fines de Lucro",{"$nulls":3},{"$f":"SUBTOTAL(9,G399:I399)","v":{"v":0,"d":"0.00"}},{"$f":"IFERROR(J399/$J$18*100,\"0.00\")","v":{"v":0,"d":"0.00"}}]
[2,5,1,3,null,"Transferencia de capital a empresas del sector privado interno",{"v":0,"d":"0.00"},{"v":0,"d":"0.00"},{"v":0,"d":"0.00"},{"v":0,"d":"0.00"},{"v":0,"d":"0.00"}]
[2,5,1,3,"`01","Transferencia de capital a empresas del sector privado interno",{"$nulls":3},{"$f":"SUBTOTAL(9,G401:I401)","v":{"v":0,"d":"0.00"}},{"$f":"IFERROR(J401/$J$18*100,\"0.00\")","v":{"v":0,"d":"0.00"}}]
[2,6,{"$nulls":3},"Bienes Muebles, Inmuebles e Intangibles",{"v":138062.96,"d":"138,062.96"},{"v":3260185.69,"d":"3,260,185.69"},{"v":0,"d":"0.00"},{"v":3398248.65,"d":"3,398,248.65"},{"v":3.3746089145481255,"d":"3.37"}]
[2,6,1,null,null,"Mobiliario Y Equipo",{"v":138062.96,"d":"138,062.96"},{"v":2880839.42,"d":"2,880,839.42"},{"v":0,"d":"0.00"},{"v":3018902.38,"d":"3,018,902.38"},{"v":2.9979015466388996,"d":"3.00"}]
[2,6,1,1,null,"Muebles de oficina y estantería",{"$f":"+G405","v":{"v":0,"d":"0.00"}},{"$f":"+H405","v":{"v":163068.92,"d":"163,068.92"}},{"$f":"+I405","v":{"v":0,"d":"0.00"}},{"$f":"+J405","v":{"v":163068.92,"d":"163,068.92"}},{"$f":"+K405","v":{"v":0.16193453975704078,"d":"0.16"}}]
[2,6,1,1,"`01","Muebles de oficina y estantería",null,{"v":163068.92,"d":"163,068.92"},null,{"$f":"SUBTOTAL(9,G405:I405)","v":{"v":163068.92,"d":"163,068.92"}},{"$f":"IFERROR(J405/$J$18*100,\"0.00\")","v":{"v":0.16193453975704078,"d":"0.16"}}]
[2,6,1,2,null,"Muebles de alojamiento, excepto de oficina y estantería",{"$f":"+G407","v":{"v":0,"d":"0.00"}},{"$f":"+H407","v":{"v":0,"d":"0.00"}},{"$f":"+I407","v":{"v":0,"d":"0.00"}},{"$f":"+J407","v":{"v":0,"d":"0.00"}},{"$f":"+K407","v":{"v":0,"d":"0.00"}}]
[2,6,1,2,"`01","Muebles de alojamiento, excepto de oficina y estantería",{"$nulls":3},{"$f":"SUBTOTAL(9,G407:I407)","v":{"v":0,"d":"0.00"}},{"$f":"IFERROR(J407/$J$18*100,\"0.00\")","v":{"v":0,"d":"0.00"}}]
[2,6,1,3,null,"Equipos de Cómputo",{"$f":"+G409","v":{"v":138062.96,"d":"138,062.96"}},{"$f":"+H409","v":{"v":2717770.5,"d":"2,717,770.50"}},{"$f":"+I409","v":{"v":0,"d":"0.00"}},{"$f":"+J409","v":{"v":2855833.46,"d":"2,855,833.46"}},{"$f":"+K409","v":{"v":2.8359670068818588,"d":"2.84"}}]
[2,6,1,3,"`01","Equipos de Cómputo",{"v":138062.96,"d":"138,062.96"},{"v":2717770.5,"d":"2,717,770.50"},null,{"$f":"SUBTOTAL(9,G409:I409)","v":{"v":2855833.46,"d":"2,855,833.46"}},{"$f":"IFERROR(J409/$J$18*100,\"0.00\")","v":{"v":2.8359670068818588,"d":"2.84"}}]
[2,6,1,4,null,"Electrodomesticos",{"$f":"+G411","v":{"v":0,"d":"0.00"}},{"$f":"+H411","v":{"v":0,"d":"0.00"}},{"$f":"+I411","v":{"v":0,"d":"0.00"}},{"$f":"+J411","v":{"v":0,"d":"0.00"}},{"$f":"+K411","v":{"v":0,"d":"0.00"}}]
[2,6,1,4,"`01","Electrodomesticos",{"$nulls":3},{"$f":"SUBTOTAL(9,G411:I411)","v":{"v":0,"d":"0.00"}},{"$f":"IFERROR(J411/$J$18*100,\"0.00\")","v":{"v":0,"d":"0.00"}}]
[2,6,1,9,null,"Otros mobiliarios y equipos no identificados precedentemente",{"$f":"+G413","v":{"v":0,"d":"0.00"}},{"$f":"+H413","v":{"v":0,"d":"0.00"}},{"$f":"+I413","v":{"v":0,"d":"0.00"}},{"$f":"+J413","v":{"v":0,"d":"0.00"}},{"$f":"+K413","v":{"v":0,"d":"0.00"}}]
[2,6,1,9,"`01","Otros mobiliarios y equipos no identificados precedentemente",{"$nulls":3},{"$f":"SUBTOTAL(9,G413:I413)","v":{"v":0,"d":"0.00"}},{"$f":"IFERROR(J413/$J$18*100,\"0.00\")","v":{"v":0,"d":"0.00"}}]
[2,6,2,null,null,"Mobiliario y Equipo Educacional y Recreativo",{"v":0,"d":"0.00"},{"v":0,"d":"0.00"},{"v":0,"d":"0.00"},{"v":0,"d":"0.00"},{"v":0,"d":"0.00"}]
[2,6,2,1,null,"Equipos y aparatos audiovisuales",{"$f":"+G416","v":{"v":0,"d":"0.00"}},{"$f":"+H416","v":{"v":0,"d":"0.00"}},{"$f":"+I416","v":{"v":0,"d":"0.00"}},{"$f":"+J416","v":{"v":0,"d":"0.00"}},{"$f":"+K416","v":{"v":0,"d":"0.00"}}]
[2,6,2,1,"`01","Equipos y aparatos audiovisuales",{"$nulls":3},{"$f":"SUBTOTAL(9,G416:I416)","v":{"v":0,"d":"0.00"}},{"$f":"IFERROR(J416/$J$18*100,\"0.00\")","v":{"v":0,"d":"0.00"}}]
[2,6,2,2,null,"Aparatos deportivos",{"v":0,"d":"0.00"},{"v":0,"d":"0.00"},{"v":0,"d":"0.00"},{"v":0,"d":"0.00"},{"v":0,"d":"0.00"}]
[2,6,2,2,"`01","Aparatos deportivos",{"$nulls":3},{"$f":"SUBTOTAL(9,G418:I418)","v":{"v":0,"d":"0.00"}},{"$f":"IFERROR(J418/$J$18*100,\"0.00\")","v":{"v":0,"d":"0.00"}}]
[2,6,2,3,null,"Cámaras fotográficas y de video",{"$f":"+G420","v":{"v":0,"d":"0.00"}},{"$f":"+H420","v":{"v":0,"d":"0.00"}},{"$f":"+I420","v":{"v":0,"d":"0.00"}},{"$f":"+J420","v":{"v":0,"d":"0.00"}},{"$f":"+K420","v":{"v":0,"d":"0.00"}}]
[2,6,2,3,"`01","Cámaras fotográficas y de video",{"$nulls":3},{"$f":"SUBTOTAL(9,G420:I420)","v":{"v":0,"d":"0.00"}},{"$f":"IFERROR(J420/$J$18*100,\"0.00\")","v":{"v":0,"d":"0.00"}}]
[2,6,2,4,null,"Equipos recreativos",{"$f":"+G422","v":{"v":0,"d":"0.00"}},{"$f":"+H422","v":{"v":0,"d":"0.00"}},{"$f":"+I422","v":{"v":0,"d":"0.00"}},{"$f":"+J422","v":{"v":0,"d":"0.00"}},{"$f":"+K422","v":{"v":0,"d":"0.00"}}]
[2,6,2,4,"`01","Equipos recreativos",{"$nulls":3},{"$f":"SUBTOTAL(9,G422:I422)","v":{"v":0,"d":"0.00"}},{"$f":"IFERROR(J422/$J$18*100,\"0.00\")","v":{"v":0,"d":"0.00"}}]
[2,6,3,null,null,"Equipo e Instrumental, Científico Y Laboratorio",{"v":0,"d":"0.00"},{"v":379346.27,"d":"379,346.27"},{"v":0,"d":"0.00"},{"v":379346.27,"d":"379,346.27"},{"v":0.3767073679092259,"d":"0.38"}]
[2,6,3,1,null,"Equipo médico y de laboratorio",{"$f":"+G425","v":{"v":0,"d":"0.00"}},{"$f":"+H425","v":{"v":379346.27,"d":"379,346.27"}},{"$f":"+I425","v":{"v":0,"d":"0.00"}},{"$f":"+J425","v":{"v":379346.27,"d":"379,346.27"}},{"$f":"+K425","v":{"v":0.3767073679092259,"d":"0.38"}}]
[2,6,3,1,"`01","Equipo médico y de laboratorio",null,{"v":379346.27,"d":"379,346.27"},null,{"$f":"SUBTOTAL(9,G425:I425)","v":{"v":379346.27,"d":"379,346.27"}},{"$f":"IFERROR(J425/$J$18*100,\"0.00\")","v":{"v":0.3767073679092259,"d":"0.38"}}]
[2,6,3,2,null,"Instrumental médico y de laboratorio",{"$f":"+G427","v":{"v":0,"d":"0.00"}},{"$f":"+H427","v":{"v":0,"d":"0.00"}},{"$f":"+I427","v":{"v":0,"d":"0.00"}},{"$f":"+J427","v":{"v":0,"d":"0.00"}},{"$f":"+K427","v":{"v":0,"d":"0.00"}}]
[2,6,3,2,"`01","Instrumental médico y de laboratorio",{"$nulls":3},{"$f":"SUBTOTAL(9,G427:I427)","v":{"v":0,"d":"0.00"}},{"$f":"IFERROR(J427/$J$18*100,\"0.00\")","v":{"v":0,"d":"0.00"}}]
[2,6,3,3,null,"Equipo veterinario",{"$f":"+G429","v":{"v":0,"d":"0.00"}},{"$f":"+H429","v":{"v":0,"d":"0.00"}},{"$f":"+I429","v":{"v":0,"d":"0.00"}},{"$f":"+J429","v":{"v":0,"d":"0.00"}},{"$f":"+K429","v":{"v":0,"d":"0.00"}}]
[2,6,3,3,"`01","Equipo veterinario",{"$nulls":3},{"$f":"SUBTOTAL(9,G429:I429)","v":{"v":0,"d":"0.00"}},{"$f":"IFERROR(J429/$J$18*100,\"0.00\")","v":{"v":0,"d":"0.00"}}]
[2,6,3,4,null,"Equipo Meteriológico y sismológico",{"$f":"+G431","v":{"v":0,"d":"0.00"}},{"$f":"+H431","v":{"v":0,"d":"0.00"}},{"$f":"+I431","v":{"v":0,"d":"0.00"}},{"$f":"+J431","v":{"v":0,"d":"0.00"}},{"$f":"+K431","v":{"v":0,"d":"0.00"}}]
[2,6,3,4,"`01","Equipo Meteriológico y sismológico",{"$nulls":3},{"$f":"SUBTOTAL(9,G431:I431)","v":{"v":0,"d":"0.00"}},{"$f":"IFERROR(J431/$J$18*100,\"0.00\")","v":{"v":0,"d":"0.00"}}]
[2,6,4,null,null,"Vehículos y Equipo de Transporte, Tracción y Elevación",{"v":0,"d":"0.00"},{"v":0,"d":"0.00"},{"v":0,"d":"0.00"},{"v":0,"d":"0.00"},{"v":0,"d":"0.00"}]
[2,6,4,1,null,"Automóviles y camiones",{"$f":"+G434","v":{"v":0,"d":"0.00"}},{"$f":"+H434","v":{"v":0,"d":"0.00"}},{"$f":"+I434","v":{"v":0,"d":"0.00"}},{"$f":"+J434","v":{"v":0,"d":"0.00"}},{"$f":"+K434","v":{"v":0,"d":"0.00"}}]
[2,6,4,1,"`01","Automóviles y camiones",{"$nulls":3},{"$f":"SUBTOTAL(9,G434:I434)","v":{"v":0,"d":"0.00"}},{"$f":"IFERROR(J434/$J$18*100,\"0.00\")","v":{"v":0,"d":"0.00"}}]
[2,6,4,2,null,"Carrocerías y remolques",{"$f":"+G436","v":{"v":0,"d":"0.00"}},{"$f":"+H436","v":{"v":0,"d":"0.00"}},{"$f":"+I436","v":{"v":0,"d":"0.00"}},{"$f":"+J436","v":{"v":0,"d":"0.00"}},{"$f":"+K436","v":{"v":0,"d":"0.00"}}]
[2,6,4,2,"`01","Carrocerías y remolques",{"$nulls":3},{"$f":"SUBTOTAL(9,G436:I436)","v":{"v":0,"d":"0.00"}},{"$f":"IFERROR(J436/$J$18*100,\"0.00\")","v":{"v":0,"d":"0.00"}}]
[2,6,4,8,null,"Otros equipos de transporte",{"$f":"+G438","v":{"v":0,"d":"0.00"}},{"$f":"+H438","v":{"v":0,"d":"0.00"}},{"$f":"+I438","v":{"v":0,"d":"0.00"}},{"$f":"+J438","v":{"v":0,"d":"0.00"}},{"$f":"+K438","v":{"v":0,"d":"0.00"}}]
[2,6,4,8,"`01","Otros equipos de transporte",{"$nulls":3},{"$f":"SUBTOTAL(9,G438:I438)","v":{"v":0,"d":"0.00"}},{"$f":"IFERROR(J438/$J$18*100,\"0.00\")","v":{"v":0,"d":"0.00"}}]
[2,6,5,null,null,"Maquinaria, Otros Equipos y Herramientas",{"v":0,"d":"0.00"},{"v":0,"d":"0.00"},{"v":0,"d":"0.00"},{"v":0,"d":"0.00"},{"v":0,"d":"0.00"}]
[2,6,5,2,null,"Maquinaria y equipo industrial",{"$f":"+G441","v":{"v":0,"d":"0.00"}},{"$f":"+H441","v":{"v":0,"d":"0.00"}},{"$f":"+I441","v":{"v":0,"d":"0.00"}},{"$f":"+J441","v":{"v":0,"d":"0.00"}},{"$f":"+K441","v":{"v":0,"d":"0.00"}}]
[2,6,5,2,"`01","Maquinaria y equipo industrial",{"$nulls":3},{"$f":"SUBTOTAL(9,G441:I441)","v":{"v":0,"d":"0.00"}},{"$f":"IFERROR(J441/$J$18*100,\"0.00\")","v":{"v":0,"d":"0.00"}}]
[2,6,5,3,null,"Maquinaria y equipo de construcción",{"$f":"+G443","v":{"v":0,"d":"0.00"}},{"$f":"+H443","v":{"v":0,"d":"0.00"}},{"$f":"+I443","v":{"v":0,"d":"0.00"}},{"$f":"+J443","v":{"v":0,"d":"0.00"}},{"$f":"+K443","v":{"v":0,"d":"0.00"}}]
[2,6,5,3,"`01","Maquinaria y equipo de construcción",{"$nulls":3},{"$f":"SUBTOTAL(9,G443:I443)","v":{"v":0,"d":"0.00"}},{"$f":"IFERROR(J443/$J$18*100,\"0.00\")","v":{"v":0,"d":"0.00"}}]
[2,6,5,4,null,"Sistemas de aire acondicionado, calefacción y refrigeración industrial y comercial",{"$f":"+G445","v":{"v":0,"d":"0.00"}},{"$f":"+H445","v":{"v":0,"d":"0.00"}},{"$f":"+I445","v":{"v":0,"d":"0.00"}},{"$f":"+J445","v":{"v":0,"d":"0.00"}},{"$f":"+K445","v":{"v":0,"d":"0.00"}}]
[2,6,5,4,"`01","Sistemas de aire acondicionado, calefacción y refrigeración industrial y comercial",{"$nulls":3},{"$f":"SUBTOTAL(9,G445:I445)","v":{"v":0,"d":"0.00"}},{"$f":"IFERROR(J445/$J$18*100,\"0.00\")","v":{"v":0,"d":"0.00"}}]
[2,6,5,5,null,"Equipo de comunicación, telecomunicaciones y señalamiento",{"$f":"+G447","v":{"v":0,"d":"0.00"}},{"$f":"+H447","v":{"v":0,"d":"0.00"}},{"$f":"+I447","v":{"v":0,"d":"0.00"}},{"$f":"+J447","v":{"v":0,"d":"0.00"}},{"$f":"+K447","v":{"v":0,"d":"0.00"}}]
[2,6,5,5,"`01","Equipo de comunicación, telecomunicaciones y señalamiento",{"$nulls":3},{"$f":"SUBTOTAL(9,G447:I447)","v":{"v":0,"d":"0.00"}},{"$f":"IFERROR(J447/$J$18*100,\"0.00\")","v":{"v":0,"d":"0.00"}}]
[2,6,5,6,null,"Equipo de generación eléctrica, aparatos y accesorios eléctricos",{"$f":"+G449","v":{"v":0,"d":"0.00"}},{"$f":"+H449","v":{"v":0,"d":"0.00"}},{"$f":"+I449","v":{"v":0,"d":"0.00"}},{"$f":"+J449","v":{"v":0,"d":"0.00"}},{"$f":"+K449","v":{"v":0,"d":"0.00"}}]
[2,6,5,6,"`01","Equipo de generación eléctrica, aparatos y accesorios eléctricos",{"$nulls":3},{"$f":"SUBTOTAL(9,G449:I449)","v":{"v":0,"d":"0.00"}},{"$f":"IFERROR(J449/$J$18*100,\"0.00\")","v":{"v":0,"d":"0.00"}}]
[2,6,5,7,null,"Herramientas y máquinas-herramientas",{"$f":"+G451","v":{"v":0,"d":"0.00"}},{"$f":"+H451","v":{"v":0,"d":"0.00"}},{"$f":"+I451","v":{"v":0,"d":"0.00"}},{"$f":"+J451","v":{"v":0,"d":"0.00"}},{"$f":"+K451","v":{"v":0,"d":"0.00"}}]
[2,6,5,7,"`01","Herramientas y máquinas-herramientas",{"$nulls":3},{"$f":"SUBTOTAL(9,G451:I451)","v":{"v":0,"d":"0.00"}},{"$f":"IFERROR(J451/$J$18*100,\"0.00\")","v":{"v":0,"d":"0.00"}}]
[2,6,5,8,null,"Otros equipos",{"$f":"+G453","v":{"v":0,"d":"0.00"}},{"$f":"+H453","v":{"v":0,"d":"0.00"}},{"$f":"+I453","v":{"v":0,"d":"0.00"}},{"$f":"+J453","v":{"v":0,"d":"0.00"}},{"$f":"+K453","v":{"v":0,"d":"0.00"}}]
[2,6,5,8,"`01","Otros equipos",{"$nulls":3},{"$f":"SUBTOTAL(9,G453:I453)","v":{"v":0,"d":"0.00"}},{"$f":"IFERROR(J453/$J$18*100,\"0.00\")","v":{"v":0,"d":"0.00"}}]
[2,6,6,null,null,"Equipos de defensa y seguridad",{"v":0,"d":"0.00"},{"v":0,"d":"0.00"},{"v":0,"d":"0.00"},{"v":0,"d":"0.00"},{"v":0,"d":"0.00"}]
[2,6,6,1,null,"Equipos de defensa de defensa",{"v":0,"d":"0.00"},{"v":0,"d":"0.00"},{"v":0,"d":"0.00"},{"v":0,"d":"0.00"},{"v":0,"d":"0.00"}]
[2,6,6,1,"`01","Equipos de defensa de defensa",{"$nulls":3},{"$f":"SUBTOTAL(9,G456:I456)","v":{"v":0,"d":"0.00"}},{"$f":"IFERROR(J456/$J$18*100,\"0.00\")","v":{"v":0,"d":"0.00"}}]
[2,6,6,2,null,"Equipos de seguridad",{"$f":"+G458","v":{"v":0,"d":"0.00"}},{"$f":"+H458","v":{"v":0,"d":"0.00"}},{"$f":"+I458","v":{"v":0,"d":"0.00"}},{"$f":"+J458","v":{"v":0,"d":"0.00"}},{"$f":"+K458","v":{"v":0,"d":"0.00"}}]
[2,6,6,2,"`01","Equipos de seguridad",{"$nulls":3},{"$f":"SUBTOTAL(9,G458:I458)","v":{"v":0,"d":"0.00"}},{"$f":"IFERROR(J458/$J$18*100,\"0.00\")","v":{"v":0,"d":"0.00"}}]
[2,6,8,null,null,"Bienes Intangibles",{"v":0,"d":"0.00"},{"v":0,"d":"0.00"},{"v":0,"d":"0.00"},{"v":0,"d":"0.00"},{"v":0,"d":"0.00"}]
[2,6,8,1,null,"Investigación y desarrollo",{"$f":"+G461","v":{"v":0,"d":"0.00"}},{"$f":"+H461","v":{"v":0,"d":"0.00"}},{"$f":"+I461","v":{"v":0,"d":"0.00"}},{"$f":"+J461","v":{"v":0,"d":"0.00"}},{"$f":"+K461","v":{"v":0,"d":"0.00"}}]
[2,6,8,1,"`01","Investigación y desarrollo",{"$nulls":3},{"$f":"SUBTOTAL(9,G461:I461)","v":{"v":0,"d":"0.00"}},{"$f":"IFERROR(J461/$J$18*100,\"0.00\")","v":{"v":0,"d":"0.00"}}]
[2,6,8,3,null,"Programas de informática y base de datos",{"$f":"+G463+G464","v":{"v":0,"d":"0.00"}},{"$f":"+H463+H464","v":{"v":0,"d":"0.00"}},{"$f":"+I463+I464","v":{"v":0,"d":"0.00"}},{"$f":"+J463+J464","v":{"v":0,"d":"0.00"}},{"$f":"+K463+K464","v":{"v":0,"d":"0.00"}}]
[2,6,8,3,"`01","Programas de informática",{"$nulls":3},{"$f":"SUBTOTAL(9,G463:I463)","v":{"v":0,"d":"0.00"}},{"$f":"IFERROR(J463/$J$18*100,\"0.00\")","v":{"v":0,"d":"0.00"}}]
[2,6,8,3,"`02","Base de datos",{"$nulls":3},{"$f":"SUBTOTAL(9,G464:I464)","v":{"v":0,"d":"0.00"}},{"$f":"IFERROR(J464/$J$18*100,\"0.00\")","v":{"v":0,"d":"0.00"}}]
[2,6,8,5,null,"Estudios de preinversión",{"$f":"+G466","v":{"v":0,"d":"0.00"}},{"$f":"+H466","v":{"v":0,"d":"0.00"}},{"$f":"+I466","v":{"v":0,"d":"0.00"}},{"$f":"+J466","v":{"v":0,"d":"0.00"}},{"$f":"+K466","v":{"v":0,"d":"0.00"}}]
[2,6,8,5,"`01","Estudios de preinversión",{"$nulls":3},{"$f":"SUBTOTAL(9,G466:I466)","v":{"v":0,"d":"0.00"}},{"$f":"IFERROR(J466/$J$18*100,\"0.00\")","v":{"v":0,"d":"0.00"}}]
[2,6,8,6,null,"Marcas y patentes",{"$f":"+G468","v":{"v":0,"d":"0.00"}},{"$f":"+H468","v":{"v":0,"d":"0.00"}},{"$f":"+I468","v":{"v":0,"d":"0.00"}},{"$f":"+J468","v":{"v":0,"d":"0.00"}},{"$f":"+K468","v":{"v":0,"d":"0.00"}}]
[2,6,8,6,"`01","Marcas y patentes",{"$nulls":3},{"$f":"SUBTOTAL(9,G468:I468)","v":{"v":0,"d":"0.00"}},{"$f":"IFERROR(J468/$J$18*100,\"0.00\")","v":{"v":0,"d":"0.00"}}]
[2,6,8,7,null,"Concesiones",{"$f":"+G470","v":{"v":0,"d":"0.00"}},{"$f":"+H470","v":{"v":0,"d":"0.00"}},{"$f":"+I470","v":{"v":0,"d":"0.00"}},{"$f":"+J470","v":{"v":0,"d":"0.00"}},{"$f":"+K470","v":{"v":0,"d":"0.00"}}]
[2,6,8,7,"`01","Concesiones",{"$nulls":3},{"$f":"SUBTOTAL(9,G470:I470)","v":{"v":0,"d":"0.00"}},{"$f":"IFERROR(J470/$J$18*100,\"0.00\")","v":{"v":0,"d":"0.00"}}]
[2,6,8,8,null,"Licencias informáticas e intelectuales, industriales y comerciales",{"$f":"+G472+G473+G474+G475","v":{"v":0,"d":"0.00"}},{"$f":"+H472+H473+H474+H475","v":{"v":0,"d":"0.00"}},{"$f":"+I472+I473+I474+I475","v":{"v":0,"d":"0.00"}},{"$f":"+J472+J473+J474+J475","v":{"v":0,"d":"0.00"}},{"$f":"+K472+K473+K474+K475","v":{"v":0,"d":"0.00"}}]
[2,6,8,8,"`01","Informáticas",{"$nulls":3},{"$f":"SUBTOTAL(9,G472:I472)","v":{"v":0,"d":"0.00"}},{"$f":"IFERROR(J472/$J$18*100,\"0.00\")","v":{"v":0,"d":"0.00"}}]
[2,6,8,8,"`02","Intelectuales",{"$nulls":3},{"$f":"SUBTOTAL(9,G473:I473)","v":{"v":0,"d":"0.00"}},{"$f":"IFERROR(J473/$J$18*100,\"0.00\")","v":{"v":0,"d":"0.00"}}]
[2,6,8,8,"`03","Industriales",{"$nulls":3},{"$f":"SUBTOTAL(9,G474:I474)","v":{"v":0,"d":"0.00"}},{"$f":"IFERROR(J474/$J$18*100,\"0.00\")","v":{"v":0,"d":"0.00"}}]
[2,6,8,8,"`04","Comerciales",{"$nulls":3},{"$f":"SUBTOTAL(9,G475:I475)","v":{"v":0,"d":"0.00"}},{"$f":"IFERROR(J475/$J$18*100,\"0.00\")","v":{"v":0,"d":"0.00"}}]
[2,6,8,9,null,"Otros activos intangibles",{"$f":"+G477","v":{"v":0,"d":"0.00"}},{"$f":"+H477","v":{"v":0,"d":"0.00"}},{"$f":"+I477","v":{"v":0,"d":"0.00"}},{"$f":"+J477","v":{"v":0,"d":"0.00"}},{"$f":"+K477","v":{"v":0,"d":"0.00"}}]
[2,6,8,9,"`01","Otros activos intangibles",{"$nulls":3},{"$f":"SUBTOTAL(9,G477:I477)","v":{"v":0,"d":"0.00"}},{"$f":"IFERROR(J477/$J$18*100,\"0.00\")","v":{"v":0,"d":"0.00"}}]
[2,6,9,null,null,"Edificios y estructuras",{"v":0,"d":"0.00"},{"v":0,"d":"0.00"},{"v":0,"d":"0.00"},{"v":0,"d":"0.00"},{"v":0,"d":"0.00"}]
[2,6,9,1,null,"Edificios residenciales ( Viviendas )",{"v":0,"d":"0.00"},{"v":0,"d":"0.00"},{"v":0,"d":"0.00"},{"v":0,"d":"0.00"},{"v":0,"d":"0.00"}]
[2,6,9,1,"`01","Edificios residenciales ( Viviendas )",{"$nulls":3},{"$f":"SUBTOTAL(9,G480:I480)","v":{"v":0,"d":"0.00"}},{"$f":"IFERROR(J480/$J$18*100,\"0.00\")","v":{"v":0,"d":"0.00"}}]
[2,6,9,2,null,"Edificios No Residenciales",{"v":0,"d":"0.00"},{"v":0,"d":"0.00"},{"v":0,"d":"0.00"},{"v":0,"d":"0.00"},{"v":0,"d":"0.00"}]
[2,6,9,2,"`01","Edificios No Residenciales",{"$nulls":3},{"$f":"SUBTOTAL(9,G482:I482)","v":{"v":0,"d":"0.00"}},{"$f":"IFERROR(J482/$J$18*100,\"0.00\")","v":{"v":0,"d":"0.00"}}]
[2,6,9,9,null,"Otras estructuras",{"v":0,"d":"0.00"},{"v":0,"d":"0.00"},{"v":0,"d":"0.00"},{"v":0,"d":"0.00"},{"v":0,"d":"0.00"}]
[2,6,9,9,"`01","Otras estructuras",{"$nulls":3},{"$f":"SUBTOTAL(9,G484:I484)","v":{"v":0,"d":"0.00"}},{"$f":"IFERROR(J484/$J$18*100,\"0.00\")","v":{"v":0,"d":"0.00"}}]
[2,7,{"$nulls":3},"Obras",{"v":58984000,"d":"58,984,000.00"},{"v":0,"d":"0.00"},{"v":0,"d":"0.00"},{"v":58984000,"d":"58,984,000.00"},{"v":58.57368095054098,"d":"58.57"}]
[2,7,1,null,null,"Obras En Edificaciones",{"v":58984000,"d":"58,984,000.00"},{"v":0,"d":"0.00"},{"v":0,"d":"0.00"},{"v":58984000,"d":"58,984,000.00"},{"v":58.57368095054098,"d":"58.57"}]
[2,7,1,1,null,"Obras para edificación residencial (viviendas)",{"$f":"+G488","v":{"v":0,"d":"0.00"}},{"$f":"+H488","v":{"v":0,"d":"0.00"}},{"$f":"+I488","v":{"v":0,"d":"0.00"}},{"$f":"+J488","v":{"v":0,"d":"0.00"}},{"$f":"+K488","v":{"v":0,"d":"0.00"}}]
[2,7,1,1,"`01","Obras para edificación residencial (viviendas)",{"$nulls":3},{"$f":"SUBTOTAL(9,G488:I488)","v":{"v":0,"d":"0.00"}},{"$f":"IFERROR(J488/$J$18*100,\"0.00\")","v":{"v":0,"d":"0.00"}}]
[2,7,1,2,null,"Obras para edificación no residencial",{"$f":"+G490","v":{"v":0,"d":"0.00"}},{"$f":"+H490","v":{"v":0,"d":"0.00"}},{"$f":"+I490","v":{"v":0,"d":"0.00"}},{"$f":"+J490","v":{"v":0,"d":"0.00"}},{"$f":"+K490","v":{"v":0,"d":"0.00"}}]
[2,7,1,2,"`01","Obras para edificación no residencial",{"$nulls":3},{"$f":"SUBTOTAL(9,G490:I490)","v":{"v":0,"d":"0.00"}},{"$f":"IFERROR(J490/$J$18*100,\"0.00\")","v":{"v":0,"d":"0.00"}}]
[2,7,1,3,null,"Obras para edificación de otras estructuras",{"$f":"+G492","v":{"v":0,"d":"0.00"}},{"$f":"+H492","v":{"v":0,"d":"0.00"}},{"$f":"+I492","v":{"v":0,"d":"0.00"}},{"$f":"+J492","v":{"v":0,"d":"0.00"}},{"$f":"+K492","v":{"v":0,"d":"0.00"}}]
[2,7,1,3,"`01","Obras para edificación de otras estructuras",{"$nulls":3},{"$f":"SUBTOTAL(9,G492:I492)","v":{"v":0,"d":"0.00"}},{"$f":"IFERROR(J492/$J$18*100,\"0.00\")","v":{"v":0,"d":"0.00"}}]
[2,7,1,4,null,"Mejoras de tierras y terrenos",{"$f":"+G494","v":{"v":58984000,"d":"58,984,000.00"}},{"$f":"+H494","v":{"v":0,"d":"0.00"}},{"$f":"+I494","v":{"v":0,"d":"0.00"}},{"$f":"+J494","v":{"v":58984000,"d":"58,984,000.00"}},{"$f":"+K494","v":{"v":58.57368095054098,"d":"58.57"}}]
[2,7,1,4,"`01","Mejoras de tierras y terrenos",{"v":58984000,"d":"58,984,000.00"},null,null,{"$f":"SUBTOTAL(9,G494:I494)","v":{"v":58984000,"d":"58,984,000.00"}},{"$f":"IFERROR(J494/$J$18*100,\"0.00\")","v":{"v":58.57368095054098,"d":"58.57"}}]
[2,7,1,5,null,"Supervisión e inspección de obras en edificaciones",{"$f":"+G496","v":{"v":0,"d":"0.00"}},{"$f":"+H496","v":{"v":0,"d":"0.00"}},{"$f":"+I496","v":{"v":0,"d":"0.00"}},{"$f":"+J496","v":{"v":0,"d":"0.00"}},{"$f":"+K496","v":{"v":0,"d":"0.00"}}]
[2,7,1,5,"`01","Supervisión e inspección de obras en edificaciones",{"$nulls":3},{"$f":"SUBTOTAL(9,G496:I496)","v":{"v":0,"d":"0.00"}},{"$f":"IFERROR(J496/$J$18*100,\"0.00\")","v":{"v":0,"d":"0.00"}}]
[2,7,2,null,null,"Infraestructura",{"v":0,"d":"0.00"},{"v":0,"d":"0.00"},{"v":0,"d":"0.00"},{"v":0,"d":"0.00"},{"v":0,"d":"0.00"}]
[2,7,2,1,null,"Obras Hidráulicas Y Sanitarias",{"$f":"+G499","v":{"v":0,"d":"0.00"}},{"$f":"+H499","v":{"v":0,"d":"0.00"}},{"$f":"+I499","v":{"v":0,"d":"0.00"}},{"$f":"+J499","v":{"v":0,"d":"0.00"}},{"$f":"+K499","v":{"v":0,"d":"0.00"}}]
[2,7,2,1,"`01","Obras Hidráulicas Y Sanitarias",{"$nulls":3},{"$f":"SUBTOTAL(9,G499:I499)","v":{"v":0,"d":"0.00"}},{"$f":"IFERROR(J499/$J$18*100,\"0.00\")","v":{"v":0,"d":"0.00"}}]
[2,7,2,2,null,"Obras de Energía",{"$f":"+G501","v":{"v":0,"d":"0.00"}},{"$f":"+H501","v":{"v":0,"d":"0.00"}},{"$f":"+I501","v":{"v":0,"d":"0.00"}},{"$f":"+J501","v":{"v":0,"d":"0.00"}},{"$f":"+K501","v":{"v":0,"d":"0.00"}}]
[2,7,2,2,"`01","Obras de Energía",{"$nulls":3},{"$f":"SUBTOTAL(9,G501:I501)","v":{"v":0,"d":"0.00"}},{"$f":"IFERROR(J501/$J$18*100,\"0.00\")","v":{"v":0,"d":"0.00"}}]
[2,7,2,3,null,"Obras de telecomunicaciones",{"$f":"+G503","v":{"v":0,"d":"0.00"}},{"$f":"+H503","v":{"v":0,"d":"0.00"}},{"$f":"+I503","v":{"v":0,"d":"0.00"}},{"$f":"+J503","v":{"v":0,"d":"0.00"}},{"$f":"+K503","v":{"v":0,"d":"0.00"}}]
[2,7,2,3,"`01","Obras de telecomunicaciones",{"$nulls":3},{"$f":"SUBTOTAL(9,G503:I503)","v":{"v":0,"d":"0.00"}},{"$f":"IFERROR(J503/$J$18*100,\"0.00\")","v":{"v":0,"d":"0.00"}}]
[2,7,2,4,null,"Infraestructura terrestre y obras anexas",{"$f":"+G505","v":{"v":0,"d":"0.00"}},{"$f":"+H505","v":{"v":0,"d":"0.00"}},{"$f":"+I505","v":{"v":0,"d":"0.00"}},{"$f":"+J505","v":{"v":0,"d":"0.00"}},{"$f":"+K505","v":{"v":0,"d":"0.00"}}]
[2,7,2,4,"`01","Infraestructura terrestre y obras anexas",{"$nulls":3},{"$f":"SUBTOTAL(9,G505:I505)","v":{"v":0,"d":"0.00"}},{"$f":"IFERROR(J505/$J$18*100,\"0.00\")","v":{"v":0,"d":"0.00"}}]
[2,7,2,7,null,"Obras urbanísticas",{"$f":"+G507","v":{"v":0,"d":"0.00"}},{"$f":"+H507","v":{"v":0,"d":"0.00"}},{"$f":"+I507","v":{"v":0,"d":"0.00"}},{"$f":"+J507","v":{"v":0,"d":"0.00"}},{"$f":"+K507","v":{"v":0,"d":"0.00"}}]
[2,7,2,7,"`01","Obras urbanísticas",{"$nulls":3},{"$f":"SUBTOTAL(9,G507:I507)","v":{"v":0,"d":"0.00"}},{"$f":"IFERROR(J507/$J$18*100,\"0.00\")","v":{"v":0,"d":"0.00"}}]
[2,7,2,8,null,"Obras en cementerios",{"$f":"+G509","v":{"v":0,"d":"0.00"}},{"$f":"+H509","v":{"v":0,"d":"0.00"}},{"$f":"+I509","v":{"v":0,"d":"0.00"}},{"$f":"+J509","v":{"v":0,"d":"0.00"}},{"$f":"+K509","v":{"v":0,"d":"0.00"}}]
[2,7,2,8,"`01","Obras en cementerios",{"$nulls":3},{"$f":"SUBTOTAL(9,G509:I509)","v":{"v":0,"d":"0.00"}},{"$f":"IFERROR(J509/$J$18*100,\"0.00\")","v":{"v":0,"d":"0.00"}}]
[2,7,3,null,null,"Construcciones En Bienes Concesionados",{"v":0,"d":"0.00"},{"v":0,"d":"0.00"},{"v":0,"d":"0.00"},{"v":0,"d":"0.00"},{"v":0,"d":"0.00"}]
[2,7,3,1,null,"Construcciones en bienes de uso público concesionados",{"$f":"+G512","v":{"v":0,"d":"0.00"}},{"$f":"+H512","v":{"v":0,"d":"0.00"}},{"$f":"+I512","v":{"v":0,"d":"0.00"}},{"$f":"+J512","v":{"v":0,"d":"0.00"}},{"$f":"+K512","v":{"v":0,"d":"0.00"}}]
[2,7,3,1,"`01","Construcciones en bienes de uso público concesionados",{"$nulls":3},{"$f":"SUBTOTAL(9,G512:I512)","v":{"v":0,"d":"0.00"}},{"$f":"IFERROR(J512/$J$18*100,\"0.00\")","v":{"v":0,"d":"0.00"}}]
[2,7,3,2,null,"Construcciones en bienes de uso privado concesionados",{"$f":"+G514","v":{"v":0,"d":"0.00"}},{"$f":"+H514","v":{"v":0,"d":"0.00"}},{"$f":"+I514","v":{"v":0,"d":"0.00"}},{"$f":"+J514","v":{"v":0,"d":"0.00"}},{"$f":"+K514","v":{"v":0,"d":"0.00"}}]
[2,7,3,2,"`01","Construcciones en bienes de uso privado concesionados",{"$nulls":3},{"$f":"SUBTOTAL(9,G514:I514)","v":{"v":0,"d":"0.00"}},{"$f":"IFERROR(J514/$J$18*100,\"0.00\")","v":{"v":0,"d":"0.00"}}]